{"text_format":"3","workbook":"xlsx","n_sheets":3,"sheets":["instructions1","Project Stocktaking Template","Formula Sheet"],"read":"whole","date_system":"1900"}

{"sheet":"instructions1","index":0,"n_rows":6,"n_cols":1,"rows_kept":6,"merged":[[0,0,0,4],[1,0,1,4],[2,0,2,4],[3,0,3,4],[4,0,4,4],[5,0,5,4]]}
["INSTRUCTIONS ON COMPLETION OF PROJECT STOCK TAKE TEMPLATE"]
["1. All fields are mandatory and should be populated."]
["2. DO NOT EDIT the CONFIGURATION worksheet."]
["3. ONLY populate rows applicable in your respective Counties &Ward Location(s) and Hide the rest of the rows (DO NOT DELETE the Rows)."]
["4. The scope of this exercise is projects started between the year 2013 and 30th June, 2024"]
["5.Remember to SAVE the document after populating the required details in the worksheet."]

{"sheet":"Project Stocktaking Template","index":1,"n_rows":520,"n_cols":46,"rows_kept":520,"merged":[[0,0,0,6],[0,7,0,9],[0,10,0,16],[0,17,0,21],[0,22,0,25],[0,26,0,28],[0,29,0,31],[0,32,0,35],[0,36,0,38],[0,39,0,40],[0,41,0,42],[0,43,0,44]]}
["PROJECT DETAILS",{"$nulls":6},"PROJECT LOCATION",null,null,"IMPLEMENTATION DETAILS",{"$nulls":6},"FINANCIAL INFORMATION",{"$nulls":4},"DISBURSMENT",{"$nulls":3},"EXPENDITURE ",null,null,"PROJECT STATUS",null,null,"ACTIONS FOR STALLED",{"$nulls":3},"RISKS AND RECOMMENDATIONS",null,null,"CLIMATE & DISASTER RISK SCREENING",null,"ENVIRONMENTAL , SOCIAL AND OCCUPATIONAL HEALTH, SAFETY AND GENDER SCREENING",null,"TECHNICAL, FINANCIAL, AND ECONOMIC VIABILITY SCREENING ",null,"ADDITIONAL REMARKS"]
["S/No.","Project Name/Title","Project Description","Project Goal/Objective ","Project Output","Project Code (Budget line)","Budget Item Name","Sub-County","Ward","Geographic Location (Latitude & Longitude)","Sector/ Vote Name","Department, Directorate, Units, Agencies","Implementing Department/Agency / Muncipalities","Date of Approval/Financial Approval","Project Start Date","Expected Project Completion Date","Actual Project Completion Date","Estimated Project Cost (Kshs.)","Approved Project Cost","Funds available in the specific year","Project Funding Source ","If Development Partners, Please specify .","County Government component in the Project Cost (Kshs.)","Development Partner component in the Project Cost (Kshs.)","Total Disbursed Funds as at 30th June 2024 (Kshs.)","Percentage (%) Disbursed Amount  = (Disbursed/ Approved)","Expenditure to date ","Pending Bill/Outstanding commitment not paid but work done","Project Balance (Kshs.) i.e (Approved Project Cost - Disbursed Amount)","Project Status at the time of the Exercise (i.e Completed, Ongoing, Stalled)","% completion for ongoing/stalled projects","If Stalled, what is the percentage (%) completion at the time of stalling (Physical completion status)","If stalled give reasons;","Year the project stalled","Time required to complete the stalled project (in months)","Estimated cost required to complete the stalled project (in Kshs.)","Is the project still appering in the budget or is it still receiving funds in the annual budgets? (Yes/No)","Recommendation for the Stalled Project (Complete/ Cancel/ Defer)","Identify the Risks associated with the stalled/completed/ongoing project ie. (Contractual/legal/Financial/Environmental etc.)","Has this project been screened for Climate & Disaster Risks? Yes/No","If yes, what action has been taken to mitigate? IF Not, give reasons and the immediate plans for conducting the screening.","Has the project been screened for Environmental, Social, Occupational Health, Safety and gender risks","If yes, what action has been taken to mitigate? IF Not, give reasons and the immediate plans for conducting the screening.","Has the project been screened for Technical, Financial, and Economic Viability and a fesibility report been prepared? (yes/No)","If yes, what action has been taken to mitigate? IF Not, what is being used to measure viability of the project? Additionally, indicate immediate plans on when the screening and feasibility study will be undertaken","REMARKS"]
[1,"Eluai Enkaroni Borehole","Drilling and equipping of borehole","Increase access to safe and affordable water","Borehole drilled and equipped",null,{"$f":"Table4[[#This Row],[Project Name/Title]]","v":"Eluai Enkaroni Borehole"},"Kajiado Central","Purko",null,"Water, Irrigation, Environment and Natural Resources ","Water & Irrigation","Water & Irrigation","2013-06-30","2013-09-01","2014-06-30",null,{"v":5000000,"d":"5,000,000"},{"$f":"R3","v":{"v":5000000,"d":"5,000,000"}},{"$f":"S3","v":{"v":5000000,"d":"5,000,000"}},"CGK","N/A",{"$f":"S3","v":{"v":5000000,"d":"5,000,000"}},0,{"v":788000,"d":"788,000"},{"$f":"Y3/S3","v":{"v":0.1576,"d":"16%"}},{"v":788000,"d":"788,000"},{"$f":"T3-Y3","v":{"v":4212000,"d":"4,212,000"}},{"$f":"S3-Y3","v":{"v":4212000,"d":"4,212,000"}},"Stalled",{"v":0.16,"d":"16%"},{"$f":"AE3","v":{"v":0.16,"d":"16%"}},"Dry borehole",2014,6,{"v":8000000,"d":"8,000,000"},"No","Defer","Financial","No","Propose budget for screening",{"$f":"AN3","v":"No"},{"$f":"AO3","v":"Propose budget for screening"},"Yes","Fesibility studies and design","Dry borehole"]
[2,"Ilparua Borehole","Drilling and equipping of borehole","Increase access to safe and affordable water","Borehole drilled and equipped",null,{"$f":"Table4[[#This Row],[Project Name/Title]]","v":"Ilparua Borehole"},"Kajiado Central","Purko",null,"Water, Irrigation, Environment and Natural Resources ","Water & Irrigation","Water & Irrigation","2013-06-30","2013-09-01","2014-06-30",null,{"v":5000000,"d":"5,000,000"},{"$f":"R4","v":{"v":5000000,"d":"5,000,000"}},{"v":5000000,"d":"5,000,000"},"CGK","N/A",{"v":5000000,"d":"5,000,000"},0,0,{"$f":"Y4/S4","v":{"v":0,"d":"0%"}},0,{"$f":"T4-Y4","v":{"v":5000000,"d":"5,000,000"}},{"$f":"S4-Y4","v":{"v":5000000,"d":"5,000,000"}},"Stalled",{"v":0,"d":"0%"},{"$f":"AE4","v":{"v":0,"d":"0%"}},{"$nulls":4},"No","Defer","Legal","No","Propose budget for screening",{"$f":"AN4","v":"No"},{"$f":"AO4","v":"Propose budget for screening"},"Yes","Fesibility studies and design","Site dispute. Project  has not taken off. "]
[3,"Emukutan Borehole","Drilling and equipping of borehole","Increase access to safe and affordable water","Borehole drilled and equipped",null,{"$f":"Table4[[#This Row],[Project Name/Title]]","v":"Emukutan Borehole"},"Kajiado Central","Matapato North",null,"Water, Irrigation, Environment and Natural Resources ","Water & Irrigation","Water & Irrigation","2013-06-30","2013-09-01","2014-06-30",null,{"v":6500000,"d":"6,500,000"},{"$f":"R5","v":{"v":6500000,"d":"6,500,000"}},{"v":6500000,"d":"6,500,000"},"CGK","N/A",{"v":6500000,"d":"6,500,000"},0,{"v":6500000,"d":"6,500,000"},{"v":1,"d":"100%"},{"v":6500000,"d":"6,500,000"},0,0,"Completed",{"$nulls":6},"No",null,"Environmental","No","Propose budget for screening","No","Propose budget for screening","Yes","Fesibility studies and design","Construction of cattle trough to be done in  FY 2016/17."]
[4," Endoinyo Borehole","Drilling and equipping of borehole","Increase access to safe and affordable water","Borehole drilled and equipped",null,{"$f":"Table4[[#This Row],[Project Name/Title]]","v":" Endoinyo Borehole"},"Kajiado Central","Matapato North",null,"Water, Irrigation, Environment and Natural Resources ","Water & Irrigation","Water & Irrigation","2013-06-30","2013-09-01","2014-06-30",null,{"v":7000000,"d":"7,000,000"},{"$f":"R6","v":{"v":7000000,"d":"7,000,000"}},{"v":7000000,"d":"7,000,000"},"CGK","N/A",{"v":7000000,"d":"7,000,000"},0,{"v":7000000,"d":"7,000,000"},{"v":1,"d":"100%"},{"v":7000000,"d":"7,000,000"},0,0,"Completed",{"$nulls":6},"No",null,"Environmental","No","Propose budget for screening","No",{"$f":"AO6","v":"Propose budget for screening"},"Yes","Fesibility studies and design","Construction of cattle trough to be done in  FY 2016/17."]
[5," Iltareto Borehole","Drilling and Equipping","Increase access to safe and affordable water","Borehole drilled and equipped",null,{"$f":"Table4[[#This Row],[Project Name/Title]]","v":" Iltareto Borehole"},"Kajiado Central","Dalalekutuk",null,"Water, Irrigation, Environment and Natural Resources ","Water & Irrigation","Water & Irrigation","2013-06-30","2013-09-01","2014-06-30",null,{"v":5000000,"d":"5,000,000"},{"$f":"R7","v":{"v":5000000,"d":"5,000,000"}},{"v":5000000,"d":"5,000,000"},"CGK","N/A",{"v":5000000,"d":"5,000,000"},0,{"v":1900000,"d":"1,900,000"},{"v":0.38,"d":"38%"},{"v":1900000,"d":"1,900,000"},{"v":3100000,"d":"3,100,000"},{"v":3100000,"d":"3,100,000"},"Stalled",{"v":0.38,"d":"38%"},{"$f":"AE7","v":{"v":0.38,"d":"38%"}},"Site dispute",2014,6,{"v":4000000,"d":"4,000,000"},"No","Defer","Legal","No","Propose budget for screening","No",{"$f":"AO7","v":"Propose budget for screening"},"Yes","Fesibility studies and design","Site dispute. Awaiting resolution from County commissioner."]
[6,"Kimana-Tikondo Borehole","Drilling and equipping of borehole","Increase access to safe and affordable water","Borehole drilled and equipped",null,{"$f":"Table4[[#This Row],[Project Name/Title]]","v":"Kimana-Tikondo Borehole"},"Kajiado South","Kimana",null,"Water, Irrigation, Environment and Natural Resources ","Water & Irrigation","Water & Irrigation","2013-06-30","2013-09-01","2014-06-30",null,{"v":6875660,"d":"6,875,660"},{"$f":"R8","v":{"v":6875660,"d":"6,875,660"}},{"v":6875660,"d":"6,875,660"},"CGK","N/A",{"v":6875660,"d":"6,875,660"},0,{"v":6875660,"d":"6,875,660"},{"v":1,"d":"100%"},{"v":6875660,"d":"6,875,660"},0,0,"Completed",{"$nulls":6},"No",null,"Environmental","No","Propose budget for screening","No",{"$f":"AO8","v":"Propose budget for screening"},"Yes","Fesibility studies and design","3km pipeline extension and an elevated tank were proposed for the next FY"]
[7,"Maisuyati Borehole","Drilling and equipping of borehole","Increase access to safe and affordable water","Borehole drilled and equipped",null,{"$f":"Table4[[#This Row],[Project Name/Title]]","v":"Maisuyati Borehole"},"Kajiado South","Kimana",null,"Water, Irrigation, Environment and Natural Resources ","Water & Irrigation","Water & Irrigation","2013-06-30","2013-09-01","2014-06-30",null,{"v":6821400,"d":"6,821,400"},{"$f":"R9","v":{"v":6821400,"d":"6,821,400"}},{"v":6821400,"d":"6,821,400"},"CGK","N/A",{"v":6821400,"d":"6,821,400"},0,{"v":6821400,"d":"6,821,400"},{"v":1,"d":"100%"},{"v":6821400,"d":"6,821,400"},0,0,"Completed",{"$nulls":6},"No",null,"Environmental","No","Propose budget for screening","No",{"$f":"AO9","v":"Propose budget for screening"},"Yes","Fesibility studies and design","Complete and operational"]
[8,"Enkariak Ronkena Borehole","Drilling and equipping of borehole","Increase access to safe and affordable water","Borehole drilled and equipped",null,{"$f":"Table4[[#This Row],[Project Name/Title]]","v":"Enkariak Ronkena Borehole"},"Kajiado South","Kimana",null,"Water, Irrigation, Environment and Natural Resources ","Water & Irrigation","Water & Irrigation","2013-06-30","2013-09-01","2014-06-30",null,{"v":7700000,"d":"7,700,000"},{"$f":"R10","v":{"v":7700000,"d":"7,700,000"}},{"v":7700000,"d":"7,700,000"},"CGK","N/A",{"v":7700000,"d":"7,700,000"},0,{"v":7700000,"d":"7,700,000"},{"v":1,"d":"100%"},{"v":7700000,"d":"7,700,000"},0,0,"Completed",{"$nulls":6},"No",null,"Environmental","No","Propose budget for screening","No","Propose budget for screening","Yes","Fesibility studies and design","Complete and operational. Requires a booster pump to serve the community residing on the upper belt"]
[9,"Entonet Borehole","Drilling and equipping of borehole","Increase access to safe and affordable water","Borehole drilled and equipped",null,{"$f":"Table4[[#This Row],[Project Name/Title]]","v":"Entonet Borehole"},"Kajiado South","Entonet/ Lenkisim",null,"Water, Irrigation, Environment and Natural Resources ","Water & Irrigation","Water & Irrigation","2013-06-30","2013-09-01","2014-06-30",null,{"v":5000000,"d":"5,000,000"},{"$f":"R11","v":{"v":5000000,"d":"5,000,000"}},{"v":5000000,"d":"5,000,000"},"CGK","N/A",{"v":5000000,"d":"5,000,000"},0,{"v":1200115,"d":"1,200,115"},{"v":0.240023,"d":"24%"},{"v":1200115,"d":"1,200,115"},{"v":3799885,"d":"3,799,885"},{"v":3799885,"d":"3,799,885"},"Completed",{"$nulls":6},"No",null,"Environmental","No","Propose budget for screening","No",{"$f":"AO11","v":"Propose budget for screening"},"Yes","Fesibility studies and design","Complete and operational. Yield -24m3/hr."]
[10,"Emesasu Borehole","Drilling and equipping of borehole","Increase access to safe and affordable water","Borehole drilled and equipped",null,{"$f":"Table4[[#This Row],[Project Name/Title]]","v":"Emesasu Borehole"},"Kajiado South","Kuku",null,"Water, Irrigation, Environment and Natural Resources ","Water & Irrigation","Water & Irrigation","2013-06-30","2013-09-01","2014-06-30",null,{"v":6031700,"d":"6,031,700"},{"$f":"R12","v":{"v":6031700,"d":"6,031,700"}},{"v":6031700,"d":"6,031,700"},"CGK","N/A",{"v":6031700,"d":"6,031,700"},0,{"v":6031700,"d":"6,031,700"},{"v":1,"d":"100%"},{"v":6031700,"d":"6,031,700"},0,0,"Completed",{"$nulls":6},"No",null,"Environmental","No","Propose budget for screening","No","Propose budget for screening","Yes","Fesibility studies and design","Complete and operational"]
[11,"Loitokitok Borehole","borehole drilling and equipping","Increase access to safe and affordable water","Borehole drilled and equipped",null,{"$f":"Table4[[#This Row],[Project Name/Title]]","v":"Loitokitok Borehole"},"Kajiado South","Kuku",null,"Water, Irrigation, Environment and Natural Resources ","Water & Irrigation","Water & Irrigation","2013-06-30","2013-09-01","2014-06-30",null,{"v":6200000,"d":"6,200,000"},{"$f":"R13","v":{"v":6200000,"d":"6,200,000"}},{"v":6200000,"d":"6,200,000"},"CGK","N/A",{"v":6200000,"d":"6,200,000"},0,{"v":6200000,"d":"6,200,000"},{"v":1,"d":"100%"},{"v":6200000,"d":"6,200,000"},0,0,"Completed",{"$nulls":6},"No",null,"Environmental","No","Propose budget for screening","No",{"$f":"AO13","v":"Propose budget for screening"},"Yes","Fesibility studies and design","Complete and operational"]
[12,"Kuku Borehole","Drilling and equipping of borehole","Increase access to safe and affordable water","Borehole drilled and equipped",null,{"$f":"Table4[[#This Row],[Project Name/Title]]","v":"Kuku Borehole"},"Kajiado South","Kuku",null,"Water, Irrigation, Environment and Natural Resources ","Water & Irrigation","Water & Irrigation","2013-06-30","2013-09-01","2014-06-30",null,{"v":9886800,"d":"9,886,800"},{"$f":"R14","v":{"v":9886800,"d":"9,886,800"}},{"v":9886800,"d":"9,886,800"},"CGK","N/A",{"v":9886800,"d":"9,886,800"},0,{"v":9886800,"d":"9,886,800"},{"v":1,"d":"100%"},{"v":9886800,"d":"9,886,800"},0,0,"Completed",{"$nulls":6},"No",null,"Environmental","No","Propose budget for screening","No","Propose budget for screening","Yes","Fesibility studies and design","Complete and operational"]
[13,"Oloosirkon Borehole","Drilling and equipping of borehole","Increase access to safe and affordable water","Borehole drilled and equipped",null,{"$f":"Table4[[#This Row],[Project Name/Title]]","v":"Oloosirkon Borehole"},"Kajiado East","Oloosirkon/ Sholinke",null,"Water, Irrigation, Environment and Natural Resources ","Water & Irrigation","Water & Irrigation","2013-06-30","2013-09-01","2014-06-30",null,{"v":5000000,"d":"5,000,000"},{"$f":"R15","v":{"v":5000000,"d":"5,000,000"}},{"v":5000000,"d":"5,000,000"},"CGK","N/A",{"v":5000000,"d":"5,000,000"},0,{"v":1900000,"d":"1,900,000"},{"v":0.38,"d":"38%"},{"v":1900000,"d":"1,900,000"},{"v":3100000,"d":"3,100,000"},{"v":3100000,"d":"3,100,000"},"Stalled",{"v":0.38,"d":"38%"},{"v":0.38,"d":"38%"},"Dry borehole",2014,6,{"v":8000000,"d":"8,000,000"},"No","Defer","Financial","No","Propose budget for screening","No",{"$f":"AO15","v":"Propose budget for screening"},"Yes","Fesibility studies and design","Dry borehole"]
[14,"Emarti borehole","Drilling & Equipping","Increase access to safe and affordable water","Borehole drilled and equipped",null,{"$f":"Table4[[#This Row],[Project Name/Title]]","v":"Emarti borehole"},"Kajiado East","Imaroro",null,"Water, Irrigation, Environment and Natural Resources ","Water & Irrigation","Water & Irrigation","2013-06-30","2013-09-01","2014-06-30",null,{"v":5000000,"d":"5,000,000"},{"$f":"R16","v":{"v":5000000,"d":"5,000,000"}},{"v":5000000,"d":"5,000,000"},"CGK","N/A",{"v":5000000,"d":"5,000,000"},0,{"v":1324000,"d":"1,324,000"},{"v":0.2648,"d":"26%"},{"v":1324000,"d":"1,324,000"},{"v":3676000,"d":"3,676,000"},{"v":3676000,"d":"3,676,000"},"Stalled",{"v":0.26,"d":"26%"},{"v":0.26,"d":"26%"},"Dry borehole",2014,6,{"v":7000000,"d":"7,000,000"},"No","Defer","Financial","No","Propose budget for screening","No","Propose budget for screening","Yes","Fesibility studies and design","Dry borehole"]
[15,"Arroi borehole","Drilling and equipping of borehole ","Increase access to safe and affordable water","Borehole drilled and equipped",null,{"$f":"Table4[[#This Row],[Project Name/Title]]","v":"Arroi borehole"},"Kajiado East","Imaroro",null,"Water, Irrigation, Environment and Natural Resources ","Water & Irrigation","Water & Irrigation","2013-06-30","2013-09-01","2014-06-30",null,{"v":5000000,"d":"5,000,000"},{"$f":"R17","v":{"v":5000000,"d":"5,000,000"}},{"v":5000000,"d":"5,000,000"},"CGK","N/A",{"v":5000000,"d":"5,000,000"},0,{"v":1924816,"d":"1,924,816"},{"v":0.3849632,"d":"38%"},{"v":1924816,"d":"1,924,816"},{"v":3075184,"d":"3,075,184"},{"v":3075184,"d":"3,075,184"},"Stalled",{"v":0.38,"d":"38%"},{"v":0.38,"d":"38%"},"Low yield",2014,6,{"v":7000000,"d":"7,000,000"},"No","Defer","Financial","No","Propose budget for screening","No","Propose budget for screening","Yes","Fesibility studies and design","Yield = 1m3/hr"]
[16,"Ilmao Borehole","Drilling and Equipping ","Increase access to safe and affordable water","Borehole drilled and equipped",null,{"$f":"Table4[[#This Row],[Project Name/Title]]","v":"Ilmao Borehole"},"Kajiado East","Kenyewa",null,"Water, Irrigation, Environment and Natural Resources ","Water & Irrigation","Water & Irrigation","2013-06-30","2013-09-01","2014-06-30",null,{"v":6500000,"d":"6,500,000"},{"$f":"R18","v":{"v":6500000,"d":"6,500,000"}},{"v":6500000,"d":"6,500,000"},"CGK","N/A",{"v":6500000,"d":"6,500,000"},0,{"v":6500000,"d":"6,500,000"},{"v":1,"d":"100%"},{"v":6500000,"d":"6,500,000"},0,0,"Completed",{"$nulls":6},"No",null,"Environmental","No","Propose budget for screening","No",{"$f":"AO18","v":"Propose budget for screening"},"Yes","Fesibility studies and design","Complete and operational"]
[17,"Kitengela Bus Park Borehole","Drilling and equipping of a borehole","Increase access to safe and affordable water","Borehole drilled and equipped",null,{"$f":"Table4[[#This Row],[Project Name/Title]]","v":"Kitengela Bus Park Borehole"},"Kajiado East","Oloosirkon/ Sholinke",null,"Water, Irrigation, Environment and Natural Resources ","Water & Irrigation","Water & Irrigation","2013-06-30","2013-09-01","2014-06-30",null,{"v":5000000,"d":"5,000,000"},{"$f":"R19","v":{"v":5000000,"d":"5,000,000"}},{"v":5000000,"d":"5,000,000"},"CGK","N/A",{"v":5000000,"d":"5,000,000"},0,{"v":5000000,"d":"5,000,000"},{"v":1,"d":"100%"},{"v":5000000,"d":"5,000,000"},0,0,"Completed",{"$nulls":6},"No",null,"Environmental","No","Propose budget for screening","No","Propose budget for screening","Yes","Fesibility studies and design","Complete and operational"]
[18,"Ndikirro borehole","Drilling and equipping a borehole ","Increase access to safe and affordable water","Borehole drilled and equipped",null,{"$f":"Table4[[#This Row],[Project Name/Title]]","v":"Ndikirro borehole"},"Kajiado West","Ewaso Kedong",null,"Water, Irrigation, Environment and Natural Resources ","Water & Irrigation","Water & Irrigation","2013-06-30","2013-09-01","2014-06-30",null,{"v":5000000,"d":"5,000,000"},{"$f":"R20","v":{"v":5000000,"d":"5,000,000"}},{"v":5000000,"d":"5,000,000"},"CGK","N/A",{"v":5000000,"d":"5,000,000"},0,{"v":1900000,"d":"1,900,000"},{"v":0.38,"d":"38%"},{"v":1900000,"d":"1,900,000"},{"v":3100000,"d":"3,100,000"},{"v":3100000,"d":"3,100,000"},"Stalled",{"v":0.38,"d":"38%"},{"v":0.38,"d":"38%"},"Low yield",2014,6,{"v":8000000,"d":"8,000,000"},"No","Defer","Financial","No","Propose budget for screening","No","Propose budget for screening","Yes","Fesibility studies and design","Yield of the borehole very low. Recommended for  Solar equipping."]
[19,"Iyarat Borehole","Drilling and equipping of borehole","Increase access to safe and affordable water","Borehole drilled and equipped",null,{"$f":"Table4[[#This Row],[Project Name/Title]]","v":"Iyarat Borehole"},"Kajiado West","Loodokilani",null,"Water, Irrigation, Environment and Natural Resources ","Water & Irrigation","Water & Irrigation","2013-06-30","2013-09-01","2014-06-30",null,{"v":5000000,"d":"5,000,000"},{"$f":"R21","v":{"v":5000000,"d":"5,000,000"}},{"v":5000000,"d":"5,000,000"},"CGK","N/A",{"v":5000000,"d":"5,000,000"},0,{"v":987000,"d":"987,000"},{"v":0.1974,"d":"20%"},{"v":987000,"d":"987,000"},{"v":4013000,"d":"4,013,000"},{"v":4013000,"d":"4,013,000"},"Stalled",{"v":0.18,"d":"18%"},{"v":0.18,"d":"18%"},"Dry borehole",2014,6,{"v":8000000,"d":"8,000,000"},"No","Defer","Financial","No","Propose budget for screening","No",{"$f":"AO21","v":"Propose budget for screening"},"Yes","Fesibility studies and design","Dry borehole"]
[20,"Emurukea Borehole","Drilling and equipping of borehole","Increase access to safe and affordable water","Borehole drilled and equipped",null,{"$f":"Table4[[#This Row],[Project Name/Title]]","v":"Emurukea Borehole"},"Kajiado West","loodokilani",null,"Water, Irrigation, Environment and Natural Resources ","Water & Irrigation","Water & Irrigation","2013-06-30","2013-09-01","2014-06-30",null,{"v":7000000,"d":"7,000,000"},{"$f":"R22","v":{"v":7000000,"d":"7,000,000"}},{"v":7000000,"d":"7,000,000"},"CGK","N/A",{"v":7000000,"d":"7,000,000"},0,{"v":1522000,"d":"1,522,000"},{"v":0.21742857142857142,"d":"22%"},{"v":1522000,"d":"1,522,000"},{"v":5478000,"d":"5,478,000"},{"v":5478000,"d":"5,478,000"},"Stalled",{"v":0.21,"d":"21%"},{"v":0.21,"d":"21%"},"Dry borehole",2014,6,{"v":8000000,"d":"8,000,000"},"No","Defer","Environmental","No","Propose budget for screening","No","Propose budget for screening","Yes","Fesibility studies and design","Dry borehole"]
[21,"Demo Farm  Water Project","Drilling, equipping of Borehole and construction of 4.2Kms pipeline from Source to AIC Girls' Primary School","Increase access to safe and affordable water","1. Borehole drilled and equipped\n2. Pipeline constructed",null,{"$f":"Table4[[#This Row],[Project Name/Title]]","v":"Demo Farm  Water Project"},"Kajiado Central","Ildamat",null,"Water, Irrigation, Environment and Natural Resources ","Water & Irrigation","Water & Irrigation","2013-06-30","2013-09-01","2014-06-30",null,{"v":6804014,"d":"6,804,014"},{"$f":"R23","v":{"v":6804014,"d":"6,804,014"}},{"v":6804014,"d":"6,804,014"},"CGK","N/A",{"v":6804014,"d":"6,804,014"},0,{"v":6804014,"d":"6,804,014"},{"v":1,"d":"100%"},{"v":6804014,"d":"6,804,014"},0,0,"Completed",{"$nulls":6},"No",null,"Environmental","No","Propose budget for screening","No",{"$f":"AO23","v":"Propose budget for screening"},"Yes","Fesibility studies and design","Complete and operational"]
[22,"Demo Farm Pan","Construction of pan","Increase access to safe and affordable water","Water pan constructed",null,{"$f":"Table4[[#This Row],[Project Name/Title]]","v":"Demo Farm Pan"},"Kajiado Central","Ildamat",null,"Water, Irrigation, Environment and Natural Resources ","Water & Irrigation","Water & Irrigation","2013-06-30","2013-09-01","2014-06-30",null,{"v":5000000,"d":"5,000,000"},{"$f":"R24","v":{"v":5000000,"d":"5,000,000"}},{"v":5000000,"d":"5,000,000"},"CGK","N/A",{"v":5000000,"d":"5,000,000"},0,{"v":5000000,"d":"5,000,000"},{"v":1,"d":"100%"},{"v":5000000,"d":"5,000,000"},0,0,"Completed",{"$nulls":6},"No",null,"Environmental","No","Propose budget for screening","No",{"$f":"AO24","v":"Propose budget for screening"},"Yes","Fesibility studies and design","Complete and operational"]
[23,"Piping of Headquarters’ Offices","Construction of a pipeline and connect to County Executive Residence, County Government Offices, County Assembly, ","Increase access to safe and affordable water","Pipeline constructed",null,{"$f":"Table4[[#This Row],[Project Name/Title]]","v":"Piping of Headquarters’ Offices"},"Kajiado Central","Ildamat",null,"Water, Irrigation, Environment and Natural Resources ","Water & Irrigation","Water & Irrigation","2013-06-30","2013-09-01","2014-06-30",null,{"v":7500000,"d":"7,500,000"},{"$f":"R25","v":{"v":7500000,"d":"7,500,000"}},{"v":7500000,"d":"7,500,000"},"CGK","N/A",{"v":7500000,"d":"7,500,000"},0,{"v":7500000,"d":"7,500,000"},{"v":1,"d":"100%"},{"v":7500000,"d":"7,500,000"},0,0,"Completed",{"$nulls":6},"No",null,"Environmental","No","Propose budget for screening","No",{"$f":"AO25","v":"Propose budget for screening"},"Yes","Fesibility studies and design","Complete and operational"]
[24,"Maparasha Water Pan","Construction of water pan at Emarti ","Increase access to safe and affordable water","Water pan constructed",null,{"$f":"Table4[[#This Row],[Project Name/Title]]","v":"Maparasha Water Pan"},"Kajiado Central","Matapato North",null,"Water, Irrigation, Environment and Natural Resources ","Water & Irrigation","Water & Irrigation","2013-06-30","2013-09-01","2014-06-30",null,{"v":15000000,"d":"15,000,000"},{"$f":"R26","v":{"v":15000000,"d":"15,000,000"}},{"v":15000000,"d":"15,000,000"},"CGK","N/A",{"v":15000000,"d":"15,000,000"},0,{"v":15000000,"d":"15,000,000"},{"v":1,"d":"100%"},{"v":15000000,"d":"15,000,000"},0,0,"Completed",{"$nulls":6},"No",null,"Environmental","No","Propose budget for screening","No","Propose budget for screening","Yes","Fesibility studies and design","Complete and operational"]
[25,"Tikoko Springs  ","Construction of pipeline and spring intakes","Increase access to safe and affordable water","1. Spring developed\n2. Pipeline constructed",null,{"$f":"Table4[[#This Row],[Project Name/Title]]","v":"Tikoko Springs  "},"Kajiado Central","Matapato south",null,"Water, Irrigation, Environment and Natural Resources ","Water & Irrigation","Water & Irrigation","2013-06-30","2013-09-01","2014-06-30",null,{"v":7687400,"d":"7,687,400"},{"$f":"R27","v":{"v":7687400,"d":"7,687,400"}},{"v":7687400,"d":"7,687,400"},"CGK","N/A",{"v":7687400,"d":"7,687,400"},0,{"v":7687400,"d":"7,687,400"},{"v":1,"d":"100%"},{"v":7687400,"d":"7,687,400"},0,0,"Completed",{"$nulls":6},"No",null,"Environmental","No","Propose budget for screening","No",{"$f":"AO27","v":"Propose budget for screening"},"Yes","Fesibility studies and design","Complete and operational"]
[26,"Esonorua water project","Construction of intake, installation of pumping equipment and construction of pipeline","Increase access to safe and affordable water","1. Spring developed\n2. Pipeline constructed",null,{"$f":"Table4[[#This Row],[Project Name/Title]]","v":"Esonorua water project"},"Kajiado West","Keekonyokie",null,"Water, Irrigation, Environment and Natural Resources ","Water & Irrigation","Water & Irrigation","2013-06-30","2013-09-01","2014-06-30",null,{"v":5000000,"d":"5,000,000"},{"$f":"R28","v":{"v":5000000,"d":"5,000,000"}},{"v":5000000,"d":"5,000,000"},"CGK","N/A",{"v":5000000,"d":"5,000,000"},0,{"v":5000000,"d":"5,000,000"},{"v":1,"d":"100%"},{"v":5000000,"d":"5,000,000"},0,0,"Completed",{"$nulls":6},"No",null,"Financial","No","Propose budget for screening","No","Propose budget for screening","Yes","Fesibility studies and design","Phase one complete; Phase II proposed for funding in FY 2014/15"]
[27,"Ewuaso Nyiro Pipeline ","Piping from Ewuaso nyiro intake to musenke","Increase access to safe and affordable water","1. Spring developed\n2. Pipeline constructed\n3. Storage tank constructed",null,{"$f":"Table4[[#This Row],[Project Name/Title]]","v":"Ewuaso Nyiro Pipeline "},"Kajiado West","Musenke",null,"Water, Irrigation, Environment and Natural Resources ","Water & Irrigation","Water & Irrigation","2013-06-30","2013-09-01","2014-06-30",null,{"v":15000000,"d":"15,000,000"},{"$f":"R29","v":{"v":15000000,"d":"15,000,000"}},{"v":15000000,"d":"15,000,000"},"CGK","N/A",{"v":15000000,"d":"15,000,000"},0,{"v":15000000,"d":"15,000,000"},{"v":1,"d":"100%"},{"v":15000000,"d":"15,000,000"},0,0,"Completed",{"$nulls":6},"No",null,"Environmental","No","Propose budget for screening","No","Propose budget for screening","Yes","Fesibility studies and design","Complete and operational"]
[28,"Enkii Water Pan","Construction of water Pan","Increase access to safe and affordable water","Water pan constructed",null,{"$f":"Table4[[#This Row],[Project Name/Title]]","v":"Enkii Water Pan"},"Kajiado South","Kuku",null,"Water, Irrigation, Environment and Natural Resources ","Water & Irrigation","Water & Irrigation","2013-06-30","2013-09-01","2014-06-30",null,{"v":10000000,"d":"10,000,000"},{"$f":"R30","v":{"v":10000000,"d":"10,000,000"}},{"v":10000000,"d":"10,000,000"},"CGK","N/A",{"v":10000000,"d":"10,000,000"},0,{"v":10000000,"d":"10,000,000"},{"v":1,"d":"100%"},{"v":10000000,"d":"10,000,000"},0,0,"Completed",{"$nulls":6},"No",null,"Environmental","No","Propose budget for screening","No",{"$f":"AO30","v":"Propose budget for screening"},"Yes","Fesibility studies and design","Complete and operational"]
[29,"Nolturesh – Olkaria WP Pipeline","Construction of pipeline.","Increase access to safe and affordable water","Pipeline constructed",null,{"$f":"Table4[[#This Row],[Project Name/Title]]","v":"Nolturesh – Olkaria WP Pipeline"},"Kajiado South","Kuku",null,"Water, Irrigation, Environment and Natural Resources ","Water & Irrigation","Water & Irrigation","2013-06-30","2013-09-01","2014-06-30",null,{"v":5000000,"d":"5,000,000"},{"$f":"R31","v":{"v":5000000,"d":"5,000,000"}},{"v":5000000,"d":"5,000,000"},"CGK","N/A",{"v":5000000,"d":"5,000,000"},0,{"v":5000000,"d":"5,000,000"},{"v":1,"d":"100%"},{"v":5000000,"d":"5,000,000"},0,0,"Completed",{"$nulls":6},"No",null,"Environmental","No","Propose budget for screening","No",{"$f":"AO31","v":"Propose budget for screening"},"Yes","Fesibility studies and design","Complete and operational"]
[30,"Iltipikuani Earth Dam","Construction of  earth dam","Increase access to safe and affordable water","Earth dam constructed",null,{"$f":"Table4[[#This Row],[Project Name/Title]]","v":"Iltipikuani Earth Dam"},"Kajiado East","Imaroro",null,"Water, Irrigation, Environment and Natural Resources ","Water & Irrigation","Water & Irrigation","2013-06-30","2013-09-01","2014-06-30",null,{"v":10000000,"d":"10,000,000"},{"$f":"R32","v":{"v":10000000,"d":"10,000,000"}},{"v":10000000,"d":"10,000,000"},"CGK","N/A",{"v":10000000,"d":"10,000,000"},0,{"v":10000000,"d":"10,000,000"},{"v":1,"d":"100%"},{"v":10000000,"d":"10,000,000"},0,0,"Completed",{"$nulls":6},"No",null,"Environmental","No","Propose budget for screening","No","Propose budget for screening","Yes","Fesibility studies and design","Complete and operational"]
[31,"Oloitokitok Borehole-Kikelelua-Kibaoni Pipeline","Piping from Oloitokitok borehole to Kikeleleu-Kimbaoni","Increase access to safe and affordable water","Pipeline constructed",null,{"$f":"Table4[[#This Row],[Project Name/Title]]","v":"Oloitokitok Borehole-Kikelelua-Kibaoni Pipeline"},"Kajiado South","Rombo",null,"Water, Irrigation, Environment and Natural Resources ","Water & Irrigation","Water & Irrigation","2013-06-30","2013-09-01","2014-06-30",null,{"v":5000000,"d":"5,000,000"},{"$f":"R33","v":{"v":5000000,"d":"5,000,000"}},{"v":5000000,"d":"5,000,000"},"CGK","N/A",{"v":5000000,"d":"5,000,000"},0,{"v":5000000,"d":"5,000,000"},{"v":1,"d":"100%"},{"v":5000000,"d":"5,000,000"},0,0,"Completed",{"$nulls":6},"No",null,null,"No","Propose budget for screening","No",{"$f":"AO33","v":"Propose budget for screening"},"Yes","Fesibility studies and design","Complete and operational"]
[32,"Esambu -Ilchalai pipeline","Piping of Esambu to Ilchalai (18 km)","Increase access to safe and affordable water","Pipeline constructed",null,{"$f":"Table4[[#This Row],[Project Name/Title]]","v":"Esambu -Ilchalai pipeline"},"Kajiado South","Imbirikani",null,"Water, Irrigation, Environment and Natural Resources ","Water & Irrigation","Water & Irrigation","2013-06-30","2013-09-01","2014-06-30",null,{"v":9604157,"d":"9,604,157"},{"$f":"R34","v":{"v":9604157,"d":"9,604,157"}},{"v":9604157,"d":"9,604,157"},"CGK","N/A",{"v":9604157,"d":"9,604,157"},0,{"v":9604157,"d":"9,604,157"},{"v":1,"d":"100%"},{"v":9604157,"d":"9,604,157"},0,0,"Completed",{"$nulls":6},"No",null,null,"No","Propose budget for screening","No","Propose budget for screening","Yes","Fesibility studies and design","Complete and operational"]
[33,"Kajiado TownToilet Block","Construction of public toilet","Increase access to adequate and\nequitable sanitation and hygiene","Public toilet constructed",null,{"$f":"Table4[[#This Row],[Project Name/Title]]","v":"Kajiado TownToilet Block"},"Kajiado Central","Ildamat",null,"Water, Irrigation, Environment and Natural Resources ","Water & Irrigation","Water & Irrigation","2013-06-30","2013-09-01","2014-06-30",null,{"v":6000000,"d":"6,000,000"},{"$f":"R35","v":{"v":6000000,"d":"6,000,000"}},{"v":6000000,"d":"6,000,000"},"CGK","N/A",{"v":6000000,"d":"6,000,000"},0,{"v":6000000,"d":"6,000,000"},{"v":1,"d":"100%"},{"v":6000000,"d":"6,000,000"},0,0,"Completed",{"$nulls":6},"No",null,"Environmental","No","Propose budget for screening","No",{"$f":"AO35","v":"Propose budget for screening"},"Yes","Fesibility studies and design","Complete and operational"]
[34,"Namanga Town Toilet Block","Construction of public toilet","Increase access to adequate and\nequitable sanitation and hygiene","Public toilet constructed",null,{"$f":"Table4[[#This Row],[Project Name/Title]]","v":"Namanga Town Toilet Block"},"Kajiado Central","Matapato South",null,"Water, Irrigation, Environment and Natural Resources ","Water & Irrigation","Water & Irrigation","2013-06-30","2013-09-01","2014-06-30",null,{"v":6000000,"d":"6,000,000"},{"$f":"R36","v":{"v":6000000,"d":"6,000,000"}},{"v":6000000,"d":"6,000,000"},"CGK","N/A",{"v":6000000,"d":"6,000,000"},0,{"v":6000000,"d":"6,000,000"},{"v":1,"d":"100%"},{"v":6000000,"d":"6,000,000"},0,0,"Completed",{"$nulls":6},"No",null,"Environmental","No","Propose budget for screening","No",{"$f":"AO36","v":"Propose budget for screening"},"Yes","Fesibility studies and design","Complete and operational"]
[35,"Nkaimurunya Market Toilet Block","Construction of public Toilet","Increase access to adequate and\nequitable sanitation and hygiene","Public toilet constructed",null,{"$f":"Table4[[#This Row],[Project Name/Title]]","v":"Nkaimurunya Market Toilet Block"},"Kajiado North","Nkaimurunya",null,"Water, Irrigation, Environment and Natural Resources ","Water & Irrigation","Water & Irrigation","2013-06-30","2013-09-01","2014-06-30",null,{"v":6000000,"d":"6,000,000"},{"$f":"R37","v":{"v":6000000,"d":"6,000,000"}},{"v":6000000,"d":"6,000,000"},"CGK","N/A",{"v":6000000,"d":"6,000,000"},0,{"v":6000000,"d":"6,000,000"},{"v":1,"d":"100%"},{"v":6000000,"d":"6,000,000"},0,0,"Completed",{"$nulls":6},"No",null,"Environmental","No","Propose budget for screening","No",{"$f":"AO37","v":"Propose budget for screening"},"Yes","Fesibility studies and design","Complete and operational"]
[36,"Kitengela Market Toilet Block","Construction of public Toilet","Increase access to adequate and\nequitable sanitation and hygiene","Public toilet constructed",null,{"$f":"Table4[[#This Row],[Project Name/Title]]","v":"Kitengela Market Toilet Block"},"Kajiado East","Kitengela town",null,"Water, Irrigation, Environment and Natural Resources ","Water & Irrigation","Water & Irrigation","2013-06-30","2013-09-01","2014-06-30",null,{"v":6000000,"d":"6,000,000"},{"$f":"R38","v":{"v":6000000,"d":"6,000,000"}},{"v":6000000,"d":"6,000,000"},"CGK","N/A",{"v":6000000,"d":"6,000,000"},0,{"v":6000000,"d":"6,000,000"},{"v":1,"d":"100%"},{"v":6000000,"d":"6,000,000"},0,0,"Completed",{"$nulls":6},"No",null,"Environmental","No","Propose budget for screening","No",{"$f":"AO38","v":"Propose budget for screening"},"Yes","Fesibility studies and design","Complete and operational"]
[37,"Kitengela Town (Bus Park) Toilet Block","Construction of public Toilet","Increase access to adequate and\nequitable sanitation and hygiene","Public toilet constructed",null,{"$f":"Table4[[#This Row],[Project Name/Title]]","v":"Kitengela Town (Bus Park) Toilet Block"},"Kajiado East","Olosirikon/ Shorinke",null,"Water, Irrigation, Environment and Natural Resources ","Water & Irrigation","Water & Irrigation","2013-06-30","2013-09-01","2014-06-30",null,{"v":6000000,"d":"6,000,000"},{"$f":"R39","v":{"v":6000000,"d":"6,000,000"}},{"v":6000000,"d":"6,000,000"},"CGK","N/A",{"v":6000000,"d":"6,000,000"},0,{"v":6000000,"d":"6,000,000"},{"v":1,"d":"100%"},{"v":6000000,"d":"6,000,000"},0,0,"Completed",{"$nulls":6},"No",null,"Environmental","No","Propose budget for screening","No",{"$f":"AO39","v":"Propose budget for screening"},"Yes","Fesibility studies and design","Complete and operational"]
[38,"Kiserian Market Toilet Block","Construction of public Toilet","Increase access to adequate and\nequitable sanitation and hygiene","Public toilet constructed",null,{"$f":"Table4[[#This Row],[Project Name/Title]]","v":"Kiserian Market Toilet Block"},"Kajiado West","Kekonyokie",null,"Water, Irrigation, Environment and Natural Resources ","Water & Irrigation","Water & Irrigation","2013-06-30","2013-09-01","2014-06-30",null,{"v":6000000,"d":"6,000,000"},{"$f":"R40","v":{"v":6000000,"d":"6,000,000"}},{"v":6000000,"d":"6,000,000"},"CGK","N/A",{"v":6000000,"d":"6,000,000"},0,{"v":6000000,"d":"6,000,000"},{"v":1,"d":"100%"},{"v":6000000,"d":"6,000,000"},0,0,"Completed",{"$nulls":6},"No",null,"Environmental","No","Propose budget for screening","No",{"$f":"AO40","v":"Propose budget for screening"},"Yes","Fesibility studies and design","Complete and operational"]
[39,"Kimana Market Toilet Block","Construction of public Toilet","Increase access to adequate and\nequitable sanitation and hygiene","Public toilet constructed",null,{"$f":"Table4[[#This Row],[Project Name/Title]]","v":"Kimana Market Toilet Block"},"Kajiado South","Kimana",null,"Water, Irrigation, Environment and Natural Resources ","Water & Irrigation","Water & Irrigation","2013-06-30","2013-09-01","2014-06-30",null,{"v":6000000,"d":"6,000,000"},{"$f":"R41","v":{"v":6000000,"d":"6,000,000"}},{"v":6000000,"d":"6,000,000"},"CGK","N/A",{"v":6000000,"d":"6,000,000"},0,{"v":6000000,"d":"6,000,000"},{"v":1,"d":"100%"},{"v":6000000,"d":"6,000,000"},0,0,"Completed",{"$nulls":6},"No",null,"Environmental","No","Propose budget for screening","No",{"$f":"AO41","v":"Propose budget for screening"},"Yes","Fesibility studies and design","Complete and operational"]
[40,"Loitokitok town (Ololopon) Toilet Block","Construction of public Toilet","Increase access to adequate and\nequitable sanitation and hygiene","Public toilet constructed",null,{"$f":"Table4[[#This Row],[Project Name/Title]]","v":"Loitokitok town (Ololopon) Toilet Block"},"Kajiado South","Kuku",null,"Water, Irrigation, Environment and Natural Resources ","Water & Irrigation","Water & Irrigation","2013-06-30","2013-09-01","2014-06-30",null,{"v":6000000,"d":"6,000,000"},{"$f":"R42","v":{"v":6000000,"d":"6,000,000"}},{"v":6000000,"d":"6,000,000"},"CGK","N/A",{"v":6000000,"d":"6,000,000"},0,{"v":6000000,"d":"6,000,000"},{"v":1,"d":"100%"},{"v":6000000,"d":"6,000,000"},0,0,"Completed",{"$nulls":6},"No",null,"Environmental","No","Propose budget for screening","No",{"$f":"AO42","v":"Propose budget for screening"},"Yes","Fesibility studies and design","Complete and operational"]
[41,"Matepesi Canal.","Construction of canal.","Increase area under irrigation","Canal constructed",null,{"$f":"Table4[[#This Row],[Project Name/Title]]","v":"Matepesi Canal."},"Kajiado South","Rombo",null,"Water, Irrigation, Environment and Natural Resources ","Water & Irrigation","Water & Irrigation","2013-06-30","2013-09-01","2014-06-30",null,{"v":5000000,"d":"5,000,000"},{"$f":"R43","v":{"v":5000000,"d":"5,000,000"}},{"v":5000000,"d":"5,000,000"},"CGK","N/A",{"v":5000000,"d":"5,000,000"},0,{"v":4160884,"d":"4,160,884"},{"v":0.8321768,"d":"83%"},{"v":4160884,"d":"4,160,884"},{"v":839116,"d":"839,116"},{"v":839116,"d":"839,116"},"Completed",{"$nulls":6},"No",null,"Environmental","No","Propose budget for screening","No","Propose budget for screening","Yes","Fesibility studies and design","Complete and operational"]
[42,"Enkongu Furrow","Construction of Enkongu furrow","Increase area under irrigation","Furrow constructed",null,{"$f":"Table4[[#This Row],[Project Name/Title]]","v":"Enkongu Furrow"},"Kajiado South","Mbirikani/ Eselenkei",null,"Water, Irrigation, Environment and Natural Resources ","Water & Irrigation","Water & Irrigation","2013-06-30","2013-09-01","2014-06-30",null,{"v":5000000,"d":"5,000,000"},{"$f":"R44","v":{"v":5000000,"d":"5,000,000"}},{"v":5000000,"d":"5,000,000"},"CGK","N/A",{"v":5000000,"d":"5,000,000"},0,{"v":4315010,"d":"4,315,010"},{"v":0.863002,"d":"86%"},{"v":4315010,"d":"4,315,010"},{"v":684990,"d":"684,990"},{"v":684990,"d":"684,990"},"Completed",{"$nulls":6},"No",null,"Environmental","No","Propose budget for screening","No","Propose budget for screening","Yes","Fesibility studies and design","Complete and operational"]
[43,"Kimana Mathare Canal","Construction of Kimana Mathare canal","Increase area under irrigation","Canal constructed",null,{"$f":"Table4[[#This Row],[Project Name/Title]]","v":"Kimana Mathare Canal"},"Kajiado South","Kimana",null,"Water, Irrigation, Environment and Natural Resources ","Water & Irrigation","Water & Irrigation","2013-06-30","2013-09-01","2014-06-30",null,{"v":5000000,"d":"5,000,000"},{"$f":"R45","v":{"v":5000000,"d":"5,000,000"}},{"v":5000000,"d":"5,000,000"},"CGK","N/A",{"v":5000000,"d":"5,000,000"},0,{"v":1562184,"d":"1,562,184"},{"v":0.3124368,"d":"31%"},{"v":1562184,"d":"1,562,184"},{"v":3437816,"d":"3,437,816"},{"v":3437816,"d":"3,437,816"},"Completed",{"$nulls":6},"No",null,"Environmental","No","Propose budget for screening","No","Propose budget for screening","Yes","Fesibility studies and design","Complete and operational"]
[44,"Olooltepesi Canal","Extension of Olooltepesi canal","Increase area under irrigation","Canal extended",null,{"$f":"Table4[[#This Row],[Project Name/Title]]","v":"Olooltepesi Canal"},"Kajiado South","Rombo",null,"Water, Irrigation, Environment and Natural Resources ","Water & Irrigation","Water & Irrigation","2013-06-30","2013-09-01","2014-06-30",null,{"v":5000000,"d":"5,000,000"},{"$f":"R46","v":{"v":5000000,"d":"5,000,000"}},{"v":5000000,"d":"5,000,000"},"CGK","N/A",{"v":5000000,"d":"5,000,000"},0,{"v":5000000,"d":"5,000,000"},{"v":1,"d":"100%"},{"v":5000000,"d":"5,000,000"},0,0,"Completed",{"$nulls":6},"No",null,"Environmental","No","Propose budget for screening","No",{"$f":"AO46","v":"Propose budget for screening"},"Yes","Fesibility studies and design","Complete and operational"]
[45,"Kisioki Spring Protection ","Spring protection ","Increase area under irrigation","Spring protected",null,{"$f":"Table4[[#This Row],[Project Name/Title]]","v":"Kisioki Spring Protection "},"Kajiado South","Rombo",null,"Water, Irrigation, Environment and Natural Resources ","Water & Irrigation","Water & Irrigation","2013-06-30","2013-09-01","2014-06-30",null,{"v":5000000,"d":"5,000,000"},{"$f":"R47","v":{"v":5000000,"d":"5,000,000"}},{"v":5000000,"d":"5,000,000"},"CGK","N/A",{"v":5000000,"d":"5,000,000"},0,{"v":5000000,"d":"5,000,000"},{"v":1,"d":"100%"},{"v":5000000,"d":"5,000,000"},0,0,"Completed",{"$nulls":6},"No",null,"Financial","No","Propose budget for screening","No","Propose budget for screening","Yes","Fesibility studies and design","Complete and operational"]
[46,"Namelok Canal","Construction of Namelok canal","Increase area under irrigation","Canal constructed",null,{"$f":"Table4[[#This Row],[Project Name/Title]]","v":"Namelok Canal"},"Kajiado South","Entonet",null,"Water, Irrigation, Environment and Natural Resources ","Water & Irrigation","Water & Irrigation","2013-06-30","2013-09-01","2014-06-30",null,{"v":5000000,"d":"5,000,000"},{"$f":"R48","v":{"v":5000000,"d":"5,000,000"}},{"v":5000000,"d":"5,000,000"},"CGK","N/A",{"v":5000000,"d":"5,000,000"},0,{"v":5000000,"d":"5,000,000"},{"v":1,"d":"100%"},{"v":5000000,"d":"5,000,000"},0,0,"Completed",{"$nulls":6},"No",null,"Environmental","No","Propose budget for screening","No","Propose budget for screening","Yes","Fesibility studies and design","Complete and operational"]
[47,"Construction of Pakase Canal","Construction of intake and canal","Increase area under irrigation","Canal constructed",null,{"$f":"Table4[[#This Row],[Project Name/Title]]","v":"Construction of Pakase Canal"},"Kajiado West","Magadi",null,"Water, Irrigation, Environment and Natural Resources ","Water & Irrigation","Water & Irrigation","2013-06-30","2013-09-01","2014-06-30",null,{"v":5000000,"d":"5,000,000"},{"$f":"R49","v":{"v":5000000,"d":"5,000,000"}},{"v":5000000,"d":"5,000,000"},"CGK","N/A",{"v":5000000,"d":"5,000,000"},0,{"v":1652030,"d":"1,652,030"},{"v":0.330406,"d":"33%"},{"v":1652030,"d":"1,652,030"},{"v":3347970,"d":"3,347,970"},{"v":3347970,"d":"3,347,970"},"Stalled",{"v":0.33,"d":"33%"},{"v":0.33,"d":"33%"},"Contractor abadonded the site",2014,6,{"v":5000000,"d":"5,000,000"},"No","Defer","Financial","No","Propose budget for screening","No","Propose budget for screening","Yes","Fesibility studies and design","Recommended for termination"]
[48,"Nkama Rock Catchment","Rock catchment development. Construction of 100m3 masonry tank","Increase access to safe and affordable water","Rock catchment constructed",null,{"$f":"Table4[[#This Row],[Project Name/Title]]","v":"Nkama Rock Catchment"},"Kajiado West","Iloodokilani",null,"Water, Irrigation, Environment and Natural Resources ","Water & Irrigation","Water & Irrigation","2014-06-30","2014-09-01","2015-06-30",null,{"v":2000000,"d":"2,000,000"},{"v":2000000,"d":"2,000,000"},{"v":2000000,"d":"2,000,000"},"CGK","N/A",{"v":2000000,"d":"2,000,000"},0,{"v":1995046,"d":"1,995,046"},{"v":0.997523,"d":"100%"},{"v":1995046,"d":"1,995,046"},{"v":4954,"d":"4,954"},{"v":4954,"d":"4,954"},"Completed",{"$nulls":6},"No",null,"Environmental","No","Propose budget for screening","No",{"$f":"AO50","v":"Propose budget for screening"},"Yes","Fesibility studies and design","Complete and operational"]
[49,"CFC Community Borehole","Borehole equipping","Increase access to safe and affordable water","Borehole equipped",null,{"$f":"Table4[[#This Row],[Project Name/Title]]","v":"CFC Community Borehole"},"Kajiado West","Iloodokilani",null,"Water, Irrigation, Environment and Natural Resources ","Water & Irrigation","Water & Irrigation","2014-06-30","2014-09-01","2015-06-30",null,{"v":4000000,"d":"4,000,000"},{"v":4000000,"d":"4,000,000"},{"v":4000000,"d":"4,000,000"},"CGK","N/A",{"v":4000000,"d":"4,000,000"},0,{"v":3968000,"d":"3,968,000"},{"v":0.992,"d":"99%"},{"v":1900000,"d":"1,900,000"},{"v":32000,"d":"32,000"},{"v":32000,"d":"32,000"},"Completed",{"$nulls":8},"Financial","No","Propose budget for screening","No",{"$f":"AO51","v":"Propose budget for screening"},"Yes","Fesibility studies and design","Complete and operational"]
[50,"Oldepe Borehole","Drilling and equipping of borehole","Increase access to safe and affordable water","Borehole drilled and equipped",null,{"$f":"Table4[[#This Row],[Project Name/Title]]","v":"Oldepe Borehole"},"Kajiado West","Mosiro",null,"Water, Irrigation, Environment and Natural Resources ","Water & Irrigation","Water & Irrigation","2014-06-30","2014-09-01","2015-06-30",null,{"v":5000000,"d":"5,000,000"},{"$f":"R52","v":{"v":5000000,"d":"5,000,000"}},{"v":5000000,"d":"5,000,000"},"CGK","N/A",{"v":5000000,"d":"5,000,000"},0,{"v":2667000,"d":"2,667,000"},{"v":0.5334,"d":"53%"},{"v":2667000,"d":"2,667,000"},{"v":2333000,"d":"2,333,000"},{"v":2333000,"d":"2,333,000"},"Stalled",{"v":0.51,"d":"51%"},{"v":0.51,"d":"51%"},"Dry borehole",2015,6,{"v":8000000,"d":"8,000,000"},"No","Defer","Financial","No","Propose budget for screening","No",{"$f":"AO52","v":"Propose budget for screening"},"Yes","Fesibility studies and design","Dry borehole"]
[51,"Ilmariani Borehole","Drilling and equipping of borehole","Increase access to safe and affordable water","Borehole drilled and equipped",null,{"$f":"Table4[[#This Row],[Project Name/Title]]","v":"Ilmariani Borehole"},"Kajiado West","Mosiro",null,"Water, Irrigation, Environment and Natural Resources ","Water & Irrigation","Water & Irrigation","2014-06-30","2014-09-01","2015-06-30",null,{"v":5000000,"d":"5,000,000"},{"$f":"R53","v":{"v":5000000,"d":"5,000,000"}},{"v":5000000,"d":"5,000,000"},"CGK","N/A",{"v":5000000,"d":"5,000,000"},0,0,{"v":0,"d":"0%"},0,{"v":5000000,"d":"5,000,000"},{"v":5000000,"d":"5,000,000"},"Stalled",{"v":0.56,"d":"56%"},{"v":0.56,"d":"56%"},"Dry borehole",2015,6,{"v":8000000,"d":"8,000,000"},"No","Defer","Financial","No","Propose budget for screening","No",{"$f":"AO53","v":"Propose budget for screening"},"Yes","Fesibility studies and design","Dry borehole"]
[52,"Eiti Borehole","Drilling and equipping of borehole","Increase access to safe and affordable water","Borehole drilled and equipped",null,{"$f":"Table4[[#This Row],[Project Name/Title]]","v":"Eiti Borehole"},"Kajiado West","Mosiro",null,"Water, Irrigation, Environment and Natural Resources ","Water & Irrigation","Water & Irrigation","2014-06-30","2014-09-01","2015-06-30",null,{"v":5000000,"d":"5,000,000"},{"$f":"R54","v":{"v":5000000,"d":"5,000,000"}},{"v":5000000,"d":"5,000,000"},"CGK","N/A",{"v":5000000,"d":"5,000,000"},0,{"v":2245000,"d":"2,245,000"},{"v":0.449,"d":"45%"},{"v":2245000,"d":"2,245,000"},{"v":2755000,"d":"2,755,000"},{"v":2755000,"d":"2,755,000"},"Stalled",{"v":0.45,"d":"45%"},{"v":0.45,"d":"45%"},"Inadequate finances",2015,6,{"v":4000000,"d":"4,000,000"},"No","Defer","Financial","No","Propose budget for screening","No",{"$f":"AO54","v":"Propose budget for screening"},"Yes","Fesibility studies and design","Phase one complete; Phase II proposed for funding in FY 2015/16; Tested yield 8m3/hr."]
[53,"Olosirua Borehole","Drilling and equipping of borehole","Increase access to safe and affordable water","Borehole drilled and equipped",null,{"$f":"Table4[[#This Row],[Project Name/Title]]","v":"Olosirua Borehole"},"Kajiado West","Lodokilani",null,"Water, Irrigation, Environment and Natural Resources ","Water & Irrigation","Water & Irrigation","2014-06-30","2014-09-01","2015-06-30",null,{"v":5000000,"d":"5,000,000"},{"$f":"R55","v":{"v":5000000,"d":"5,000,000"}},{"v":5000000,"d":"5,000,000"},"CGK","N/A",{"v":5000000,"d":"5,000,000"},0,{"v":2529000,"d":"2,529,000"},{"v":0.5058,"d":"51%"},{"v":2529000,"d":"2,529,000"},{"v":2471000,"d":"2,471,000"},{"v":2471000,"d":"2,471,000"},"Stalled",{"v":0.51,"d":"51%"},{"v":0.51,"d":"51%"},"Inadequate finances",2015,6,{"v":4000000,"d":"4,000,000"},"No","Defer","Financial","No","Propose budget for screening","No","Propose budget for screening","Yes","Fesibility studies and design","Equipping proposed for next FY. Tested yield = 26m3/hr."]
[54,"Oloolera Borehole","Drilling and equipping of borehole","Increase access to safe and affordable water","Borehole drilled and equipped",null,{"$f":"Table4[[#This Row],[Project Name/Title]]","v":"Oloolera Borehole"},"Kajiado West","Lodokilani",null,"Water, Irrigation, Environment and Natural Resources ","Water & Irrigation","Water & Irrigation","2014-06-30","2014-09-01","2015-06-30",null,{"v":5000000,"d":"5,000,000"},{"$f":"R56","v":{"v":5000000,"d":"5,000,000"}},{"v":5000000,"d":"5,000,000"},"CGK","N/A",{"v":5000000,"d":"5,000,000"},0,{"v":4997980,"d":"4,997,980"},{"v":0.999596,"d":"100%"},{"v":2315000,"d":"2,315,000"},{"v":2020,"d":"2,020"},{"v":2020,"d":"2,020"},"Stalled",{"$f":"AA56/Y56","v":{"v":0.4631871275995502,"d":"46%"}},{"v":0.46,"d":"46%"},"Inadequate finances",2015,6,{"v":4000000,"d":"4,000,000"},"No","Defer","Financial","No","Propose budget for screening","No",{"$f":"AO56","v":"Propose budget for screening"},"Yes","Fesibility studies and design","Equipping proposed for next FY. Tested yield = 18.5m3/hr."]
[55,"Oldonyo Nyokie Pipeline","Pipeline and water tanks construction","Increase access to safe and affordable water","1. Pipeline constructed\n2. Water tanks constructed",null,{"$f":"Table4[[#This Row],[Project Name/Title]]","v":"Oldonyo Nyokie Pipeline"},"Kajiado West","Magadi",null,"Water, Irrigation, Environment and Natural Resources ","Water & Irrigation","Water & Irrigation","2014-06-30","2014-09-01","2015-06-30",null,{"v":6500000,"d":"6,500,000"},{"$f":"R57","v":{"v":6500000,"d":"6,500,000"}},{"v":6500000,"d":"6,500,000"},"CGK","N/A",{"v":6500000,"d":"6,500,000"},0,{"v":6280700,"d":"6,280,700"},{"v":0.9662615384615385,"d":"97%"},{"v":6280700,"d":"6,280,700"},{"v":219300,"d":"219,300"},{"v":219300,"d":"219,300"},"Completed",{"$nulls":6},"No",null,"Environmental","No","Propose budget for screening","No",{"$f":"AO57","v":"Propose budget for screening"},"Yes","Fesibility studies and design","Complete and operational"]
[56,"Olgumi Galley / Contour","Construction of gabions","Restore\ndegraded land and soil","Gabions constructed",null,{"$f":"Table4[[#This Row],[Project Name/Title]]","v":"Olgumi Galley / Contour"},"Kajiado West","Ewaso Kedong",null,"Water, Irrigation, Environment and Natural Resources ","Water & Irrigation","Water & Irrigation","2014-06-30","2014-09-01","2015-06-30",null,{"v":2500000,"d":"2,500,000"},{"$f":"R58","v":{"v":2500000,"d":"2,500,000"}},{"v":2500000,"d":"2,500,000"},"CGK","N/A",{"v":2500000,"d":"2,500,000"},0,0,{"v":0,"d":"0%"},0,{"v":2500000,"d":"2,500,000"},{"v":2500000,"d":"2,500,000"},"Stalled",{"v":0,"d":"0%"},{"v":0,"d":"0%"},"Inadequate finances",2015,6,{"v":7000000,"d":"7,000,000"},"No","Defer","Financial","No","Propose budget for screening","No","Propose budget for screening","Yes","Fesibility studies and design","Not started due to inadequate funds"]
[57,"Esonorua Water project phase 2","Pipeline construction and installation of water storage tanks","Increase access to safe and affordable water","1. Pipeline constructed\n2. Water tanks constructed",null,{"$f":"Table4[[#This Row],[Project Name/Title]]","v":"Esonorua Water project phase 2"},"Kajiado West","Keekonyokie",null,"Water, Irrigation, Environment and Natural Resources ","Water & Irrigation","Water & Irrigation","2014-06-30","2014-09-01","2015-06-30",null,{"v":3000000,"d":"3,000,000"},{"$f":"R59","v":{"v":3000000,"d":"3,000,000"}},{"v":3000000,"d":"3,000,000"},"CGK","N/A",{"v":3000000,"d":"3,000,000"},0,0,{"v":0,"d":"0%"},0,{"v":3000000,"d":"3,000,000"},{"v":3000000,"d":"3,000,000"},"Stalled",{"v":0,"d":"0%"},{"v":0,"d":"0%"},"Inadequate finances",2015,6,{"v":5000000,"d":"5,000,000"},"No","Defer","Financial","No","Propose budget for screening","No",{"$f":"AO59","v":"Propose budget for screening"},"Yes","Fesibility studies and design","Not started due to inadequate funds"]
[58,"Bondeni Borehole & Tank","Drilling, equipping of borehole and tank construction","Increase access to safe and affordable water","1. Borehole drilled and equipped\n2. Storage tank constructed",null,{"$f":"Table4[[#This Row],[Project Name/Title]]","v":"Bondeni Borehole & Tank"},"Kajiado North","ngong",null,"Water, Irrigation, Environment and Natural Resources ","Water & Irrigation","Water & Irrigation","2014-06-30","2014-09-01","2015-06-30",null,{"v":5000000,"d":"5,000,000"},{"$f":"R60","v":{"v":5000000,"d":"5,000,000"}},{"v":5000000,"d":"5,000,000"},"CGK","N/A",{"v":5000000,"d":"5,000,000"},0,{"v":4967550,"d":"4,967,550"},{"v":0.99351,"d":"99%"},{"v":4967550,"d":"4,967,550"},{"v":32450,"d":"32,450"},{"v":32450,"d":"32,450"},"Stalled",{"v":0.99,"d":"99%"},{"v":0.99,"d":"99%"},"Inadequate finances",2015,2,{"v":1000000,"d":"1,000,000"},"No","Defer","Financial","No","Propose budget for screening","No",{"$f":"AO60","v":"Propose budget for screening"},"Yes","Fesibility studies and design","Pending power connection"]
[59,"Olepolos Borehole","Drilling and equipping of a borehole","Increase access to safe and affordable water","Borehole drilled and equipped",null,{"$f":"Table4[[#This Row],[Project Name/Title]]","v":"Olepolos Borehole"},"Kajiado North","Ololua",null,"Water, Irrigation, Environment and Natural Resources ","Water & Irrigation","Water & Irrigation","2014-06-30","2014-09-01","2015-06-30",null,{"v":5000000,"d":"5,000,000"},{"$f":"R61","v":{"v":5000000,"d":"5,000,000"}},{"v":5000000,"d":"5,000,000"},"CGK","N/A",{"v":5000000,"d":"5,000,000"},0,{"v":4970450,"d":"4,970,450"},{"v":0.99409,"d":"99%"},{"v":2582000,"d":"2,582,000"},{"v":29550,"d":"29,550"},{"v":29550,"d":"29,550"},"Stalled",{"v":0.52,"d":"52%"},{"v":0.52,"d":"52%"},"Land compensation and inadequate finances",2015,6,{"v":8000000,"d":"8,000,000"},"No","Defer","Financial","No","Propose budget for screening","No","Propose budget for screening","Yes","Fesibility studies and design","Land compensation and equipping recommended for next FY. Tested yields 36m3/hr."]
[60,"Bulbul Borehole","Drilling and equipping of a borehole","Increase access to safe and affordable water","Borehole drilled and equipped",null,{"$f":"Table4[[#This Row],[Project Name/Title]]","v":"Bulbul Borehole"},"Kajiado North","Ololua",null,"Water, Irrigation, Environment and Natural Resources ","Water & Irrigation","Water & Irrigation","2014-06-30","2014-09-01","2015-06-30",null,{"v":5000000,"d":"5,000,000"},{"$f":"R62","v":{"v":5000000,"d":"5,000,000"}},{"v":5000000,"d":"5,000,000"},"CGK","N/A",{"v":5000000,"d":"5,000,000"},0,{"v":4945660,"d":"4,945,660"},{"v":0.989132,"d":"99%"},{"v":2689004,"d":"2,689,004"},{"v":54340,"d":"54,340"},{"v":54340,"d":"54,340"},"Stalled",{"$f":"AA62/W62","v":{"v":0.5378008,"d":"54%"}},{"v":0.54,"d":"54%"},"Land compensation ",2015,6,{"v":4000000,"d":"4,000,000"},"No","Defer","Legal","No","Propose budget for screening","No","Propose budget for screening","Yes","Fesibility studies and design","Drilling works complete; equipping not done"]
[61,"Kerarapon Tank and pipeline","Tank installation and pipeline construction","Increase access to safe and affordable water","1. Storage tank constructed\n2. Pipeline constructed",null,{"$f":"Table4[[#This Row],[Project Name/Title]]","v":"Kerarapon Tank and pipeline"},"Kajiado North","Ololua",null,"Water, Irrigation, Environment and Natural Resources ","Water & Irrigation","Water & Irrigation","2014-06-30","2014-09-01","2015-06-30",null,{"v":3000000,"d":"3,000,000"},{"$f":"R63","v":{"v":3000000,"d":"3,000,000"}},{"v":3000000,"d":"3,000,000"},"CGK","N/A",{"v":3000000,"d":"3,000,000"},0,{"v":2987760,"d":"2,987,760"},{"v":0.99592,"d":"100%"},{"v":2987760,"d":"2,987,760"},{"v":12240,"d":"12,240"},{"v":12240,"d":"12,240"},"Completed",{"$nulls":6},"No",null,"Environmental","No","Propose budget for screening","No",{"$f":"AO63","v":"Propose budget for screening"},"Yes","Fesibility studies and design","Complete and operational"]
[62,"Olngarua Borehole","Equipping of a borehole","Increase access to safe and affordable water","Borehole equipped",null,{"$f":"Table4[[#This Row],[Project Name/Title]]","v":"Olngarua Borehole"},"Kajiado East","Oloosirikon / Sholinke",null,"Water, Irrigation, Environment and Natural Resources ","Water & Irrigation","Water & Irrigation","2014-06-30","2014-09-01","2015-06-30",null,{"v":2000000,"d":"2,000,000"},{"$f":"R64","v":{"v":2000000,"d":"2,000,000"}},{"v":2000000,"d":"2,000,000"},"CGK","N/A",{"v":2000000,"d":"2,000,000"},0,{"v":1887000,"d":"1,887,000"},{"v":0.9435,"d":"94%"},{"v":1887000,"d":"1,887,000"},{"v":113000,"d":"113,000"},{"v":113000,"d":"113,000"},"Stalled",{"v":0.94,"d":"94%"},{"v":0.94,"d":"94%"},"Inadequate finances",2015,6,{"v":4000000,"d":"4,000,000"},"No","Defer","Financial","No","Propose budget for screening","No","Propose budget for screening","Yes","Fesibility studies and design","Equipping proposed for 2015/16 FY. Tested yield 48m3/hr."]
[63,"Erankau Borehole","Rehabilitation of a borehole","Increase access to safe and affordable water","Borehole rehabilitated",null,{"$f":"Table4[[#This Row],[Project Name/Title]]","v":"Erankau Borehole"},"Kajiado East","Olosirikon/Shorinke",null,"Water, Irrigation, Environment and Natural Resources ","Water & Irrigation","Water & Irrigation","2014-06-30","2014-09-01","2015-06-30",null,{"v":2000000,"d":"2,000,000"},{"$f":"R65","v":{"v":2000000,"d":"2,000,000"}},{"v":2000000,"d":"2,000,000"},"CGK","N/A",{"v":2000000,"d":"2,000,000"},0,{"v":1978456,"d":"1,978,456"},{"v":0.989228,"d":"99%"},0,{"v":21544,"d":"21,544"},{"v":21544,"d":"21,544"},"Stalled",{"v":0,"d":"0%"},{"v":0,"d":"0%"},"Land compensation issues and inadequate finances",2015,6,{"v":4000000,"d":"4,000,000"},"No","Defer","Legal","No","Propose budget for screening","No",{"$f":"AO65","v":"Propose budget for screening"},"Yes","Fesibility studies and design","Funds relocated to Olngarua for equipping which has yield of 48m3/hr."]
[64,"Olturoto Borehole","Drilling and equipping of a borehole","Increase access to safe and affordable water","Borehole drilled and equipped",null,{"$f":"Table4[[#This Row],[Project Name/Title]]","v":"Olturoto Borehole"},"Kajiado East","Kaputei North",null,"Water, Irrigation, Environment and Natural Resources ","Water & Irrigation","Water & Irrigation","2014-06-30","2014-09-01","2015-06-30",null,{"v":5000000,"d":"5,000,000"},{"$f":"R66","v":{"v":5000000,"d":"5,000,000"}},{"v":5000000,"d":"5,000,000"},"CGK","N/A",{"v":5000000,"d":"5,000,000"},0,{"v":2700000,"d":"2,700,000"},{"v":0.54,"d":"54%"},{"v":2700000,"d":"2,700,000"},{"v":2300000,"d":"2,300,000"},{"v":2300000,"d":"2,300,000"},"Stalled",{"v":0.54,"d":"54%"},{"v":0.54,"d":"54%"},"Inadequate finances",2015,6,{"v":4000000,"d":"4,000,000"},"No","Defer","Financial","No","Propose budget for screening","No","Propose budget for screening","Yes","Fesibility studies and design","Equipping proposed for 2015/16 FY. Tested yield 3.5m3/hr."]
[65,"Enkilele Borehole","Drilling and equipping of a borehole","Increase access to safe and affordable water","Borehole drilled and equipped",null,{"$f":"Table4[[#This Row],[Project Name/Title]]","v":"Enkilele Borehole"},"Kajiado East","Kaputei North",null,"Water, Irrigation, Environment and Natural Resources ","Water & Irrigation","Water & Irrigation","2014-06-30","2014-09-01","2015-06-30",null,{"v":5000000,"d":"5,000,000"},{"$f":"R67","v":{"v":5000000,"d":"5,000,000"}},{"v":5000000,"d":"5,000,000"},"CGK","N/A",{"$f":"S67","v":{"v":5000000,"d":"5,000,000"}},0,{"v":2400000,"d":"2,400,000"},{"v":0.48,"d":"48%"},{"v":2400000,"d":"2,400,000"},{"v":2600000,"d":"2,600,000"},{"v":2600000,"d":"2,600,000"},"Stalled",{"v":0.48,"d":"48%"},{"v":0.48,"d":"48%"},"Inadequate finances",2015,6,{"v":4000000,"d":"4,000,000"},"No","Defer","Financial","No","Propose budget for screening","No",{"$f":"AO67","v":"Propose budget for screening"},"Yes","Fesibility studies and design","Equipping proposed for 2015/16 FY. Tested yield 2m3/hr."]
[66,"Olkinos Borehole Rehab","Rehabilitation of borehole","Increase access to safe and affordable water","Borehole rehabilitated",null,{"$f":"Table4[[#This Row],[Project Name/Title]]","v":"Olkinos Borehole Rehab"},"Kajiado East","Kaputei north",null,"Water, Irrigation, Environment and Natural Resources ","Water & Irrigation","Water & Irrigation","2014-06-30","2014-09-01","2015-06-30",null,{"v":500000,"d":"500,000"},{"$f":"R68","v":{"v":500000,"d":"500,000"}},{"v":500000,"d":"500,000"},"CGK","N/A",{"v":500000,"d":"500,000"},0,{"v":500000,"d":"500,000"},{"$f":"Y68/S68","v":{"v":1,"d":"100%"}},{"v":500000,"d":"500,000"},{"$f":"T68-Y68","v":0},{"$f":"S68-Y68","v":0},"Completed",{"$nulls":6},"No",null,"Environmental","No","Propose budget for screening",{"$f":"AN68","v":"No"},"Propose budget for screening","Yes","Fesibility studies and design","Complete and operational"]
[67,"Kisaju Borehole","Equipping of a borehole","Increase access to safe and affordable water","Borehole equipped",null,{"$f":"Table4[[#This Row],[Project Name/Title]]","v":"Kisaju Borehole"},"Kajiado East","Kaputei north",null,"Water, Irrigation, Environment and Natural Resources ","Water & Irrigation","Water & Irrigation","2014-06-30","2014-09-01","2015-06-30",null,{"v":3000000,"d":"3,000,000"},{"$f":"R69","v":{"v":3000000,"d":"3,000,000"}},{"v":3000000,"d":"3,000,000"},"CGK","N/A",{"v":3000000,"d":"3,000,000"},0,{"v":3000000,"d":"3,000,000"},{"v":1,"d":"100%"},{"v":3000000,"d":"3,000,000"},0,0,"Completed",{"$nulls":6},"No",null,"Environmental","No","Propose budget for screening","No","Propose budget for screening","Yes","Fesibility studies and design","Complete and operational"]
[68,"Kisaju Public Toilet","Construction of public toilet","Increase access to adequate and\nequitable sanitation and hygiene","Public toilet constructed",null,{"$f":"Table4[[#This Row],[Project Name/Title]]","v":"Kisaju Public Toilet"},"Kajiado East","Kaputei north",null,"Water, Irrigation, Environment and Natural Resources ","Water & Irrigation","Water & Irrigation","2014-06-30","2014-09-01","2015-06-30",null,{"v":1500000,"d":"1,500,000"},{"$f":"R70","v":{"v":1500000,"d":"1,500,000"}},{"v":1500000,"d":"1,500,000"},"CGK","N/A",{"v":1500000,"d":"1,500,000"},0,{"v":1500000,"d":"1,500,000"},{"v":1,"d":"100%"},{"v":1500000,"d":"1,500,000"},0,0,"Completed",{"$nulls":6},"No",null,"Environmental","No","Propose budget for screening","No",{"$f":"AO70","v":"Propose budget for screening"},"Yes","Fesibility studies and design","Complete and operational"]
[69,"Edikirr Piping","Construction of pipeline","Increase access to safe and affordable water","Pipeline constructed",null,{"$f":"Table4[[#This Row],[Project Name/Title]]","v":"Edikirr Piping"},"Kajiado East","Kaputei north",null,"Water, Irrigation, Environment and Natural Resources ","Water & Irrigation","Water & Irrigation","2014-06-30","2014-09-01","2015-06-30",null,{"v":2000000,"d":"2,000,000"},{"$f":"R71","v":{"v":2000000,"d":"2,000,000"}},{"v":2000000,"d":"2,000,000"},"CGK","N/A",{"v":2000000,"d":"2,000,000"},0,{"v":1999999,"d":"1,999,999"},{"v":0.9999995,"d":"100%"},{"v":1999999,"d":"1,999,999"},1,1,"Completed",{"$nulls":6},"No",null,"Environmental","No","Propose budget for screening","No",{"$f":"AO71","v":"Propose budget for screening"},"Yes","Fesibility studies and design","Complete and operational"]
[70,"Nkama Oiti Borehole","Drilling and equipping of a borehole","Increase access to safe and affordable water","Borehole drilled and equipped",null,{"$f":"Table4[[#This Row],[Project Name/Title]]","v":"Nkama Oiti Borehole"},"Kajiado East","Kenyewa/Poka",null,"Water, Irrigation, Environment and Natural Resources ","Water & Irrigation","Water & Irrigation","2014-06-30","2014-09-01","2015-06-30",null,{"v":5000000,"d":"5,000,000"},{"$f":"R72","v":{"v":5000000,"d":"5,000,000"}},{"v":5000000,"d":"5,000,000"},"CGK","N/A",{"v":5000000,"d":"5,000,000"},0,{"v":2500000,"d":"2,500,000"},{"v":0.5,"d":"50%"},{"v":2500000,"d":"2,500,000"},{"v":2500000,"d":"2,500,000"},{"v":2500000,"d":"2,500,000"},"Stalled",{"v":0.5,"d":"50%"},{"v":0.5,"d":"50%"},"Inadequate finances",2015,6,{"v":4000000,"d":"4,000,000"},"No","Defer","Financial","No","Propose budget for screening","No",{"$f":"AO72","v":"Propose budget for screening"},"Yes","Fesibility studies and design","Balance from Imukutani/Naningo to equip the borehole. Tested yield 3.5m3/hr. "]
[71,"Oiti Borehole","Rehabilitation of a borehole","Increase access to safe and affordable water","Borehole rehabilitated",null,{"$f":"Table4[[#This Row],[Project Name/Title]]","v":"Oiti Borehole"},"Kajiado East","Imaroro",null,"Water, Irrigation, Environment and Natural Resources ","Water & Irrigation","Water & Irrigation","2014-06-30","2014-09-01","2015-06-30",null,{"v":5000000,"d":"5,000,000"},{"$f":"R73","v":{"v":5000000,"d":"5,000,000"}},{"v":5000000,"d":"5,000,000"},"CGK","N/A",{"v":5000000,"d":"5,000,000"},0,0,{"v":0,"d":"0%"},0,{"v":5000000,"d":"5,000,000"},{"v":5000000,"d":"5,000,000"},"Stalled",{"v":0,"d":"0%"},{"v":0,"d":"0%"},"Inadequate finances",2015,6,{"v":5000000,"d":"5,000,000"},"No","Defer","Financial","No","Propose budget for screening","No",{"$f":"AO73","v":"Propose budget for screening"},"Yes","Fesibility studies and design","Rehabilitation recommended for 2015/16 FY. Tested yields 2m3/hr."]
[72,"Enkusero Arroi Borehole","Drilling and equipping of a borehole","Increase access to safe and affordable water","Borehole drilled and equipped",null,{"$f":"Table4[[#This Row],[Project Name/Title]]","v":"Enkusero Arroi Borehole"},"Kajiado East","imaroro",null,"Water, Irrigation, Environment and Natural Resources ","Water & Irrigation","Water & Irrigation","2014-06-30","2014-09-01","2015-06-30",null,{"v":5000000,"d":"5,000,000"},{"$f":"R74","v":{"v":5000000,"d":"5,000,000"}},{"v":5000000,"d":"5,000,000"},"CGK & Partner","ENSDA",{"v":5000000,"d":"5,000,000"},{"v":1858000,"d":"1,858,000"},{"v":3142000,"d":"3,142,000"},{"v":0.6284,"d":"63%"},{"v":3142000,"d":"3,142,000"},{"v":1858000,"d":"1,858,000"},{"v":1858000,"d":"1,858,000"},"Completed",{"$nulls":6},"No",null,"Financial","No","Propose budget for screening","No",{"$f":"AO74","v":"Propose budget for screening"},"Yes","Fesibility studies and design","Complete and operational; Tested yields 48m3/hr. "]
[73,"Enkasiti Pipeline","Pipeline construction","Increase access to safe and affordable water","Pipeline constructed",null,{"$f":"Table4[[#This Row],[Project Name/Title]]","v":"Enkasiti Pipeline"},"Kajiado East","kitengela",null,"Water, Irrigation, Environment and Natural Resources ","Water & Irrigation","Water & Irrigation","2014-06-30","2014-09-01","2015-06-30",null,{"v":2000000,"d":"2,000,000"},{"$f":"R75","v":{"v":2000000,"d":"2,000,000"}},{"v":2000000,"d":"2,000,000"},"CGK","N/A",{"v":2000000,"d":"2,000,000"},0,{"v":1042840,"d":"1,042,840"},{"v":0.52142,"d":"52%"},{"v":1042840,"d":"1,042,840"},{"v":957160,"d":"957,160"},{"v":957160,"d":"957,160"},"Stalled",{"v":0.52,"d":"52%"},{"v":0.52,"d":"52%"},"Borehole (source) collapsed",2015,6,{"v":8000000,"d":"8,000,000"},"No","Defer","Environmental","No","Propose budget for screening","No","Propose budget for screening","Yes","Fesibility studies and design","Require drilling of a new borehole for source of water to be piped since existing borehole collapsed "]
[74,"Lemongo Borehole Drilling","Drilling and equipping of a borehole","Increase access to safe and affordable water","Borehole drilled and equipped",null,{"$f":"Table4[[#This Row],[Project Name/Title]]","v":"Lemongo Borehole Drilling"},"Kajiado South","Rombo",null,"Water, Irrigation, Environment and Natural Resources ","Water & Irrigation","Water & Irrigation","2014-06-30","2014-09-01","2015-06-30",null,{"v":7000000,"d":"7,000,000"},{"$f":"R76","v":{"v":7000000,"d":"7,000,000"}},{"v":7000000,"d":"7,000,000"},"CGK","N/A",{"v":7000000,"d":"7,000,000"},0,{"v":7000000,"d":"7,000,000"},{"v":1,"d":"100%"},{"v":7000000,"d":"7,000,000"},0,0,"Completed",{"$nulls":6},"No","Defer","Environmental","No","Propose budget for screening","No",{"$f":"AO76","v":"Propose budget for screening"},"Yes","Fesibility studies and design","Complete and operational; Tested yields 3.5m3/hr. "]
[75,"Lemasus Borehole","Drilling and equipping of a borehole","Increase access to safe and affordable water","Borehole drilled and equipped",null,{"$f":"Table4[[#This Row],[Project Name/Title]]","v":"Lemasus Borehole"},"Kajiado South","Mbirikani – Eselenkei",null,"Water, Irrigation, Environment and Natural Resources ","Water & Irrigation","Water & Irrigation","2014-06-30","2014-09-01","2015-06-30",null,{"v":5000000,"d":"5,000,000"},{"$f":"R77","v":{"v":5000000,"d":"5,000,000"}},{"v":5000000,"d":"5,000,000"},"CGK","N/A",{"v":5000000,"d":"5,000,000"},0,{"v":3380000,"d":"3,380,000"},{"v":0.676,"d":"68%"},{"v":3380000,"d":"3,380,000"},{"v":1620000,"d":"1,620,000"},{"v":1620000,"d":"1,620,000"},"Completed",{"$nulls":6},"No",null,"Environmental","No","Propose budget for screening","No","Propose budget for screening","Yes","Fesibility studies and design"]
[76,"Lorkiu Borehole","Drilling and equipping of a borehole","Increase access to safe and affordable water","Borehole drilled and equipped",null,{"$f":"Table4[[#This Row],[Project Name/Title]]","v":"Lorkiu Borehole"},"Kajiado South","Mbirikani – Eselenkei",null,"Water, Irrigation, Environment and Natural Resources ","Water & Irrigation","Water & Irrigation","2014-06-30","2014-09-01","2015-06-30",null,{"v":5000000,"d":"5,000,000"},{"$f":"R78","v":{"v":5000000,"d":"5,000,000"}},{"v":5000000,"d":"5,000,000"},"CGK","N/A",{"v":5000000,"d":"5,000,000"},0,{"v":2567000,"d":"2,567,000"},{"v":0.5134,"d":"51%"},{"v":2567000,"d":"2,567,000"},{"v":2433000,"d":"2,433,000"},{"v":2433000,"d":"2,433,000"},"Completed",{"$nulls":6},"No",null,"Environmental","No","Propose budget for screening","No",{"$f":"AO78","v":"Propose budget for screening"},"Yes","Fesibility studies and design"]
[77,"Iltilal Borehole","Drilling and equipping of a borehole","Increase access to safe and affordable water","Borehole drilled and equipped",null,{"$f":"Table4[[#This Row],[Project Name/Title]]","v":"Iltilal Borehole"},"Kajiado South","Kuku",null,"Water, Irrigation, Environment and Natural Resources ","Water & Irrigation","Water & Irrigation","2014-06-30","2014-09-01","2015-06-30",null,{"v":5000000,"d":"5,000,000"},{"$f":"R79","v":{"v":5000000,"d":"5,000,000"}},{"v":5000000,"d":"5,000,000"},"CGK","N/A",{"v":5000000,"d":"5,000,000"},0,{"v":5000000,"d":"5,000,000"},{"v":1,"d":"100%"},{"v":5000000,"d":"5,000,000"},0,0,"Completed",{"$nulls":6},"No",null,"Environmental","No","Propose budget for screening","No",{"$f":"AO79","v":"Propose budget for screening"},"Yes","Fesibility studies and design"]
[78,"Silalei Borehole ","Drilling and equipping of a borehole","Increase access to safe and affordable water","Borehole drilled and equipped",null,{"$f":"Table4[[#This Row],[Project Name/Title]]","v":"Silalei Borehole "},"Kajiado Central","Dalalekutuk",null,"Water, Irrigation, Environment and Natural Resources ","Water & Irrigation","Water & Irrigation","2014-06-30","2014-09-01","2015-06-30",null,{"v":5000000,"d":"5,000,000"},{"$f":"R80","v":{"v":5000000,"d":"5,000,000"}},{"v":5000000,"d":"5,000,000"},"CGK","N/A",{"v":5000000,"d":"5,000,000"},0,null,{"v":0,"d":"0%"},null,{"v":5000000,"d":"5,000,000"},{"v":5000000,"d":"5,000,000"},"Completed",{"$nulls":6},"No",null,"Environmental","No","Propose budget for screening",{"$f":"AN80","v":"No"},"Propose budget for screening",null,"Fesibility studies and design"]
[79,"Ngosuani Borehole","Drilling and equipping of a borehole","Increase access to safe and affordable water","Borehole drilled and equipped",null,{"$f":"Table4[[#This Row],[Project Name/Title]]","v":"Ngosuani Borehole"},"Kajiado Central","Purko",null,"Water, Irrigation, Environment and Natural Resources ","Water & Irrigation","Water & Irrigation","2014-06-30","2014-09-01","2015-06-30",null,{"v":5000000,"d":"5,000,000"},{"$f":"R81","v":{"v":5000000,"d":"5,000,000"}},{"v":5000000,"d":"5,000,000"},"CGK","N/A",{"v":5000000,"d":"5,000,000"},0,{"v":2519000,"d":"2,519,000"},{"v":0.5038,"d":"50%"},{"v":2519000,"d":"2,519,000"},{"v":2481000,"d":"2,481,000"},{"v":2481000,"d":"2,481,000"},"Completed",{"$nulls":6},"No",null,"Environmental","No","Propose budget for screening",{"$f":"AN81","v":"No"},"Propose budget for screening",null,"Fesibility studies and design"]
[80,"Kiloriti Dam renovation","Fencing of a water dam and construction of gabions","Improve water quality by\nreducing pollution","1. Water dam fenced\n2. Gabions constructed",null,{"$f":"Table4[[#This Row],[Project Name/Title]]","v":"Kiloriti Dam renovation"},"Kajiado Central","Ildamat",null,"Water, Irrigation, Environment and Natural Resources ","Water & Irrigation","Water & Irrigation","2014-06-30","2014-09-01","2015-06-30",null,{"v":1500000,"d":"1,500,000"},{"$f":"R82","v":{"v":1500000,"d":"1,500,000"}},{"v":1500000,"d":"1,500,000"},"CGK","N/A",{"v":1500000,"d":"1,500,000"},0,{"v":1200000,"d":"1,200,000"},{"v":0.8,"d":"80%"},{"v":1200000,"d":"1,200,000"},{"v":300000,"d":"300,000"},{"v":300000,"d":"300,000"},"Completed",{"$nulls":6},"No",null,"Environmental","No","Propose budget for screening","No","Propose budget for screening",null,"Fesibility studies and design"]
[81,"Iparua Dam","Dam constructed c/w watering facilities","Increase access to safe and affordable water","Dam constructed c/w  watering facilities",null,{"$f":"Table4[[#This Row],[Project Name/Title]]","v":"Iparua Dam"},"Kajiado Central","Purko",null,"Water, Irrigation, Environment and Natural Resources ","Water & Irrigation","Water & Irrigation","2014-06-30","2014-09-01","2015-06-30",null,{"v":10000000,"d":"10,000,000"},{"$f":"R83","v":{"v":10000000,"d":"10,000,000"}},{"v":10000000,"d":"10,000,000"},"CGK","N/A",{"v":10000000,"d":"10,000,000"},0,{"v":9892000,"d":"9,892,000"},{"v":0.9892,"d":"99%"},{"v":9892000,"d":"9,892,000"},{"v":108000,"d":"108,000"},{"v":108000,"d":"108,000"},"Completed",{"$nulls":6},"No",null,"Environmental","No","Propose budget for screening","No","Propose budget for screening","Yes","Fesibility studies and design"]
[82,"Olkishunki water point","Tank construction","Increase access to safe and affordable water","Storage tank constructed",null,{"$f":"Table4[[#This Row],[Project Name/Title]]","v":"Olkishunki water point"},"Kajiado Central","Matapato North",null,"Water, Irrigation, Environment and Natural Resources ","Water & Irrigation","Water & Irrigation","2014-06-30","2014-09-01","2015-06-30",null,{"v":1000000,"d":"1,000,000"},{"$f":"R84","v":{"v":1000000,"d":"1,000,000"}},{"v":1000000,"d":"1,000,000"},"CGK","N/A",{"v":1000000,"d":"1,000,000"},0,0,{"v":0,"d":"0%"},0,{"v":1000000,"d":"1,000,000"},{"v":1000000,"d":"1,000,000"},"Completed",{"$nulls":6},"No",null,"Environmental","No","Propose budget for screening","No","Propose budget for screening","Yes","Fesibility studies and design"]
[83,"Inkeresuna Water point","Tank rehabilitation","Increase access to safe and affordable water","Tank rehabilitated",null,{"$f":"Table4[[#This Row],[Project Name/Title]]","v":"Inkeresuna Water point"},"Kajiado Central","Matapato North",null,"Water, Irrigation, Environment and Natural Resources ","Water & Irrigation","Water & Irrigation","2014-06-30","2014-09-01","2015-06-30",null,{"v":1000000,"d":"1,000,000"},{"$f":"R85","v":{"v":1000000,"d":"1,000,000"}},{"v":1000000,"d":"1,000,000"},"CGK","N/A",{"v":1000000,"d":"1,000,000"},0,{"v":1009800,"d":"1,009,800"},{"v":1.0098,"d":"101%"},{"v":1009800,"d":"1,009,800"},{"v":-9800,"d":"-9,800"},{"v":-9800,"d":"-9,800"},"Completed",{"$nulls":6},"No",null,"Environmental","No","Propose budget for screening","No","Propose budget for screening","Yes","Fesibility studies and design"]
[84,"Olchoro- Onyokie Water project","Rehabilitation of a 6km pipeline ","Increase access to safe and affordable water","Pipeline rehabilitated",null,{"$f":"Table4[[#This Row],[Project Name/Title]]","v":"Olchoro- Onyokie Water project"},"Kajiado central","Matapato south",null,"Water, Irrigation, Environment and Natural Resources ","Water & Irrigation","Water & Irrigation","2015-06-30","2015-09-01","2016-06-30",null,{"v":6000000,"d":"6,000,000"},{"$f":"R86","v":{"v":6000000,"d":"6,000,000"}},{"v":6000000,"d":"6,000,000"},"CGK","N/A",{"v":6000000,"d":"6,000,000"},0,{"v":6000000,"d":"6,000,000"},{"v":1,"d":"100%"},{"v":6000000,"d":"6,000,000"},0,0,"Completed",{"$nulls":6},"No",null,"Environmental","No","Propose budget for screening","No","Propose budget for screening","Yes","Fesibility studies and design"]
[85,"Olootimeloi Borehole","Drilling and equipping of a borehole","Increase access to safe and affordable water","Borehole drilled and equipped",null,{"$f":"Table4[[#This Row],[Project Name/Title]]","v":"Olootimeloi Borehole"},"Kajiado central","Matapato South",null,"Water, Irrigation, Environment and Natural Resources ","Water & Irrigation","Water & Irrigation","2015-06-30","2015-09-01","2016-06-30",null,{"v":7000000,"d":"7,000,000"},{"$f":"R87","v":{"v":7000000,"d":"7,000,000"}},{"v":7000000,"d":"7,000,000"},"CGK","N/A",{"v":7000000,"d":"7,000,000"},0,0,{"v":0,"d":"0%"},0,{"v":7000000,"d":"7,000,000"},{"v":7000000,"d":"7,000,000"},"Completed",{"$nulls":6},"No",null,"Environmental","No","Propose budget for screening","No","Propose budget for screening","Yes","Fesibility studies and design"]
[86,"Eldonyewuas borehole","Drilling of a borehole ","Increase access to safe and affordable water","Borehole drilled",null,{"$f":"Table4[[#This Row],[Project Name/Title]]","v":"Eldonyewuas borehole"},"Kajiado central","Matapato North",null,"Water, Irrigation, Environment and Natural Resources ","Water & Irrigation","Water & Irrigation","2015-06-30","2015-09-01","2016-06-30",null,{"v":7000000,"d":"7,000,000"},{"$f":"R88","v":{"v":7000000,"d":"7,000,000"}},{"v":7000000,"d":"7,000,000"},"CGK","N/A",{"v":7000000,"d":"7,000,000"},0,0,{"v":0,"d":"0%"},0,{"v":7000000,"d":"7,000,000"},{"v":7000000,"d":"7,000,000"},"Completed",{"$nulls":6},"No",null,"Environmental","No","Propose budget for screening","No","Propose budget for screening","Yes","Fesibility studies and design"]
[87,"Leisai borehole","Drilling of a borehole ","Increase access to safe and affordable water","Borehole drilled",null,{"$f":"Table4[[#This Row],[Project Name/Title]]","v":"Leisai borehole"},"Kajiado central","Matapato North",null,"Water, Irrigation, Environment and Natural Resources ","Water & Irrigation","Water & Irrigation","2015-06-30","2015-09-01","2016-06-30",null,{"v":6000000,"d":"6,000,000"},{"$f":"R89","v":{"v":6000000,"d":"6,000,000"}},{"v":6000000,"d":"6,000,000"},"CGK","N/A",{"v":6000000,"d":"6,000,000"},0,0,{"v":0,"d":"0%"},0,{"v":6000000,"d":"6,000,000"},{"v":6000000,"d":"6,000,000"},"Completed",{"$nulls":6},"No",null,"Environmental","No","Propose budget for screening","No","Propose budget for screening","Yes","Fesibility studies and design"]
[88,"Kikurro Borehole","Drilling of a borehole ","Increase access to safe and affordable water","Borehole drilled",null,{"$f":"Table4[[#This Row],[Project Name/Title]]","v":"Kikurro Borehole"},"Kajiado central","Dalalekutuk",null,"Water, Irrigation, Environment and Natural Resources ","Water & Irrigation","Water & Irrigation","2015-06-30","2015-09-01","2016-06-30",null,{"v":7000000,"d":"7,000,000"},{"$f":"R90","v":{"v":7000000,"d":"7,000,000"}},{"v":7000000,"d":"7,000,000"},"CGK","N/A",{"v":7000000,"d":"7,000,000"},0,{"v":7000000,"d":"7,000,000"},{"v":1,"d":"100%"},{"v":7000000,"d":"7,000,000"},0,0,"Completed",{"$nulls":6},"No",null,"Environmental","No","Propose budget for screening","No","Propose budget for screening","Yes","Fesibility studies and design"]
[89,"Orinie Water Project","Drilling of a borehole ","Increase access to safe and affordable water","Borehole drilled",null,{"$f":"Table4[[#This Row],[Project Name/Title]]","v":"Orinie Water Project"},"Kajiado central","Dalalekutuk",null,"Water, Irrigation, Environment and Natural Resources ","Water & Irrigation","Water & Irrigation","2015-06-30","2015-09-01","2016-06-30",null,{"v":8000000,"d":"8,000,000"},{"$f":"R91","v":{"v":8000000,"d":"8,000,000"}},{"v":8000000,"d":"8,000,000"},"CGK","N/A",{"v":8000000,"d":"8,000,000"},0,{"v":8000000,"d":"8,000,000"},{"v":1,"d":"100%"},{"v":8000000,"d":"8,000,000"},0,0,"Completed",{"$nulls":6},"No",null,"Environmental","No","Propose budget for screening","No","Propose budget for screening","Yes","Fesibility studies and design"]
[90,"Chokaa Borehole","Drilling and equipping of a borehole","Increase access to safe and affordable water","Borehole drilled and equipped",null,{"$f":"Table4[[#This Row],[Project Name/Title]]","v":"Chokaa Borehole"},"Kajiado central","Ildamat",null,"Water, Irrigation, Environment and Natural Resources ","Water & Irrigation","Water & Irrigation","2015-06-30","2015-09-01","2016-06-30",null,{"v":7000000,"d":"7,000,000"},{"$f":"R92","v":{"v":7000000,"d":"7,000,000"}},{"v":7000000,"d":"7,000,000"},"CGK","N/A",{"v":7000000,"d":"7,000,000"},0,0,{"v":0,"d":"0%"},0,{"v":7000000,"d":"7,000,000"},{"v":7000000,"d":"7,000,000"},"Completed",{"$nulls":6},"No",null,"Environmental","No","Propose budget for screening","No","Propose budget for screening","Yes","Fesibility studies and design"]
[91,"Oloolsheta – Duka moja Borehole","Drilling and equipping of a borehole","Increase access to safe and affordable water","Borehole drilled and equipped",null,{"$f":"Table4[[#This Row],[Project Name/Title]]","v":"Oloolsheta – Duka moja Borehole"},"Kajiado central","Ildamat",null,"Water, Irrigation, Environment and Natural Resources ","Water & Irrigation","Water & Irrigation","2015-06-30","2015-09-01","2016-06-30",null,{"v":7700000,"d":"7,700,000"},{"$f":"R93","v":{"v":7700000,"d":"7,700,000"}},{"v":7700000,"d":"7,700,000"},"CGK","N/A",{"v":7700000,"d":"7,700,000"},0,{"v":7700000,"d":"7,700,000"},{"v":1,"d":"100%"},{"v":7700000,"d":"7,700,000"},0,0,"Completed",{"$nulls":6},"No",null,"Environmental","No","Propose budget for screening","No","Propose budget for screening","Yes","Fesibility studies and design"]
[92,"Bulati borehole","Drilling and equipping of a borehole","Increase access to safe and affordable water","Borehole drilled and equipped",null,{"$f":"Table4[[#This Row],[Project Name/Title]]","v":"Bulati borehole"},"Kajiado central","Purko",null,"Water, Irrigation, Environment and Natural Resources ","Water & Irrigation","Water & Irrigation","2015-06-30","2015-09-01","2016-06-30",null,{"v":7000000,"d":"7,000,000"},{"$f":"R94","v":{"v":7000000,"d":"7,000,000"}},{"v":7000000,"d":"7,000,000"},"CGK","N/A",{"v":7000000,"d":"7,000,000"},0,{"v":2600000,"d":"2,600,000"},{"v":0.37142857142857144,"d":"37%"},{"v":2600000,"d":"2,600,000"},{"v":4400000,"d":"4,400,000"},{"v":4400000,"d":"4,400,000"},"Completed",{"$nulls":6},"No",null,"Environmental","No","Propose budget for screening","No","Propose budget for screening","Yes","Fesibility studies and design"]
[93,"Lorkidongoi/ Endonyo Ekampi Water Project","Drilling and equipping of a borehole","Increase access to safe and affordable water","Borehole drilled and equipped",null,{"$f":"Table4[[#This Row],[Project Name/Title]]","v":"Lorkidongoi/ Endonyo Ekampi Water Project"},"Kajiado central","Purko",null,"Water, Irrigation, Environment and Natural Resources ","Water & Irrigation","Water & Irrigation","2015-06-30","2015-09-01","2016-06-30",null,{"v":5000000,"d":"5,000,000"},{"$f":"R95","v":{"v":5000000,"d":"5,000,000"}},{"v":5000000,"d":"5,000,000"},"CGK","N/A",{"v":5000000,"d":"5,000,000"},0,{"v":5000000,"d":"5,000,000"},{"v":1,"d":"100%"},{"v":5000000,"d":"5,000,000"},0,0,"Completed",{"$nulls":6},"No",null,"Environmental","No","Propose budget for screening","No","Propose budget for screening","Yes","Fesibility studies and design"]
[94,"Noolera/Esiati Borehole","Drilling and equipping of a borehole","Increase access to safe and affordable water","Borehole drilled and equipped",null,{"$f":"Table4[[#This Row],[Project Name/Title]]","v":"Noolera/Esiati Borehole"},"Kajiado central","Purko",null,"Water, Irrigation, Environment and Natural Resources ","Water & Irrigation","Water & Irrigation","2015-06-30","2015-09-01","2016-06-30",null,{"v":7000000,"d":"7,000,000"},{"$f":"R96","v":{"v":7000000,"d":"7,000,000"}},{"v":7000000,"d":"7,000,000"},"CGK","N/A",{"v":7000000,"d":"7,000,000"},0,0,{"v":0,"d":"0%"},0,{"v":7000000,"d":"7,000,000"},{"v":7000000,"d":"7,000,000"},"Completed",{"$nulls":6},"No",null,"Environmental","No","Propose budget for screening","No","Propose budget for screening","Yes","Fesibility studies and design"]
[95,"Nkoile Primary School Sanitation Project","Construction of sanitation facility (4 toilets and 4 bathrooms)","Increase access to adequate and\nequitable sanitation and hygiene","Sanitation facility constructed",null,{"$f":"Table4[[#This Row],[Project Name/Title]]","v":"Nkoile Primary School Sanitation Project"},"Kajiado Central","Purko",null,"Water, Irrigation, Environment and Natural Resources ","Water & Irrigation","Water & Irrigation","2015-06-30","2015-09-01","2016-06-30",null,{"v":1400000,"d":"1,400,000"},{"$f":"R97","v":{"v":1400000,"d":"1,400,000"}},{"v":1400000,"d":"1,400,000"},"CGK","N/A",{"v":1400000,"d":"1,400,000"},0,{"v":1400000,"d":"1,400,000"},{"v":1,"d":"100%"},{"v":1400000,"d":"1,400,000"},0,0,"Completed",{"$nulls":6},"No",null,"Environmental","No","Propose budget for screening","No","Propose budget for screening","Yes","Fesibility studies and design"]
[96,"Imukutani Borehole","Drilling and equipping of a borehole","Increase access to safe and affordable water","Borehole drilled and equipped",null,{"$f":"Table4[[#This Row],[Project Name/Title]]","v":"Imukutani Borehole"},"Kajiado East","Kenyewa poka",null,"Water, Irrigation, Environment and Natural Resources ","Water & Irrigation","Water & Irrigation","2015-06-30","2015-09-01","2016-06-30",null,{"v":7000000,"d":"7,000,000"},{"$f":"R98","v":{"v":7000000,"d":"7,000,000"}},{"v":7000000,"d":"7,000,000"},"CGK","N/A",{"v":7000000,"d":"7,000,000"},0,0,{"v":0,"d":"0%"},0,{"v":7000000,"d":"7,000,000"},{"v":7000000,"d":"7,000,000"},"Completed",{"$nulls":6},"No",null,"Environmental","No","Propose budget for screening","No","Propose budget for screening","Yes","Fesibility studies and design"]
[97,"Emakoko borehole","Drilling and equipping of a borehole","Increase access to safe and affordable water","Borehole drilled and equipped",null,{"$f":"Table4[[#This Row],[Project Name/Title]]","v":"Emakoko borehole"},"Kajiado East","oloosirko/sholinke",null,"Water, Irrigation, Environment and Natural Resources ","Water & Irrigation","Water & Irrigation","2015-06-30","2015-09-01","2016-06-30",null,{"v":1500000,"d":"1,500,000"},{"$f":"R99","v":{"v":1500000,"d":"1,500,000"}},{"v":1500000,"d":"1,500,000"},"CGK","N/A",{"v":1500000,"d":"1,500,000"},0,{"v":1500000,"d":"1,500,000"},{"v":1,"d":"100%"},{"v":1500000,"d":"1,500,000"},0,0,"Completed",{"$nulls":6},"No",null,"Environmental","No","Propose budget for screening","No","Propose budget for screening","Yes","Fesibility studies and design"]
[98,"Imejooli  Borehole","Drilling and equipping of a borehole","Increase access to safe and affordable water","Borehole drilled and equipped",null,{"$f":"Table4[[#This Row],[Project Name/Title]]","v":"Imejooli  Borehole"},"Kajiado East","Ilmaroro",null,"Water, Irrigation, Environment and Natural Resources ","Water & Irrigation","Water & Irrigation","2015-06-30","2015-09-01","2016-06-30",null,{"v":7000000,"d":"7,000,000"},{"$f":"R100","v":{"v":7000000,"d":"7,000,000"}},{"v":7000000,"d":"7,000,000"},"CGK","N/A",{"v":7000000,"d":"7,000,000"},0,0,{"v":0,"d":"0%"},0,{"v":7000000,"d":"7,000,000"},{"v":7000000,"d":"7,000,000"},"Completed",{"$nulls":6},"No",null,"Environmental","No","Propose budget for screening","No","Propose budget for screening","Yes","Fesibility studies and design"]
[99,"Olmanie Borehole","Drilling and equipping of a borehole","Increase access to safe and affordable water","Borehole drilled and equipped",null,{"$f":"Table4[[#This Row],[Project Name/Title]]","v":"Olmanie Borehole"},"Kajiado East","Ilmaroro",null,"Water, Irrigation, Environment and Natural Resources ","Water & Irrigation","Water & Irrigation","2015-06-30","2015-09-01","2016-06-30",null,{"v":2000000,"d":"2,000,000"},{"$f":"R101","v":{"v":2000000,"d":"2,000,000"}},{"v":2000000,"d":"2,000,000"},"CGK","N/A",{"v":2000000,"d":"2,000,000"},0,{"v":1995800,"d":"1,995,800"},{"v":0.9979,"d":"100%"},{"v":1995800,"d":"1,995,800"},{"v":4200,"d":"4,200"},{"v":4200,"d":"4,200"},"Completed",{"$nulls":6},"No",null,"Environmental","No","Propose budget for screening","No","Propose budget for screening","Yes","Fesibility studies and design"]
[100,"Olkeriai Borehole","Pipeline construction","Increase access to safe and affordable water","Pipeline constructed",null,{"$f":"Table4[[#This Row],[Project Name/Title]]","v":"Olkeriai Borehole"},"Kajiado East","Ilmaroro",null,"Water, Irrigation, Environment and Natural Resources ","Water & Irrigation","Water & Irrigation","2015-06-30","2015-09-01","2016-06-30",null,{"v":2000000,"d":"2,000,000"},{"$f":"R102","v":{"v":2000000,"d":"2,000,000"}},{"v":2000000,"d":"2,000,000"},"CGK","N/A",{"v":2000000,"d":"2,000,000"},0,0,{"v":0,"d":"0%"},0,{"v":2000000,"d":"2,000,000"},{"v":2000000,"d":"2,000,000"},"Completed",{"$nulls":6},"No",null,"Environmental","No","Propose budget for screening","No","Propose budget for screening","Yes","Fesibility studies and design"]
[101,"P.J Dave Borehole","Drilling and equipping of a borehole","Increase access to safe and affordable water","Borehole drilled and equipped",null,{"$f":"Table4[[#This Row],[Project Name/Title]]","v":"P.J Dave Borehole"},"Kajiado East","Kaputei North",null,"Water, Irrigation, Environment and Natural Resources ","Water & Irrigation","Water & Irrigation","2015-06-30","2015-09-01","2016-06-30",null,{"v":4000000,"d":"4,000,000"},{"$f":"R103","v":{"v":4000000,"d":"4,000,000"}},{"v":4000000,"d":"4,000,000"},"CGK","N/A",{"v":4000000,"d":"4,000,000"},0,0,{"v":0,"d":"0%"},0,{"v":4000000,"d":"4,000,000"},{"v":4000000,"d":"4,000,000"},"Completed",{"$nulls":6},"No",null,"Environmental","No","Propose budget for screening","No","Propose budget for screening","Yes","Fesibility studies and design"]
[102,"Ole Nkoitila Borehole","Drilling and equipping of a borehole","Increase access to safe and affordable water","Borehole drilled and equipped",null,{"$f":"Table4[[#This Row],[Project Name/Title]]","v":"Ole Nkoitila Borehole"},"Kajiado East","Kaputei North",null,"Water, Irrigation, Environment and Natural Resources ","Water & Irrigation","Water & Irrigation","2015-06-30","2015-09-01","2016-06-30",null,{"v":7500000,"d":"7,500,000"},{"$f":"R104","v":{"v":7500000,"d":"7,500,000"}},{"v":7500000,"d":"7,500,000"},"CGK","N/A",{"v":7500000,"d":"7,500,000"},0,0,{"v":0,"d":"0%"},0,{"v":7500000,"d":"7,500,000"},{"v":7500000,"d":"7,500,000"},"Completed",{"$nulls":6},"No",null,"Environmental","No","Propose budget for screening","No","Propose budget for screening","Yes","Fesibility studies and design"]
[103,"Nairode Water Project","Drilling and equipping of a borehole","Increase access to safe and affordable water","Borehole drilled and equipped",null,{"$f":"Table4[[#This Row],[Project Name/Title]]","v":"Nairode Water Project"},"Kajiado West","Ewaso Kidong",null,"Water, Irrigation, Environment and Natural Resources ","Water & Irrigation","Water & Irrigation","2015-06-30","2015-09-01","2016-06-30",null,{"v":5000000,"d":"5,000,000"},{"$f":"R105","v":{"v":5000000,"d":"5,000,000"}},{"v":5000000,"d":"5,000,000"},"CGK","N/A",{"v":5000000,"d":"5,000,000"},0,0,{"v":0,"d":"0%"},0,{"v":5000000,"d":"5,000,000"},{"v":5000000,"d":"5,000,000"},"Completed",{"$nulls":6},"No",null,"Environmental","No","Propose budget for screening","No","Propose budget for screening","Yes","Fesibility studies and design"]
[104,"Kibiko water project","Construction of pipelines and storage tank","Increase access to safe and affordable water","Pipeline and storage Storage tank constructed",null,{"$f":"Table4[[#This Row],[Project Name/Title]]","v":"Kibiko water project"},"Kajiado West","Ewaso Kidong",null,"Water, Irrigation, Environment and Natural Resources ","Water & Irrigation","Water & Irrigation","2015-06-30","2015-09-01","2016-06-30",null,{"v":5500000,"d":"5,500,000"},{"$f":"R106","v":{"v":5500000,"d":"5,500,000"}},{"v":5500000,"d":"5,500,000"},"CGK","N/A",{"v":5500000,"d":"5,500,000"},0,{"v":5500000,"d":"5,500,000"},{"v":1,"d":"100%"},{"v":5500000,"d":"5,500,000"},0,0,"Completed",{"$nulls":6},"No",null,"Environmental","No","Propose budget for screening","No","Propose budget for screening","Yes","Fesibility studies and design"]
[105,"Olmaroroi Borehole","Borehole rehabilitation","Increase access to safe and affordable water","Borehole rehabilitated",null,{"$f":"Table4[[#This Row],[Project Name/Title]]","v":"Olmaroroi Borehole"},"Kajiado West","Ewaso Kidong",null,"Water, Irrigation, Environment and Natural Resources ","Water & Irrigation","Water & Irrigation","2015-06-30","2015-09-01","2016-06-30",null,{"v":6000000,"d":"6,000,000"},{"$f":"R107","v":{"v":6000000,"d":"6,000,000"}},{"v":6000000,"d":"6,000,000"},"CGK","N/A",{"v":6000000,"d":"6,000,000"},0,{"v":6000000,"d":"6,000,000"},{"v":1,"d":"100%"},{"v":6000000,"d":"6,000,000"},0,0,"Completed",{"$nulls":6},"No",null,"Environmental","No","Propose budget for screening","No","Propose budget for screening","Yes","Fesibility studies and design"]
[106,"Ewuaso G.Sch. Water Project","Construction of water tank","Increase access to safe and affordable water","Water Storage tank constructed",null,{"$f":"Table4[[#This Row],[Project Name/Title]]","v":"Ewuaso G.Sch. Water Project"},"Kajiado West","Ewaso Kidong",null,"Water, Irrigation, Environment and Natural Resources ","Water & Irrigation","Water & Irrigation","2015-06-30","2015-09-01","2016-06-30",null,{"v":2000000,"d":"2,000,000"},{"$f":"R108","v":{"v":2000000,"d":"2,000,000"}},{"v":2000000,"d":"2,000,000"},"CGK","N/A",{"v":2000000,"d":"2,000,000"},0,0,{"v":0,"d":"0%"},0,{"v":2000000,"d":"2,000,000"},{"v":2000000,"d":"2,000,000"},"Completed",{"$nulls":6},"No",null,"Environmental","No","Propose budget for screening","No","Propose budget for screening","Yes","Fesibility studies and design"]
[107,"Enaborr sungu Borehole","Drilling and equipping of a borehole","Increase access to safe and affordable water","Borehole drilled and equipped",null,{"$f":"Table4[[#This Row],[Project Name/Title]]","v":"Enaborr sungu Borehole"},"Kajiado West","Mosiro",null,"Water, Irrigation, Environment and Natural Resources ","Water & Irrigation","Water & Irrigation","2015-06-30","2015-09-01","2016-06-30",null,{"v":6000000,"d":"6,000,000"},{"$f":"R109","v":{"v":6000000,"d":"6,000,000"}},{"v":6000000,"d":"6,000,000"},"CGK","N/A",{"v":6000000,"d":"6,000,000"},0,0,{"v":0,"d":"0%"},0,{"v":6000000,"d":"6,000,000"},{"v":6000000,"d":"6,000,000"},"Stalled",{"v":0,"d":"0%"},{"$f":"AE109","v":{"v":0,"d":"0%"}},"Inadequate finances",2016,6,{"$f":"AC109","v":{"v":6000000,"d":"6,000,000"}},"No","Defer","Financial","No","Propose budget for screening","No","Propose budget for screening","Yes","Fesibility studies and design"]
[108,"Oleserian-Komiti pipeline","Pipeline construction","Increase access to safe and affordable water","Pipeline constructed",null,{"$f":"Table4[[#This Row],[Project Name/Title]]","v":"Oleserian-Komiti pipeline"},"Kajiado West","Magadi",null,"Water, Irrigation, Environment and Natural Resources ","Water & Irrigation","Water & Irrigation","2015-06-30","2015-09-01","2016-06-30",null,{"v":4570000,"d":"4,570,000"},{"$f":"R110","v":{"v":4570000,"d":"4,570,000"}},{"v":4570000,"d":"4,570,000"},"CGK","N/A",{"v":4570000,"d":"4,570,000"},0,0,{"v":0,"d":"0%"},0,{"v":4570000,"d":"4,570,000"},{"v":4570000,"d":"4,570,000"},"Completed",{"$nulls":6},"No",null,"Environmental","No","Propose budget for screening","No","Propose budget for screening","Yes","Fesibility studies and design"]
[109,"Kamukuru borehole","Rehabilitation of borehole and pipeline","Increase access to safe and affordable water","Borehole and pipeline rehabilitated",null,{"$f":"Table4[[#This Row],[Project Name/Title]]","v":"Kamukuru borehole"},"Kajiado West","Magadi",null,"Water, Irrigation, Environment and Natural Resources ","Water & Irrigation","Water & Irrigation","2015-06-30","2015-09-01","2016-06-30",null,{"v":4570000,"d":"4,570,000"},{"$f":"R111","v":{"v":4570000,"d":"4,570,000"}},{"v":4570000,"d":"4,570,000"},"CGK","N/A",{"v":4570000,"d":"4,570,000"},0,0,{"v":0,"d":"0%"},0,{"v":4570000,"d":"4,570,000"},{"v":4570000,"d":"4,570,000"},"Completed",{"$nulls":6},"No",null,"Environmental","No","Propose budget for screening","No","Propose budget for screening","Yes","Fesibility studies and design"]
[110,"Inyonyori Community tank","Construction of 100m3 masonry tank","Increase access to safe and affordable water","100m3 masonry Storage tank constructed",null,{"$f":"Table4[[#This Row],[Project Name/Title]]","v":"Inyonyori Community tank"},"Kajiado West","Keekonyokie",null,"Water, Irrigation, Environment and Natural Resources ","Water & Irrigation","Water & Irrigation","2015-06-30","2015-09-01","2016-06-30",null,{"v":2000000,"d":"2,000,000"},{"$f":"R112","v":{"v":2000000,"d":"2,000,000"}},{"v":2000000,"d":"2,000,000"},"CGK","N/A",{"v":2000000,"d":"2,000,000"},0,0,{"v":0,"d":"0%"},0,{"v":2000000,"d":"2,000,000"},{"v":2000000,"d":"2,000,000"},"Completed",{"$nulls":6},"No",null,"Environmental","No","Propose budget for screening","No","Propose budget for screening","Yes","Fesibility studies and design"]
[111,"Enkusero-Inyonyori ","Construction of 100m3 masonry tank","Increase access to safe and affordable water","100m3 masonry Storage tank constructed",null,{"$f":"Table4[[#This Row],[Project Name/Title]]","v":"Enkusero-Inyonyori "},"Kajiado West","Keekonyokie",null,"Water, Irrigation, Environment and Natural Resources ","Water & Irrigation","Water & Irrigation","2015-06-30","2015-09-01","2016-06-30",null,{"v":2000000,"d":"2,000,000"},{"$f":"R113","v":{"v":2000000,"d":"2,000,000"}},{"v":2000000,"d":"2,000,000"},"CGK","N/A",{"v":2000000,"d":"2,000,000"},0,{"v":1993700,"d":"1,993,700"},{"v":0.99685,"d":"100%"},{"v":1993700,"d":"1,993,700"},{"v":6300,"d":"6,300"},{"v":6300,"d":"6,300"},"Completed",{"$nulls":6},"No",null,"Environmental","No","Propose budget for screening","No","Propose budget for screening","Yes","Fesibility studies and design"]
[112,"Indupa Borehole Phase II","Pipeline construction & Water tank Completion","Increase access to safe and affordable water","Pipeline constructed & water tank completed",null,{"$f":"Table4[[#This Row],[Project Name/Title]]","v":"Indupa Borehole Phase II"},"Kajiado West","Ilodokilani",null,"Water, Irrigation, Environment and Natural Resources ","Water & Irrigation","Water & Irrigation","2015-06-30","2015-09-01","2016-06-30",null,{"v":5000000,"d":"5,000,000"},{"$f":"R114","v":{"v":5000000,"d":"5,000,000"}},{"v":5000000,"d":"5,000,000"},"CGK","N/A",{"v":5000000,"d":"5,000,000"},0,0,{"v":0,"d":"0%"},0,{"v":5000000,"d":"5,000,000"},{"v":5000000,"d":"5,000,000"},"Completed",{"$nulls":6},"No",null,"Environmental","No","Propose budget for screening","No","Propose budget for screening","Yes","Fesibility studies and design"]
[113,"Iloshon Storage Tank","Constuction of water storage tank, pipeline extension and upgrading of submersible pump and electric generator","Increase access to safe and affordable water","1. Water Storage tank constructed\n2. Pipeline extended\n3. Borehole upgraded",null,{"$f":"Table4[[#This Row],[Project Name/Title]]","v":"Iloshon Storage Tank"},"Kajiado West","Ilodokilani",null,"Water, Irrigation, Environment and Natural Resources ","Water & Irrigation","Water & Irrigation","2015-06-30","2015-09-01","2016-06-30",null,{"v":2000000,"d":"2,000,000"},{"$f":"R115","v":{"v":2000000,"d":"2,000,000"}},{"v":2000000,"d":"2,000,000"},"CGK","N/A",{"v":2000000,"d":"2,000,000"},0,0,{"v":0,"d":"0%"},0,{"v":2000000,"d":"2,000,000"},{"v":2000000,"d":"2,000,000"},"Completed",{"$nulls":6},"No",null,"Environmental","No","Propose budget for screening","No","Propose budget for screening","Yes","Fesibility studies and design"]
[114,"Ngong Township Pry. School Borehole","Drilling and equipping of a borehole","Increase access to safe and affordable water","Borehole drilled and equipped",null,{"$f":"Table4[[#This Row],[Project Name/Title]]","v":"Ngong Township Pry. School Borehole"},"Kajiado North","Ngong ",null,"Water, Irrigation, Environment and Natural Resources ","Water & Irrigation","Water & Irrigation","2015-06-30","2015-09-01","2016-06-30",null,{"v":7500000,"d":"7,500,000"},{"$f":"R116","v":{"v":7500000,"d":"7,500,000"}},{"v":7500000,"d":"7,500,000"},"CGK","N/A",{"v":7500000,"d":"7,500,000"},0,0,{"v":0,"d":"0%"},0,{"v":7500000,"d":"7,500,000"},{"v":7500000,"d":"7,500,000"},"Completed",{"$nulls":6},"No",null,"Environmental","No","Propose budget for screening","No","Propose budget for screening","Yes","Fesibility studies and design"]
[115,"Loitokitok Town Toilet","Construction of public toilet","Increase access to safe and affordable water","Public toilet constructed",null,{"$f":"Table4[[#This Row],[Project Name/Title]]","v":"Loitokitok Town Toilet"},"Kajiado North","Ongata Rongai",null,"Water, Irrigation, Environment and Natural Resources ","Water & Irrigation","Water & Irrigation","2015-06-30","2015-09-01","2016-06-30",null,{"v":2000000,"d":"2,000,000"},{"$f":"R117","v":{"v":2000000,"d":"2,000,000"}},{"v":2000000,"d":"2,000,000"},"CGK","N/A",{"v":2000000,"d":"2,000,000"},0,{"v":2000000,"d":"2,000,000"},{"v":1,"d":"100%"},{"v":2000000,"d":"2,000,000"},0,0,"Completed",{"$nulls":6},"No",null,"Environmental","No","Propose budget for screening","No","Propose budget for screening","Yes","Fesibility studies and design"]
[116,"Loitokitok Town Storage tank","Construction of a water tank","Increase access to safe and affordable water","Water Storage tank constructed",null,{"$f":"Table4[[#This Row],[Project Name/Title]]","v":"Loitokitok Town Storage tank"},"Kajiado South","Kuku",null,"Water, Irrigation, Environment and Natural Resources ","Water & Irrigation","Water & Irrigation","2015-06-30","2015-09-01","2016-06-30",null,{"v":3000000,"d":"3,000,000"},{"$f":"R118","v":{"v":3000000,"d":"3,000,000"}},{"v":3000000,"d":"3,000,000"},"CGK","N/A",{"v":3000000,"d":"3,000,000"},0,0,{"v":0,"d":"0%"},0,{"v":3000000,"d":"3,000,000"},{"v":3000000,"d":"3,000,000"},"Completed",{"$nulls":6},"No",null,"Environmental","No","Propose budget for screening","No","Propose budget for screening","Yes","Fesibility studies and design"]
[117,"Olkaria Water Project","Construction of a water tank","Increase access to safe and affordable water","Water Storage tank constructed",null,{"$f":"Table4[[#This Row],[Project Name/Title]]","v":"Olkaria Water Project"},"Kajiado South","Kuku",null,"Water, Irrigation, Environment and Natural Resources ","Water & Irrigation","Water & Irrigation","2015-06-30","2015-09-01","2016-06-30",null,{"v":4000000,"d":"4,000,000"},{"$f":"R119","v":{"v":4000000,"d":"4,000,000"}},{"v":4000000,"d":"4,000,000"},"CGK","N/A",{"v":4000000,"d":"4,000,000"},0,0,{"v":0,"d":"0%"},0,{"v":4000000,"d":"4,000,000"},{"v":4000000,"d":"4,000,000"},"Completed",{"$nulls":6},"No",null,"Environmental","No","Propose budget for screening","No","Propose budget for screening","Yes","Fesibility studies and design"]
[118,"Oyarata Water Project","Drilling and equipping of a shallow well","Increase access to safe and affordable water","Shallow well drilled and equipped",null,{"$f":"Table4[[#This Row],[Project Name/Title]]","v":"Oyarata Water Project"},"Kajiado South","Kuku",null,"Water, Irrigation, Environment and Natural Resources ","Water & Irrigation","Water & Irrigation","2015-06-30","2015-09-01","2016-06-30",null,{"v":2000000,"d":"2,000,000"},{"$f":"R120","v":{"v":2000000,"d":"2,000,000"}},{"v":2000000,"d":"2,000,000"},"CGK","N/A",{"v":2000000,"d":"2,000,000"},0,{"v":2000000,"d":"2,000,000"},{"v":1,"d":"100%"},{"v":2000000,"d":"2,000,000"},0,0,"Completed",{"$nulls":6},"No",null,"Environmental","No","Propose budget for screening","No","Propose budget for screening","Yes","Fesibility studies and design"]
[119,"Neiti Water Project","Drilling and equipping of a shallow well","Increase access to safe and affordable water","Shallow well drilled and equipped",null,{"$f":"Table4[[#This Row],[Project Name/Title]]","v":"Neiti Water Project"},"Kajiado South","Kuku",null,"Water, Irrigation, Environment and Natural Resources ","Water & Irrigation","Water & Irrigation","2015-06-30","2015-09-01","2016-06-30",null,{"v":2000000,"d":"2,000,000"},{"$f":"R121","v":{"v":2000000,"d":"2,000,000"}},{"v":2000000,"d":"2,000,000"},"CGK","N/A",{"v":2000000,"d":"2,000,000"},0,0,{"v":0,"d":"0%"},0,{"v":2000000,"d":"2,000,000"},{"v":2000000,"d":"2,000,000"},"Stalled",{"v":0.4,"d":"40%"},{"$f":"AE121","v":{"v":0.4,"d":"40%"}},"Dry borehole",2016,6,{"$f":"AC121","v":{"v":2000000,"d":"2,000,000"}},"No","Defer","Financial","No","Propose budget for screening","No","Propose budget for screening","Yes","Fesibility studies and design"]
[120,"Imisigiyo Water Project","Drilling and equipping of a borehole","Increase access to safe and affordable water","Borehole drilled and equipped",null,{"$f":"Table4[[#This Row],[Project Name/Title]]","v":"Imisigiyo Water Project"},"Kajiado south","Entonet/Lenkism",null,"Water, Irrigation, Environment and Natural Resources ","Water & Irrigation","Water & Irrigation","2015-06-30","2015-09-01","2016-06-30",null,{"v":7000000,"d":"7,000,000"},{"$f":"R122","v":{"v":7000000,"d":"7,000,000"}},{"v":7000000,"d":"7,000,000"},"CGK","N/A",{"v":7000000,"d":"7,000,000"},0,0,{"v":0,"d":"0%"},0,{"v":7000000,"d":"7,000,000"},{"v":7000000,"d":"7,000,000"},"Completed",{"$nulls":6},"No",null,"Environmental","No","Propose budget for screening","No","Propose budget for screening","Yes","Fesibility studies and design"]
[121,"Kijito Water Project","Construction of watering facilities","Increase access to safe and affordable water","Water facilities constructed",null,{"$f":"Table4[[#This Row],[Project Name/Title]]","v":"Kijito Water Project"},"Kajiado South","Entonet/Lenkism",null,"Water, Irrigation, Environment and Natural Resources ","Water & Irrigation","Water & Irrigation","2015-06-30","2015-09-01","2016-06-30",null,{"v":2000000,"d":"2,000,000"},{"$f":"R123","v":{"v":2000000,"d":"2,000,000"}},{"v":2000000,"d":"2,000,000"},"CGK","N/A",{"v":2000000,"d":"2,000,000"},0,0,{"v":0,"d":"0%"},0,{"v":2000000,"d":"2,000,000"},{"v":2000000,"d":"2,000,000"},"Completed",{"$nulls":6},"No",null,"Environmental","No","Propose budget for screening","No","Propose budget for screening","Yes","Fesibility studies and design"]
[122,"Olkirinyi Water Project","Construction of a 50m3 ground masonry tank\nand 3km pipeline\n","Increase access to safe and affordable water","50m3 ground masonry tank and 3km pipeline constructed",null,{"$f":"Table4[[#This Row],[Project Name/Title]]","v":"Olkirinyi Water Project"},"Kajiado South","Entonet/Lenkism",null,"Water, Irrigation, Environment and Natural Resources ","Water & Irrigation","Water & Irrigation","2015-06-30","2015-09-01","2016-06-30",null,{"v":3500000,"d":"3,500,000"},{"$f":"R124","v":{"v":3500000,"d":"3,500,000"}},{"v":3500000,"d":"3,500,000"},"CGK","N/A",{"v":3500000,"d":"3,500,000"},0,{"v":3500000,"d":"3,500,000"},{"v":1,"d":"100%"},{"v":3500000,"d":"3,500,000"},0,0,"Completed",{"$nulls":6},"No",null,"Environmental","No","Propose budget for screening","No","Propose budget for screening","Yes","Fesibility studies and design"]
[123,"Natumose Water Project","Tank and pipeline construction","Increase access to safe and affordable water","Tank and pipeline constructed",null,{"$f":"Table4[[#This Row],[Project Name/Title]]","v":"Natumose Water Project"},"Kajiado South","Entonet/Lenkism",null,"Water, Irrigation, Environment and Natural Resources ","Water & Irrigation","Water & Irrigation","2015-06-30","2015-09-01","2016-06-30",null,{"v":3000000,"d":"3,000,000"},{"$f":"R125","v":{"v":3000000,"d":"3,000,000"}},{"v":3000000,"d":"3,000,000"},"CGK","N/A",{"v":3000000,"d":"3,000,000"},0,0,{"v":0,"d":"0%"},0,{"v":3000000,"d":"3,000,000"},{"v":3000000,"d":"3,000,000"},"Completed",{"$nulls":6},"No",null,"Environmental","No","Propose budget for screening","No","Propose budget for screening","Yes","Fesibility studies and design"]
[124,"Karesirwa Water Project",null,"Increase access to safe and affordable water",null,null,{"$f":"Table4[[#This Row],[Project Name/Title]]","v":"Karesirwa Water Project"},"Kajiado South","Imbirikani/ Isinet",null,"Water, Irrigation, Environment and Natural Resources ","Water & Irrigation","Water & Irrigation","2015-06-30","2015-09-01","2016-06-30",null,{"v":2000000,"d":"2,000,000"},{"$f":"R126","v":{"v":2000000,"d":"2,000,000"}},{"v":2000000,"d":"2,000,000"},"CGK","N/A",{"v":2000000,"d":"2,000,000"},0,0,{"v":0,"d":"0%"},0,{"v":2000000,"d":"2,000,000"},{"v":2000000,"d":"2,000,000"},"work in progress",{"$nulls":6},"No",null,"Environmental","No",null,{"$f":"AN126","v":"No"},"Propose budget for screening","Yes"]
[125,"Nado Nkajijik borehole","Drilling and equipping of a borehole","Increase access to safe and affordable water","Borehole drilled and equipped",null,{"$f":"Table4[[#This Row],[Project Name/Title]]","v":"Nado Nkajijik borehole"},"Kajiado south","Mbirikani/ Eselenkei",null,"Water, Irrigation, Environment and Natural Resources ","Water & Irrigation","Water & Irrigation","2015-06-30","2015-09-01","2016-06-30",null,{"v":7000000,"d":"7,000,000"},{"$f":"R127","v":{"v":7000000,"d":"7,000,000"}},{"v":7000000,"d":"7,000,000"},"CGK","N/A",{"v":7000000,"d":"7,000,000"},0,0,{"v":0,"d":"0%"},0,{"v":7000000,"d":"7,000,000"},{"v":7000000,"d":"7,000,000"},"Completed",{"$nulls":6},"No",null,"Environmental","No","Propose budget for screening",{"$f":"AN127","v":"No"},"Propose budget for screening","Yes","Fesibility studies and design"]
[126,"Engaji Nabor Furrow","Construction of irrigation furrow","Increase area under irrigation","Irrigation furrow constructed",null,{"$f":"Table4[[#This Row],[Project Name/Title]]","v":"Engaji Nabor Furrow"},"Kajiado south","Imbirikani/ Eselenkei",null,"Water, Irrigation, Environment and Natural Resources ","Water & Irrigation","Water & Irrigation","2015-06-30","2015-09-01","2016-06-30",null,{"v":5000000,"d":"5,000,000"},{"$f":"R128","v":{"v":5000000,"d":"5,000,000"}},{"v":5000000,"d":"5,000,000"},"CGK","N/A",{"v":5000000,"d":"5,000,000"},0,0,{"v":0,"d":"0%"},0,{"v":5000000,"d":"5,000,000"},{"v":5000000,"d":"5,000,000"},"Completed",{"$nulls":6},"No",null,"Environmental","No","Propose budget for screening","No","Propose budget for screening","Yes","Fesibility studies and design"]
[127,"Gabriel water springs","Spring protection ","Protect and restore water-related\necosystems","Spring protected",null,{"$f":"Table4[[#This Row],[Project Name/Title]]","v":"Gabriel water springs"},"Kajiado south","Rombo",null,"Water, Irrigation, Environment and Natural Resources ","Water & Irrigation","Water & Irrigation","2015-06-30","2015-09-01","2016-06-30",null,{"v":7000000,"d":"7,000,000"},{"$f":"R129","v":{"v":7000000,"d":"7,000,000"}},{"v":7000000,"d":"7,000,000"},"CGK","N/A",{"v":7000000,"d":"7,000,000"},0,0,{"v":0,"d":"0%"},0,{"v":7000000,"d":"7,000,000"},{"v":7000000,"d":"7,000,000"},"Completed",{"$nulls":6},"No",null,"Environmental","No","Propose budget for screening","No","Propose budget for screening","Yes","Fesibility studies and design"]
[128,"Oloile Water Project","Drilling and equipping of a borehole","Increase access to safe and affordable water","Borehole drilled and equipped",null,{"$f":"Table4[[#This Row],[Project Name/Title]]","v":"Oloile Water Project"},"Kajiado south","Kimana",null,"Water, Irrigation, Environment and Natural Resources ","Water & Irrigation","Water & Irrigation","2015-06-30","2015-09-01","2016-06-30",null,{"v":7000000,"d":"7,000,000"},{"$f":"R130","v":{"v":7000000,"d":"7,000,000"}},{"v":7000000,"d":"7,000,000"},"CGK","N/A",{"v":7000000,"d":"7,000,000"},0,0,{"v":0,"d":"0%"},0,{"v":7000000,"d":"7,000,000"},{"v":7000000,"d":"7,000,000"},"Completed",null,null,"Inadequate funds",{"$nulls":3},"No",null,"Environmental","No","Propose budget for screening",{"$f":"AN130","v":"No"},"Propose budget for screening","Yes","Fesibility studies and design"]
[129,"Mosiro Irrigation","Solar pumping equipment installation, Construction of pipeline, water storage tank and irrigation canal","Increase area under irrigation","Intake, pipeline, storage tank and canal constructed",null,{"$f":"Table4[[#This Row],[Project Name/Title]]","v":"Mosiro Irrigation"},"Kajiado West","Mosiro",null,"Water, Irrigation, Environment and Natural Resources ","Water & Irrigation","Water & Irrigation","2015-06-30","2015-09-01","2016-06-30",null,{"v":10000000,"d":"10,000,000"},{"$f":"R131","v":{"v":10000000,"d":"10,000,000"}},{"v":10000000,"d":"10,000,000"},"CGK","N/A",{"$f":"S131","v":{"v":10000000,"d":"10,000,000"}},0,0,{"v":0,"d":"0%"},0,{"v":10000000,"d":"10,000,000"},{"v":10000000,"d":"10,000,000"},"Stalled",{"v":0.4,"d":"40%"},{"$f":"AE131","v":{"v":0.4,"d":"40%"}},{"$nulls":4},"No",null,"Environmental","No",null,{"$f":"AN131","v":"No"},"Propose budget for screening","Yes","Fesibility studies and design"]
[130,"Impiro canal repair","Lining of a canal","Increase area under irrigation","Canal lined",null,{"$f":"Table4[[#This Row],[Project Name/Title]]","v":"Impiro canal repair"},"Kajiado South","kimana",null,"Water, Irrigation, Environment and Natural Resources ","Water & Irrigation","Water & Irrigation","2015-06-30","2015-09-01","2016-06-30",null,{"v":5000000,"d":"5,000,000"},{"$f":"R132","v":{"v":5000000,"d":"5,000,000"}},{"v":5000000,"d":"5,000,000"},"CGK","N/A",{"v":5000000,"d":"5,000,000"},0,0,{"$f":"Y132/S132","v":{"v":0,"d":"0%"}},0,{"$f":"T132-Y132","v":{"v":5000000,"d":"5,000,000"}},{"$f":"S132-Y132","v":{"v":5000000,"d":"5,000,000"}},"Completed",{"$nulls":6},"No",null,"Environmental","No","Propose budget for screening","No","Propose budget for screening","Yes","Fesibility studies and design"]
[131,"Ilemai borehole","Water piping from Ilemei borehole to Inkorienito tank","Increase access to safe and affordable water","Pipeline constructed",null,{"$f":"Table4[[#This Row],[Project Name/Title]]","v":"Ilemai borehole"},"Kajiado South ","Entonet/ Lenkism ",null,"Water, Irrigation, Environment and Natural Resources ","Water & Irrigation","Water & Irrigation","2016-06-30","2016-07-01","2017-06-30",null,{"v":1500000,"d":"1,500,000"},{"$f":"R133","v":{"v":1500000,"d":"1,500,000"}},{"v":1500000,"d":"1,500,000"},"CGK","N/A",{"v":1500000,"d":"1,500,000"},0,{"v":1495800,"d":"1,495,800"},{"v":0.9972,"d":"100%"},{"v":1495800,"d":"1,495,800"},{"v":4200,"d":"4,200"},{"v":4200,"d":"4,200"},"Completed",{"$nulls":6},"No",null,"Environmental","No","Propose budget for screening","No","Propose budget for screening","Yes","Fesibility studies and design"]
[132,"Inkiito water tank","Water tank construction ","Increase access to safe and affordable water","Storage tank constructed",null,{"$f":"Table4[[#This Row],[Project Name/Title]]","v":"Inkiito water tank"},"Kajiado South ","Entonet/ Lenkism ",null,"Water, Irrigation, Environment and Natural Resources ","Water & Irrigation","Water & Irrigation","2016-06-30","2016-07-01","2017-06-30",null,{"v":1500000,"d":"1,500,000"},{"$f":"R134","v":{"v":1500000,"d":"1,500,000"}},{"v":1500000,"d":"1,500,000"},"CGK","N/A",{"v":1500000,"d":"1,500,000"},0,{"v":1495800,"d":"1,495,800"},{"v":0.9972,"d":"100%"},{"v":1495800,"d":"1,495,800"},{"v":4200,"d":"4,200"},{"v":4200,"d":"4,200"},"Completed",{"$nulls":6},"No",null,"Environmental","No","Propose budget for screening","No","Propose budget for screening","Yes","Fesibility studies and design"]
[133,"Emparinkoi community water tank ","Water tank construction ","Increase access to safe and affordable water","Storage tank constructed",null,{"$f":"Table4[[#This Row],[Project Name/Title]]","v":"Emparinkoi community water tank "},"Kajiado South ","Entonet/ Lenkism ",null,"Water, Irrigation, Environment and Natural Resources ","Water & Irrigation","Water & Irrigation","2016-06-30","2016-07-01","2017-06-30",null,{"v":1900000,"d":"1,900,000"},{"$f":"R135","v":{"v":1900000,"d":"1,900,000"}},{"v":1900000,"d":"1,900,000"},"CGK","N/A",{"v":1900000,"d":"1,900,000"},0,{"v":1895000,"d":"1,895,000"},{"v":0.9973684210526316,"d":"100%"},{"v":1895000,"d":"1,895,000"},{"v":5000,"d":"5,000"},{"v":5000,"d":"5,000"},"Completed",{"$nulls":6},"No",null,"Environmental","No","Propose budget for screening","No","Propose budget for screening","Yes","Fesibility studies and design"]
[134,"Naiperra borehole","Construction of a water tank & cattle trough ","Increase access to safe and affordable water","Storage tank constructed",null,{"$f":"Table4[[#This Row],[Project Name/Title]]","v":"Naiperra borehole"},"Kajiado South ","Entonet/ Lenkism ",null,"Water, Irrigation, Environment and Natural Resources ","Water & Irrigation","Water & Irrigation","2016-06-30","2016-07-01","2017-06-30",null,{"v":2000000,"d":"2,000,000"},{"$f":"R136","v":{"v":2000000,"d":"2,000,000"}},{"v":2000000,"d":"2,000,000"},"CGK","N/A",{"v":2000000,"d":"2,000,000"},0,{"v":1983960,"d":"1,983,960.00"},{"v":0.99198,"d":"99%"},{"v":1983960,"d":"1,983,960.00"},{"v":16040,"d":"16,040"},{"v":16040,"d":"16,040"},"Completed",{"$nulls":6},"No",null,"Environmental","No","Propose budget for screening","No","Propose budget for screening","Yes","Fesibility studies and design"]
[135,"Nado Nkajijik borehole","Borehole equipping and watering facilities construction","Increase access to safe and affordable water","Borehole drilled and equipped",null,{"$f":"Table4[[#This Row],[Project Name/Title]]","v":"Nado Nkajijik borehole"},"Kajiado South ","Entonet/ Lenkism ",null,"Water, Irrigation, Environment and Natural Resources ","Water & Irrigation","Water & Irrigation","2016-06-30","2016-07-01","2017-06-30",null,{"v":4000000,"d":"4,000,000"},{"$f":"R137","v":{"v":4000000,"d":"4,000,000"}},{"v":4000000,"d":"4,000,000"},"CGK","N/A",{"v":4000000,"d":"4,000,000"},0,null,{"v":0,"d":"0%"},null,{"v":4000000,"d":"4,000,000"},{"v":4000000,"d":"4,000,000"},"Completed",{"$nulls":6},"No",null,"Environmental","No","Propose budget for screening","No","Propose budget for screening","Yes","Fesibility studies and design"]
[136,"Nkoroshoni borehole","Borehole drilling and equipping","Increase access to safe and affordable water","Borehole drilled and equipped",null,{"$f":"Table4[[#This Row],[Project Name/Title]]","v":"Nkoroshoni borehole"},"Kajiado South ","Entonet/ Lenkism ",null,"Water, Irrigation, Environment and Natural Resources ","Water & Irrigation","Water & Irrigation","2016-06-30","2016-07-01","2017-06-30",null,{"v":7000000,"d":"7,000,000"},{"$f":"R138","v":{"v":7000000,"d":"7,000,000"}},{"v":7000000,"d":"7,000,000"},"CGK","N/A",{"v":7000000,"d":"7,000,000"},0,{"v":3985520,"d":"3,985,520"},{"v":0.56936,"d":"57%"},{"v":3985520,"d":"3,985,520"},{"v":3014480,"d":"3,014,480"},{"v":3014480,"d":"3,014,480"},"Completed",{"$nulls":6},"No",null,"Environmental","No","Propose budget for screening","No","Propose budget for screening","Yes","Fesibility studies and design"]
[137,"Oloile borehole","4km water pipeline extension","Increase access to safe and affordable water","Pipeline constructed",null,{"$f":"Table4[[#This Row],[Project Name/Title]]","v":"Oloile borehole"},"Kajiado South ","Kimana",null,"Water, Irrigation, Environment and Natural Resources ","Water & Irrigation","Water & Irrigation","2016-06-30","2016-07-01","2017-06-30",null,{"v":7500000,"d":"7,500,000"},{"$f":"R139","v":{"v":7500000,"d":"7,500,000"}},{"v":7500000,"d":"7,500,000"},"CGK","N/A",{"v":7500000,"d":"7,500,000"},0,{"v":7485750,"d":"7,485,750"},{"v":0.9981,"d":"100%"},{"v":7485750,"d":"7,485,750"},{"v":14250,"d":"14,250"},{"v":14250,"d":"14,250"},"Completed",{"$nulls":6},"No",null,"Environmental","No","Propose budget for screening","No","Propose budget for screening","Yes","Fesibility studies and design"]
[138,"Namelock/Olenjabi","Construction of a 50m3 masonry tank","Increase access to safe and affordable water","Storage tank constructed",null,{"$f":"Table4[[#This Row],[Project Name/Title]]","v":"Namelock/Olenjabi"},"Kajiado South ","Kimana",null,"Water, Irrigation, Environment and Natural Resources ","Water & Irrigation","Water & Irrigation","2016-06-30","2016-07-01","2017-06-30",null,{"v":4000000,"d":"4,000,000"},{"$f":"R140","v":{"v":4000000,"d":"4,000,000"}},{"v":4000000,"d":"4,000,000"},"CGK","N/A",{"v":4000000,"d":"4,000,000"},0,{"v":3999000,"d":"3,999,000"},{"v":0.99975,"d":"100%"},{"v":3999000,"d":"3,999,000"},{"v":1000,"d":"1,000"},{"v":1000,"d":"1,000"},"Completed",{"$nulls":6},"No",null,"Environmental","No","Propose budget for screening","No","Propose budget for screening","Yes","Fesibility studies and design"]
[139,"Maisuyat Water Project","3km water pipeline extension ","Increase access to safe and affordable water","Pipeline constructed",null,{"$f":"Table4[[#This Row],[Project Name/Title]]","v":"Maisuyat Water Project"},"Kajiado South ","Kimana",null,"Water, Irrigation, Environment and Natural Resources ","Water & Irrigation","Water & Irrigation","2016-06-30","2016-07-01","2017-06-30",null,{"v":3000000,"d":"3,000,000"},{"$f":"R141","v":{"v":3000000,"d":"3,000,000"}},{"v":3000000,"d":"3,000,000"},"CGK","N/A",{"v":3000000,"d":"3,000,000"},0,{"v":2983500,"d":"2,983,500"},{"v":0.9945,"d":"99%"},{"v":2983500,"d":"2,983,500"},{"v":16500,"d":"16,500"},{"v":16500,"d":"16,500"},"Completed",{"$nulls":6},"No",null,"Environmental","No","Propose budget for screening","No","Propose budget for screening","Yes","Fesibility studies and design"]
[140,"Kimana Tikondo borehole","3km water pipeline extension ","Increase access to safe and affordable water","Pipeline constructed",null,{"$f":"Table4[[#This Row],[Project Name/Title]]","v":"Kimana Tikondo borehole"},"Kajiado South ","Kimana",null,"Water, Irrigation, Environment and Natural Resources ","Water & Irrigation","Water & Irrigation","2016-06-30","2016-07-01","2017-06-30",null,{"v":5000000,"d":"5,000,000"},{"$f":"R142","v":{"v":5000000,"d":"5,000,000"}},{"v":5000000,"d":"5,000,000"},"CGK","N/A",{"v":5000000,"d":"5,000,000"},0,{"v":4985000,"d":"4,985,000"},{"v":0.997,"d":"100%"},{"v":4985000,"d":"4,985,000"},{"v":15000,"d":"15,000"},{"v":15000,"d":"15,000"},"Completed",{"$nulls":6},"No",null,"Environmental","No","Propose budget for screening","No","Propose budget for screening","Yes","Fesibility studies and design"]
[141,"Kimoingan Dam","Construction of a dam and cattle trough","Increase access to safe and affordable water","Dam constructed c/w  watering facilities",null,{"$f":"Table4[[#This Row],[Project Name/Title]]","v":"Kimoingan Dam"},"Kajiado South ","Kimana",null,"Water, Irrigation, Environment and Natural Resources ","Water & Irrigation","Water & Irrigation","2016-06-30","2016-07-01","2017-06-30",null,{"v":2000000,"d":"2,000,000"},{"$f":"R143","v":{"v":2000000,"d":"2,000,000"}},{"v":2000000,"d":"2,000,000"},"CGK","N/A",{"v":2000000,"d":"2,000,000"},0,{"v":1993250,"d":"1,993,250"},{"v":0.996625,"d":"100%"},{"v":1993250,"d":"1,993,250"},{"v":6750,"d":"6,750"},{"v":6750,"d":"6,750"},"Completed",{"$nulls":6},"No",null,"Environmental","No","Propose budget for screening","No","Propose budget for screening","Yes","Fesibility studies and design"]
[142,"Ololmara Borehole","Water pipeline extension","Increase access to safe and affordable water","Pipeline constructed",null,{"$f":"Table4[[#This Row],[Project Name/Title]]","v":"Ololmara Borehole"},"Kajiado South ","Kuku",null,"Water, Irrigation, Environment and Natural Resources ","Water & Irrigation","Water & Irrigation","2016-06-30","2016-07-01","2017-06-30",null,{"v":6000000,"d":"6,000,000"},{"$f":"R144","v":{"v":6000000,"d":"6,000,000"}},{"v":6000000,"d":"6,000,000"},"CGK","N/A",{"v":6000000,"d":"6,000,000"},0,{"v":3115760,"d":"3,115,760"},{"v":0.5192933333333334,"d":"52%"},{"v":3115760,"d":"3,115,760"},{"v":2884240,"d":"2,884,240"},{"v":2884240,"d":"2,884,240"},"Completed",{"$nulls":6},"No",null,"Environmental","No","Propose budget for screening","No","Propose budget for screening","Yes","Fesibility studies and design"]
[143,"Nasore borehole","Drilling and equipping of a borehole","Increase access to safe and affordable water","Borehole drilled and equipped",null,{"$f":"Table4[[#This Row],[Project Name/Title]]","v":"Nasore borehole"},"Kajiado South ","Kuku",null,"Water, Irrigation, Environment and Natural Resources ","Water & Irrigation","Water & Irrigation","2016-06-30","2016-07-01","2017-06-30",null,{"v":6000000,"d":"6,000,000"},{"$f":"R145","v":{"v":6000000,"d":"6,000,000"}},{"v":6000000,"d":"6,000,000"},"CGK","N/A",{"v":6000000,"d":"6,000,000"},0,null,{"v":0,"d":"0%"},null,{"v":6000000,"d":"6,000,000"},{"v":6000000,"d":"6,000,000"},"Completed",{"$nulls":6},"No",null,"Environmental","No","Propose budget for screening","No","Propose budget for screening","Yes","Fesibility studies and design"]
[144,"Olmatasia borehole","Drilling and equipping of a borehole","Increase access to safe and affordable water","Borehole drilled and equipped",null,{"$f":"Table4[[#This Row],[Project Name/Title]]","v":"Olmatasia borehole"},"Kajiado South ","Kuku",null,"Water, Irrigation, Environment and Natural Resources ","Water & Irrigation","Water & Irrigation","2016-06-30","2016-07-01","2017-06-30",null,{"v":4000000,"d":"4,000,000"},{"$f":"R146","v":{"v":4000000,"d":"4,000,000"}},{"v":4000000,"d":"4,000,000"},"CGK","N/A",{"v":4000000,"d":"4,000,000"},0,{"v":3985500,"d":"3,985,500"},{"v":0.996375,"d":"100%"},{"v":3985500,"d":"3,985,500"},{"v":14500,"d":"14,500"},{"v":14500,"d":"14,500"},"Completed",{"$nulls":6},"No",null,"Environmental","No","Propose budget for screening","No","Propose budget for screening","Yes","Fesibility studies and design"]
[145,"Kibaoni borehole","Borehole equipping & construction of watering facilites","Increase access to safe and affordable water","Borehole drilled and equipped",null,{"$f":"Table4[[#This Row],[Project Name/Title]]","v":"Kibaoni borehole"},"Kajiado South ","Rombo ",null,"Water, Irrigation, Environment and Natural Resources ","Water & Irrigation","Water & Irrigation","2016-06-30","2016-07-01","2017-06-30",null,{"v":4000000,"d":"4,000,000"},{"$f":"R147","v":{"v":4000000,"d":"4,000,000"}},{"v":4000000,"d":"4,000,000"},"CGK","N/A",{"v":4000000,"d":"4,000,000"},0,null,{"v":0,"d":"0%"},null,{"v":4000000,"d":"4,000,000"},{"v":4000000,"d":"4,000,000"},"Completed",{"$nulls":6},"No",null,"Environmental","No","Propose budget for screening","No","Propose budget for screening","Yes","Fesibility studies and design"]
[146,"Njukini borehole","Borehole drilling and equipping","Increase access to safe and affordable water","Borehole drilled and equipped",null,{"$f":"Table4[[#This Row],[Project Name/Title]]","v":"Njukini borehole"},"Kajiado South ","Rombo ",null,"Water, Irrigation, Environment and Natural Resources ","Water & Irrigation","Water & Irrigation","2016-06-30","2016-07-01","2017-06-30",null,{"v":4000000,"d":"4,000,000"},{"$f":"R148","v":{"v":4000000,"d":"4,000,000"}},{"v":4000000,"d":"4,000,000"},"CGK","N/A",{"v":4000000,"d":"4,000,000"},0,{"v":3990125,"d":"3,990,125"},{"v":0.99753125,"d":"100%"},{"v":3990125,"d":"3,990,125"},{"v":9875,"d":"9,875"},{"v":9875,"d":"9,875"},"Completed",{"$nulls":6},"No",null,"Environmental","No","Propose budget for screening","No","Propose budget for screening","Yes","Fesibility studies and design"]
[147,"Oloshonyokie borehole","Borehole equipping","Increase access to safe and affordable water","Borehole equipped",null,{"$f":"Table4[[#This Row],[Project Name/Title]]","v":"Oloshonyokie borehole"},"Kajiado South ","Rombo ",null,"Water, Irrigation, Environment and Natural Resources ","Water & Irrigation","Water & Irrigation","2016-06-30","2016-07-01","2017-06-30",null,{"v":500000,"d":"500,000"},{"$f":"R149","v":{"v":500000,"d":"500,000"}},{"v":500000,"d":"500,000"},"CGK","N/A",{"v":500000,"d":"500,000"},0,null,{"v":0,"d":"0%"},null,{"v":500000,"d":"500,000"},{"v":500000,"d":"500,000"},"Completed",{"$nulls":6},"No",null,"Environmental","No","Propose budget for screening","No","Propose budget for screening","Yes","Fesibility studies and design"]
[148,"Mukuna pipeline","Water pipeline extension","Increase access to safe and affordable water","Pipeline constructed",null,{"$f":"Table4[[#This Row],[Project Name/Title]]","v":"Mukuna pipeline"},"Kajiado South ","Rombo ",null,"Water, Irrigation, Environment and Natural Resources ","Water & Irrigation","Water & Irrigation","2016-06-30","2016-07-01","2017-06-30",null,{"v":500000,"d":"500,000"},{"$f":"R150","v":{"v":500000,"d":"500,000"}},{"v":500000,"d":"500,000"},"CGK","N/A",{"v":500000,"d":"500,000"},0,null,{"v":0,"d":"0%"},null,{"v":500000,"d":"500,000"},{"v":500000,"d":"500,000"},"Completed",{"$nulls":6},"No",null,"Environmental","No","Propose budget for screening","No","Propose budget for screening","Yes","Fesibility studies and design"]
[149,"Intake- canal - Musangiro Olepolos","Canal construction ","Increase area under irrigation","Canal constructed",null,{"$f":"Table4[[#This Row],[Project Name/Title]]","v":"Intake- canal - Musangiro Olepolos"},"Kajiado South ","Rombo ",null,"Water, Irrigation, Environment and Natural Resources ","Water & Irrigation","Water & Irrigation","2016-06-30","2016-07-01","2017-06-30",null,{"v":1200000,"d":"1,200,000"},{"$f":"R151","v":{"v":1200000,"d":"1,200,000"}},{"v":1200000,"d":"1,200,000"},"CGK","N/A",{"v":1200000,"d":"1,200,000"},0,null,{"v":0,"d":"0%"},null,{"v":1200000,"d":"1,200,000"},{"v":1200000,"d":"1,200,000"},"Completed",{"$nulls":6},"No",null,"Environmental","No","Propose budget for screening","No","Propose budget for screening","Yes","Fesibility studies and design"]
[150,"Murantawua borehole","Rehabilitation of machine ","Increase access to safe and affordable water","Genset rehabilitated",null,{"$f":"Table4[[#This Row],[Project Name/Title]]","v":"Murantawua borehole"},"Kajiado Central ","Ildamat",null,"Water, Irrigation, Environment and Natural Resources ","Water & Irrigation","Water & Irrigation","2016-06-30","2016-07-01","2017-06-30",null,{"v":1200000,"d":"1,200,000"},{"$f":"R152","v":{"v":1200000,"d":"1,200,000"}},{"v":1200000,"d":"1,200,000"},"CGK","N/A",{"v":1200000,"d":"1,200,000"},0,{"v":989255,"d":"989,255"},{"v":0.8243791666666667,"d":"82%"},{"v":989255,"d":"989,255"},{"v":210745,"d":"210,745"},{"v":210745,"d":"210,745"},"Completed",{"$nulls":6},"No",null,"Environmental","No","Propose budget for screening","No","Propose budget for screening","Yes","Fesibility studies and design"]
[151,"Intinyika borehole ","Piping water to Oloilalei","Increase access to safe and affordable water","Pipeline constructed",null,{"$f":"Table4[[#This Row],[Project Name/Title]]","v":"Intinyika borehole "},"Kajiado Central ","Ildamat",null,"Water, Irrigation, Environment and Natural Resources ","Water & Irrigation","Water & Irrigation","2016-06-30","2016-07-01","2017-06-30",null,{"v":4100000,"d":"4,100,000"},{"$f":"R153","v":{"v":4100000,"d":"4,100,000"}},{"v":4100000,"d":"4,100,000"},"CGK","N/A",{"v":4100000,"d":"4,100,000"},0,{"v":3975000,"d":"3,975,000"},{"v":0.9695121951219512,"d":"97%"},{"v":3975000,"d":"3,975,000"},{"v":125000,"d":"125,000"},{"v":125000,"d":"125,000"},"Completed",{"$nulls":6},"No",null,"Environmental","No","Propose budget for screening","No","Propose budget for screening","Yes","Fesibility studies and design"]
[152,"Nalepo borehole","Rehabilitation of Nalepo borehole","Increase access to safe and affordable water","Borehole rehabilitated",null,{"$f":"Table4[[#This Row],[Project Name/Title]]","v":"Nalepo borehole"},"Kajiado Central ","Ildamat",null,"Water, Irrigation, Environment and Natural Resources ","Water & Irrigation","Water & Irrigation","2016-06-30","2016-07-01","2017-06-30",null,{"v":1500000,"d":"1,500,000"},{"$f":"R154","v":{"v":1500000,"d":"1,500,000"}},{"v":1500000,"d":"1,500,000"},"CGK","N/A",{"v":1500000,"d":"1,500,000"},0,{"v":1498340,"d":"1,498,340"},{"v":0.9988933333333333,"d":"100%"},{"v":1498340,"d":"1,498,340"},{"v":1660,"d":"1,660"},{"v":1660,"d":"1,660"},"Completed",{"$nulls":6},"No",null,"Environmental","No","Propose budget for screening","No","Propose budget for screening","Yes","Fesibility studies and design"]
[153,"Esukuta borehole","Drilling and equipping of a borehole","Increase access to safe and affordable water","Borehole drilled and equipped",null,{"$f":"Table4[[#This Row],[Project Name/Title]]","v":"Esukuta borehole"},"Kajiado Central ","Ildamat",null,"Water, Irrigation, Environment and Natural Resources ","Water & Irrigation","Water & Irrigation","2016-06-30","2016-07-01","2017-06-30",null,{"v":7000000,"d":"7,000,000"},{"$f":"R155","v":{"v":7000000,"d":"7,000,000"}},{"v":7000000,"d":"7,000,000"},"CGK","N/A",{"v":7000000,"d":"7,000,000"},0,{"v":3028760,"d":"3,028,760"},{"v":0.43268,"d":"43%"},{"v":3028760,"d":"3,028,760"},{"v":3971240,"d":"3,971,240"},{"v":3971240,"d":"3,971,240"},"Completed",{"$nulls":6},"No",null,"Environmental","No","Propose budget for screening","No","Propose budget for screening","Yes","Fesibility studies and design"]
[154,"Olmitong borehole","Pipeline extension","Increase access to safe and affordable water","Pipeline constructed",null,{"$f":"Table4[[#This Row],[Project Name/Title]]","v":"Olmitong borehole"},"Kajiado Central ","Ildamat",null,"Water, Irrigation, Environment and Natural Resources ","Water & Irrigation","Water & Irrigation","2016-06-30","2016-07-01","2017-06-30",null,{"v":2000000,"d":"2,000,000"},{"$f":"R156","v":{"v":2000000,"d":"2,000,000"}},{"v":2000000,"d":"2,000,000"},"CGK","N/A",{"v":2000000,"d":"2,000,000"},0,null,{"v":0,"d":"0%"},null,{"v":2000000,"d":"2,000,000"},{"v":2000000,"d":"2,000,000"},"Completed",{"$nulls":6},"No",null,"Environmental","No","Propose budget for screening","No","Propose budget for screening","Yes","Fesibility studies and design"]
[155,"Isilale borehole","Construction of Isilale Primary School pipeline","Increase access to safe and affordable water","Pipeline constructed",null,{"$f":"Table4[[#This Row],[Project Name/Title]]","v":"Isilale borehole"},"Kajiado Central ","Dalalaekutuk",null,"Water, Irrigation, Environment and Natural Resources ","Water & Irrigation","Water & Irrigation","2016-06-30","2016-07-01","2017-06-30",null,{"v":7000000,"d":"7,000,000"},{"$f":"R157","v":{"v":7000000,"d":"7,000,000"}},{"v":7000000,"d":"7,000,000"},"CGK","N/A",{"v":7000000,"d":"7,000,000"},0,{"v":1970000,"d":"1,970,000"},{"v":0.2814285714285714,"d":"28%"},{"v":1970000,"d":"1,970,000"},{"v":5030000,"d":"5,030,000"},{"v":5030000,"d":"5,030,000"},"Completed",{"$nulls":6},"No",null,"Environmental","No","Propose budget for screening","No","Propose budget for screening","Yes","Fesibility studies and design"]
[156,"Olobelibel community borehole","Drilling and development of Olobelibeli borehole","Increase access to safe and affordable water","Borehole drilled and equipped",null,{"$f":"Table4[[#This Row],[Project Name/Title]]","v":"Olobelibel community borehole"},"Kajiado Central ","Dalalaekutuk",null,"Water, Irrigation, Environment and Natural Resources ","Water & Irrigation","Water & Irrigation","2016-06-30","2016-07-01","2017-06-30",null,{"v":7000000,"d":"7,000,000"},{"$f":"R158","v":{"v":7000000,"d":"7,000,000"}},{"v":7000000,"d":"7,000,000"},"CGK","N/A",{"v":7000000,"d":"7,000,000"},0,{"v":2930000,"d":"2,930,000"},{"v":0.4185714285714286,"d":"42%"},{"v":2930000,"d":"2,930,000"},{"v":4070000,"d":"4,070,000"},{"v":4070000,"d":"4,070,000"},"Completed",{"$nulls":6},"No",null,"Environmental","No","Propose budget for screening","No","Propose budget for screening","Yes","Fesibility studies and design"]
[157,"Piping from Oldonyo to Olchorro Oibor","Water piping","Increase access to safe and affordable water","Pipeline constructed",null,{"$f":"Table4[[#This Row],[Project Name/Title]]","v":"Piping from Oldonyo to Olchorro Oibor"},"Kajiado Central ","Matapato North ",null,"Water, Irrigation, Environment and Natural Resources ","Water & Irrigation","Water & Irrigation","2016-06-30","2016-07-01","2017-06-30",null,{"v":5000000,"d":"5,000,000"},{"$f":"R159","v":{"v":5000000,"d":"5,000,000"}},{"v":5000000,"d":"5,000,000"},"CGK","N/A",{"v":5000000,"d":"5,000,000"},0,{"v":4984000,"d":"4,984,000"},{"v":0.9968,"d":"100%"},{"v":4984000,"d":"4,984,000"},{"v":16000,"d":"16,000"},{"v":16000,"d":"16,000"},"Completed",{"$nulls":6},"No",null,"Environmental","No","Propose budget for screening","No","Propose budget for screening","Yes","Fesibility studies and design"]
[158,"Emukutan borehole","Construction of watering facilities","Increase access to safe and affordable water","Watering facilities constructed",null,{"$f":"Table4[[#This Row],[Project Name/Title]]","v":"Emukutan borehole"},"Kajiado Central ","Matapato North ",null,"Water, Irrigation, Environment and Natural Resources ","Water & Irrigation","Water & Irrigation","2016-06-30","2016-07-01","2017-06-30",null,{"v":1450000,"d":"1,450,000"},{"$f":"R160","v":{"v":1450000,"d":"1,450,000"}},{"v":1450000,"d":"1,450,000"},"CGK","N/A",{"v":1450000,"d":"1,450,000"},0,null,{"v":0,"d":"0%"},null,{"v":1450000,"d":"1,450,000"},{"v":1450000,"d":"1,450,000"},"Completed",{"$nulls":6},"No",null,"Environmental","No","Propose budget for screening","No","Propose budget for screening","Yes","Fesibility studies and design"]
[159,"Endonyio borehole","Construction of watering facilities","Increase access to safe and affordable water","Watering facilities constructed",null,{"$f":"Table4[[#This Row],[Project Name/Title]]","v":"Endonyio borehole"},"Kajiado Central ","Matapato North ",null,"Water, Irrigation, Environment and Natural Resources ","Water & Irrigation","Water & Irrigation","2016-06-30","2016-07-01","2017-06-30",null,{"v":1450000,"d":"1,450,000"},{"$f":"R161","v":{"v":1450000,"d":"1,450,000"}},{"v":1450000,"d":"1,450,000"},"CGK","N/A",{"v":1450000,"d":"1,450,000"},0,null,{"v":0,"d":"0%"},null,{"v":1450000,"d":"1,450,000"},{"v":1450000,"d":"1,450,000"},"Completed",{"$nulls":6},"No",null,"Environmental","No","Propose budget for screening","No","Propose budget for screening","Yes","Fesibility studies and design"]
[160,"Eluanata dispensary borehole","Rehabilitation of Eluanata Community Dispensary pipeline","Increase access to safe and affordable water","Pipeline rehabilitated",null,{"$f":"Table4[[#This Row],[Project Name/Title]]","v":"Eluanata dispensary borehole"},"Kajiado Central ","Matapato North ",null,"Water, Irrigation, Environment and Natural Resources ","Water & Irrigation","Water & Irrigation","2016-06-30","2016-07-01","2017-06-30",null,{"v":1500000,"d":"1,500,000"},{"$f":"R162","v":{"v":1500000,"d":"1,500,000"}},{"v":1500000,"d":"1,500,000"},"CGK","N/A",{"v":1500000,"d":"1,500,000"},0,{"v":1499800,"d":"1,499,800"},{"v":0.9998666666666667,"d":"100%"},{"v":1499800,"d":"1,499,800"},200,200,"Completed",{"$nulls":6},"No",null,"Environmental","No","Propose budget for screening","No","Propose budget for screening","Yes","Fesibility studies and design"]
[161,"Oloorisheta borehole","Equipping and repair of Olooresheta community borehole","Increase access to safe and affordable water","Borehole equipped",null,{"$f":"Table4[[#This Row],[Project Name/Title]]","v":"Oloorisheta borehole"},"Kajiado Central ","Purko",null,"Water, Irrigation, Environment and Natural Resources ","Water & Irrigation","Water & Irrigation","2016-06-30","2016-07-01","2017-06-30",null,{"v":2000000,"d":"2,000,000"},{"$f":"R163","v":{"v":2000000,"d":"2,000,000"}},{"v":2000000,"d":"2,000,000"},"CGK","N/A",{"v":2000000,"d":"2,000,000"},0,{"v":1991000,"d":"1,991,000"},{"v":0.9955,"d":"100%"},{"v":1991000,"d":"1,991,000"},{"v":9000,"d":"9,000"},{"v":9000,"d":"9,000"},"Completed",{"$nulls":6},"No",null,"Environmental","No","Propose budget for screening","No","Propose budget for screening","Yes","Fesibility studies and design"]
[162,"Ilng'osuani borehole","Equipping of Ngosuani borehole","Increase access to safe and affordable water","Borehole equipped",null,{"$f":"Table4[[#This Row],[Project Name/Title]]","v":"Ilng'osuani borehole"},"Kajiado Central ","Purko",null,"Water, Irrigation, Environment and Natural Resources ","Water & Irrigation","Water & Irrigation","2016-06-30","2016-07-01","2017-06-30",null,{"v":4000000,"d":"4,000,000"},{"$f":"R164","v":{"v":4000000,"d":"4,000,000"}},{"v":4000000,"d":"4,000,000"},"CGK","N/A",{"v":4000000,"d":"4,000,000"},0,{"v":3991900,"d":"3,991,900"},{"v":0.997975,"d":"100%"},{"v":3991900,"d":"3,991,900"},{"v":8100,"d":"8,100"},{"v":8100,"d":"8,100"},"Completed",{"$nulls":6},"No",null,"Environmental","No","Propose budget for screening","No","Propose budget for screening","Yes","Fesibility studies and design"]
[163,"Noltepesi dam","Construction of Noltepesi Pan fence","Improve water quality by\nreducing pollution","Fence constructed",null,{"$f":"Table4[[#This Row],[Project Name/Title]]","v":"Noltepesi dam"},"Kajiado Central ","Purko",null,"Water, Irrigation, Environment and Natural Resources ","Water & Irrigation","Water & Irrigation","2016-06-30","2016-07-01","2017-06-30",null,{"v":600000,"d":"600,000"},{"$f":"R165","v":{"v":600000,"d":"600,000"}},{"v":600000,"d":"600,000"},"CGK","N/A",{"v":600000,"d":"600,000"},0,{"v":599500,"d":"599,500"},{"v":0.9991666666666666,"d":"100%"},{"v":599500,"d":"599,500"},500,500,"Completed",{"$nulls":6},"No",null,"Environmental","No","Propose budget for screening","No","Propose budget for screening","Yes","Fesibility studies and design"]
[164,"Olekilil borehole","Drilling and equipping of a borehole","Increase access to safe and affordable water","Borehole drilled and equipped",null,{"$f":"Table4[[#This Row],[Project Name/Title]]","v":"Olekilil borehole"},"Kajiado West","Mosiro",null,"Water, Irrigation, Environment and Natural Resources ","Water & Irrigation","Water & Irrigation","2016-06-30","2016-07-01","2017-06-30",null,{"v":7000000,"d":"7,000,000"},{"$f":"R166","v":{"v":7000000,"d":"7,000,000"}},{"v":7000000,"d":"7,000,000"},"CGK","N/A",{"v":7000000,"d":"7,000,000"},0,null,{"v":0,"d":"0%"},null,{"v":7000000,"d":"7,000,000"},{"v":7000000,"d":"7,000,000"},"Completed",{"$nulls":6},"No",null,"Environmental","No","Propose budget for screening","No","Propose budget for screening","Yes","Fesibility studies and design"]
[165,"Olorkunono borehole ","Drilling and equipping of a borehole","Increase access to safe and affordable water","Borehole drilled and equipped",null,{"$f":"Table4[[#This Row],[Project Name/Title]]","v":"Olorkunono borehole "},"Kajiado West","Mosiro",null,"Water, Irrigation, Environment and Natural Resources ","Water & Irrigation","Water & Irrigation","2016-06-30","2016-07-01","2017-06-30",null,{"v":7000000,"d":"7,000,000"},{"$f":"R167","v":{"v":7000000,"d":"7,000,000"}},{"v":7000000,"d":"7,000,000"},"CGK","N/A",{"v":7000000,"d":"7,000,000"},0,null,{"v":0,"d":"0%"},null,{"v":7000000,"d":"7,000,000"},{"v":7000000,"d":"7,000,000"},"Completed",{"$nulls":6},"No",null,"Environmental","No","Propose budget for screening","No","Propose budget for screening","Yes","Fesibility studies and design"]
[166,"Oldepe borehole","Drilling and equipping of a borehole","Increase access to safe and affordable water","Borehole drilled and equipped",null,{"$f":"Table4[[#This Row],[Project Name/Title]]","v":"Oldepe borehole"},"Kajiado West","Mosiro",null,"Water, Irrigation, Environment and Natural Resources ","Water & Irrigation","Water & Irrigation","2016-06-30","2016-07-01","2017-06-30",null,{"v":3000000,"d":"3,000,000"},{"$f":"R168","v":{"v":3000000,"d":"3,000,000"}},{"v":3000000,"d":"3,000,000"},"CGK","N/A",{"v":3000000,"d":"3,000,000"},0,{"v":2999760,"d":"2,999,760"},{"v":0.99992,"d":"100%"},{"v":2999760,"d":"2,999,760"},240,240,"Completed",{"$nulls":6},"No",null,"Environmental","No","Propose budget for screening","No","Propose budget for screening","Yes","Fesibility studies and design"]
[167,"Embarbal school","Construction of Embarbal School pipeline from","Increase access to safe and affordable water","Pipeline constructed",null,{"$f":"Table4[[#This Row],[Project Name/Title]]","v":"Embarbal school"},"Kajiado West","Mosiro",null,"Water, Irrigation, Environment and Natural Resources ","Water & Irrigation","Water & Irrigation","2016-06-30","2016-07-01","2017-06-30",null,{"v":2000000,"d":"2,000,000"},{"$f":"R169","v":{"v":2000000,"d":"2,000,000"}},{"v":2000000,"d":"2,000,000"},"CGK","N/A",{"v":2000000,"d":"2,000,000"},0,{"v":1998000,"d":"1,998,000"},{"v":0.999,"d":"100%"},{"v":1998000,"d":"1,998,000"},{"v":2000,"d":"2,000"},{"v":2000,"d":"2,000"},"Completed",{"$nulls":6},"No",null,"Environmental","No","Propose budget for screening","No","Propose budget for screening","Yes","Fesibility studies and design"]
[168,"Purchase of Kibiko Water Tank ","Supply, installation of tanks and pipeline at Kibiko","Increase access to safe and affordable water","Tanks supplied",null,{"$f":"Table4[[#This Row],[Project Name/Title]]","v":"Purchase of Kibiko Water Tank "},"Kajiado West","Ewuaso",null,"Water, Irrigation, Environment and Natural Resources ","Water & Irrigation","Water & Irrigation","2016-06-30","2016-07-01","2017-06-30",null,{"v":1000000,"d":"1,000,000"},{"$f":"R170","v":{"v":1000000,"d":"1,000,000"}},{"v":1000000,"d":"1,000,000"},"CGK","N/A",{"v":1000000,"d":"1,000,000"},0,{"v":1000000,"d":"1,000,000"},{"v":1,"d":"100%"},{"v":1000000,"d":"1,000,000"},0,0,"Completed",{"$nulls":6},"No",null,"Environmental","No","Propose budget for screening","No","Propose budget for screening","Yes","Fesibility studies and design"]
[169,"Olepasikirie water tank","Extension of pipeline, rehabilitation of tank and CWP ","Increase access to safe and affordable water","Pipeline constructed",null,{"$f":"Table4[[#This Row],[Project Name/Title]]","v":"Olepasikirie water tank"},"Kajiado West","Ewuaso",null,"Water, Irrigation, Environment and Natural Resources ","Water & Irrigation","Water & Irrigation","2016-06-30","2016-07-01","2017-06-30",null,{"v":5000000,"d":"5,000,000"},{"$f":"R171","v":{"v":5000000,"d":"5,000,000"}},{"v":5000000,"d":"5,000,000"},"CGK","N/A",{"v":5000000,"d":"5,000,000"},0,null,{"v":0,"d":"0%"},null,{"v":5000000,"d":"5,000,000"},{"v":5000000,"d":"5,000,000"},"Completed",{"$nulls":6},"No",null,"Environmental","No","Propose budget for screening","No","Propose budget for screening","Yes","Fesibility studies and design"]
[170,"Isek borehole","Drilling and equipping of a borehole","Increase access to safe and affordable water","Borehole drilled and equipped",null,{"$f":"Table4[[#This Row],[Project Name/Title]]","v":"Isek borehole"},"Kajiado West","Ewuaso",null,"Water, Irrigation, Environment and Natural Resources ","Water & Irrigation","Water & Irrigation","2016-06-30","2016-07-01","2017-06-30",null,{"v":1000000,"d":"1,000,000"},{"$f":"R172","v":{"v":1000000,"d":"1,000,000"}},{"v":1000000,"d":"1,000,000"},"CGK","N/A",{"v":1000000,"d":"1,000,000"},0,{"v":998100,"d":"998,100"},{"v":0.9981,"d":"100%"},{"v":998100,"d":"998,100"},{"v":1900,"d":"1,900"},{"v":1900,"d":"1,900"},"Completed",{"$nulls":6},"No",null,"Environmental","No","Propose budget for screening","No","Propose budget for screening","Yes","Fesibility studies and design"]
[171,"Komiya Water Project","Construction of 50m3 masonry storage tank","Increase access to safe and affordable water","Storage tank constructed",null,{"$f":"Table4[[#This Row],[Project Name/Title]]","v":"Komiya Water Project"},"Kajiado West","Magadi",null,"Water, Irrigation, Environment and Natural Resources ","Water & Irrigation","Water & Irrigation","2016-06-30","2016-07-01","2017-06-30",null,{"v":1500000,"d":"1,500,000"},{"$f":"R173","v":{"v":1500000,"d":"1,500,000"}},{"v":1500000,"d":"1,500,000"},"CGK","N/A",{"v":1500000,"d":"1,500,000"},0,null,{"v":0,"d":"0%"},null,{"v":1500000,"d":"1,500,000"},{"v":1500000,"d":"1,500,000"},"Completed",{"$nulls":6},"No",null,"Environmental","No","Propose budget for screening","No","Propose budget for screening","Yes","Fesibility studies and design"]
[172,"Ooshaki along the high way","Construction of underground tank","Increase access to safe and affordable water","Storage tank constructed",null,{"$f":"Table4[[#This Row],[Project Name/Title]]","v":"Ooshaki along the high way"},"Kajiado West","Magadi",null,"Water, Irrigation, Environment and Natural Resources ","Water & Irrigation","Water & Irrigation","2016-06-30","2016-07-01","2017-06-30",null,{"v":2000000,"d":"2,000,000"},{"$f":"R174","v":{"v":2000000,"d":"2,000,000"}},{"v":2000000,"d":"2,000,000"},"CGK","N/A",{"v":2000000,"d":"2,000,000"},0,null,{"v":0,"d":"0%"},null,{"v":2000000,"d":"2,000,000"},{"v":2000000,"d":"2,000,000"},"Completed",{"$nulls":6},"No",null,"Environmental","No","Propose budget for screening","No","Propose budget for screening","Yes","Fesibility studies and design"]
[173,"Construction of Kisamis Pipeline","Water piping from Kisamis- water point and tank rehabilitation","Increase access to safe and affordable water","Pipeline constructed",null,{"$f":"Table4[[#This Row],[Project Name/Title]]","v":"Construction of Kisamis Pipeline"},"Kajiado West","Ikeekonyokie",null,"Water, Irrigation, Environment and Natural Resources ","Water & Irrigation","Water & Irrigation","2016-06-30","2016-07-01","2017-06-30",null,{"v":3500000,"d":"3,500,000"},{"$f":"R175","v":{"v":3500000,"d":"3,500,000"}},{"v":3500000,"d":"3,500,000"},"CGK","N/A",{"v":3500000,"d":"3,500,000"},0,{"v":2990000,"d":"2,990,000"},{"v":0.8542857142857143,"d":"85%"},null,{"v":510000,"d":"510,000"},{"v":510000,"d":"510,000"},"Completed",{"$nulls":6},"No",null,"Environmental","No","Propose budget for screening","No","Propose budget for screening","Yes","Fesibility studies and design"]
[174,"Kudu- Oltepesi Water Project","Extension of water pipeline from Kudu to Oltepesi","Increase access to safe and affordable water","Pipeline constructed",null,{"$f":"Table4[[#This Row],[Project Name/Title]]","v":"Kudu- Oltepesi Water Project"},"Kajiado West","Loodokilani",null,"Water, Irrigation, Environment and Natural Resources ","Water & Irrigation","Water & Irrigation","2016-06-30","2016-07-01","2017-06-30",null,{"v":3500000,"d":"3,500,000"},{"$f":"R176","v":{"v":3500000,"d":"3,500,000"}},{"v":3500000,"d":"3,500,000"},"CGK","N/A",{"v":3500000,"d":"3,500,000"},0,{"v":3493100,"d":"3,493,100"},{"v":0.9980285714285714,"d":"100%"},null,{"v":6900,"d":"6,900"},{"v":6900,"d":"6,900"},"Completed",{"$nulls":6},"No",null,"Environmental","No","Propose budget for screening","No","Propose budget for screening","Yes","Fesibility studies and design"]
[175,"Olosirwua borehole ","Purchase of 26kva genset","Increase access to safe and affordable water","Genset purchased",null,{"$f":"Table4[[#This Row],[Project Name/Title]]","v":"Olosirwua borehole "},"Kajiado West","Loodokilani",null,"Water, Irrigation, Environment and Natural Resources ","Water & Irrigation","Water & Irrigation","2016-06-30","2016-07-01","2017-06-30",null,{"v":1000000,"d":"1,000,000"},{"$f":"R177","v":{"v":1000000,"d":"1,000,000"}},{"v":1000000,"d":"1,000,000"},"CGK","N/A",{"v":1000000,"d":"1,000,000"},0,{"v":985200,"d":"985,200"},{"v":0.9852,"d":"99%"},null,{"v":14800,"d":"14,800"},{"v":14800,"d":"14,800"},"Completed",{"$nulls":6},"No",null,"Environmental","No","Propose budget for screening","No","Propose budget for screening","Yes","Fesibility studies and design"]
[176,"Bondeni borehole Completion","Construction of elevated tank and tower","Increase access to safe and affordable water","Storage tank constructed",null,{"$f":"Table4[[#This Row],[Project Name/Title]]","v":"Bondeni borehole Completion"},"Kajiado North ","Ngong",null,"Water, Irrigation, Environment and Natural Resources ","Water & Irrigation","Water & Irrigation","2016-06-30","2016-07-01","2017-06-30",null,{"v":1000000,"d":"1,000,000"},{"$f":"R178","v":{"v":1000000,"d":"1,000,000"}},{"v":1000000,"d":"1,000,000"},"CGK","N/A",{"v":1000000,"d":"1,000,000"},0,null,{"v":0,"d":"0%"},null,{"v":1000000,"d":"1,000,000"},{"v":1000000,"d":"1,000,000"},"Completed",{"$nulls":6},"No",null,"Environmental","No","Propose budget for screening","No","Propose budget for screening","Yes","Fesibility studies and design"]
[177,"Ngong Township Primary School ","Construction of a special unit toilet","Increase access to adequate and\nequitable sanitation and hygiene","Toilet constructed",null,{"$f":"Table4[[#This Row],[Project Name/Title]]","v":"Ngong Township Primary School "},"Kajiado North ","Ngong",null,"Water, Irrigation, Environment and Natural Resources ","Water & Irrigation","Water & Irrigation","2016-06-30","2016-07-01","2017-06-30",null,{"v":500000,"d":"500,000"},{"$f":"R179","v":{"v":500000,"d":"500,000"}},{"v":500000,"d":"500,000"},"CGK","N/A",{"v":500000,"d":"500,000"},0,null,{"v":0,"d":"0%"},null,{"v":500000,"d":"500,000"},{"v":500000,"d":"500,000"},"Completed",{"$nulls":6},"No",null,"Environmental","No","Propose budget for screening","No","Propose budget for screening","Yes","Fesibility studies and design"]
[178,"Ngong township borehole","Drilling, equipping and construction of water facilities","Increase access to safe and affordable water","Borehole drilled and equipped",null,{"$f":"Table4[[#This Row],[Project Name/Title]]","v":"Ngong township borehole"},"Kajiado North ","Ngong",null,"Water, Irrigation, Environment and Natural Resources ","Water & Irrigation","Water & Irrigation","2016-06-30","2016-07-01","2017-06-30",null,{"v":5000000,"d":"5,000,000"},{"$f":"R180","v":{"v":5000000,"d":"5,000,000"}},{"v":5000000,"d":"5,000,000"},"CGK","N/A",{"v":5000000,"d":"5,000,000"},0,null,{"v":0,"d":"0%"},null,{"v":5000000,"d":"5,000,000"},{"v":5000000,"d":"5,000,000"},"Completed",{"$nulls":6},"No",null,"Environmental","No","Propose budget for screening","No","Propose budget for screening","Yes","Fesibility studies and design"]
[179,"Oloolua polytechnic","Construction of storm water drainage at Oloolua","Restore\ndegraded land and soil","Storm water drainage constructed",null,{"$f":"Table4[[#This Row],[Project Name/Title]]","v":"Oloolua polytechnic"},"Kajiado North ","Oloolua",null,"Water, Irrigation, Environment and Natural Resources ","Water & Irrigation","Water & Irrigation","2016-06-30","2016-07-01","2017-06-30",null,{"v":2500000,"d":"2,500,000"},{"$f":"R181","v":{"v":2500000,"d":"2,500,000"}},{"v":2500000,"d":"2,500,000"},"CGK","N/A",{"v":2500000,"d":"2,500,000"},0,{"v":2478045,"d":"2,478,045"},{"v":0.991218,"d":"99%"},{"v":2478045,"d":"2,478,045"},{"v":21955,"d":"21,955"},{"v":21955,"d":"21,955"},"Completed",{"$nulls":6},"No",null,"Environmental","No","Propose budget for screening","No","Propose budget for screening","Yes","Fesibility studies and design"]
[180,"Olepolos borehole","Construction of elevated tank and tower and construction of watering facilities","Increase access to safe and affordable water","Storage tank constructed",null,{"$f":"Table4[[#This Row],[Project Name/Title]]","v":"Olepolos borehole"},"Kajiado North ","Oloolua",null,"Water, Irrigation, Environment and Natural Resources ","Water & Irrigation","Water & Irrigation","2016-06-30","2016-07-01","2017-06-30",null,{"v":4000000,"d":"4,000,000"},{"$f":"R182","v":{"v":4000000,"d":"4,000,000"}},{"v":4000000,"d":"4,000,000"},"CGK","N/A",{"v":4000000,"d":"4,000,000"},0,{"v":3995000,"d":"3,995,000"},{"v":0.99875,"d":"100%"},{"v":3995000,"d":"3,995,000"},{"v":5000,"d":"5,000"},{"v":5000,"d":"5,000"},"Completed",{"$nulls":6},"No",null,"Environmental","No","Propose budget for screening","No","Propose budget for screening","Yes","Fesibility studies and design"]
[181,"Embulbul borehole ","Construction of elevated tank and tower ","Increase access to safe and affordable water","Storage tank constructed",null,{"$f":"Table4[[#This Row],[Project Name/Title]]","v":"Embulbul borehole "},"Kajiado North ","Oloolua",null,"Water, Irrigation, Environment and Natural Resources ","Water & Irrigation","Water & Irrigation","2016-06-30","2016-07-01","2017-06-30",null,{"v":9000000,"d":"9,000,000"},{"$f":"R183","v":{"v":9000000,"d":"9,000,000"}},{"v":9000000,"d":"9,000,000"},"CGK","N/A",{"v":9000000,"d":"9,000,000"},0,{"v":3988000,"d":"3,988,000"},{"v":0.4431111111111111,"d":"44%"},{"v":3988000,"d":"3,988,000"},{"v":5012000,"d":"5,012,000"},{"v":5012000,"d":"5,012,000"},"Completed",{"$nulls":6},"No",null,"Environmental","No","Propose budget for screening","No","Propose budget for screening","Yes","Fesibility studies and design"]
[182,"Oloitiko Iloshon borehole","Construction of Oloitiko- Iloshon borehole ","Increase access to safe and affordable water","Borehole drilled and equipped",null,{"$f":"Table4[[#This Row],[Project Name/Title]]","v":"Oloitiko Iloshon borehole"},"Kajiado East ","Imaroro",null,"Water, Irrigation, Environment and Natural Resources ","Water & Irrigation","Water & Irrigation","2016-06-30","2016-07-01","2017-06-30",null,{"v":9000000,"d":"9,000,000"},{"$f":"R184","v":{"v":9000000,"d":"9,000,000"}},{"v":9000000,"d":"9,000,000"},"CGK","N/A",{"v":9000000,"d":"9,000,000"},0,{"v":8988300,"d":"8,988,300"},{"v":0.9987,"d":"100%"},{"v":8988300,"d":"8,988,300"},{"v":11700,"d":"11,700"},{"v":11700,"d":"11,700"},"Completed",{"$nulls":6},"No",null,"Environmental","No","Propose budget for screening","No","Propose budget for screening","Yes","Fesibility studies and design"]
[183,"Noongaboio borehole","Drilling and equipping of a borehole","Increase access to safe and affordable water","Borehole drilled and equipped",null,{"$f":"Table4[[#This Row],[Project Name/Title]]","v":"Noongaboio borehole"},"Kajiado East ","Kenyewa poka",null,"Water, Irrigation, Environment and Natural Resources ","Water & Irrigation","Water & Irrigation","2016-06-30","2016-07-01","2017-06-30",null,{"v":5000000,"d":"5,000,000"},{"$f":"R185","v":{"v":5000000,"d":"5,000,000"}},{"v":5000000,"d":"5,000,000"},"CGK","N/A",{"v":5000000,"d":"5,000,000"},0,null,{"v":0,"d":"0%"},null,{"v":5000000,"d":"5,000,000"},{"v":5000000,"d":"5,000,000"},"Completed",{"$nulls":6},"No",null,"Environmental","No","Propose budget for screening","No","Propose budget for screening","Yes","Fesibility studies and design"]
[184,"Noosidan borehole ","Drilling and development of Noosidan borehole","Increase access to safe and affordable water","Borehole drilled and equipped",null,{"$f":"Table4[[#This Row],[Project Name/Title]]","v":"Noosidan borehole "},"Kajiado East ","Kenyewa poka",null,"Water, Irrigation, Environment and Natural Resources ","Water & Irrigation","Water & Irrigation","2016-06-30","2016-07-01","2017-06-30",null,{"v":5800000,"d":"5,800,000"},{"$f":"R186","v":{"v":5800000,"d":"5,800,000"}},{"v":5800000,"d":"5,800,000"},"CGK","N/A",{"v":5800000,"d":"5,800,000"},0,{"v":2930000,"d":"2,930,000"},{"v":0.5051724137931034,"d":"51%"},{"v":2930000,"d":"2,930,000"},{"v":2870000,"d":"2,870,000"},{"v":2870000,"d":"2,870,000"},"Completed",{"$nulls":6},"No",null,"Environmental","No","Propose budget for screening","No","Propose budget for screening","Yes","Fesibility studies and design"]
[185,"Olmerrui borehole ","Drilling and equipping of a borehole","Increase access to safe and affordable water","Borehole drilled and equipped",null,{"$f":"Table4[[#This Row],[Project Name/Title]]","v":"Olmerrui borehole "},"Kajiado East ","Keputei North ",null,"Water, Irrigation, Environment and Natural Resources ","Water & Irrigation","Water & Irrigation","2016-06-30","2016-07-01","2017-06-30",null,{"v":7500000,"d":"7,500,000"},{"$f":"R187","v":{"v":7500000,"d":"7,500,000"}},{"v":7500000,"d":"7,500,000"},"CGK","N/A",{"v":7500000,"d":"7,500,000"},0,{"v":7450000,"d":"7,450,000"},{"v":0.9933333333333333,"d":"99%"},{"v":7450000,"d":"7,450,000"},{"v":50000,"d":"50,000"},{"v":50000,"d":"50,000"},"Completed",{"$nulls":6},"No",null,"Environmental","No","Propose budget for screening","No","Propose budget for screening","Yes","Fesibility studies and design"]
[186,"Isinya borehole","Equipping of isinya borehole","Increase access to safe and affordable water","Borehole equipped",null,{"$f":"Table4[[#This Row],[Project Name/Title]]","v":"Isinya borehole"},"Kajiado East ","Keputei North ",null,"Water, Irrigation, Environment and Natural Resources ","Water & Irrigation","Water & Irrigation","2016-06-30","2016-07-01","2017-06-30",null,{"v":4000000,"d":"4,000,000"},{"$f":"R188","v":{"v":4000000,"d":"4,000,000"}},{"v":4000000,"d":"4,000,000"},"CGK","N/A",{"v":4000000,"d":"4,000,000"},0,null,{"v":0,"d":"0%"},null,{"v":4000000,"d":"4,000,000"},{"v":4000000,"d":"4,000,000"},"Completed",{"$nulls":6},"No",null,"Environmental","No","Propose budget for screening","No","Propose budget for screening","Yes","Fesibility studies and design"]
[187,"Enkilele borehole","Borehole equipping ","Increase access to safe and affordable water","Borehole equipped",null,{"$f":"Table4[[#This Row],[Project Name/Title]]","v":"Enkilele borehole"},"Kajiado East ","Keputei North ",null,"Water, Irrigation, Environment and Natural Resources ","Water & Irrigation","Water & Irrigation","2016-06-30","2016-07-01","2017-06-30",null,{"v":1000000,"d":"1,000,000"},{"$f":"R189","v":{"v":1000000,"d":"1,000,000"}},{"v":1000000,"d":"1,000,000"},"CGK","N/A",{"v":1000000,"d":"1,000,000"},0,null,{"v":0,"d":"0%"},null,{"v":1000000,"d":"1,000,000"},{"v":1000000,"d":"1,000,000"},"Completed",{"$nulls":6},"No",null,"Environmental","No","Propose budget for screening","No","Propose budget for screening","Yes","Fesibility studies and design"]
[188,"Olkinois borehole","Rehabilitation of borehole and watering facilities","Increase access to safe and affordable water","Borehole rehabilitated",null,{"$f":"Table4[[#This Row],[Project Name/Title]]","v":"Olkinois borehole"},"Kajiado East ","Keputei North ",null,"Water, Irrigation, Environment and Natural Resources ","Water & Irrigation","Water & Irrigation","2016-06-30","2016-07-01","2017-06-30",null,{"v":4000000,"d":"4,000,000"},{"$f":"R190","v":{"v":4000000,"d":"4,000,000"}},{"v":4000000,"d":"4,000,000"},"CGK","N/A",{"v":4000000,"d":"4,000,000"},0,null,{"v":0,"d":"0%"},null,{"v":4000000,"d":"4,000,000"},{"v":4000000,"d":"4,000,000"},"Completed",{"$nulls":6},"No",null,"Environmental","No","Propose budget for screening","No","Propose budget for screening","Yes","Fesibility studies and design"]
[189,"Olturoto borehole","Borehole equipping","Increase access to safe and affordable water","Borehole equipped",null,{"$f":"Table4[[#This Row],[Project Name/Title]]","v":"Olturoto borehole"},"Kajiado East ","Keputei North ",null,"Water, Irrigation, Environment and Natural Resources ","Water & Irrigation","Water & Irrigation","2016-06-30","2016-07-01","2017-06-30",null,{"v":3000000,"d":"3,000,000"},{"$f":"R191","v":{"v":3000000,"d":"3,000,000"}},{"v":3000000,"d":"3,000,000"},"CGK","N/A",{"v":3000000,"d":"3,000,000"},0,{"v":2698000,"d":"2,698,000"},{"v":0.8993333333333333,"d":"90%"},{"v":2698000,"d":"2,698,000"},{"v":302000,"d":"302,000"},{"v":302000,"d":"302,000"},"Completed",{"$nulls":6},"No",null,"Environmental","No","Propose budget for screening","No","Propose budget for screening","Yes","Fesibility studies and design"]
[190,"PJ dave borehole","Borehole equipping","Increase access to safe and affordable water","Borehole equipped",null,{"$f":"Table4[[#This Row],[Project Name/Title]]","v":"PJ dave borehole"},"Kajiado East ","Keputei North ",null,"Water, Irrigation, Environment and Natural Resources ","Water & Irrigation","Water & Irrigation","2016-06-30","2016-07-01","2017-06-30",null,{"v":2500000,"d":"2,500,000"},{"$f":"R192","v":{"v":2500000,"d":"2,500,000"}},{"v":2500000,"d":"2,500,000"},"CGK","N/A",{"v":2500000,"d":"2,500,000"},0,{"v":2494000,"d":"2,494,000"},{"v":0.9976,"d":"100%"},{"v":2494000,"d":"2,494,000"},{"v":6000,"d":"6,000"},{"v":6000,"d":"6,000"},"Completed",{"$nulls":6},"No",null,"Environmental","No","Propose budget for screening","No","Propose budget for screening","Yes","Fesibility studies and design"]
[191,"Sholinke borehole","Borehole equipping","Increase access to safe and affordable water","Borehole equipped",null,{"$f":"Table4[[#This Row],[Project Name/Title]]","v":"Sholinke borehole"},"Kajiado East ","Oloosrikon",null,"Water, Irrigation, Environment and Natural Resources ","Water & Irrigation","Water & Irrigation","2016-06-30","2016-07-01","2017-06-30",null,{"v":1000000,"d":"1,000,000"},{"$f":"R193","v":{"v":1000000,"d":"1,000,000"}},{"v":1000000,"d":"1,000,000"},"CGK","N/A",{"v":1000000,"d":"1,000,000"},0,{"v":989941,"d":"989,941"},{"v":0.989941,"d":"99%"},{"v":989941,"d":"989,941"},{"v":10059,"d":"10,059"},{"v":10059,"d":"10,059"},"Completed",{"$nulls":6},"No",null,"Environmental","No","Propose budget for screening","No","Propose budget for screening","Yes","Fesibility studies and design"]
[192,"Olngarua borehole","Equipping of borehole and construction of 3.5km pipeline","Increase access to safe and affordable water","Borehole equipped",null,{"$f":"Table4[[#This Row],[Project Name/Title]]","v":"Olngarua borehole"},"Kajiado East ","Oloosrikon",null,"Water, Irrigation, Environment and Natural Resources ","Water & Irrigation","Water & Irrigation","2016-06-30","2016-07-01","2017-06-30",null,{"v":3000000,"d":"3,000,000"},{"$f":"R194","v":{"v":3000000,"d":"3,000,000"}},{"v":3000000,"d":"3,000,000"},"CGK","N/A",{"v":3000000,"d":"3,000,000"},0,{"v":2990000,"d":"2,990,000"},{"v":0.9966666666666667,"d":"100%"},{"v":2990000,"d":"2,990,000"},{"v":10000,"d":"10,000"},{"v":10000,"d":"10,000"},"Completed",{"$nulls":6},"No",null,"Environmental","No","Propose budget for screening","No","Propose budget for screening","Yes","Fesibility studies and design"]
[193,"Matali, Kitengela and Sholinke Public Toilets","Construction of toilets ","Increase access to adequate and\nequitable sanitation and hygiene","Toilet constructed",null,{"$f":"Table4[[#This Row],[Project Name/Title]]","v":"Matali, Kitengela and Sholinke Public Toilets"},"Kajiado East ","Oloosrikon",null,"Water, Irrigation, Environment and Natural Resources ","Water & Irrigation","Water & Irrigation","2016-06-30","2016-07-01","2017-06-30",null,{"v":2500000,"d":"2,500,000"},{"$f":"R195","v":{"v":2500000,"d":"2,500,000"}},{"v":2500000,"d":"2,500,000"},"CGK","N/A",{"$f":"S195","v":{"v":2500000,"d":"2,500,000"}},0,{"v":2494000,"d":"2,494,000"},{"v":0.9976,"d":"100%"},{"v":2494000,"d":"2,494,000"},{"v":6000,"d":"6,000"},{"v":6000,"d":"6,000"},"Completed",{"$nulls":6},"No",null,"Environmental","No","Propose budget for screening",{"$f":"AN195","v":"No"},"Propose budget for screening","Yes","Fesibility studies and design"]
[194,"Ilkuruki borehole","Borehole equipping and construction of watering facilities","Increase access to safe and affordable water","Borehole drilled and equipped",null,{"$f":"Table4[[#This Row],[Project Name/Title]]","v":"Ilkuruki borehole"},"Kajiado North ","Ngong",null,"Water, Irrigation, Environment and Natural Resources ","Water & Irrigation","Water & Irrigation","2016-06-30","2016-07-01","2017-06-30",null,{"v":3000000,"d":"3,000,000"},{"$f":"R196","v":{"v":3000000,"d":"3,000,000"}},{"v":3000000,"d":"3,000,000"},"CGK","N/A",{"v":3000000,"d":"3,000,000"},0,{"v":2988700,"d":"2,988,700"},{"$f":"Y196/S196","v":{"v":0.9962333333333333,"d":"100%"}},{"v":2988700,"d":"2,988,700"},{"$f":"T196-Y196","v":{"v":11300,"d":"11,300"}},{"$f":"S196-Y196","v":{"v":11300,"d":"11,300"}},"Stalled",{"v":0,"d":"0%"},{"$f":"AE196","v":{"v":0,"d":"0%"}},"Inadequate finances",2017,6,{"$f":"AC196","v":{"v":11300,"d":"11,300"}},"No","Defer","Financial","No","Propose budget for screening","No","Propose budget for screening","Yes","Fesibility studies and design"]
[195,"Kirkuria borehole","Rehabilitation of kirkuria borehole","Increase access to safe and affordable water","Borehole rehabilitated",null,{"$f":"Table4[[#This Row],[Project Name/Title]]","v":"Kirkuria borehole"},"Kajiado East ","keekonyokie",null,"Water, Irrigation, Environment and Natural Resources ","Water & Irrigation","Water & Irrigation","2016-06-30","2016-07-01","2017-06-30",null,{"v":2500000,"d":"2,500,000"},{"$f":"R197","v":{"v":2500000,"d":"2,500,000"}},{"v":2500000,"d":"2,500,000"},"CGK","N/A",{"v":2500000,"d":"2,500,000"},0,null,{"v":0,"d":"0%"},null,{"v":2500000,"d":"2,500,000"},{"v":2500000,"d":"2,500,000"},"Completed",{"$nulls":6},"No",null,"Environmental","No","Propose budget for screening","No","Propose budget for screening","Yes","Fesibility studies and design"]
[196,"Nairode borehole","Equipping of Nairode borehole","Increase access to safe and affordable water","Borehole equipped",null,{"$f":"Table4[[#This Row],[Project Name/Title]]","v":"Nairode borehole"},"Kajiado West ","Ewasokedong",null,"Water, Irrigation, Environment and Natural Resources ","Water & Irrigation","Water & Irrigation","2016-06-30","2016-07-01","2017-06-30",null,{"v":3000000,"d":"3,000,000"},{"$f":"R198","v":{"v":3000000,"d":"3,000,000"}},{"v":3000000,"d":"3,000,000"},"CGK","N/A",{"v":3000000,"d":"3,000,000"},0,null,{"v":0,"d":"0%"},null,{"v":3000000,"d":"3,000,000"},{"v":3000000,"d":"3,000,000"},"Completed",{"$nulls":6},"No",null,"Environmental","No","Propose budget for screening","No","Propose budget for screening","Yes","Fesibility studies and design"]
[197,"Musenke water project ","Extension of Musenke pipeline project","Increase access to safe and affordable water","Pipeline constructed",null,{"$f":"Table4[[#This Row],[Project Name/Title]]","v":"Musenke water project "},"Kajiado West ","Magadi",null,"Water, Irrigation, Environment and Natural Resources ","Water & Irrigation","Water & Irrigation","2016-06-30","2016-07-01","2017-06-30",null,{"v":1000000,"d":"1,000,000"},{"$f":"R199","v":{"v":1000000,"d":"1,000,000"}},{"v":1000000,"d":"1,000,000"},"CGK","N/A",{"v":1000000,"d":"1,000,000"},0,null,{"v":0,"d":"0%"},null,{"v":1000000,"d":"1,000,000"},{"v":1000000,"d":"1,000,000"},"Completed",{"$nulls":6},"No",null,"Environmental","No","Propose budget for screening","No","Propose budget for screening","Yes","Fesibility studies and design"]
[198,"Naika borehole","Borehole equipping and construction of watering facilities","Increase access to safe and affordable water","Borehole equipped",null,{"$f":"Table4[[#This Row],[Project Name/Title]]","v":"Naika borehole"},"Kajiado East ","Kenyewa",null,"Water, Irrigation, Environment and Natural Resources ","Water & Irrigation","Water & Irrigation","2016-06-30","2016-07-01","2017-06-30",null,{"v":3000000,"d":"3,000,000"},{"$f":"R200","v":{"v":3000000,"d":"3,000,000"}},{"v":3000000,"d":"3,000,000"},"CGK","N/A",{"v":3000000,"d":"3,000,000"},0,{"v":2990200,"d":"2,990,200"},{"v":0.9967333333333334,"d":"100%"},{"v":2990200,"d":"2,990,200"},{"v":9800,"d":"9,800"},{"v":9800,"d":"9,800"},"Completed",{"$nulls":6},"No",null,"Environmental","No","Propose budget for screening","No","Propose budget for screening","Yes","Fesibility studies and design"]
[199,"Enkutoto Naretoi borehole ","Borehole equipping and construction of watering facilities","Increase access to safe and affordable water","Borehole equipped",null,{"$f":"Table4[[#This Row],[Project Name/Title]]","v":"Enkutoto Naretoi borehole "},"Kajiado East ","Olosirnko",null,"Water, Irrigation, Environment and Natural Resources ","Water & Irrigation","Water & Irrigation","2016-06-30","2016-07-01","2017-06-30",null,{"v":2500000,"d":"2,500,000"},{"$f":"R201","v":{"v":2500000,"d":"2,500,000"}},{"v":2500000,"d":"2,500,000"},"CGK","N/A",{"v":2500000,"d":"2,500,000"},0,{"v":2485000,"d":"2,485,000"},{"v":0.994,"d":"99%"},{"v":2485000,"d":"2,485,000"},{"v":15000,"d":"15,000"},{"v":15000,"d":"15,000"},"Completed",{"$nulls":6},"No",null,"Environmental","No","Propose budget for screening","No","Propose budget for screening","Yes","Fesibility studies and design"]
[200,"Lenchani borehole","Equipping and construction of a storage tank","Increase access to safe and affordable water","Borehole equipped",null,{"$f":"Table4[[#This Row],[Project Name/Title]]","v":"Lenchani borehole"},"Kajiado Central ","Matapato North ",null,"Water, Irrigation, Environment and Natural Resources ","Water & Irrigation","Water & Irrigation","2016-06-30","2016-07-01","2017-06-30",null,{"v":2000000,"d":"2,000,000"},{"$f":"R202","v":{"v":2000000,"d":"2,000,000"}},{"v":2000000,"d":"2,000,000"},"CGK","N/A",{"v":2000000,"d":"2,000,000"},0,{"v":1990000,"d":"1,990,000"},{"v":0.995,"d":"100%"},{"v":1990000,"d":"1,990,000"},{"v":10000,"d":"10,000"},{"v":10000,"d":"10,000"},"Completed",{"$nulls":6},"No",null,"Environmental","No","Propose budget for screening","No","Propose budget for screening","Yes","Fesibility studies and design"]
[201,"Olotimeloi borehole ","Borehole equipping and construction of watering facilities","Increase access to safe and affordable water","Borehole equipped",null,{"$f":"Table4[[#This Row],[Project Name/Title]]","v":"Olotimeloi borehole "},"Kajiado Central ","Matapato North ",null,"Water, Irrigation, Environment and Natural Resources ","Water & Irrigation","Water & Irrigation","2016-06-30","2016-07-01","2017-06-30",null,{"v":2500000,"d":"2,500,000"},{"$f":"R203","v":{"v":2500000,"d":"2,500,000"}},{"v":2500000,"d":"2,500,000"},"CGK","N/A",{"v":2500000,"d":"2,500,000"},0,null,{"v":0,"d":"0%"},null,{"v":2500000,"d":"2,500,000"},{"v":2500000,"d":"2,500,000"},"Completed",{"$nulls":6},"No",null,"Environmental","No","Propose budget for screening","No","Propose budget for screening","Yes","Fesibility studies and design"]
[202,"Osiligimaa borehole","Borehole equipping and construction of watering facilities","Increase access to safe and affordable water","Borehole equipped",null,{"$f":"Table4[[#This Row],[Project Name/Title]]","v":"Osiligimaa borehole"},"Kajiado South ","Lenkisim",null,"Water, Irrigation, Environment and Natural Resources ","Water & Irrigation","Water & Irrigation","2016-06-30","2016-07-01","2017-06-30",null,{"v":3000000,"d":"3,000,000"},{"$f":"R204","v":{"v":3000000,"d":"3,000,000"}},{"v":3000000,"d":"3,000,000"},"CGK","N/A",{"v":3000000,"d":"3,000,000"},0,{"v":2995000,"d":"2,995,000"},{"v":0.9983333333333333,"d":"100%"},{"v":2995000,"d":"2,995,000"},{"v":5000,"d":"5,000"},{"v":5000,"d":"5,000"},"Completed",{"$nulls":6},"No",null,"Environmental","No","Propose budget for screening","No","Propose budget for screening","Yes","Fesibility studies and design"]
[203,"Kajiado town water pipeline","Improvement of reticulation network in Kajiado ","Increase access to safe and affordable water","Water reticulation done",null,{"$f":"Table4[[#This Row],[Project Name/Title]]","v":"Kajiado town water pipeline"},"Kajiado Central ","Ildamat",null,"Water, Irrigation, Environment and Natural Resources ","Water & Irrigation","Water & Irrigation","2016-06-30","2016-07-01","2017-06-30",null,{"v":5000000,"d":"5,000,000"},{"$f":"R205","v":{"v":5000000,"d":"5,000,000"}},{"v":5000000,"d":"5,000,000"},"CGK","N/A",{"v":5000000,"d":"5,000,000"},0,{"v":4999990,"d":"4,999,990"},{"v":0.999998,"d":"100%"},{"v":4999990,"d":"4,999,990"},10,10,"Completed",{"$nulls":6},"No",null,"Environmental","No","Propose budget for screening","No","Propose budget for screening","Yes","Fesibility studies and design"]
[204,"Ewuaso water piping","Construction of Ewuaso Enkidong water supply","Increase access to safe and affordable water","Pipeline constructed",null,{"$f":"Table4[[#This Row],[Project Name/Title]]","v":"Ewuaso water piping"},"Kajiado West","Ewasokedong",null,"Water, Irrigation, Environment and Natural Resources ","Water & Irrigation","Water & Irrigation","2016-06-30","2016-07-01","2017-06-30",null,{"v":6000000,"d":"6,000,000"},{"$f":"R206","v":{"v":6000000,"d":"6,000,000"}},{"v":6000000,"d":"6,000,000"},"CGK","N/A",{"v":6000000,"d":"6,000,000"},0,{"v":5987050,"d":"5,987,050"},{"v":0.9978416666666666,"d":"100%"},{"v":5987050,"d":"5,987,050"},{"v":12950,"d":"12,950"},{"v":12950,"d":"12,950"},"Completed",{"$nulls":6},"No",null,"Environmental","No","Propose budget for screening","No","Propose budget for screening","Yes","Fesibility studies and design"]
[205,"Mosiro irrigation","Intake construction, pipeline and storage tank","Increase area under irrigation","Irrigation scheme constructed",null,{"$f":"Table4[[#This Row],[Project Name/Title]]","v":"Mosiro irrigation"},"Kajiado West","Mosiro",null,"Water, Irrigation, Environment and Natural Resources ","Water & Irrigation","Water & Irrigation","2016-06-30","2016-07-01","2017-06-30",null,{"v":17934330,"d":"17,934,330"},{"$f":"R207","v":{"v":17934330,"d":"17,934,330"}},{"v":17934330,"d":"17,934,330"},"CGK","N/A",{"v":17934330,"d":"17,934,330"},0,{"v":17845963,"d":"17,845,963"},{"v":0.9950727459570555,"d":"100%"},{"v":17845963,"d":"17,845,963"},{"v":88367,"d":"88,367"},{"v":88367,"d":"88,367"},"Stalled",{"v":0.4,"d":"40%"},{"$f":"AE207","v":{"v":0.4,"d":"40%"}},"Inadequate finances",2017,6,{"$f":"AC207","v":{"v":88367,"d":"88,367"}},"No","Defer","Financial","No","Propose budget for screening","No","Propose budget for screening","Yes","Fesibility studies and design"]
[206,"Construction of Uswa water project ","Borehole solarization, pipeline and watering facilities construction","Increase access to safe and affordable water","Pipeline constructed",null,{"$f":"Table4[[#This Row],[Project Name/Title]]","v":"Construction of Uswa water project "},"Kajiado West","Iloodokilani",null,"Water, Irrigation, Environment and Natural Resources ","Water & Irrigation","Water & Irrigation","2016-06-30","2016-07-01","2017-06-30",null,{"v":20000000,"d":"20,000,000"},{"$f":"R208","v":{"v":20000000,"d":"20,000,000"}},{"v":20000000,"d":"20,000,000"},"CGK","N/A",{"v":20000000,"d":"20,000,000"},0,{"v":19514448,"d":"19,514,448"},{"v":0.9757224,"d":"98%"},{"v":19514448,"d":"19,514,448"},{"v":485552,"d":"485,552"},{"v":485552,"d":"485,552"},"Completed",{"$nulls":6},"No",null,"Environmental","No","Propose budget for screening","No","Propose budget for screening","Yes","Fesibility studies and design"]
[207,"Gitwe springs development project for Gitwe water providers association","Extension of water pipeline to Jerusalem","Increase access to safe and affordable water","Pipeline constructed",null,{"$f":"Table4[[#This Row],[Project Name/Title]]","v":"Gitwe springs development project for Gitwe water providers association"},"Kajiado North","OLOOLUA",null,"Water, Irrigation, Environment and Natural Resources ","Water & Irrigation","Water & Irrigation","2017-06-30","2017-07-01","2018-06-01",null,{"v":1500000,"d":"1,500,000"},{"$f":"R209","v":{"v":1500000,"d":"1,500,000"}},{"v":1500000,"d":"1,500,000"},"CGK","N/A",{"v":1500000,"d":"1,500,000"},0,0,{"v":0,"d":"0%"},null,{"v":1500000,"d":"1,500,000"},{"v":1500000,"d":"1,500,000"},"Completed",{"$nulls":6},"No",null,"Environmental","No","Propose budget for screening","No","Propose budget for screening","Yes","Fesibility studies and design"]
[208,"Oloisho-Ololete borehole","Supply and piping of water","Increase access to safe and affordable water","Pipeline constructed",null,{"$f":"Table4[[#This Row],[Project Name/Title]]","v":"Oloisho-Ololete borehole"},"Kajiado North","NGONG",null,"Water, Irrigation, Environment and Natural Resources ","Water & Irrigation","Water & Irrigation","2017-06-30","2017-07-01","2018-06-01",null,{"v":6000000,"d":"6,000,000"},{"$f":"R210","v":{"v":6000000,"d":"6,000,000"}},{"v":6000000,"d":"6,000,000"},"CGK","N/A",{"v":6000000,"d":"6,000,000"},0,0,{"v":0,"d":"0%"},null,{"v":6000000,"d":"6,000,000"},{"v":6000000,"d":"6,000,000"},"Stalled",{"v":0.4,"d":"40%"},{"$f":"AE210","v":{"v":0.4,"d":"40%"}},"Inadequate finances",2018,6,{"$f":"AC210","v":{"v":6000000,"d":"6,000,000"}},"No","Defer","Financial","No","Propose budget for screening","No","Propose budget for screening","Yes","Fesibility studies and design"]
[209,"Piping of water from Florida and Township borehole to homesteads","Piping of water from Florida and Township borehole to homesteads","Increase access to safe and affordable water","Pipeline constructed",null,{"$f":"Table4[[#This Row],[Project Name/Title]]","v":"Piping of water from Florida and Township borehole to homesteads"},"Kajiado North","NGONG",null,"Water, Irrigation, Environment and Natural Resources ","Water & Irrigation","Water & Irrigation","2017-06-30","2017-07-01","2018-06-01",null,{"v":6000000,"d":"6,000,000"},{"$f":"R211","v":{"v":6000000,"d":"6,000,000"}},{"v":6000000,"d":"6,000,000"},"CGK","N/A",{"v":6000000,"d":"6,000,000"},0,0,{"v":0,"d":"0%"},null,{"v":6000000,"d":"6,000,000"},{"v":6000000,"d":"6,000,000"},"Completed",{"$nulls":6},"No",null,"Environmental","No","Propose budget for screening","No","Propose budget for screening","Yes","Fesibility studies and design"]
[210,"Singiraine Belgium dam","Desilting ","Increase access to safe and affordable water","Dam desiltated",null,{"$f":"Table4[[#This Row],[Project Name/Title]]","v":"Singiraine Belgium dam"},"Kajiado West ","LOODOKILANI ",null,"Water, Irrigation, Environment and Natural Resources ","Water & Irrigation","Water & Irrigation","2017-06-30","2017-07-01","2018-06-01",null,{"v":2000000,"d":"2,000,000"},{"$f":"R212","v":{"v":2000000,"d":"2,000,000"}},{"v":2000000,"d":"2,000,000"},"CGK","N/A",{"v":2000000,"d":"2,000,000"},0,0,{"v":0,"d":"0%"},null,{"v":2000000,"d":"2,000,000"},{"v":2000000,"d":"2,000,000"},"Completed",{"$nulls":6},"No",null,"Environmental","No","Propose budget for screening","No","Propose budget for screening","Yes","Fesibility studies and design"]
[211,"Tikoishi borehole","Equipping","Increase access to safe and affordable water","Borehole equipped",null,{"$f":"Table4[[#This Row],[Project Name/Title]]","v":"Tikoishi borehole"},"Kajiado West ","LOODOKILANI ",null,"Water, Irrigation, Environment and Natural Resources ","Water & Irrigation","Water & Irrigation","2017-06-30","2017-07-01","2018-06-01",null,{"v":5000000,"d":"5,000,000"},{"$f":"R213","v":{"v":5000000,"d":"5,000,000"}},{"v":5000000,"d":"5,000,000"},"CGK","N/A",{"v":5000000,"d":"5,000,000"},0,0,{"v":0,"d":"0%"},null,{"v":5000000,"d":"5,000,000"},{"v":5000000,"d":"5,000,000"},"Completed",{"$nulls":6},"No",null,"Environmental","No","Propose budget for screening","No","Propose budget for screening","Yes","Fesibility studies and design"]
[212,"Enchorro Esenteu borehole","Pipeline construction","Increase access to safe and affordable water","Pipeline constructed",null,{"$f":"Table4[[#This Row],[Project Name/Title]]","v":"Enchorro Esenteu borehole"},"Kajiado West ","LOODOKILANI ",null,"Water, Irrigation, Environment and Natural Resources ","Water & Irrigation","Water & Irrigation","2017-06-30","2017-07-01","2018-06-01",null,{"v":7000000,"d":"7,000,000"},{"$f":"R214","v":{"v":7000000,"d":"7,000,000"}},{"v":7000000,"d":"7,000,000"},"CGK","N/A",{"v":7000000,"d":"7,000,000"},0,0,{"v":0,"d":"0%"},null,{"v":7000000,"d":"7,000,000"},{"v":7000000,"d":"7,000,000"},"Completed",{"$nulls":6},"No",null,"Environmental","No","Propose budget for screening","No","Propose budget for screening","Yes","Fesibility studies and design"]
[213,"Naningoi Girls  borehole","Rehabilitation","Increase access to safe and affordable water","Borehole rehabilitated",null,{"$f":"Table4[[#This Row],[Project Name/Title]]","v":"Naningoi Girls  borehole"},"Kajiado West ","MOSIRO",null,"Water, Irrigation, Environment and Natural Resources ","Water & Irrigation","Water & Irrigation","2017-06-30","2017-07-01","2018-06-01",null,{"v":2000000,"d":"2,000,000"},{"$f":"R215","v":{"v":2000000,"d":"2,000,000"}},{"v":2000000,"d":"2,000,000"},"CGK","N/A",{"v":2000000,"d":"2,000,000"},0,0,{"v":0,"d":"0%"},null,{"v":2000000,"d":"2,000,000"},{"v":2000000,"d":"2,000,000"},"Completed",{"$nulls":6},"No",null,"Environmental","No","Propose budget for screening","No","Propose budget for screening","Yes","Fesibility studies and design"]
[214,"Imariani borehole","Drilling and Equipping","Increase access to safe and affordable water","Borehole drilled and equipped",null,{"$f":"Table4[[#This Row],[Project Name/Title]]","v":"Imariani borehole"},"Kajiado West ","MOSIRO",null,"Water, Irrigation, Environment and Natural Resources ","Water & Irrigation","Water & Irrigation","2017-06-30","2017-07-01","2018-06-01",null,{"v":7000000,"d":"7,000,000"},{"$f":"R216","v":{"v":7000000,"d":"7,000,000"}},{"v":7000000,"d":"7,000,000"},"CGK","N/A",{"v":7000000,"d":"7,000,000"},0,0,{"v":0,"d":"0%"},null,{"v":7000000,"d":"7,000,000"},{"v":7000000,"d":"7,000,000"},"Completed",{"$nulls":6},"No",null,"Environmental","No","Propose budget for screening","No","Propose budget for screening","Yes","Fesibility studies and design"]
[215,"Kiruk borehole","Drilling and Equipping","Increase access to safe and affordable water","Borehole drilled and equipped",null,{"$f":"Table4[[#This Row],[Project Name/Title]]","v":"Kiruk borehole"},"Kajiado West ","MOSIRO",null,"Water, Irrigation, Environment and Natural Resources ","Water & Irrigation","Water & Irrigation","2017-06-30","2017-07-01","2018-06-01",null,{"v":7000000,"d":"7,000,000"},{"$f":"R217","v":{"v":7000000,"d":"7,000,000"}},{"v":7000000,"d":"7,000,000"},"CGK","N/A",{"v":7000000,"d":"7,000,000"},0,0,{"v":0,"d":"0%"},null,{"v":7000000,"d":"7,000,000"},{"v":7000000,"d":"7,000,000"},"Completed",{"$nulls":6},"No",null,"Environmental","No","Propose budget for screening","No","Propose budget for screening","Yes","Fesibility studies and design"]
[216,"Eiti Kisamis Pry Sch Borehole","Drilling and Equipping","Increase access to safe and affordable water","Borehole drilled and equipped",null,{"$f":"Table4[[#This Row],[Project Name/Title]]","v":"Eiti Kisamis Pry Sch Borehole"},"Kajiado West ","KEEKONYOKIE",null,"Water, Irrigation, Environment and Natural Resources ","Water & Irrigation","Water & Irrigation","2017-06-30","2017-07-01","2018-06-01",null,{"v":7000000,"d":"7,000,000"},{"$f":"R218","v":{"v":7000000,"d":"7,000,000"}},{"v":7000000,"d":"7,000,000"},"CGK","N/A",{"v":7000000,"d":"7,000,000"},0,0,{"v":0,"d":"0%"},null,{"v":7000000,"d":"7,000,000"},{"v":7000000,"d":"7,000,000"},"Stalled",{"v":0.4,"d":"40%"},{"$f":"AE218","v":{"v":0.4,"d":"40%"}},"Dry borehole",2018,6,{"$f":"AC218","v":{"v":7000000,"d":"7,000,000"}},"No","Defer","Financial","No","Propose budget for screening","No","Propose budget for screening","Yes","Fesibility studies and design"]
[217,"Oreteti borehole - Kona baridi","Equipping","Increase access to safe and affordable water","Borehole drilled and equipped",null,{"$f":"Table4[[#This Row],[Project Name/Title]]","v":"Oreteti borehole - Kona baridi"},"Kajiado West ","KEEKONYOKIE",null,"Water, Irrigation, Environment and Natural Resources ","Water & Irrigation","Water & Irrigation","2017-06-30","2017-07-01","2018-06-01",null,{"v":2800000,"d":"2,800,000"},{"$f":"R219","v":{"v":2800000,"d":"2,800,000"}},{"v":2800000,"d":"2,800,000"},"CGK","N/A",{"v":2800000,"d":"2,800,000"},0,0,{"v":0,"d":"0%"},null,{"v":2800000,"d":"2,800,000"},{"v":2800000,"d":"2,800,000"},"Completed",{"$nulls":6},"No",null,"Environmental","No","Propose budget for screening","No","Propose budget for screening","Yes","Fesibility studies and design"]
[218,"Pakase modern water storage tank","Construction","Increase access to safe and affordable water","Storage tank constructed",null,{"$f":"Table4[[#This Row],[Project Name/Title]]","v":"Pakase modern water storage tank"},"Kajiado West ","MAGADI",null,"Water, Irrigation, Environment and Natural Resources ","Water & Irrigation","Water & Irrigation","2017-06-30","2017-07-01","2018-06-01",null,{"v":3000000,"d":"3,000,000"},{"$f":"R220","v":{"v":3000000,"d":"3,000,000"}},{"v":3000000,"d":"3,000,000"},"CGK","N/A",{"v":3000000,"d":"3,000,000"},0,0,{"v":0,"d":"0%"},null,{"v":3000000,"d":"3,000,000"},{"v":3000000,"d":"3,000,000"},"Completed",{"$nulls":6},"No",null,"Environmental","No","Propose budget for screening","No","Propose budget for screening","Yes","Fesibility studies and design"]
[219,"Lechoni Dam","Construction","Increase access to safe and affordable water","Dam constructed",null,{"$f":"Table4[[#This Row],[Project Name/Title]]","v":"Lechoni Dam"},"Kajiado West ","MAGADI",null,"Water, Irrigation, Environment and Natural Resources ","Water & Irrigation","Water & Irrigation","2017-06-30","2017-07-01","2018-06-01",null,{"v":8000000,"d":"8,000,000"},{"$f":"R221","v":{"v":8000000,"d":"8,000,000"}},{"v":8000000,"d":"8,000,000"},"CGK","N/A",{"v":8000000,"d":"8,000,000"},0,0,{"v":0,"d":"0%"},null,{"v":8000000,"d":"8,000,000"},{"v":8000000,"d":"8,000,000"},"Completed",{"$nulls":6},"No",null,"Environmental","No","Propose budget for screening","No","Propose budget for screening","Yes","Fesibility studies and design"]
[220,"Lorngosua - Nashipai Dominion Church water Pipeline","Completion","Increase access to safe and affordable water","Pipeline constructed",null,{"$f":"Table4[[#This Row],[Project Name/Title]]","v":"Lorngosua - Nashipai Dominion Church water Pipeline"},"Kajiado West ","MAGADI",null,"Water, Irrigation, Environment and Natural Resources ","Water & Irrigation","Water & Irrigation","2017-06-30","2017-07-01","2018-06-01",null,{"v":2000000,"d":"2,000,000"},{"$f":"R222","v":{"v":2000000,"d":"2,000,000"}},{"v":2000000,"d":"2,000,000"},"CGK","N/A",{"v":2000000,"d":"2,000,000"},0,0,{"v":0,"d":"0%"},null,{"v":2000000,"d":"2,000,000"},{"v":2000000,"d":"2,000,000"},"Completed",{"$nulls":6},"No",null,"Environmental","No","Propose budget for screening","No","Propose budget for screening","Yes","Fesibility studies and design"]
[221,"Kiwanja Borehole","Drilling and Equipping of a borehole","Increase access to safe and affordable water","Borehole drilled and equipped",null,{"$f":"Table4[[#This Row],[Project Name/Title]]","v":"Kiwanja Borehole"},"Kajiado South","KUKU",null,"Water, Irrigation, Environment and Natural Resources ","Water & Irrigation","Water & Irrigation","2017-06-30","2017-07-01","2018-06-01",null,{"v":7000000,"d":"7,000,000"},{"$f":"R223","v":{"v":7000000,"d":"7,000,000"}},{"v":7000000,"d":"7,000,000"},"CGK","N/A",{"v":7000000,"d":"7,000,000"},0,0,{"v":0,"d":"0%"},null,{"v":7000000,"d":"7,000,000"},{"v":7000000,"d":"7,000,000"},"Completed",{"$nulls":6},"No",null,"Environmental","No","Propose budget for screening","No","Propose budget for screening","Yes","Fesibility studies and design"]
[222,"Njukini Borehole","Equipping of the borehole","Increase access to safe and affordable water","Borehole equipped",null,{"$f":"Table4[[#This Row],[Project Name/Title]]","v":"Njukini Borehole"},"Kajiado South","ROMBO",null,"Water, Irrigation, Environment and Natural Resources ","Water & Irrigation","Water & Irrigation","2017-06-30","2017-07-01","2018-06-01",null,{"v":4000000,"d":"4,000,000"},{"$f":"R224","v":{"v":4000000,"d":"4,000,000"}},{"v":4000000,"d":"4,000,000"},"CGK","N/A",{"v":4000000,"d":"4,000,000"},0,0,{"v":0,"d":"0%"},null,{"v":4000000,"d":"4,000,000"},{"v":4000000,"d":"4,000,000"},"Completed",{"$nulls":6},"No",null,"Environmental","No","Propose budget for screening","No","Propose budget for screening","Yes","Fesibility studies and design"]
[223,"Olmapina Nasipa Miguira ","Piping & 100cubic metres tank construction","Increase access to safe and affordable water","Pipeline constructed",null,{"$f":"Table4[[#This Row],[Project Name/Title]]","v":"Olmapina Nasipa Miguira "},"Kajiado South","ROMBO",null,"Water, Irrigation, Environment and Natural Resources ","Water & Irrigation","Water & Irrigation","2017-06-30","2017-07-01","2018-06-01",null,{"v":1500000,"d":"1,500,000"},{"$f":"R225","v":{"v":1500000,"d":"1,500,000"}},{"v":1500000,"d":"1,500,000"},"CGK","N/A",{"v":1500000,"d":"1,500,000"},0,0,{"v":0,"d":"0%"},null,{"v":1500000,"d":"1,500,000"},{"v":1500000,"d":"1,500,000"},"Completed",{"$nulls":6},"No",null,"Environmental","No","Propose budget for screening","No","Propose budget for screening","Yes","Fesibility studies and design"]
[224,"Enduet Tank","Construction of a tank","Increase access to safe and affordable water","Storage tank constructed",null,{"$f":"Table4[[#This Row],[Project Name/Title]]","v":"Enduet Tank"},"Kajiado South","ROMBO",null,"Water, Irrigation, Environment and Natural Resources ","Water & Irrigation","Water & Irrigation","2017-06-30","2017-07-01","2018-06-01",null,{"v":2000000,"d":"2,000,000"},{"$f":"R226","v":{"v":2000000,"d":"2,000,000"}},{"v":2000000,"d":"2,000,000"},"CGK","N/A",{"v":2000000,"d":"2,000,000"},0,0,{"v":0,"d":"0%"},null,{"v":2000000,"d":"2,000,000"},{"v":2000000,"d":"2,000,000"},"Completed",{"$nulls":6},"No",null,"Environmental","No","Propose budget for screening","No","Propose budget for screening","Yes","Fesibility studies and design"]
[225,"Loolakir/Eliti borehole","Equipping and watering facilities","Increase access to safe and affordable water","Borehole equipped",null,{"$f":"Table4[[#This Row],[Project Name/Title]]","v":"Loolakir/Eliti borehole"},"Kajiado South","ENTONET/ LENKISM",null,"Water, Irrigation, Environment and Natural Resources ","Water & Irrigation","Water & Irrigation","2017-06-30","2017-07-01","2018-06-01",null,{"v":4000000,"d":"4,000,000"},{"$f":"R227","v":{"v":4000000,"d":"4,000,000"}},{"v":4000000,"d":"4,000,000"},"CGK","N/A",{"v":4000000,"d":"4,000,000"},0,0,{"v":0,"d":"0%"},null,{"v":4000000,"d":"4,000,000"},{"v":4000000,"d":"4,000,000"},"Completed",{"$nulls":6},"No",null,"Environmental","No","Propose budget for screening","No","Propose budget for screening","Yes","Fesibility studies and design"]
[226,"Olepolos/Murutot Water Project","3Km pipeline extension and a water tank","Increase access to safe and affordable water","Pipeline constructed",null,{"$f":"Table4[[#This Row],[Project Name/Title]]","v":"Olepolos/Murutot Water Project"},"Kajiado South","ENTONET/ LENKISM",null,"Water, Irrigation, Environment and Natural Resources ","Water & Irrigation","Water & Irrigation","2017-06-30","2017-07-01","2018-06-01",null,{"v":4500000,"d":"4,500,000"},{"$f":"R228","v":{"v":4500000,"d":"4,500,000"}},{"v":4500000,"d":"4,500,000"},"CGK","N/A",{"v":4500000,"d":"4,500,000"},0,0,{"v":0,"d":"0%"},null,{"v":4500000,"d":"4,500,000"},{"v":4500000,"d":"4,500,000"},"Completed",{"$nulls":6},"No",null,"Environmental","No","Propose budget for screening","No","Propose budget for screening","Yes","Fesibility studies and design"]
[227,"Olepolos Borehole","Equipping and construction of watering facilities","Increase access to safe and affordable water","Borehole equipped",null,{"$f":"Table4[[#This Row],[Project Name/Title]]","v":"Olepolos Borehole"},"Kajiado South","ENTONET/ LENKISM",null,"Water, Irrigation, Environment and Natural Resources ","Water & Irrigation","Water & Irrigation","2017-06-30","2017-07-01","2018-06-01",null,{"v":2000000,"d":"2,000,000"},{"$f":"R229","v":{"v":2000000,"d":"2,000,000"}},{"v":2000000,"d":"2,000,000"},"CGK","N/A",{"v":2000000,"d":"2,000,000"},0,0,{"v":0,"d":"0%"},null,{"v":2000000,"d":"2,000,000"},{"v":2000000,"d":"2,000,000"},"Completed",{"$nulls":6},"No",null,"Environmental","No","Propose budget for screening","No","Propose budget for screening","Yes","Fesibility studies and design"]
[228,"Osiram Cultural boma water","1.5Km pipeline extension","Increase access to safe and affordable water","Pipeline constructed",null,{"$f":"Table4[[#This Row],[Project Name/Title]]","v":"Osiram Cultural boma water"},"Kajiado South","IMBIRIKANI/ ESELENKEI",null,"Water, Irrigation, Environment and Natural Resources ","Water & Irrigation","Water & Irrigation","2017-06-30","2017-07-01","2018-06-01",null,{"v":1500000,"d":"1,500,000"},{"$f":"R230","v":{"v":1500000,"d":"1,500,000"}},{"v":1500000,"d":"1,500,000"},"CGK","N/A",{"v":1500000,"d":"1,500,000"},0,0,{"v":0,"d":"0%"},null,{"v":1500000,"d":"1,500,000"},{"v":1500000,"d":"1,500,000"},"Completed",{"$nulls":6},"No",null,"Environmental","No","Propose budget for screening","No","Propose budget for screening","Yes","Fesibility studies and design"]
[229,"Enkaji Naibor farrow","3km Canal extension works","Increase access to safe and affordable water","Canal constructed",null,{"$f":"Table4[[#This Row],[Project Name/Title]]","v":"Enkaji Naibor farrow"},"Kajiado South","IMBIRIKANI/ ESELENKEI",null,"Water, Irrigation, Environment and Natural Resources ","Water & Irrigation","Water & Irrigation","2017-06-30","2017-07-01","2018-06-01",null,{"v":3000000,"d":"3,000,000"},{"$f":"R231","v":{"v":3000000,"d":"3,000,000"}},{"v":3000000,"d":"3,000,000"},"CGK","N/A",{"v":3000000,"d":"3,000,000"},0,0,{"v":0,"d":"0%"},null,{"v":3000000,"d":"3,000,000"},{"v":3000000,"d":"3,000,000"},"Completed",{"$nulls":6},"No",null,"Environmental","No","Propose budget for screening","No","Propose budget for screening","Yes","Fesibility studies and design"]
[230,"Kisilet farrow","Canal lining","Increase area under irrigation","Canal lined",null,{"$f":"Table4[[#This Row],[Project Name/Title]]","v":"Kisilet farrow"},"Kajiado South","KIMANA",null,"Water, Irrigation, Environment and Natural Resources ","Water & Irrigation","Water & Irrigation","2017-06-30","2017-07-01","2018-06-01",null,{"v":4000000,"d":"4,000,000"},{"$f":"R232","v":{"v":4000000,"d":"4,000,000"}},{"v":4000000,"d":"4,000,000"},"CGK","N/A",{"v":4000000,"d":"4,000,000"},0,0,{"v":0,"d":"0%"},null,{"v":4000000,"d":"4,000,000"},{"v":4000000,"d":"4,000,000"},"Completed",{"$nulls":6},"No",null,"Environmental","No","Propose budget for screening","No","Propose budget for screening","Yes","Fesibility studies and design"]
[231,"Ilnchalai borehole","Installation of a gen set","Increase access to safe and affordable water","Genset installed",null,{"$f":"Table4[[#This Row],[Project Name/Title]]","v":"Ilnchalai borehole"},"Kajiado South","IMBIRIKANI/ ESELENKEI",null,"Water, Irrigation, Environment and Natural Resources ","Water & Irrigation","Water & Irrigation","2017-06-30","2017-07-01","2018-06-01",null,{"v":1500000,"d":"1,500,000"},{"$f":"R233","v":{"v":1500000,"d":"1,500,000"}},{"v":1500000,"d":"1,500,000"},"CGK","N/A",{"v":1500000,"d":"1,500,000"},0,0,{"v":0,"d":"0%"},null,{"v":1500000,"d":"1,500,000"},{"v":1500000,"d":"1,500,000"},"Completed",{"$nulls":6},"No",null,"Environmental","No","Propose budget for screening","No","Propose budget for screening","Yes","Fesibility studies and design"]
[232,"Mashamba Mapya community borehole","6Km pipeline extension","Increase access to safe and affordable water","Pipeline constructed",null,{"$f":"Table4[[#This Row],[Project Name/Title]]","v":"Mashamba Mapya community borehole"},"Kajiado South","KIMANA",null,"Water, Irrigation, Environment and Natural Resources ","Water & Irrigation","Water & Irrigation","2017-06-30","2017-07-01","2018-06-01",null,{"v":6000000,"d":"6,000,000"},{"$f":"R234","v":{"v":6000000,"d":"6,000,000"}},{"v":6000000,"d":"6,000,000"},"CGK","N/A",{"v":6000000,"d":"6,000,000"},0,0,{"v":0,"d":"0%"},null,{"v":6000000,"d":"6,000,000"},{"v":6000000,"d":"6,000,000"},"Completed",{"$nulls":6},"No",null,"Environmental","No","Propose budget for screening","No","Propose budget for screening","Yes","Fesibility studies and design"]
[233,"Kimana community water tank","Construction of a water tank","Increase access to safe and affordable water","Water Storage tank constructed",null,{"$f":"Table4[[#This Row],[Project Name/Title]]","v":"Kimana community water tank"},"Kajiado South","KIMANA",null,"Water, Irrigation, Environment and Natural Resources ","Water & Irrigation","Water & Irrigation","2017-06-30","2017-07-01","2018-06-01",null,{"v":3000000,"d":"3,000,000"},{"$f":"R235","v":{"v":3000000,"d":"3,000,000"}},{"v":3000000,"d":"3,000,000"},"CGK","N/A",{"v":3000000,"d":"3,000,000"},0,0,{"v":0,"d":"0%"},null,{"v":3000000,"d":"3,000,000"},{"v":3000000,"d":"3,000,000"},"Completed",{"$nulls":6},"No",null,"Environmental","No","Propose budget for screening","No","Propose budget for screening","Yes","Fesibility studies and design"]
[234,"Mansonry tank","Construction, piping, plumbing (3km)","Increase access to safe and affordable water","Pipeline constructed",null,{"$f":"Table4[[#This Row],[Project Name/Title]]","v":"Mansonry tank"},"Kajiado East ","OLOOSIRKON/ SHOLINKE",null,"Water, Irrigation, Environment and Natural Resources ","Water & Irrigation","Water & Irrigation","2017-06-30","2017-07-01","2018-06-01",null,{"v":6000000,"d":"6,000,000"},{"$f":"R236","v":{"v":6000000,"d":"6,000,000"}},{"v":6000000,"d":"6,000,000"},"CGK","N/A",{"v":6000000,"d":"6,000,000"},0,0,{"v":0,"d":"0%"},null,{"v":6000000,"d":"6,000,000"},{"v":6000000,"d":"6,000,000"},"Completed",{"$nulls":6},"No",null,"Environmental","No","Propose budget for screening","No","Propose budget for screening","Yes","Fesibility studies and design"]
[235,"Kunchu Borehole","Drlling and Equiping","Increase access to safe and affordable water","Borehole drilled and equipped",null,{"$f":"Table4[[#This Row],[Project Name/Title]]","v":"Kunchu Borehole"},"Kajiado East ","KENYAWA POKA",null,"Water, Irrigation, Environment and Natural Resources ","Water & Irrigation","Water & Irrigation","2017-06-30","2017-07-01","2018-06-01",null,{"v":7000000,"d":"7,000,000"},{"$f":"R237","v":{"v":7000000,"d":"7,000,000"}},{"v":7000000,"d":"7,000,000"},"CGK","N/A",{"v":7000000,"d":"7,000,000"},0,0,{"v":0,"d":"0%"},null,{"v":7000000,"d":"7,000,000"},{"v":7000000,"d":"7,000,000"},"Completed",{"$nulls":6},"No",null,"Environmental","No","Propose budget for screening","No","Propose budget for screening","Yes","Fesibility studies and design"]
[236,"Napukudet Community Borehole","Drilling and Equiping","Increase access to safe and affordable water","Borehole drilled and equipped",null,{"$f":"Table4[[#This Row],[Project Name/Title]]","v":"Napukudet Community Borehole"},"Kajiado East ","IMARORO",null,"Water, Irrigation, Environment and Natural Resources ","Water & Irrigation","Water & Irrigation","2017-06-30","2017-07-01","2018-06-01",null,{"v":4000000,"d":"4,000,000"},{"$f":"R238","v":{"v":4000000,"d":"4,000,000"}},{"v":4000000,"d":"4,000,000"},"CGK","N/A",{"v":4000000,"d":"4,000,000"},0,0,{"v":0,"d":"0%"},null,{"v":4000000,"d":"4,000,000"},{"v":4000000,"d":"4,000,000"},"Completed",{"$nulls":6},"No",null,"Environmental","No","Propose budget for screening","No","Propose budget for screening","Yes","Fesibility studies and design"]
[237,"Enkonerei Community Water Project","Drilling and Equiping","Increase access to safe and affordable water","Borehole drilled and equipped",null,{"$f":"Table4[[#This Row],[Project Name/Title]]","v":"Enkonerei Community Water Project"},"Kajiado East ","IMARORO",null,"Water, Irrigation, Environment and Natural Resources ","Water & Irrigation","Water & Irrigation","2017-06-30","2017-07-01","2018-06-01",null,{"v":5000000,"d":"5,000,000"},{"$f":"R239","v":{"v":5000000,"d":"5,000,000"}},{"v":5000000,"d":"5,000,000"},"CGK","N/A",{"v":5000000,"d":"5,000,000"},0,0,{"v":0,"d":"0%"},null,{"v":5000000,"d":"5,000,000"},{"v":5000000,"d":"5,000,000"},"Completed",{"$nulls":6},"No",null,"Environmental","No","Propose budget for screening","No","Propose budget for screening","Yes","Fesibility studies and design"]
[238,"Inchil-Inkojonga Water Project","Piping","Increase access to safe and affordable water","Pipeline constructed",null,{"$f":"Table4[[#This Row],[Project Name/Title]]","v":"Inchil-Inkojonga Water Project"},"Kajiado East ","IMARORO",null,"Water, Irrigation, Environment and Natural Resources ","Water & Irrigation","Water & Irrigation","2017-06-30","2017-07-01","2018-06-01",null,{"v":2000000,"d":"2,000,000"},{"$f":"R240","v":{"v":2000000,"d":"2,000,000"}},{"v":2000000,"d":"2,000,000"},"CGK","N/A",{"v":2000000,"d":"2,000,000"},0,0,{"v":0,"d":"0%"},null,{"v":2000000,"d":"2,000,000"},{"v":2000000,"d":"2,000,000"},"Completed",{"$nulls":6},"No",null,"Environmental","No","Propose budget for screening","No","Propose budget for screening","Yes","Fesibility studies and design"]
[239,"Esilalei Borehole","Drillling ","Increase access to safe and affordable water","Borehole drilled",null,{"$f":"Table4[[#This Row],[Project Name/Title]]","v":"Esilalei Borehole"},"Kajiado East ","IMARORO",null,"Water, Irrigation, Environment and Natural Resources ","Water & Irrigation","Water & Irrigation","2017-06-30","2017-07-01","2018-06-01",null,{"v":4000000,"d":"4,000,000"},{"$f":"R241","v":{"v":4000000,"d":"4,000,000"}},{"v":4000000,"d":"4,000,000"},"CGK","N/A",{"v":4000000,"d":"4,000,000"},0,0,{"v":0,"d":"0%"},null,{"v":4000000,"d":"4,000,000"},{"v":4000000,"d":"4,000,000"},"Completed",{"$nulls":6},"No",null,"Environmental","No","Propose budget for screening","No","Propose budget for screening","Yes","Fesibility studies and design"]
[240,"Oltepesi Borehole","Piping to Inkuseron tank & tank renovation","Increase access to safe and affordable water","Pipeline constructed",null,{"$f":"Table4[[#This Row],[Project Name/Title]]","v":"Oltepesi Borehole"},"Kajiado East ","IMARORO",null,"Water, Irrigation, Environment and Natural Resources ","Water & Irrigation","Water & Irrigation","2017-06-30","2017-07-01","2018-06-01",null,{"v":2000000,"d":"2,000,000"},{"$f":"R242","v":{"v":2000000,"d":"2,000,000"}},{"v":2000000,"d":"2,000,000"},"CGK","N/A",{"v":2000000,"d":"2,000,000"},0,0,{"v":0,"d":"0%"},null,{"v":2000000,"d":"2,000,000"},{"v":2000000,"d":"2,000,000"},"Completed",{"$nulls":6},"No",null,"Environmental","No","Propose budget for screening","No","Propose budget for screening","Yes","Fesibility studies and design"]
[241,"Engeju-Oolowarak Borehole","Drilling and Equiping & installing an elevated tank","Increase access to safe and affordable water","Borehole drilled and equipped",null,{"$f":"Table4[[#This Row],[Project Name/Title]]","v":"Engeju-Oolowarak Borehole"},"Kajiado East ","KITENGELA",null,"Water, Irrigation, Environment and Natural Resources ","Water & Irrigation","Water & Irrigation","2017-06-30","2017-07-01","2018-06-01",null,{"v":7000000,"d":"7,000,000"},{"$f":"R243","v":{"v":7000000,"d":"7,000,000"}},{"v":7000000,"d":"7,000,000"},"CGK","N/A",{"v":7000000,"d":"7,000,000"},0,0,{"v":0,"d":"0%"},null,{"v":7000000,"d":"7,000,000"},{"v":7000000,"d":"7,000,000"},"Completed",{"$nulls":6},"No",null,"Environmental","No","Propose budget for screening","No","Propose budget for screening","Yes","Fesibility studies and design"]
[242,"Inkukuon Water Piping","Piping  ","Increase access to safe and affordable water","Pipeline constructed",null,{"$f":"Table4[[#This Row],[Project Name/Title]]","v":"Inkukuon Water Piping"},"Kajiado East ","KITENGELA",null,"Water, Irrigation, Environment and Natural Resources ","Water & Irrigation","Water & Irrigation","2017-06-30","2017-07-01","2018-06-01",null,{"v":2000000,"d":"2,000,000"},{"$f":"R244","v":{"v":2000000,"d":"2,000,000"}},{"v":2000000,"d":"2,000,000"},"CGK","N/A",{"v":2000000,"d":"2,000,000"},0,0,{"v":0,"d":"0%"},null,{"v":2000000,"d":"2,000,000"},{"v":2000000,"d":"2,000,000"},"Completed",{"$nulls":6},"No",null,"Environmental","No","Propose budget for screening","No","Propose budget for screening","Yes","Fesibility studies and design"]
[243,"Oloshaiki Borehole","Rehabilitation","Increase access to safe and affordable water","Borehole rehabilitated",null,{"$f":"Table4[[#This Row],[Project Name/Title]]","v":"Oloshaiki Borehole"},"Kajiado East ","KAPUTIEI NORTH",null,"Water, Irrigation, Environment and Natural Resources ","Water & Irrigation","Water & Irrigation","2017-06-30","2017-07-01","2018-06-01",null,{"v":2000000,"d":"2,000,000"},{"$f":"R245","v":{"v":2000000,"d":"2,000,000"}},{"v":2000000,"d":"2,000,000"},"CGK","N/A",{"v":2000000,"d":"2,000,000"},0,0,{"v":0,"d":"0%"},null,{"v":2000000,"d":"2,000,000"},{"v":2000000,"d":"2,000,000"},"Stalled",{"v":0,"d":"0%"},{"$f":"AE245","v":{"v":0,"d":"0%"}},"Borehole collapsed",2018,6,{"$f":"AC245","v":{"v":2000000,"d":"2,000,000"}},"No","Defer","Financial","No","Propose budget for screening","No","Propose budget for screening","Yes","Fesibility studies and design"]
[244,"Namunyak Borehole","Drilling and Equiping","Increase access to safe and affordable water","Borehole drilled and equipped",null,{"$f":"Table4[[#This Row],[Project Name/Title]]","v":"Namunyak Borehole"},"Kajiado East ","KAPUTIEI NORTH",null,"Water, Irrigation, Environment and Natural Resources ","Water & Irrigation","Water & Irrigation","2017-06-30","2017-07-01","2018-06-01",null,{"v":7000000,"d":"7,000,000"},{"$f":"R246","v":{"v":7000000,"d":"7,000,000"}},{"v":7000000,"d":"7,000,000"},"CGK","N/A",{"v":7000000,"d":"7,000,000"},0,0,{"v":0,"d":"0%"},null,{"v":7000000,"d":"7,000,000"},{"v":7000000,"d":"7,000,000"},"Completed",{"$nulls":6},"No",null,"Environmental","No","Propose budget for screening","No","Propose budget for screening","Yes","Fesibility studies and design"]
[245,"Oloibor Soit borehole","Repair of Gen set","Increase access to safe and affordable water","Borehole rehabilitated",null,{"$f":"Table4[[#This Row],[Project Name/Title]]","v":"Oloibor Soit borehole"},"Kajiado Central","MATAPATO NORTH",null,"Water, Irrigation, Environment and Natural Resources ","Water & Irrigation","Water & Irrigation","2017-06-30","2017-07-01","2018-06-01",null,{"v":500000,"d":"500,000"},{"$f":"R247","v":{"v":500000,"d":"500,000"}},{"v":500000,"d":"500,000"},"CGK","N/A",{"v":500000,"d":"500,000"},0,0,{"v":0,"d":"0%"},null,{"v":500000,"d":"500,000"},{"v":500000,"d":"500,000"},"Completed",{"$nulls":6},"No",null,"Environmental","No","Propose budget for screening","No","Propose budget for screening","Yes","Fesibility studies and design"]
[246,"Olchoro Oibor borehole","Drilling & Equipping","Increase access to safe and affordable water","Borehole drilled & equipped",null,{"$f":"Table4[[#This Row],[Project Name/Title]]","v":"Olchoro Oibor borehole"},"Kajiado Central","MATAPATO NORTH",null,"Water, Irrigation, Environment and Natural Resources ","Water & Irrigation","Water & Irrigation","2017-06-30","2017-07-01","2018-06-01",null,{"v":7000000,"d":"7,000,000"},{"$f":"R248","v":{"v":7000000,"d":"7,000,000"}},{"v":7000000,"d":"7,000,000"},"CGK","N/A",{"v":7000000,"d":"7,000,000"},0,0,{"v":0,"d":"0%"},null,{"v":7000000,"d":"7,000,000"},{"v":7000000,"d":"7,000,000"},"Completed",{"$nulls":6},"No",null,"Environmental","No","Propose budget for screening","No","Propose budget for screening","Yes","Fesibility studies and design"]
[247,"Elerai borehole","Drilling and equipping","Increase access to safe and affordable water","Borehole drilled & equipped",null,{"$f":"Table4[[#This Row],[Project Name/Title]]","v":"Elerai borehole"},"Kajiado Central","DALALEKUTUK",null,"Water, Irrigation, Environment and Natural Resources ","Water & Irrigation","Water & Irrigation","2017-06-30","2017-07-01","2018-06-01",null,{"v":7000000,"d":"7,000,000"},{"$f":"R249","v":{"v":7000000,"d":"7,000,000"}},{"v":7000000,"d":"7,000,000"},"CGK","N/A",{"v":7000000,"d":"7,000,000"},0,0,{"v":0,"d":"0%"},null,{"v":7000000,"d":"7,000,000"},{"v":7000000,"d":"7,000,000"},"Completed",{"$nulls":6},"No",null,"Environmental","No","Propose budget for screening","No","Propose budget for screening","Yes","Fesibility studies and design"]
[248,"Olgos shallow well","Upgrading shallow well to borehole and piping water to Nkoile primary school","Increase access to safe and affordable water","Shallow well drilled and equipped",null,{"$f":"Table4[[#This Row],[Project Name/Title]]","v":"Olgos shallow well"},"Kajiado Central","PURKO",null,"Water, Irrigation, Environment and Natural Resources ","Water & Irrigation","Water & Irrigation","2017-06-30","2017-07-01","2018-06-01",null,{"v":7000000,"d":"7,000,000"},{"$f":"R250","v":{"v":7000000,"d":"7,000,000"}},{"v":7000000,"d":"7,000,000"},"CGK","N/A",{"v":7000000,"d":"7,000,000"},0,0,{"v":0,"d":"0%"},null,{"v":7000000,"d":"7,000,000"},{"v":7000000,"d":"7,000,000"},"Completed",{"$nulls":6},"No",null,"Environmental","No","Propose budget for screening","No","Propose budget for screening","Yes","Fesibility studies and design"]
[249,"Oloorela/Ensiati borehole","Borehole equiping","Increase access to safe and affordable water","Borehole equipped",null,{"$f":"Table4[[#This Row],[Project Name/Title]]","v":"Oloorela/Ensiati borehole"},"Kajiado Central","PURKO",null,"Water, Irrigation, Environment and Natural Resources ","Water & Irrigation","Water & Irrigation","2017-06-30","2017-07-01","2018-06-01",null,{"v":2000000,"d":"2,000,000"},{"$f":"R251","v":{"v":2000000,"d":"2,000,000"}},{"v":2000000,"d":"2,000,000"},"CGK","N/A",{"v":2000000,"d":"2,000,000"},0,0,{"v":0,"d":"0%"},null,{"v":2000000,"d":"2,000,000"},{"v":2000000,"d":"2,000,000"},"Completed",{"$nulls":6},"No",null,"Environmental","No","Propose budget for screening","No","Propose budget for screening","Yes","Fesibility studies and design"]
[250,"Tikoishi borehole ","Drilling and equipping","Increase access to safe and affordable water","Borehole drilled & equipped",null,{"$f":"Table4[[#This Row],[Project Name/Title]]","v":"Tikoishi borehole "},"Kajiado Central","ILDAMAT",null,"Water, Irrigation, Environment and Natural Resources ","Water & Irrigation","Water & Irrigation","2017-06-30","2017-07-01","2018-06-01",null,{"v":7000000,"d":"7,000,000"},{"$f":"R252","v":{"v":7000000,"d":"7,000,000"}},{"v":7000000,"d":"7,000,000"},"CGK","N/A",{"v":7000000,"d":"7,000,000"},0,0,{"v":0,"d":"0%"},null,{"v":7000000,"d":"7,000,000"},{"v":7000000,"d":"7,000,000"},"Completed",{"$nulls":6},"No",null,"Environmental","No","Propose budget for screening","No","Propose budget for screening","Yes","Fesibility studies and design"]
[251,"Olasit water pan","Desilting ","Increase access to safe and affordable water","Pan desilted",null,{"$f":"Table4[[#This Row],[Project Name/Title]]","v":"Olasit water pan"},"Kajiado Central","MATAPATO SOUTH",null,"Water, Irrigation, Environment and Natural Resources ","Water & Irrigation","Water & Irrigation","2017-06-30","2017-07-01","2018-06-01",null,{"v":2000000,"d":"2,000,000"},{"$f":"R253","v":{"v":2000000,"d":"2,000,000"}},{"v":2000000,"d":"2,000,000"},"CGK","N/A",{"v":2000000,"d":"2,000,000"},0,0,{"v":0,"d":"0%"},null,{"v":2000000,"d":"2,000,000"},{"v":2000000,"d":"2,000,000"},"Completed",{"$nulls":6},"No",null,"Environmental","No","Propose budget for screening","No","Propose budget for screening","Yes","Fesibility studies and design"]
[252,"Empukani water pan","Desilting ","Increase access to safe and affordable water","Pan desilted",null,{"$f":"Table4[[#This Row],[Project Name/Title]]","v":"Empukani water pan"},"Kajiado Central","MATAPATO SOUTH",null,"Water, Irrigation, Environment and Natural Resources ","Water & Irrigation","Water & Irrigation","2017-06-30","2017-07-01","2018-06-01",null,{"v":1500000,"d":"1,500,000"},{"$f":"R254","v":{"v":1500000,"d":"1,500,000"}},{"v":1500000,"d":"1,500,000"},"CGK","N/A",{"v":1500000,"d":"1,500,000"},0,0,{"v":0,"d":"0%"},null,{"v":1500000,"d":"1,500,000"},{"v":1500000,"d":"1,500,000"},"Completed",{"$nulls":6},"No",null,"Environmental","No","Propose budget for screening","No","Propose budget for screening","Yes","Fesibility studies and design"]
[253,"Muntarakwa borehole","Drilling and equipping","Increase access to safe and affordable water","Borehole drilled & equipped",null,{"$f":"Table4[[#This Row],[Project Name/Title]]","v":"Muntarakwa borehole"},"Kajiado Central","MATAPATO SOUTH",null,"Water, Irrigation, Environment and Natural Resources ","Water & Irrigation","Water & Irrigation","2017-06-30","2017-07-01","2018-06-01",null,{"v":7000000,"d":"7,000,000"},{"$f":"R255","v":{"v":7000000,"d":"7,000,000"}},{"v":7000000,"d":"7,000,000"},"CGK","N/A",{"v":7000000,"d":"7,000,000"},0,0,{"v":0,"d":"0%"},null,{"v":7000000,"d":"7,000,000"},{"v":7000000,"d":"7,000,000"},"Completed",{"$nulls":6},"No",null,"Environmental","No","Propose budget for screening","No","Propose budget for screening","Yes","Fesibility studies and design"]
[254,"Oloorela Water Pan","Desilting ","Increase access to safe and affordable water","Pan desilted",null,{"$f":"Table4[[#This Row],[Project Name/Title]]","v":"Oloorela Water Pan"},"Kajiado Central","MATAPATO SOUTH",null,"Water, Irrigation, Environment and Natural Resources ","Water & Irrigation","Water & Irrigation","2017-06-30","2017-07-01","2018-06-01",null,{"v":1500000,"d":"1,500,000"},{"$f":"R256","v":{"v":1500000,"d":"1,500,000"}},{"v":1500000,"d":"1,500,000"},"CGK","N/A",{"v":1500000,"d":"1,500,000"},0,0,{"v":0,"d":"0%"},null,{"v":1500000,"d":"1,500,000"},{"v":1500000,"d":"1,500,000"},"Completed",{"$nulls":6},"No",null,"Environmental","No","Propose budget for screening","No","Propose budget for screening","Yes","Fesibility studies and design"]
[255,"Water Reticulation in Isinet","Water reticulation","Increase access to safe and affordable water","Water reticulation done",null,{"$f":"Table4[[#This Row],[Project Name/Title]]","v":"Water Reticulation in Isinet"},{"$nulls":3},"Water, Irrigation, Environment and Natural Resources ","Water & Irrigation","Water & Irrigation","2017-06-30","2017-07-01","2018-06-01",null,{"v":10000000,"d":"10,000,000"},{"$f":"R257","v":{"v":10000000,"d":"10,000,000"}},{"v":10000000,"d":"10,000,000"},"CGK","N/A",{"$f":"S257","v":{"v":10000000,"d":"10,000,000"}},0,0,{"v":0,"d":"0%"},null,{"v":10000000,"d":"10,000,000"},{"v":10000000,"d":"10,000,000"},"Completed",{"$nulls":6},"No",null,"Environmental","No","Propose budget for screening","No","Propose budget for screening","Yes","Fesibility studies and design"]
[256,"Impiro canal","Repair of canal","Increase area under irrigation","Canal repaired",null,{"$f":"Table4[[#This Row],[Project Name/Title]]","v":"Impiro canal"},{"$nulls":3},"Water, Irrigation, Environment and Natural Resources ","Water & Irrigation","Water & Irrigation","2017-06-30","2017-07-01","2018-06-01",null,0,{"$f":"R258","v":0},0,"CGK","N/A",0,0,0,{"$f":"Y258/S258","v":{"$error":"#DIV/0!"}},null,{"$f":"T258-Y258","v":0},{"$f":"S258-Y258","v":0},"Completed",{"$nulls":6},"No",null,"Environmental","No","Propose budget for screening","No","Propose budget for screening","Yes","Fesibility studies and design"]
[257,"Uswa-Emorkea Water Project","Water Piping from Uswa Borehole to Emorkea Pri sch","Increase access to safe and affordable water","Pipeline constructed",null,{"$f":"Table4[[#This Row],[Project Name/Title]]","v":"Uswa-Emorkea Water Project"},"Kajiado West","Ildookilani",null,"Water, Irrigation, Environment and Natural Resources ","Water & Irrigation","Water & Irrigation","2017-06-30","2017-07-01","2018-06-01",null,{"v":10000000,"d":"10,000,000"},{"$f":"R259","v":{"v":10000000,"d":"10,000,000"}},{"v":10000000,"d":"10,000,000"},"CGK","N/A",{"v":10000000,"d":"10,000,000"},0,0,{"v":0,"d":"0%"},null,{"v":10000000,"d":"10,000,000"},{"v":10000000,"d":"10,000,000"},"Completed",{"$nulls":6},"No",null,"Environmental","No","Propose budget for screening",{"$f":"AN259","v":"No"},"Propose budget for screening","Yes","Fesibility studies and design"]
[258,"Kiserian-Oloosurutia -Nkoroi water project","Drilling  and equipping of a borehole","Increase access to safe and affordable water","Borehole drilled and equipped",null,{"$f":"Table4[[#This Row],[Project Name/Title]]","v":"Kiserian-Oloosurutia -Nkoroi water project"},"Kajiado North","Olkeri",null,"Water, Irrigation, Environment and Natural Resources ","Water & Irrigation","Water & Irrigation","2017-06-30","2017-07-01","2018-06-01",null,{"v":10000000,"d":"10,000,000"},{"$f":"R260","v":{"v":10000000,"d":"10,000,000"}},{"v":10000000,"d":"10,000,000"},"CGK","N/A",{"v":10000000,"d":"10,000,000"},0,0,{"v":0,"d":"0%"},null,{"v":10000000,"d":"10,000,000"},{"v":10000000,"d":"10,000,000"},"Completed",{"$nulls":6},"No",null,"Environmental","No","Propose budget for screening","No","Propose budget for screening","Yes","Fesibility studies and design"]
[259,"Merisho Oloika Water Project","Installation of solar panels; Water treatment kits; Purchase of three (3) inch pipes; and Installation of 50,000Litres storage tank.","Increase access to safe and affordable water","Borehole solarized and pipeline constructed",null,{"$f":"Table4[[#This Row],[Project Name/Title]]","v":"Merisho Oloika Water Project"},null,"OLKERI",null,"Water, Irrigation, Environment and Natural Resources ","Water & Irrigation","Water & Irrigation","2018-06-30","2018-07-01","2019-06-01",null,{"v":8000000,"d":"8,000,000"},{"$f":"R261","v":{"v":8000000,"d":"8,000,000"}},{"v":8000000,"d":"8,000,000"},"CGK","N/A",{"v":8000000,"d":"8,000,000"},0,0,{"v":0,"d":"0%"},null,{"v":8000000,"d":"8,000,000"},{"v":8000000,"d":"8,000,000"},"Completed",{"$nulls":6},"No",null,"Environmental","No","Propose budget for screening","No","Propose budget for screening","Yes","Fesibility studies and design"]
[260,"Big dust bin at ngong town ","Purchase  of dust bins (big)","Improve management and conservation of the environment","Dust bins purchased",null,{"$f":"Table4[[#This Row],[Project Name/Title]]","v":"Big dust bin at ngong town "},null,"NGONG",null,"Water, Irrigation, Environment and Natural Resources ","Environment, Natural Resources and Climate Change","Environment, Natural Resources and Climate Change","2018-06-30","2018-07-01","2019-06-01",null,{"v":1500000,"d":"1,500,000"},{"$f":"R262","v":{"v":1500000,"d":"1,500,000"}},{"v":1500000,"d":"1,500,000"},"CGK","N/A",{"v":1500000,"d":"1,500,000"},0,0,{"v":0,"d":"0%"},null,{"v":1500000,"d":"1,500,000"},{"v":1500000,"d":"1,500,000"},"Completed",{"$nulls":6},"No",null,"Environmental","No","Propose budget for screening","No","Propose budget for screening","Yes","Fesibility studies and design"]
[261,"Small dust bin at ngong town ","Purchase of dust bins (small)","Improve management and conservation of the environment","Dust bins purchased",null,{"$f":"Table4[[#This Row],[Project Name/Title]]","v":"Small dust bin at ngong town "},null,"NGONG",null,"Water, Irrigation, Environment and Natural Resources ","Environment, Natural Resources and Climate Change","Environment, Natural Resources and Climate Change","2018-06-30","2018-07-01","2019-06-01",null,{"v":500000,"d":"500,000"},{"$f":"R263","v":{"v":500000,"d":"500,000"}},{"v":500000,"d":"500,000"},"CGK","N/A",{"v":500000,"d":"500,000"},0,0,{"v":0,"d":"0%"},null,{"v":500000,"d":"500,000"},{"v":500000,"d":"500,000"},"Completed",{"$nulls":6},"No",null,"Environmental","No","Propose budget for screening","No","Propose budget for screening","Yes","Fesibility studies and design"]
[262,"Olkiramatin - Oldorko water pipeline ","Construction of water pipeline ","Increase access to safe and affordable water","Pipeline constructed",null,{"$f":"Table4[[#This Row],[Project Name/Title]]","v":"Olkiramatin - Oldorko water pipeline "},null,"MAGADI",null,"Water, Irrigation, Environment and Natural Resources ","Water & Irrigation","Water & Irrigation","2018-06-30","2018-07-01","2019-06-01",null,{"v":4000000,"d":"4,000,000"},{"$f":"R264","v":{"v":4000000,"d":"4,000,000"}},{"v":4000000,"d":"4,000,000"},"CGK","N/A",{"v":4000000,"d":"4,000,000"},0,0,{"v":0,"d":"0%"},null,{"v":4000000,"d":"4,000,000"},{"v":4000000,"d":"4,000,000"},"Completed",{"$nulls":6},"No",null,"Environmental","No","Propose budget for screening","No","Propose budget for screening","Yes","Fesibility studies and design"]
[263,"Pakase water pipeline ","Construction of water pipeline ","Increase access to safe and affordable water","Pipeline constructed",null,{"$f":"Table4[[#This Row],[Project Name/Title]]","v":"Pakase water pipeline "},null,"MAGADI",null,"Water, Irrigation, Environment and Natural Resources ","Water & Irrigation","Water & Irrigation","2018-06-30","2018-07-01","2019-06-01",null,{"v":4000000,"d":"4,000,000"},{"$f":"R265","v":{"v":4000000,"d":"4,000,000"}},{"v":4000000,"d":"4,000,000"},"CGK","N/A",{"v":4000000,"d":"4,000,000"},0,0,{"v":0,"d":"0%"},null,{"v":4000000,"d":"4,000,000"},{"v":4000000,"d":"4,000,000"},"Completed",{"$nulls":6},"No",null,"Environmental","No","Propose budget for screening","No","Propose budget for screening","Yes","Fesibility studies and design"]
[264,"Oldonyo onyokie sec school underground water tank ","Construction of underground water tank ","Increase access to safe and affordable water","Water Storage tank constructed",null,{"$f":"Table4[[#This Row],[Project Name/Title]]","v":"Oldonyo onyokie sec school underground water tank "},null,"MAGADI",null,"Water, Irrigation, Environment and Natural Resources ","Water & Irrigation","Water & Irrigation","2018-06-30","2018-07-01","2019-06-01",null,{"v":2000000,"d":"2,000,000"},{"$f":"R266","v":{"v":2000000,"d":"2,000,000"}},{"v":2000000,"d":"2,000,000"},"CGK","N/A",{"v":2000000,"d":"2,000,000"},0,0,{"v":0,"d":"0%"},null,{"v":2000000,"d":"2,000,000"},{"v":2000000,"d":"2,000,000"},"Completed",{"$nulls":6},"No",null,"Environmental","No","Propose budget for screening","No","Propose budget for screening","Yes","Fesibility studies and design"]
[265,"Oloolairukokroik catchment  ","Rock catchment","Increase access to safe and affordable water","Rock catchment constructed",null,{"$f":"Table4[[#This Row],[Project Name/Title]]","v":"Oloolairukokroik catchment  "},null,"MAGADI",null,"Water, Irrigation, Environment and Natural Resources ","Water & Irrigation","Water & Irrigation","2018-06-30","2018-07-01","2019-06-01",null,{"v":2000000,"d":"2,000,000"},{"$f":"R267","v":{"v":2000000,"d":"2,000,000"}},{"v":2000000,"d":"2,000,000"},"CGK","N/A",{"v":2000000,"d":"2,000,000"},0,0,{"v":0,"d":"0%"},null,{"v":2000000,"d":"2,000,000"},{"v":2000000,"d":"2,000,000"},"Completed",{"$nulls":6},"No",null,"Environmental","No","Propose budget for screening","No","Propose budget for screening","Yes","Fesibility studies and design"]
[266,"Inyonyori water piping ","Water piping ","Increase access to safe and affordable water","Pipeline constructed",null,{"$f":"Table4[[#This Row],[Project Name/Title]]","v":"Inyonyori water piping "},null,"KEEKONYOKIE",null,"Water, Irrigation, Environment and Natural Resources ","Water & Irrigation","Water & Irrigation","2018-06-30","2018-07-01","2019-06-01",null,{"v":2000000,"d":"2,000,000"},{"$f":"R268","v":{"v":2000000,"d":"2,000,000"}},{"v":2000000,"d":"2,000,000"},"CGK","N/A",{"v":2000000,"d":"2,000,000"},0,0,{"v":0,"d":"0%"},null,{"v":2000000,"d":"2,000,000"},{"v":2000000,"d":"2,000,000"},"Completed",{"$nulls":6},"No",null,"Environmental","No","Propose budget for screening","No","Propose budget for screening","Yes","Fesibility studies and design"]
[267,"Singiraine  borehole","Drlling and equiping of a borehole at Singiraine","Increase access to safe and affordable water","Borehole drilled and equipped",null,{"$f":"Table4[[#This Row],[Project Name/Title]]","v":"Singiraine  borehole"},null,"ILOODOKILANI",null,"Water, Irrigation, Environment and Natural Resources ","Water & Irrigation","Water & Irrigation","2018-06-30","2018-07-01","2019-06-01",null,{"v":7000000,"d":"7,000,000"},{"$f":"R269","v":{"v":7000000,"d":"7,000,000"}},{"v":7000000,"d":"7,000,000"},"CGK","N/A",{"v":7000000,"d":"7,000,000"},0,0,{"v":0,"d":"0%"},null,{"v":7000000,"d":"7,000,000"},{"v":7000000,"d":"7,000,000"},"Completed",{"$nulls":6},"No",null,"Environmental","No","Propose budget for screening","No","Propose budget for screening","Yes","Fesibility studies and design"]
[268,"Lebitira Borehole ","Drilling and Equipping of Lebitira borehole ","Increase access to safe and affordable water","Borehole drilled and equipped",null,{"$f":"Table4[[#This Row],[Project Name/Title]]","v":"Lebitira Borehole "},null,"MOSIRO",null,"Water, Irrigation, Environment and Natural Resources ","Water & Irrigation","Water & Irrigation","2018-06-30","2018-07-01","2019-06-01",null,{"v":7000000,"d":"7,000,000"},{"$f":"R270","v":{"v":7000000,"d":"7,000,000"}},{"v":7000000,"d":"7,000,000"},"CGK","N/A",{"v":7000000,"d":"7,000,000"},0,0,{"v":0,"d":"0%"},null,{"v":7000000,"d":"7,000,000"},{"v":7000000,"d":"7,000,000"},"Completed",{"$nulls":6},"No",null,"Environmental","No","Propose budget for screening","No","Propose budget for screening","Yes","Fesibility studies and design"]
[269,"Olasiti bore hole ","Drilling and equipping","Increase access to safe and affordable water","Borehole drilled and equipped",null,{"$f":"Table4[[#This Row],[Project Name/Title]]","v":"Olasiti bore hole "},null,"EWUASO KEDONG",null,"Water, Irrigation, Environment and Natural Resources ","Water & Irrigation","Water & Irrigation","2018-06-30","2018-07-01","2019-06-01",null,{"v":7000000,"d":"7,000,000"},{"$f":"R271","v":{"v":7000000,"d":"7,000,000"}},{"v":7000000,"d":"7,000,000"},"CGK","N/A",{"v":7000000,"d":"7,000,000"},0,0,{"v":0,"d":"0%"},null,{"v":7000000,"d":"7,000,000"},{"v":7000000,"d":"7,000,000"},"Completed",{"$nulls":6},"No",null,"Environmental","No","Propose budget for screening","No","Propose budget for screening","Yes","Fesibility studies and design"]
[270,"Enkeresuna Olmootiok water project","Pumping of water from Enkereruna to Ilmootiok primary/dispensary","Increase access to safe and affordable water","Pipeline constructed",null,{"$f":"Table4[[#This Row],[Project Name/Title]]","v":"Enkeresuna Olmootiok water project"},null,"MATAPATO NORTH",null,"Water, Irrigation, Environment and Natural Resources ","Water & Irrigation","Water & Irrigation","2018-06-30","2018-07-01","2019-06-01",null,{"v":10000000,"d":"10,000,000"},{"$f":"R272","v":{"v":10000000,"d":"10,000,000"}},{"v":10000000,"d":"10,000,000"},"CGK","N/A",{"v":10000000,"d":"10,000,000"},0,0,{"v":0,"d":"0%"},null,{"v":10000000,"d":"10,000,000"},{"v":10000000,"d":"10,000,000"},"Completed",{"$nulls":6},"No",null,"Environmental","No","Propose budget for screening","No","Propose budget for screening","Yes","Fesibility studies and design"]
[271,"Bissil Water Project","Construction of 2 No. 50,000 litres tanks and pumping water from the borehole","Increase access to safe and affordable water","Water Storage tank constructed",null,{"$f":"Table4[[#This Row],[Project Name/Title]]","v":"Bissil Water Project"},null,"MATAPATO NORTH",null,"Water, Irrigation, Environment and Natural Resources ","Water & Irrigation","Water & Irrigation","2018-06-30","2018-07-01","2019-06-01",null,{"v":5000000,"d":"5,000,000"},{"$f":"R273","v":{"v":5000000,"d":"5,000,000"}},{"v":5000000,"d":"5,000,000"},"CGK","N/A",{"v":5000000,"d":"5,000,000"},0,0,{"v":0,"d":"0%"},null,{"v":5000000,"d":"5,000,000"},{"v":5000000,"d":"5,000,000"},"Completed",{"$nulls":6},"No",null,"Environmental","No","Propose budget for screening","No","Propose budget for screening","Yes","Fesibility studies and design"]
[272,"Orgos Borehole","Equipping  machine and piping","Increase access to safe and affordable water","Borehole equipped",null,{"$f":"Table4[[#This Row],[Project Name/Title]]","v":"Orgos Borehole"},null,"DALALEKUTUK",null,"Water, Irrigation, Environment and Natural Resources ","Water & Irrigation","Water & Irrigation","2018-06-30","2018-07-01","2019-06-01",null,{"v":3000000,"d":"3,000,000"},{"$f":"R274","v":{"v":3000000,"d":"3,000,000"}},{"v":3000000,"d":"3,000,000"},"CGK","N/A",{"v":3000000,"d":"3,000,000"},0,0,{"v":0,"d":"0%"},null,{"v":3000000,"d":"3,000,000"},{"v":3000000,"d":"3,000,000"},"Completed",{"$nulls":6},"No",null,"Environmental","No","Propose budget for screening","No","Propose budget for screening","Yes","Fesibility studies and design"]
[273,"Impiro Borehole","Equiping and Repair of machine","Increase access to safe and affordable water","Borehole equipped",null,{"$f":"Table4[[#This Row],[Project Name/Title]]","v":"Impiro Borehole"},null,"DALALEKUTUK",null,"Water, Irrigation, Environment and Natural Resources ","Water & Irrigation","Water & Irrigation","2018-06-30","2018-07-01","2019-06-01",null,{"v":2000000,"d":"2,000,000"},{"$f":"R275","v":{"v":2000000,"d":"2,000,000"}},{"v":2000000,"d":"2,000,000"},"CGK","N/A",{"v":2000000,"d":"2,000,000"},0,0,{"v":0,"d":"0%"},null,{"v":2000000,"d":"2,000,000"},{"v":2000000,"d":"2,000,000"},"Completed",{"$nulls":6},"No",null,"Environmental","No","Propose budget for screening","No","Propose budget for screening","Yes","Fesibility studies and design"]
[274,"Olmoti Borehole ","Purchase of water machine (genset ) ","Increase access to safe and affordable water","Genset installed",null,{"$f":"Table4[[#This Row],[Project Name/Title]]","v":"Olmoti Borehole "},null,"ENTONET/LENKISM",null,"Water, Irrigation, Environment and Natural Resources ","Water & Irrigation","Water & Irrigation","2018-06-30","2018-07-01","2019-06-01",null,{"v":2000000,"d":"2,000,000"},{"$f":"R276","v":{"v":2000000,"d":"2,000,000"}},{"v":2000000,"d":"2,000,000"},"CGK","N/A",{"v":2000000,"d":"2,000,000"},0,0,{"v":0,"d":"0%"},null,{"v":2000000,"d":"2,000,000"},{"v":2000000,"d":"2,000,000"},"Completed",{"$nulls":6},"No",null,"Environmental","No","Propose budget for screening","No","Propose budget for screening","Yes","Fesibility studies and design"]
[275,"Olchorro springs- perimeter wall and Tank.","Construction of perimeter wall and Tank at Olchorro springs","Increase access to safe and affordable water","Perimeter wall and Storage tank constructed",null,{"$f":"Table4[[#This Row],[Project Name/Title]]","v":"Olchorro springs- perimeter wall and Tank."},null,"ENTONET/LENKISM",null,"Water, Irrigation, Environment and Natural Resources ","Water & Irrigation","Water & Irrigation","2018-06-30","2018-07-01","2019-06-01",null,{"v":5000000,"d":"5,000,000"},{"$f":"R277","v":{"v":5000000,"d":"5,000,000"}},{"v":5000000,"d":"5,000,000"},"CGK","N/A",{"v":5000000,"d":"5,000,000"},0,0,{"v":0,"d":"0%"},null,{"v":5000000,"d":"5,000,000"},{"v":5000000,"d":"5,000,000"},"Completed",{"$nulls":6},"No",null,"Environmental","No","Propose budget for screening","No","Propose budget for screening","Yes","Fesibility studies and design"]
[276,"Isinet - Kalesirua canal."," Rehabilitation 9km canal","Increase area under irrigation","Canal rehabilitated",null,{"$f":"Table4[[#This Row],[Project Name/Title]]","v":"Isinet - Kalesirua canal."},null,"IMBIRIKANI",null,"Water, Irrigation, Environment and Natural Resources ","Water & Irrigation","Water & Irrigation","2018-06-30","2018-07-01","2019-06-01",null,{"v":8000000,"d":"8,000,000"},{"$f":"R278","v":{"v":8000000,"d":"8,000,000"}},{"v":8000000,"d":"8,000,000"},"CGK","N/A",{"v":8000000,"d":"8,000,000"},0,0,{"v":0,"d":"0%"},null,{"v":8000000,"d":"8,000,000"},{"v":8000000,"d":"8,000,000"},"Completed",{"$nulls":6},"No",null,"Environmental","No","Propose budget for screening","No","Propose budget for screening","Yes","Fesibility studies and design"]
[277,"Construction of water tank and piping at Leing’ati ","Construction of water tank and piping  ","Increase access to safe and affordable water","Water Storage tank constructed",null,{"$f":"Table4[[#This Row],[Project Name/Title]]","v":"Construction of water tank and piping at Leing’ati "},null,"IMBIRIKANI",null,"Water, Irrigation, Environment and Natural Resources ","Water & Irrigation","Water & Irrigation","2018-06-30","2018-07-01","2019-06-01",null,{"v":3000000,"d":"3,000,000"},{"$f":"R279","v":{"v":3000000,"d":"3,000,000"}},{"v":3000000,"d":"3,000,000"},"CGK","N/A",{"v":3000000,"d":"3,000,000"},0,0,{"v":0,"d":"0%"},null,{"v":3000000,"d":"3,000,000"},{"v":3000000,"d":"3,000,000"},"Completed",{"$nulls":6},"No",null,"Environmental","No","Propose budget for screening","No","Propose budget for screening","Yes","Fesibility studies and design"]
[278,"Kiserian (Lokiu) water tank ","Construction of water tank  ","Increase access to safe and affordable water","Water Storage tank constructed",null,{"$f":"Table4[[#This Row],[Project Name/Title]]","v":"Kiserian (Lokiu) water tank "},null,"IMBIRIKANI",null,"Water, Irrigation, Environment and Natural Resources ","Water & Irrigation","Water & Irrigation","2018-06-30","2018-07-01","2019-06-01",null,{"v":3000000,"d":"3,000,000"},{"$f":"R280","v":{"v":3000000,"d":"3,000,000"}},{"v":3000000,"d":"3,000,000"},"CGK","N/A",{"v":3000000,"d":"3,000,000"},0,0,{"v":0,"d":"0%"},null,{"v":3000000,"d":"3,000,000"},{"v":3000000,"d":"3,000,000"},"Completed",{"$nulls":6},"No",null,"Environmental","No","Propose budget for screening","No","Propose budget for screening","Yes","Fesibility studies and design"]
[279,"Sompet borehole","Drilling and equipping","Increase access to safe and affordable water","Borehole drilled and equipped",null,{"$f":"Table4[[#This Row],[Project Name/Title]]","v":"Sompet borehole"},null,"KIMANA",null,"Water, Irrigation, Environment and Natural Resources ","Water & Irrigation","Water & Irrigation","2018-06-30","2018-07-01","2019-06-01",null,{"v":7000000,"d":"7,000,000"},{"$f":"R281","v":{"v":7000000,"d":"7,000,000"}},{"v":7000000,"d":"7,000,000"},"CGK","N/A",{"v":7000000,"d":"7,000,000"},0,0,{"v":0,"d":"0%"},null,{"v":7000000,"d":"7,000,000"},{"v":7000000,"d":"7,000,000"},"Completed",{"$nulls":6},"No",null,"Environmental","No","Propose budget for screening","No","Propose budget for screening","Yes","Fesibility studies and design"]
[280,"Elerai Kimana borehole","Drilling and equipping","Increase access to safe and affordable water","Borehole drilled and equipped",null,{"$f":"Table4[[#This Row],[Project Name/Title]]","v":"Elerai Kimana borehole"},null,"KIMANA",null,"Water, Irrigation, Environment and Natural Resources ","Water & Irrigation","Water & Irrigation","2018-06-30","2018-07-01","2019-06-01",null,{"v":7000000,"d":"7,000,000"},{"$f":"R282","v":{"v":7000000,"d":"7,000,000"}},{"v":7000000,"d":"7,000,000"},"CGK","N/A",{"v":7000000,"d":"7,000,000"},0,0,{"v":0,"d":"0%"},null,{"v":7000000,"d":"7,000,000"},{"v":7000000,"d":"7,000,000"},"Completed",{"$nulls":6},"No",null,"Environmental","No","Propose budget for screening","No","Propose budget for screening","Yes","Fesibility studies and design"]
[281,"Ngama Pri school","Drilling and Equipping of Borehole ","Increase access to safe and affordable water","Borehole drilled and equipped",null,{"$f":"Table4[[#This Row],[Project Name/Title]]","v":"Ngama Pri school"},null,"KUKU",null,"Water, Irrigation, Environment and Natural Resources ","Water & Irrigation","Water & Irrigation","2018-06-30","2018-07-01","2019-06-01",null,{"v":6000000,"d":"6,000,000"},{"$f":"R283","v":{"v":6000000,"d":"6,000,000"}},{"v":6000000,"d":"6,000,000"},"CGK","N/A",{"v":6000000,"d":"6,000,000"},0,0,{"v":0,"d":"0%"},null,{"v":6000000,"d":"6,000,000"},{"v":6000000,"d":"6,000,000"},"Stalled",{"v":0.4,"d":"40%"},{"$f":"AE283","v":{"v":0.4,"d":"40%"}},"Inadequate finances",2019,6,{"$f":"AC283","v":{"v":6000000,"d":"6,000,000"}},"No","Defer","Financial","No","Propose budget for screening","No","Propose budget for screening","Yes","Fesibility studies and design"]
[282,"Oloishiro Canal","Canal intake construction","Increase area under irrigation","Canal constructed",null,{"$f":"Table4[[#This Row],[Project Name/Title]]","v":"Oloishiro Canal"},null,"ROMBO",null,"Water, Irrigation, Environment and Natural Resources ","Water & Irrigation","Water & Irrigation","2018-06-30","2018-07-01","2019-06-01",null,{"v":4000000,"d":"4,000,000"},{"$f":"R284","v":{"v":4000000,"d":"4,000,000"}},{"v":4000000,"d":"4,000,000"},"CGK","N/A",{"v":4000000,"d":"4,000,000"},0,0,{"v":0,"d":"0%"},null,{"v":4000000,"d":"4,000,000"},{"v":4000000,"d":"4,000,000"},"Completed",{"$nulls":6},"No",null,"Environmental","No","Propose budget for screening","No","Propose budget for screening","Yes","Fesibility studies and design"]
[283,"Entarara Health Centre Borehole ","Construction of 100m3 tank, pump and pipping (source to the tank-0.8km and tank to the community 8km)","Increase access to safe and affordable water","Storage tank constructed",null,{"$f":"Table4[[#This Row],[Project Name/Title]]","v":"Entarara Health Centre Borehole "},null,"ROMBO",null,"Water, Irrigation, Environment and Natural Resources ","Water & Irrigation","Water & Irrigation","2018-06-30","2018-07-01","2019-06-01",null,{"v":4000000,"d":"4,000,000"},{"$f":"R285","v":{"v":4000000,"d":"4,000,000"}},{"v":4000000,"d":"4,000,000"},"CGK","N/A",{"v":4000000,"d":"4,000,000"},0,0,{"v":0,"d":"0%"},null,{"v":4000000,"d":"4,000,000"},{"v":4000000,"d":"4,000,000"},"Completed",{"$nulls":6},"No",null,"Environmental","No","Propose budget for screening","No","Propose budget for screening","Yes","Fesibility studies and design"]
[284,"Canaan canal intake ","Canal intake construction","Increase area under irrigation","Canal constructed",null,{"$f":"Table4[[#This Row],[Project Name/Title]]","v":"Canaan canal intake "},null,"ROMBO",null,"Water, Irrigation, Environment and Natural Resources ","Water & Irrigation","Water & Irrigation","2018-06-30","2018-07-01","2019-06-01",null,{"v":4000000,"d":"4,000,000"},{"$f":"R286","v":{"v":4000000,"d":"4,000,000"}},{"v":4000000,"d":"4,000,000"},"CGK","N/A",{"v":4000000,"d":"4,000,000"},0,0,{"v":0,"d":"0%"},null,{"v":4000000,"d":"4,000,000"},{"v":4000000,"d":"4,000,000"},"Completed",{"$nulls":6},"No",null,"Environmental","No","Propose budget for screening","No","Propose budget for screening","Yes","Fesibility studies and design"]
[285,"Olkatetemai borehole","Equiping and Repair","Increase access to safe and affordable water","Borehole equipped",null,{"$f":"Table4[[#This Row],[Project Name/Title]]","v":"Olkatetemai borehole"},null,"KENYAWA POKA",null,"Water, Irrigation, Environment and Natural Resources ","Water & Irrigation","Water & Irrigation","2018-06-30","2018-07-01","2019-06-01",null,{"v":3000000,"d":"3,000,000"},{"$f":"R287","v":{"v":3000000,"d":"3,000,000"}},{"v":3000000,"d":"3,000,000"},"CGK","N/A",{"v":3000000,"d":"3,000,000"},0,0,{"v":0,"d":"0%"},null,{"v":3000000,"d":"3,000,000"},{"v":3000000,"d":"3,000,000"},"Completed",{"$nulls":6},"No",null,"Environmental","No","Propose budget for screening","No","Propose budget for screening","Yes","Fesibility studies and design"]
[286,"Oltinka borehole","Equiping and Repair","Increase access to safe and affordable water","Borehole equipped",null,{"$f":"Table4[[#This Row],[Project Name/Title]]","v":"Oltinka borehole"},null,"KENYAWA POKA",null,"Water, Irrigation, Environment and Natural Resources ","Water & Irrigation","Water & Irrigation","2018-06-30","2018-07-01","2019-06-01",null,{"v":3000000,"d":"3,000,000"},{"$f":"R288","v":{"v":3000000,"d":"3,000,000"}},{"v":3000000,"d":"3,000,000"},"CGK","N/A",{"v":3000000,"d":"3,000,000"},0,0,{"v":0,"d":"0%"},null,{"v":3000000,"d":"3,000,000"},{"v":3000000,"d":"3,000,000"},"Completed",{"$nulls":6},"No",null,"Environmental","No","Propose budget for screening","No","Propose budget for screening","Yes","Fesibility studies and design"]
[287,"Oloikara borehole","Equiping and Repair","Increase access to safe and affordable water","Borehole equipped",null,{"$f":"Table4[[#This Row],[Project Name/Title]]","v":"Oloikara borehole"},null,"KENYAWA POKA",null,"Water, Irrigation, Environment and Natural Resources ","Water & Irrigation","Water & Irrigation","2018-06-30","2018-07-01","2019-06-01",null,{"v":2000000,"d":"2,000,000"},{"$f":"R289","v":{"v":2000000,"d":"2,000,000"}},{"v":2000000,"d":"2,000,000"},"CGK","N/A",{"v":2000000,"d":"2,000,000"},0,0,{"v":0,"d":"0%"},null,{"v":2000000,"d":"2,000,000"},{"v":2000000,"d":"2,000,000"},"Completed",{"$nulls":6},"No",null,"Environmental","No","Propose budget for screening","No","Propose budget for screening","Yes","Fesibility studies and design"]
[288,"Naningoi borehole","Equiping and Repair","Increase access to safe and affordable water","Borehole equipped",null,{"$f":"Table4[[#This Row],[Project Name/Title]]","v":"Naningoi borehole"},null,"KENYAWA POKA",null,"Water, Irrigation, Environment and Natural Resources ","Water & Irrigation","Water & Irrigation","2018-06-30","2018-07-01","2019-06-01",null,{"v":2000000,"d":"2,000,000"},{"$f":"R290","v":{"v":2000000,"d":"2,000,000"}},{"v":2000000,"d":"2,000,000"},"CGK","N/A",{"v":2000000,"d":"2,000,000"},0,0,{"v":0,"d":"0%"},null,{"v":2000000,"d":"2,000,000"},{"v":2000000,"d":"2,000,000"},"Completed",{"$nulls":6},"No",null,"Environmental","No","Propose budget for screening","No","Propose budget for screening","Yes","Fesibility studies and design"]
[289,"Ilderekes borehole","Drilling and equiping","Increase access to safe and affordable water","Borehole drillled and equipped",null,{"$f":"Table4[[#This Row],[Project Name/Title]]","v":"Ilderekes borehole"},null,"KENYAWA POKA",null,"Water, Irrigation, Environment and Natural Resources ","Water & Irrigation","Water & Irrigation","2018-06-30","2018-07-01","2019-06-01",null,{"v":7000000,"d":"7,000,000"},{"$f":"R291","v":{"v":7000000,"d":"7,000,000"}},{"v":7000000,"d":"7,000,000"},"CGK","N/A",{"v":7000000,"d":"7,000,000"},0,0,{"v":0,"d":"0%"},null,{"v":7000000,"d":"7,000,000"},{"v":7000000,"d":"7,000,000"},"Completed",{"$nulls":6},"No",null,"Environmental","No","Propose budget for screening","No","Propose budget for screening","Yes","Fesibility studies and design"]
[290,"A.I.C Ilmungush pri ","Piping","Increase access to safe and affordable water","Pipeline constructed",null,{"$f":"Table4[[#This Row],[Project Name/Title]]","v":"A.I.C Ilmungush pri "},null,"IMARORO",null,"Water, Irrigation, Environment and Natural Resources ","Water & Irrigation","Water & Irrigation","2018-06-30","2018-07-01","2019-06-01",null,{"v":3000000,"d":"3,000,000"},{"$f":"R292","v":{"v":3000000,"d":"3,000,000"}},{"v":3000000,"d":"3,000,000"},"CGK","N/A",{"v":3000000,"d":"3,000,000"},0,0,{"v":0,"d":"0%"},null,{"v":3000000,"d":"3,000,000"},{"v":3000000,"d":"3,000,000"},"Completed",{"$nulls":6},"No",null,"Environmental","No","Propose budget for screening","No","Propose budget for screening","Yes","Fesibility studies and design"]
[291,"Enkigiri borehole","Equiping of borehole","Increase access to safe and affordable water","Borehole equipped",null,{"$f":"Table4[[#This Row],[Project Name/Title]]","v":"Enkigiri borehole"},null,"KAPUTIEI NORTH",null,"Water, Irrigation, Environment and Natural Resources ","Water & Irrigation","Water & Irrigation","2018-06-30","2018-07-01","2019-06-01",null,{"v":3000000,"d":"3,000,000"},{"$f":"R293","v":{"v":3000000,"d":"3,000,000"}},{"v":3000000,"d":"3,000,000"},"CGK","N/A",{"v":3000000,"d":"3,000,000"},0,0,{"v":0,"d":"0%"},null,{"v":3000000,"d":"3,000,000"},{"v":3000000,"d":"3,000,000"},"Completed",{"$nulls":6},"No",null,"Environmental","No","Propose budget for screening","No","Propose budget for screening","Yes","Fesibility studies and design"]
[292,"Impiron borehole","Equipping with Pipes, storage tank and a pump","Increase access to safe and affordable water","Borehole equipped",null,{"$f":"Table4[[#This Row],[Project Name/Title]]","v":"Impiron borehole"},null,"Dalalekutuk",null,"Water, Irrigation, Environment and Natural Resources ","Water & Irrigation","Water & Irrigation","2019-06-30","2019-07-01","2020-06-01",null,{"v":4000000,"d":"4,000,000"},{"$f":"R294","v":{"v":4000000,"d":"4,000,000"}},{"v":4000000,"d":"4,000,000"},"CGK","N/A",{"v":4000000,"d":"4,000,000"},0,0,{"v":0,"d":"0%"},null,{"v":4000000,"d":"4,000,000"},{"v":4000000,"d":"4,000,000"},"Completed",{"$nulls":6},"No",null,"Environmental","No","Propose budget for screening","No","Propose budget for screening","Yes","Fesibility studies and design"]
[293,"Inkuseron borehole","Equipping with Pipes, storage tank and a pump","Increase access to safe and affordable water","Borehole equipped",null,{"$f":"Table4[[#This Row],[Project Name/Title]]","v":"Inkuseron borehole"},null,"Dalalekutuk",null,"Water, Irrigation, Environment and Natural Resources ","Water & Irrigation","Water & Irrigation","2019-06-30","2019-07-01","2020-06-01",null,{"v":3000000,"d":"3,000,000"},{"$f":"R295","v":{"v":3000000,"d":"3,000,000"}},{"v":3000000,"d":"3,000,000"},"CGK","N/A",{"v":3000000,"d":"3,000,000"},0,0,{"v":0,"d":"0%"},null,{"v":3000000,"d":"3,000,000"},{"v":3000000,"d":"3,000,000"},"Completed",{"$nulls":6},"No",null,"Environmental","No","Propose budget for screening","No","Propose budget for screening","Yes","Fesibility studies and design"]
[294,"Elerai borehole","Construction of a 10 liters storage tank","Increase access to safe and affordable water","Storage tank constructed",null,{"$f":"Table4[[#This Row],[Project Name/Title]]","v":"Elerai borehole"},null,"Dalalekutuk",null,"Water, Irrigation, Environment and Natural Resources ","Water & Irrigation","Water & Irrigation","2019-06-30","2019-07-01","2020-06-01",null,{"v":700000,"d":"700,000"},{"$f":"R296","v":{"v":700000,"d":"700,000"}},{"v":700000,"d":"700,000"},"CGK","N/A",{"v":700000,"d":"700,000"},0,0,{"v":0,"d":"0%"},null,{"v":700000,"d":"700,000"},{"v":700000,"d":"700,000"},"Completed",{"$nulls":6},"No",null,"Environmental","No","Propose budget for screening","No","Propose budget for screening","Yes","Fesibility studies and design"]
[295,"Nareto borehole","Construction of two storage tanks","Increase access to safe and affordable water","Storage tank constructed",null,{"$f":"Table4[[#This Row],[Project Name/Title]]","v":"Nareto borehole"},null,"Dalalekutuk",null,"Water, Irrigation, Environment and Natural Resources ","Water & Irrigation","Water & Irrigation","2019-06-30","2019-07-01","2020-06-01",null,{"v":1000000,"d":"1,000,000"},{"$f":"R297","v":{"v":1000000,"d":"1,000,000"}},{"v":1000000,"d":"1,000,000"},"CGK","N/A",{"v":1000000,"d":"1,000,000"},0,0,{"v":0,"d":"0%"},null,{"v":1000000,"d":"1,000,000"},{"v":1000000,"d":"1,000,000"},"Completed",{"$nulls":6},"No",null,"Environmental","No","Propose budget for screening","No","Propose budget for screening","Yes","Fesibility studies and design"]
[296,"Iltareto Borehole","Equipping with Pipes, storage tank and a pump","Increase access to safe and affordable water","Borehole equipped",null,{"$f":"Table4[[#This Row],[Project Name/Title]]","v":"Iltareto Borehole"},null,"Dalalekutuk",null,"Water, Irrigation, Environment and Natural Resources ","Water & Irrigation","Water & Irrigation","2019-06-30","2019-07-01","2020-06-01",null,{"v":4900000,"d":"4,900,000"},{"$f":"R298","v":{"v":4900000,"d":"4,900,000"}},{"v":4900000,"d":"4,900,000"},"CGK","N/A",{"v":4900000,"d":"4,900,000"},0,0,{"v":0,"d":"0%"},null,{"v":4900000,"d":"4,900,000"},{"v":4900000,"d":"4,900,000"},"Completed",{"$nulls":6},"No",null,"Environmental","No","Propose budget for screening","No","Propose budget for screening","Yes","Fesibility studies and design"]
[297,"Bondeni community borehole","Construction of Bondeni community Borehole","Increase access to safe and affordable water","Borehole drilled and equipped",null,{"$f":"Table4[[#This Row],[Project Name/Title]]","v":"Bondeni community borehole"},null,"Entonet",null,"Water, Irrigation, Environment and Natural Resources ","Water & Irrigation","Water & Irrigation","2019-06-30","2019-07-01","2020-06-01",null,{"v":7000000,"d":"7,000,000"},{"$f":"R299","v":{"v":7000000,"d":"7,000,000"}},{"v":7000000,"d":"7,000,000"},"CGK","N/A",{"v":7000000,"d":"7,000,000"},0,0,{"v":0,"d":"0%"},null,{"v":7000000,"d":"7,000,000"},{"v":7000000,"d":"7,000,000"},"Completed",{"$nulls":6},"No",null,"Environmental","No","Propose budget for screening","No","Propose budget for screening","Yes","Fesibility studies and design"]
[298,"Paranae Boys Sec School Water Project","Storage tank and pipping","Increase access to safe and affordable water","Storage tank constructed",null,{"$f":"Table4[[#This Row],[Project Name/Title]]","v":"Paranae Boys Sec School Water Project"},null,"Ildamat",null,"Water, Irrigation, Environment and Natural Resources ","Water & Irrigation","Water & Irrigation","2019-06-30","2019-07-01","2020-06-01",null,{"v":5000000,"d":"5,000,000"},{"$f":"R300","v":{"v":5000000,"d":"5,000,000"}},{"v":5000000,"d":"5,000,000"},"CGK","N/A",{"v":5000000,"d":"5,000,000"},0,0,{"v":0,"d":"0%"},null,{"v":5000000,"d":"5,000,000"},{"v":5000000,"d":"5,000,000"},"Completed",{"$nulls":6},"No",null,"Environmental","No","Propose budget for screening","No","Propose budget for screening","Yes","Fesibility studies and design"]
[299,"Naboisho Watering Point","Storage tank and pipping  from Oliorum to Naboisho","Increase access to safe and affordable water","Storage tank constructed",null,{"$f":"Table4[[#This Row],[Project Name/Title]]","v":"Naboisho Watering Point"},null,"Ildamat",null,"Water, Irrigation, Environment and Natural Resources ","Water & Irrigation","Water & Irrigation","2019-06-30","2019-07-01","2020-06-01",null,{"v":4000000,"d":"4,000,000"},{"$f":"R301","v":{"v":4000000,"d":"4,000,000"}},{"v":4000000,"d":"4,000,000"},"CGK","N/A",{"v":4000000,"d":"4,000,000"},0,0,{"v":0,"d":"0%"},null,{"v":4000000,"d":"4,000,000"},{"v":4000000,"d":"4,000,000"},"Completed",{"$nulls":6},"No",null,"Environmental","No","Propose budget for screening","No","Propose budget for screening","Yes","Fesibility studies and design"]
[300,"Ormiton borehole","Rehabilitation of the borehole","Increase access to safe and affordable water","Borehole rehabilitated",null,{"$f":"Table4[[#This Row],[Project Name/Title]]","v":"Ormiton borehole"},null,"Ildamat",null,"Water, Irrigation, Environment and Natural Resources ","Water & Irrigation","Water & Irrigation","2019-06-30","2019-07-01","2020-06-01",null,{"v":1500000,"d":"1,500,000"},{"$f":"R302","v":{"v":1500000,"d":"1,500,000"}},{"v":1500000,"d":"1,500,000"},"CGK","N/A",{"v":1500000,"d":"1,500,000"},0,0,{"v":0,"d":"0%"},null,{"v":1500000,"d":"1,500,000"},{"v":1500000,"d":"1,500,000"},"Completed",{"$nulls":6},"No",null,"Environmental","No","Propose budget for screening","No","Propose budget for screening","Yes","Fesibility studies and design"]
[301,"Dumping site in Kajiado town","Relocating,fencing, earth work and clearing of the old dump site","Improve management and conservation of the environment","Dumpsite decommissioned",null,{"$f":"Table4[[#This Row],[Project Name/Title]]","v":"Dumping site in Kajiado town"},null,"Ildamat",null,"Water, Irrigation, Environment and Natural Resources ","Environment, Natural Resources and Climate Change","Environment, Natural Resources and Climate Change","2019-06-30","2019-07-01","2020-06-01",null,{"v":5800000,"d":"5,800,000"},{"$f":"R303","v":{"v":5800000,"d":"5,800,000"}},{"v":5800000,"d":"5,800,000"},"CGK","N/A",{"v":5800000,"d":"5,800,000"},0,0,{"v":0,"d":"0%"},null,{"v":5800000,"d":"5,800,000"},{"v":5800000,"d":"5,800,000"},"Completed",{"$nulls":6},"No",null,"Environmental","No","Propose budget for screening","No","Propose budget for screening","Yes","Fesibility studies and design"]
[302,"Tikoishi water borehole","Repair of a borehole","Increase access to safe and affordable water","Borehole rehabilitated",null,{"$f":"Table4[[#This Row],[Project Name/Title]]","v":"Tikoishi water borehole"},null,"Ildamat",null,"Water, Irrigation, Environment and Natural Resources ","Water & Irrigation","Water & Irrigation","2019-06-30","2019-07-01","2020-06-01",null,{"v":1000000,"d":"1,000,000"},{"$f":"R304","v":{"v":1000000,"d":"1,000,000"}},{"v":1000000,"d":"1,000,000"},"CGK","N/A",{"v":1000000,"d":"1,000,000"},0,0,{"v":0,"d":"0%"},null,{"v":1000000,"d":"1,000,000"},{"v":1000000,"d":"1,000,000"},"Completed",{"$nulls":6},"No",null,"Environmental","No","Propose budget for screening","No","Propose budget for screening","Yes","Fesibility studies and design"]
[303,"Oltepesi storage tank","Construction of a new storage tank at Oltepesi centre","Increase access to safe and affordable water","Storage tank constructed",null,{"$f":"Table4[[#This Row],[Project Name/Title]]","v":"Oltepesi storage tank"},null,"Iloodokilani",null,"Water, Irrigation, Environment and Natural Resources ","Water & Irrigation","Water & Irrigation","2019-06-30","2019-07-01","2020-06-01",null,{"v":1000000,"d":"1,000,000"},{"$f":"R305","v":{"v":1000000,"d":"1,000,000"}},{"v":1000000,"d":"1,000,000"},"CGK","N/A",{"v":1000000,"d":"1,000,000"},0,0,{"v":0,"d":"0%"},null,{"v":1000000,"d":"1,000,000"},{"v":1000000,"d":"1,000,000"},"Completed",{"$nulls":6},"No",null,"Environmental","No","Propose budget for screening","No","Propose budget for screening","Yes","Fesibility studies and design"]
[304,"Kudu Storage Tank","Rehabilitation of Water Storage Tank","Increase access to safe and affordable water","Storage tank rehabilitated",null,{"$f":"Table4[[#This Row],[Project Name/Title]]","v":"Kudu Storage Tank"},null,"Iloodokilani",null,"Water, Irrigation, Environment and Natural Resources ","Water & Irrigation","Water & Irrigation","2019-06-30","2019-07-01","2020-06-01",null,{"v":600000,"d":"600,000"},{"$f":"R306","v":{"v":600000,"d":"600,000"}},{"v":600000,"d":"600,000"},"CGK","N/A",{"v":600000,"d":"600,000"},0,0,{"v":0,"d":"0%"},null,{"v":600000,"d":"600,000"},{"v":600000,"d":"600,000"},"Completed",{"$nulls":6},"No",null,"Environmental","No","Propose budget for screening","No","Propose budget for screening","Yes","Fesibility studies and design"]
[305,"Oltepesi-Oiti piping","Piping from Oltepesi to Oiti (10Km) and installation of 50m3 tank","Increase access to safe and affordable water","Pipeline constructed",null,{"$f":"Table4[[#This Row],[Project Name/Title]]","v":"Oltepesi-Oiti piping"},null,"Imaroro",null,"Water, Irrigation, Environment and Natural Resources ","Water & Irrigation","Water & Irrigation","2019-06-30","2019-07-01","2020-06-01",null,{"v":11500000,"d":"11,500,000"},{"$f":"R307","v":{"v":11500000,"d":"11,500,000"}},{"v":11500000,"d":"11,500,000"},"CGK","N/A",{"v":11500000,"d":"11,500,000"},0,0,{"v":0,"d":"0%"},null,{"v":11500000,"d":"11,500,000"},{"v":11500000,"d":"11,500,000"},"Completed",{"$nulls":6},"No",null,"Environmental","No","Propose budget for screening","No","Propose budget for screening","Yes","Fesibility studies and design"]
[306,"Imaroro- Elang'ata Nanyokie Primary piping","Piping from Imaroro borehole to Elangata Nanyokie primary school (4Km)","Increase access to safe and affordable water","Pipeline constructed",null,{"$f":"Table4[[#This Row],[Project Name/Title]]","v":"Imaroro- Elang'ata Nanyokie Primary piping"},null,"Imaroro",null,"Water, Irrigation, Environment and Natural Resources ","Water & Irrigation","Water & Irrigation","2019-06-30","2019-07-01","2020-06-01",null,{"v":3500000,"d":"3,500,000"},{"$f":"R308","v":{"v":3500000,"d":"3,500,000"}},{"v":3500000,"d":"3,500,000"},"CGK","N/A",{"v":3500000,"d":"3,500,000"},0,0,{"v":0,"d":"0%"},null,{"v":3500000,"d":"3,500,000"},{"v":3500000,"d":"3,500,000"},"Completed",{"$nulls":6},"No",null,"Environmental","No","Propose budget for screening","No","Propose budget for screening","Yes","Fesibility studies and design"]
[307,"Noosilale borehole ","Construction of a tank at Noosilale borehole ","Increase access to safe and affordable water","Storage tank constructed",null,{"$f":"Table4[[#This Row],[Project Name/Title]]","v":"Noosilale borehole "},null,"Imbirikani ",null,"Water, Irrigation, Environment and Natural Resources ","Water & Irrigation","Water & Irrigation","2019-06-30","2019-07-01","2020-06-01",null,{"v":3000000,"d":"3,000,000"},{"$f":"R309","v":{"v":3000000,"d":"3,000,000"}},{"v":3000000,"d":"3,000,000"},"CGK","N/A",{"v":3000000,"d":"3,000,000"},0,0,{"v":0,"d":"0%"},null,{"v":3000000,"d":"3,000,000"},{"v":3000000,"d":"3,000,000"},"Completed",{"$nulls":6},"No",null,"Environmental","No","Propose budget for screening","No","Propose budget for screening","Yes","Fesibility studies and design"]
[308,"Orngosua water tank ","Renovation of water tank ","Increase access to safe and affordable water","Water Storage tank rehabilitated",null,{"$f":"Table4[[#This Row],[Project Name/Title]]","v":"Orngosua water tank "},null,"Imbirikani ",null,"Water, Irrigation, Environment and Natural Resources ","Water & Irrigation","Water & Irrigation","2019-06-30","2019-07-01","2020-06-01",null,{"v":1000000,"d":"1,000,000"},{"$f":"R310","v":{"v":1000000,"d":"1,000,000"}},{"v":1000000,"d":"1,000,000"},"CGK","N/A",{"v":1000000,"d":"1,000,000"},0,0,{"v":0,"d":"0%"},null,{"v":1000000,"d":"1,000,000"},{"v":1000000,"d":"1,000,000"},"Completed",{"$nulls":6},"No",null,"Environmental","No","Propose budget for screening","No","Propose budget for screening","Yes","Fesibility studies and design"]
[309,"Inkoisuk water tank ","Construction of water tank ","Increase access to safe and affordable water","Storage tank constructed",null,{"$f":"Table4[[#This Row],[Project Name/Title]]","v":"Inkoisuk water tank "},null,"Imbirikani ",null,"Water, Irrigation, Environment and Natural Resources ","Water & Irrigation","Water & Irrigation","2019-06-30","2019-07-01","2020-06-01",null,{"v":3000000,"d":"3,000,000"},{"$f":"R311","v":{"v":3000000,"d":"3,000,000"}},{"v":3000000,"d":"3,000,000"},"CGK","N/A",{"v":3000000,"d":"3,000,000"},0,0,{"v":0,"d":"0%"},null,{"v":3000000,"d":"3,000,000"},{"v":3000000,"d":"3,000,000"},"Stalled",{"v":0.4,"d":"40%"},{"$f":"AE311","v":{"v":0.4,"d":"40%"}},"Inadequate finances",2020,6,{"$f":"AC311","v":{"v":3000000,"d":"3,000,000"}},"No","Defer","Environmental","No","Propose budget for screening","No","Propose budget for screening","Yes","Fesibility studies and design"]
[310,"Enkirgirri borahole ","Completion of drilling and equipping of Enkirgirri borehole ","Increase access to safe and affordable water","Borehole drilled and equipped",null,{"$f":"Table4[[#This Row],[Project Name/Title]]","v":"Enkirgirri borahole "},null,"Kaputie North",null,"Water, Irrigation, Environment and Natural Resources ","Water & Irrigation","Water & Irrigation","2019-06-30","2019-07-01","2020-06-01",null,{"v":4000000,"d":"4,000,000"},{"$f":"R312","v":{"v":4000000,"d":"4,000,000"}},{"v":4000000,"d":"4,000,000"},"CGK","N/A",{"v":4000000,"d":"4,000,000"},0,0,{"v":0,"d":"0%"},null,{"v":4000000,"d":"4,000,000"},{"v":4000000,"d":"4,000,000"},"Completed",{"$nulls":6},"No",null,"Environmental","No","Propose budget for screening","No","Propose budget for screening","Yes","Fesibility studies and design"]
[311,"Ilmukutani pipeline ","Extension of pipeline to Imao","Increase access to safe and affordable water","Pipeline constructed",null,{"$f":"Table4[[#This Row],[Project Name/Title]]","v":"Ilmukutani pipeline "},null,"Kenyewa/Poka",null,"Water, Irrigation, Environment and Natural Resources ","Water & Irrigation","Water & Irrigation","2019-06-30","2019-07-01","2020-06-01",null,{"v":6000000,"d":"6,000,000"},{"$f":"R313","v":{"v":6000000,"d":"6,000,000"}},{"v":6000000,"d":"6,000,000"},"CGK","N/A",{"v":6000000,"d":"6,000,000"},0,0,{"v":0,"d":"0%"},null,{"v":6000000,"d":"6,000,000"},{"v":6000000,"d":"6,000,000"},"Completed",{"$nulls":6},"No",null,"Environmental","No","Propose budget for screening","No","Propose budget for screening","Yes","Fesibility studies and design"]
[312,"Losukuroi Borehole","Drilling and equipping","Increase access to safe and affordable water","Borehole drilled and equipped",null,{"$f":"Table4[[#This Row],[Project Name/Title]]","v":"Losukuroi Borehole"},null,"Kenyewa/Poka",null,"Water, Irrigation, Environment and Natural Resources ","Water & Irrigation","Water & Irrigation","2019-06-30","2019-07-01","2020-06-01",null,{"v":7000000,"d":"7,000,000"},{"$f":"R314","v":{"v":7000000,"d":"7,000,000"}},{"v":7000000,"d":"7,000,000"},"CGK","N/A",{"v":7000000,"d":"7,000,000"},0,0,{"v":0,"d":"0%"},null,{"v":7000000,"d":"7,000,000"},{"v":7000000,"d":"7,000,000"},"Stalled",{"v":0.4,"d":"40%"},{"$f":"AE314","v":{"v":0.4,"d":"40%"}},"Inadequate finances",2020,6,{"$f":"AC314","v":{"v":7000000,"d":"7,000,000"}},"No","Defer","Financial","No","Propose budget for screening","No","Propose budget for screening","Yes","Fesibility studies and design"]
[313,"Elerai Borehole","Piping 3Km of Elerai  community BH","Increase access to safe and affordable water","Pipeline constructed",null,{"$f":"Table4[[#This Row],[Project Name/Title]]","v":"Elerai Borehole"},null,"Kimana",null,"Water, Irrigation, Environment and Natural Resources ","Water & Irrigation","Water & Irrigation","2019-06-30","2019-07-01","2020-06-01",null,{"v":3000000,"d":"3,000,000"},{"$f":"R315","v":{"v":3000000,"d":"3,000,000"}},{"v":3000000,"d":"3,000,000"},"CGK","N/A",{"v":3000000,"d":"3,000,000"},0,0,{"v":0,"d":"0%"},null,{"v":3000000,"d":"3,000,000"},{"v":3000000,"d":"3,000,000"},"Completed",{"$nulls":6},"No",null,"Environmental","No","Propose budget for screening","No","Propose budget for screening","Yes","Fesibility studies and design"]
[314,"Sombet water","Piping 3Km of Sombet community BH","Increase access to safe and affordable water","Pipeline constructed",null,{"$f":"Table4[[#This Row],[Project Name/Title]]","v":"Sombet water"},null,"Kimana",null,"Water, Irrigation, Environment and Natural Resources ","Water & Irrigation","Water & Irrigation","2019-06-30","2019-07-01","2020-06-01",null,{"v":3000000,"d":"3,000,000"},{"$f":"R316","v":{"v":3000000,"d":"3,000,000"}},{"v":3000000,"d":"3,000,000"},"CGK","N/A",{"v":3000000,"d":"3,000,000"},0,0,{"v":0,"d":"0%"},null,{"v":3000000,"d":"3,000,000"},{"v":3000000,"d":"3,000,000"},"Completed",{"$nulls":6},"No",null,"Environmental","No","Propose budget for screening","No","Propose budget for screening","Yes","Fesibility studies and design"]
[315,"Oseki Borehole","Drilling and equipping of Oseki Borehole","Increase access to safe and affordable water","Borehole drilled and equipped",null,{"$f":"Table4[[#This Row],[Project Name/Title]]","v":"Oseki Borehole"},null,"Kitengela",null,"Water, Irrigation, Environment and Natural Resources ","Water & Irrigation","Water & Irrigation","2019-06-30","2019-07-01","2020-06-01",null,{"v":7000000,"d":"7,000,000"},{"$f":"R317","v":{"v":7000000,"d":"7,000,000"}},{"v":7000000,"d":"7,000,000"},"CGK","N/A",{"v":7000000,"d":"7,000,000"},0,0,{"v":0,"d":"0%"},null,{"v":7000000,"d":"7,000,000"},{"v":7000000,"d":"7,000,000"},"Stalled",{"v":0.4,"d":"40%"},{"$f":"AE317","v":{"v":0.4,"d":"40%"}},"Inadequate finances",2020,6,{"$f":"AC317","v":{"v":7000000,"d":"7,000,000"}},"No","Defer","Financial","No","Propose budget for screening","No","Propose budget for screening","Yes","Fesibility studies and design"]
[316,"Oloopon Community borehole ","Drilling and equipping Oloopon community borehole ","Increase access to safe and affordable water","Borehole drilled and equipped",null,{"$f":"Table4[[#This Row],[Project Name/Title]]","v":"Oloopon Community borehole "},null,"Kuku",null,"Water, Irrigation, Environment and Natural Resources ","Water & Irrigation","Water & Irrigation","2019-06-30","2019-07-01","2020-06-01",null,{"v":6500000,"d":"6,500,000"},{"$f":"R318","v":{"v":6500000,"d":"6,500,000"}},{"v":6500000,"d":"6,500,000"},"CGK","N/A",{"$f":"S318","v":{"v":6500000,"d":"6,500,000"}},0,0,{"v":0,"d":"0%"},null,{"v":6500000,"d":"6,500,000"},{"v":6500000,"d":"6,500,000"},"Stalled",{"v":0.4,"d":"40%"},{"$f":"AE318","v":{"v":0.4,"d":"40%"}},"Borehole caved in",2020,6,{"$f":"AC318","v":{"v":6500000,"d":"6,500,000"}},"No","Defer","Financial","No","Propose budget for screening","No","Propose budget for screening","Yes","Fesibility studies and design"]
[317,"Nkumama Borehole","Construction, equiping, electrification of Nkumama communty BH","Increase access to safe and affordable water","Borehole drilled and equipped",null,{"$f":"Table4[[#This Row],[Project Name/Title]]","v":"Nkumama Borehole"},null,"Kuku",null,"Water, Irrigation, Environment and Natural Resources ","Water & Irrigation","Water & Irrigation","2019-06-30","2019-07-01","2020-06-01",null,{"v":7000000,"d":"7,000,000"},{"$f":"R319","v":{"v":7000000,"d":"7,000,000"}},{"v":7000000,"d":"7,000,000"},"CGK","N/A",{"v":7000000,"d":"7,000,000"},0,0,{"$f":"Y319/S319","v":{"v":0,"d":"0%"}},null,{"$f":"T319-Y319","v":{"v":7000000,"d":"7,000,000"}},{"$f":"S319-Y319","v":{"v":7000000,"d":"7,000,000"}},"Completed",{"$nulls":6},"No",null,"Environmental","No","Propose budget for screening","No","Propose budget for screening","Yes","Fesibility studies and design"]
[318,"Moilo Borehole","Construction of Moilo community BH","Increase access to safe and affordable water","Borehole drilled and equipped",null,{"$f":"Table4[[#This Row],[Project Name/Title]]","v":"Moilo Borehole"},null,"Kuku",null,"Water, Irrigation, Environment and Natural Resources ","Water & Irrigation","Water & Irrigation","2019-06-30","2019-07-01","2020-06-01",null,{"v":7000000,"d":"7,000,000"},{"$f":"R320","v":{"v":7000000,"d":"7,000,000"}},{"v":7000000,"d":"7,000,000"},"CGK","N/A",{"v":7000000,"d":"7,000,000"},0,0,{"v":0,"d":"0%"},null,{"v":7000000,"d":"7,000,000"},{"v":7000000,"d":"7,000,000"},"Stalled",null,null,"Inadequate finances",2020,6,{"$f":"AC320","v":{"v":7000000,"d":"7,000,000"}},"No","Defer","Financial","No","Propose budget for screening","No","Propose budget for screening","Yes","Fesibility studies and design"]
[319,"Ebirika - Oldorko pipeline ","Construction of water Pipeline ","Increase access to safe and affordable water","Pipeline constructed",null,{"$f":"Table4[[#This Row],[Project Name/Title]]","v":"Ebirika - Oldorko pipeline "},null,"Magadi",null,"Water, Irrigation, Environment and Natural Resources ","Water & Irrigation","Water & Irrigation","2019-06-30","2019-07-01","2020-06-01",null,{"v":3000000,"d":"3,000,000"},{"$f":"R321","v":{"v":3000000,"d":"3,000,000"}},{"v":3000000,"d":"3,000,000"},"CGK","N/A",{"v":3000000,"d":"3,000,000"},0,0,{"v":0,"d":"0%"},null,{"v":3000000,"d":"3,000,000"},{"v":3000000,"d":"3,000,000"},"Completed",{"$nulls":6},"No",null,"Environmental","No","Propose budget for screening","No","Propose budget for screening","Yes","Fesibility studies and design"]
[320,"Karaanja rock catchment ","Repair and piping ","Increase access to safe and affordable water","Rock catchment rehabilitated",null,{"$f":"Table4[[#This Row],[Project Name/Title]]","v":"Karaanja rock catchment "},null,"Magadi",null,"Water, Irrigation, Environment and Natural Resources ","Water & Irrigation","Water & Irrigation","2019-06-30","2019-07-01","2020-06-01",null,{"v":500000,"d":"500,000"},{"$f":"R322","v":{"v":500000,"d":"500,000"}},{"v":500000,"d":"500,000"},"CGK","N/A",{"v":500000,"d":"500,000"},0,0,{"v":0,"d":"0%"},null,{"v":500000,"d":"500,000"},{"v":500000,"d":"500,000"},"Completed",{"$nulls":6},"No",null,"Environmental","No","Propose budget for screening","No","Propose budget for screening","Yes","Fesibility studies and design"]
[321,"Oloolairukok rock catchment ","Construction of rock catchment  ","Increase access to safe and affordable water","Rock catchment constructed",null,{"$f":"Table4[[#This Row],[Project Name/Title]]","v":"Oloolairukok rock catchment "},null,"Magadi",null,"Water, Irrigation, Environment and Natural Resources ","Water & Irrigation","Water & Irrigation","2019-06-30","2019-07-01","2020-06-01",null,{"v":2000000,"d":"2,000,000"},{"$f":"R323","v":{"v":2000000,"d":"2,000,000"}},{"v":2000000,"d":"2,000,000"},"CGK","N/A",{"v":2000000,"d":"2,000,000"},0,0,{"v":0,"d":"0%"},null,{"v":2000000,"d":"2,000,000"},{"v":2000000,"d":"2,000,000"},"Completed",{"$nulls":6},"No",null,"Environmental","No","Propose budget for screening",{"$f":"AN323","v":"No"},"Propose budget for screening","Yes","Fesibility studies and design"]
[322,"Emugur water project","Desiltation and piping","Increase access to safe and affordable water","Pan desilted",null,{"$f":"Table4[[#This Row],[Project Name/Title]]","v":"Emugur water project"},null,"Magadi",null,"Water, Irrigation, Environment and Natural Resources ","Water & Irrigation","Water & Irrigation","2019-06-30","2019-07-01","2020-06-01",null,{"v":2000000,"d":"2,000,000"},{"$f":"R324","v":{"v":2000000,"d":"2,000,000"}},{"v":2000000,"d":"2,000,000"},"CGK","N/A",{"v":2000000,"d":"2,000,000"},0,0,{"v":0,"d":"0%"},null,{"v":2000000,"d":"2,000,000"},{"v":2000000,"d":"2,000,000"},"Completed",{"$nulls":6},"No",null,"Environmental","No","Propose budget for screening","No","Propose budget for screening","Yes","Fesibility studies and design"]
[323,"Eseki borehole","Drilling of a new borehole","Increase access to safe and affordable water","Borehole drilled and equipped",null,{"$f":"Table4[[#This Row],[Project Name/Title]]","v":"Eseki borehole"},null,"Matapato North",null,"Water, Irrigation, Environment and Natural Resources ","Water & Irrigation","Water & Irrigation","2019-06-30","2019-07-01","2020-06-01",null,{"v":3000000,"d":"3,000,000"},{"$f":"R325","v":{"v":3000000,"d":"3,000,000"}},{"v":3000000,"d":"3,000,000"},"CGK","N/A",{"v":3000000,"d":"3,000,000"},0,0,{"v":0,"d":"0%"},null,{"v":3000000,"d":"3,000,000"},{"v":3000000,"d":"3,000,000"},"Completed",{"$nulls":6},"No",null,"Environmental","No","Propose budget for screening","No","Propose budget for screening","Yes","Fesibility studies and design"]
[324,"Olmotiany borehole","Purchasing of a borehole genset","Increase access to safe and affordable water","Borehole rehabilitated",null,{"$f":"Table4[[#This Row],[Project Name/Title]]","v":"Olmotiany borehole"},null,"Matapato North",null,"Water, Irrigation, Environment and Natural Resources ","Water & Irrigation","Water & Irrigation","2019-06-30","2019-07-01","2020-06-01",null,{"v":2000000,"d":"2,000,000"},{"$f":"R326","v":{"v":2000000,"d":"2,000,000"}},{"v":2000000,"d":"2,000,000"},"CGK","N/A",{"v":2000000,"d":"2,000,000"},0,0,{"v":0,"d":"0%"},null,{"v":2000000,"d":"2,000,000"},{"v":2000000,"d":"2,000,000"},"Completed",{"$nulls":6},"No",null,"Environmental","No","Propose budget for screening","No","Propose budget for screening","Yes","Fesibility studies and design"]
[325,"Loltiamiloi borehole","Equipping  of the borehole","Increase access to safe and affordable water","Borehole equipped",null,{"$f":"Table4[[#This Row],[Project Name/Title]]","v":"Loltiamiloi borehole"},null,"Matapato South",null,"Water, Irrigation, Environment and Natural Resources ","Water & Irrigation","Water & Irrigation","2019-06-30","2019-07-01","2020-06-01",null,{"v":4000000,"d":"4,000,000"},{"$f":"R327","v":{"v":4000000,"d":"4,000,000"}},{"v":4000000,"d":"4,000,000"},"CGK","N/A",{"v":4000000,"d":"4,000,000"},0,0,{"v":0,"d":"0%"},null,{"v":4000000,"d":"4,000,000"},{"v":4000000,"d":"4,000,000"},"Completed",{"$nulls":6},"No",null,"Environmental","No","Propose budget for screening","No","Propose budget for screening","Yes","Fesibility studies and design"]
[326,"Meto secondary school borehole","Drilling and equipping borehole","Increase access to safe and affordable water","Borehole drilled and equipped",null,{"$f":"Table4[[#This Row],[Project Name/Title]]","v":"Meto secondary school borehole"},null,"Matapato South",null,"Water, Irrigation, Environment and Natural Resources ","Water & Irrigation","Water & Irrigation","2019-06-30","2019-07-01","2020-06-01",null,{"v":7000000,"d":"7,000,000"},{"$f":"R328","v":{"v":7000000,"d":"7,000,000"}},{"v":7000000,"d":"7,000,000"},"CGK","N/A",{"v":7000000,"d":"7,000,000"},0,0,{"v":0,"d":"0%"},null,{"v":7000000,"d":"7,000,000"},{"v":7000000,"d":"7,000,000"},"Completed",{"$nulls":6},"No",null,"Environmental","No","Propose budget for screening","No","Propose budget for screening","Yes","Fesibility studies and design"]
[327,"Embarbal borehole ","Drilling and equiping embarbal borehole ","Increase access to safe and affordable water","Borehole drilled and equipped",null,{"$f":"Table4[[#This Row],[Project Name/Title]]","v":"Embarbal borehole "},null,"Mosiro",null,"Water, Irrigation, Environment and Natural Resources ","Water & Irrigation","Water & Irrigation","2019-06-30","2019-07-01","2020-06-01",null,{"v":7000000,"d":"7,000,000"},{"$f":"R329","v":{"v":7000000,"d":"7,000,000"}},{"v":7000000,"d":"7,000,000"},"CGK","N/A",{"v":7000000,"d":"7,000,000"},0,0,{"v":0,"d":"0%"},null,{"v":7000000,"d":"7,000,000"},{"v":7000000,"d":"7,000,000"},"Completed",{"$nulls":6},"No",null,"Environmental","No","Propose budget for screening","No","Propose budget for screening","Yes","Fesibility studies and design"]
[328,"Mariani and Embarbal water pan ","Rehabilitation of Mariani and Embarbal water pan ","Increase access to safe and affordable water","Water pan rehabilitated",null,{"$f":"Table4[[#This Row],[Project Name/Title]]","v":"Mariani and Embarbal water pan "},null,"Mosiro",null,"Water, Irrigation, Environment and Natural Resources ","Water & Irrigation","Water & Irrigation","2019-06-30","2019-07-01","2020-06-01",null,{"v":2500000,"d":"2,500,000"},{"$f":"R330","v":{"v":2500000,"d":"2,500,000"}},{"v":2500000,"d":"2,500,000"},"CGK","N/A",{"v":2500000,"d":"2,500,000"},0,0,{"v":0,"d":"0%"},null,{"v":2500000,"d":"2,500,000"},{"v":2500000,"d":"2,500,000"},"Completed",{"$nulls":6},"No",null,"Environmental","No","Propose budget for screening","No","Propose budget for screening","Yes","Fesibility studies and design"]
[329,"Lemelepo Water Project","Installation of solar panels for 48,000 cubic metres","Increase access to safe and affordable water","Borehole solarized",null,{"$f":"Table4[[#This Row],[Project Name/Title]]","v":"Lemelepo Water Project"},null,"Olkeri",null,"Water, Irrigation, Environment and Natural Resources ","Water & Irrigation","Water & Irrigation","2019-06-30","2019-07-01","2020-06-01",null,{"v":4000000,"d":"4,000,000"},{"$f":"R331","v":{"v":4000000,"d":"4,000,000"}},{"v":4000000,"d":"4,000,000"},"CGK","N/A",{"v":4000000,"d":"4,000,000"},0,0,{"v":0,"d":"0%"},null,{"v":4000000,"d":"4,000,000"},{"v":4000000,"d":"4,000,000"},"Completed",{"$nulls":6},"No",null,"Environmental","No","Propose budget for screening","No","Propose budget for screening","Yes","Fesibility studies and design"]
[330,"Oloika Borehole","Drilling and equipping, solar panel installation, overhead tank (100,000Lts)","Increase access to safe and affordable water","Borehole drilled and equipped",null,{"$f":"Table4[[#This Row],[Project Name/Title]]","v":"Oloika Borehole"},null,"Olkeri",null,"Water, Irrigation, Environment and Natural Resources ","Water & Irrigation","Water & Irrigation","2019-06-30","2019-07-01","2020-06-01",null,{"v":7000000,"d":"7,000,000"},{"$f":"R332","v":{"v":7000000,"d":"7,000,000"}},{"v":7000000,"d":"7,000,000"},"CGK","N/A",{"v":7000000,"d":"7,000,000"},0,0,{"v":0,"d":"0%"},null,{"v":7000000,"d":"7,000,000"},{"v":7000000,"d":"7,000,000"},"Completed",{"$nulls":6},"No",null,"Environmental","No","Propose budget for screening","No","Propose budget for screening","Yes","Fesibility studies and design"]
[331,"Olkeri Borehole (Chief's camp)","Drilling and equipping and installation of solar panels","Increase access to safe and affordable water","Borehole drilled and equipped",null,{"$f":"Table4[[#This Row],[Project Name/Title]]","v":"Olkeri Borehole (Chief's camp)"},null,"Olkeri",null,"Water, Irrigation, Environment and Natural Resources ","Water & Irrigation","Water & Irrigation","2019-06-30","2019-07-01","2020-06-01",null,{"v":7000000,"d":"7,000,000"},{"$f":"R333","v":{"v":7000000,"d":"7,000,000"}},{"v":7000000,"d":"7,000,000"},"CGK","N/A",{"v":7000000,"d":"7,000,000"},0,0,{"v":0,"d":"0%"},null,{"v":7000000,"d":"7,000,000"},{"v":7000000,"d":"7,000,000"},"Stalled",{"v":0.4,"d":"40%"},{"$f":"AE333","v":{"v":0.4,"d":"40%"}},"Inadequate finances",2020,6,{"$f":"AC333","v":{"v":7000000,"d":"7,000,000"}},"No","Defer","Financial","No","Propose budget for screening","No","Propose budget for screening","Yes","Fesibility studies and design"]
[332,"Mutongu Borehole","Installation of Solar panel for pumping","Increase access to safe and affordable water","Borehole solarized",null,{"$f":"Table4[[#This Row],[Project Name/Title]]","v":"Mutongu Borehole"},null,"Oloolua",null,"Water, Irrigation, Environment and Natural Resources ","Water & Irrigation","Water & Irrigation","2019-06-30","2019-07-01","2020-06-01",null,{"v":3500000,"d":"3,500,000"},{"$f":"R334","v":{"v":3500000,"d":"3,500,000"}},{"v":3500000,"d":"3,500,000"},"CGK","N/A",{"v":3500000,"d":"3,500,000"},0,0,{"v":0,"d":"0%"},null,{"v":3500000,"d":"3,500,000"},{"v":3500000,"d":"3,500,000"},"Completed",{"$nulls":6},"No",null,"Environmental","No","Propose budget for screening","No","Propose budget for screening","Yes","Fesibility studies and design"]
[333,"Kianugu borehole ","Installation of Solar panel for pumping","Increase access to safe and affordable water","Borehole solarized",null,{"$f":"Table4[[#This Row],[Project Name/Title]]","v":"Kianugu borehole "},null,"Oloolua",null,"Water, Irrigation, Environment and Natural Resources ","Water & Irrigation","Water & Irrigation","2019-06-30","2019-07-01","2020-06-01",null,{"v":3500000,"d":"3,500,000"},{"$f":"R335","v":{"v":3500000,"d":"3,500,000"}},{"v":3500000,"d":"3,500,000"},"CGK","N/A",{"v":3500000,"d":"3,500,000"},0,0,{"v":0,"d":"0%"},null,{"v":3500000,"d":"3,500,000"},{"v":3500000,"d":"3,500,000"},"Completed",{"$nulls":6},"No",null,"Environmental","No","Propose budget for screening","No","Propose budget for screening","Yes","Fesibility studies and design"]
[334,"Olempuya Borehole","Drilling and equipping of Olempuya Borehole at Ole Mpuya near Ole Mardadi home","Increase access to safe and affordable water","Borehole drilled and equipped",null,{"$f":"Table4[[#This Row],[Project Name/Title]]","v":"Olempuya Borehole"},null,"Oloosirkon/Sholinke",null,"Water, Irrigation, Environment and Natural Resources ","Water & Irrigation","Water & Irrigation","2019-06-30","2019-07-01","2020-06-01",null,{"v":7000000,"d":"7,000,000"},{"$f":"R336","v":{"v":7000000,"d":"7,000,000"}},{"v":7000000,"d":"7,000,000"},"CGK","N/A",{"v":7000000,"d":"7,000,000"},0,0,{"v":0,"d":"0%"},null,{"v":7000000,"d":"7,000,000"},{"v":7000000,"d":"7,000,000"},"Completed",{"$nulls":6},"No",null,"Environmental","No","Propose budget for screening","No","Propose budget for screening","Yes","Fesibility studies and design"]
[335,"Esiret dam","Desilting of Esiret dam","Increase access to safe and affordable water","Dam desilted",null,{"$f":"Table4[[#This Row],[Project Name/Title]]","v":"Esiret dam"},null,"Purko",null,"Water, Irrigation, Environment and Natural Resources ","Water & Irrigation","Water & Irrigation","2019-06-30","2019-07-01","2020-06-01",null,{"v":5000000,"d":"5,000,000"},{"$f":"R337","v":{"v":5000000,"d":"5,000,000"}},{"v":5000000,"d":"5,000,000"},"CGK","N/A",{"v":5000000,"d":"5,000,000"},0,0,{"v":0,"d":"0%"},null,{"v":5000000,"d":"5,000,000"},{"v":5000000,"d":"5,000,000"},"Completed",{"$nulls":6},"No",null,"Environmental","No","Propose budget for screening","No","Propose budget for screening","Yes","Fesibility studies and design"]
[336,"Ilngosuani borehole ","Piping of water from Ilngosuani borehole to Esilanke Oltepesi pump and construction of 50,000 litres tank ","Increase access to safe and affordable water","Pipeline constructed",null,{"$f":"Table4[[#This Row],[Project Name/Title]]","v":"Ilngosuani borehole "},null,"Purko",null,"Water, Irrigation, Environment and Natural Resources ","Water & Irrigation","Water & Irrigation","2019-06-30","2019-07-01","2020-06-01",null,{"v":6000000,"d":"6,000,000"},{"$f":"R338","v":{"v":6000000,"d":"6,000,000"}},{"v":6000000,"d":"6,000,000"},"CGK","N/A",{"v":6000000,"d":"6,000,000"},0,0,{"v":0,"d":"0%"},null,{"v":6000000,"d":"6,000,000"},{"v":6000000,"d":"6,000,000"},"Completed",{"$nulls":6},"No",null,"Environmental","No","Propose budget for screening","No","Propose budget for screening","Yes","Fesibility studies and design"]
[337,"Njukini community Borehole ","Equiping and completion of Njukini community borehole","Increase access to safe and affordable water","Borehole drilled and equipped",null,{"$f":"Table4[[#This Row],[Project Name/Title]]","v":"Njukini community Borehole "},null,"Rombo",null,"Water, Irrigation, Environment and Natural Resources ","Water & Irrigation","Water & Irrigation","2019-06-30","2019-07-01","2020-06-01",null,{"v":2000000,"d":"2,000,000"},{"$f":"R339","v":{"v":2000000,"d":"2,000,000"}},{"v":2000000,"d":"2,000,000"},"CGK","N/A",{"v":2000000,"d":"2,000,000"},0,0,{"v":0,"d":"0%"},null,{"v":2000000,"d":"2,000,000"},{"v":2000000,"d":"2,000,000"},"Completed",{"$nulls":6},"No",null,"Environmental","No","Propose budget for screening","No","Propose budget for screening","Yes","Fesibility studies and design"]
[338,"Enchurrai community borehole","Construction and equiping of Enchurrai Borehole","Increase access to safe and affordable water","Borehole drilled and equipped",null,{"$f":"Table4[[#This Row],[Project Name/Title]]","v":"Enchurrai community borehole"},null,"Rombo",null,"Water, Irrigation, Environment and Natural Resources ","Water & Irrigation","Water & Irrigation","2019-06-30","2019-07-01","2020-06-01",null,{"v":7000000,"d":"7,000,000"},{"$f":"R340","v":{"v":7000000,"d":"7,000,000"}},{"v":7000000,"d":"7,000,000"},"CGK","N/A",{"v":7000000,"d":"7,000,000"},0,0,{"v":0,"d":"0%"},null,{"v":7000000,"d":"7,000,000"},{"v":7000000,"d":"7,000,000"},"Completed",{"$nulls":6},"No",null,"Environmental","No","Propose budget for screening","No","Propose budget for screening","Yes","Fesibility studies and design"]
[339,"Oltiasilalei water project ","Piping and electrification of Oltiasilale borehole ","Increase access to safe and affordable water","Pipeline constructed",null,{"$f":"Table4[[#This Row],[Project Name/Title]]","v":"Oltiasilalei water project "},null,"Rombo",null,"Water, Irrigation, Environment and Natural Resources ","Water & Irrigation","Water & Irrigation","2019-06-30","2019-07-01","2020-06-01",null,{"v":2500000,"d":"2,500,000"},{"$f":"R341","v":{"v":2500000,"d":"2,500,000"}},{"v":2500000,"d":"2,500,000"},"CGK","N/A",{"v":2500000,"d":"2,500,000"},0,0,{"v":0,"d":"0%"},null,{"v":2500000,"d":"2,500,000"},{"v":2500000,"d":"2,500,000"},"Completed",{"$nulls":6},"No",null,"Environmental","No","Propose budget for screening","No","Propose budget for screening","Yes","Fesibility studies and design"]
[340,"Maroroi water project","Extension of pipeline of Maroroi water project ","Increase access to safe and affordable water","Pipeline constructed",null,{"$f":"Table4[[#This Row],[Project Name/Title]]","v":"Maroroi water project"},null,"Rombo",null,"Water, Irrigation, Environment and Natural Resources ","Water & Irrigation","Water & Irrigation","2019-06-30","2019-07-01","2020-06-01",null,{"v":2500000,"d":"2,500,000"},{"$f":"R342","v":{"v":2500000,"d":"2,500,000"}},{"v":2500000,"d":"2,500,000"},"CGK","N/A",{"v":2500000,"d":"2,500,000"},0,0,{"v":0,"d":"0%"},null,{"v":2500000,"d":"2,500,000"},{"v":2500000,"d":"2,500,000"},"Completed",{"$nulls":6},"No",null,"Environmental","No","Propose budget for screening","No","Propose budget for screening","Yes","Fesibility studies and design"]
[341,"Kibaoni water project ","Piping of water at Kibaoni water project ","Increase access to safe and affordable water","Pipeline constructed",null,{"$f":"Table4[[#This Row],[Project Name/Title]]","v":"Kibaoni water project "},null,"Rombo",null,"Water, Irrigation, Environment and Natural Resources ","Water & Irrigation","Water & Irrigation","2019-06-30","2019-07-01","2020-06-01",null,{"v":1000000,"d":"1,000,000"},{"$f":"R343","v":{"v":1000000,"d":"1,000,000"}},{"v":1000000,"d":"1,000,000"},"CGK","N/A",{"v":1000000,"d":"1,000,000"},0,0,{"v":0,"d":"0%"},null,{"v":1000000,"d":"1,000,000"},{"v":1000000,"d":"1,000,000"},"Completed",{"$nulls":6},"No",null,"Environmental","No","Propose budget for screening","No","Propose budget for screening","Yes","Fesibility studies and design"]
[342,"Kikelelwa water project ","Pping of water at Kikelelwa water project ","Increase access to safe and affordable water","Pipeline constructed",null,{"$f":"Table4[[#This Row],[Project Name/Title]]","v":"Kikelelwa water project "},null,"Rombo",null,"Water, Irrigation, Environment and Natural Resources ","Water & Irrigation","Water & Irrigation","2019-06-30","2019-07-01","2020-06-01",null,{"v":1000000,"d":"1,000,000"},{"$f":"R344","v":{"v":1000000,"d":"1,000,000"}},{"v":1000000,"d":"1,000,000"},"CGK","N/A",{"v":1000000,"d":"1,000,000"},0,0,{"v":0,"d":"0%"},null,{"v":1000000,"d":"1,000,000"},{"v":1000000,"d":"1,000,000"},"Completed",{"$nulls":6},"No",null,"Environmental","No","Propose budget for screening","No","Propose budget for screening","Yes","Fesibility studies and design"]
[343,"Ongata Rongai Pri School","Water havesting, construction of a tank and installation of gutters ","Increase access to safe and affordable water","Water harvesting system constructed",null,{"$f":"Table4[[#This Row],[Project Name/Title]]","v":"Ongata Rongai Pri School"},null,"Nkaimurunya",null,"Water, Irrigation, Environment and Natural Resources ","Water & Irrigation","Water & Irrigation","2019-06-30","2019-07-01","2020-06-01",null,{"v":1000000,"d":"1,000,000"},{"$f":"R345","v":{"v":1000000,"d":"1,000,000"}},{"v":1000000,"d":"1,000,000"},"CGK","N/A",{"v":1000000,"d":"1,000,000"},0,0,{"v":0,"d":"0%"},null,{"v":1000000,"d":"1,000,000"},{"v":1000000,"d":"1,000,000"},"Completed",{"$nulls":6},"No",null,"Environmental","No","Propose budget for screening","No","Propose budget for screening","Yes","Fesibility studies and design"]
[344,"Nadonkajijik water ","Construction of a water tank at Nadonkajijik","Increase access to safe and affordable water","Storage tank constructed",null,{"$f":"Table4[[#This Row],[Project Name/Title]]","v":"Nadonkajijik water "},null,"Imbirikani ",null,"Water, Irrigation, Environment and Natural Resources ","Water & Irrigation","Water & Irrigation","2019-06-30","2019-07-01","2020-06-01",null,{"v":3000000,"d":"3,000,000"},{"$f":"R346","v":{"v":3000000,"d":"3,000,000"}},{"v":3000000,"d":"3,000,000"},"CGK","N/A",{"v":3000000,"d":"3,000,000"},0,0,{"v":0,"d":"0%"},null,{"v":3000000,"d":"3,000,000"},{"v":3000000,"d":"3,000,000"},"Completed",{"$nulls":6},"No",null,"Environmental","No","Propose budget for screening","No","Propose budget for screening","Yes","Fesibility studies and design"]
[345,"Nasipa water project  ","Construction of a new tank and piping ","Increase access to safe and affordable water","Storage tank constructed",null,{"$f":"Table4[[#This Row],[Project Name/Title]]","v":"Nasipa water project  "},null,"Imbirikani ",null,"Water, Irrigation, Environment and Natural Resources ","Water & Irrigation","Water & Irrigation","2019-06-30","2019-07-01","2020-06-01",null,{"v":4000000,"d":"4,000,000"},{"$f":"R347","v":{"v":4000000,"d":"4,000,000"}},{"v":4000000,"d":"4,000,000"},"CGK","N/A",{"v":4000000,"d":"4,000,000"},0,0,{"v":0,"d":"0%"},null,{"v":4000000,"d":"4,000,000"},{"v":4000000,"d":"4,000,000"},"Completed",{"$nulls":6},"No",null,"Environmental","No","Propose budget for screening","No","Propose budget for screening","Yes","Fesibility studies and design"]
[346,"Kibiko Water Borehole","Drilling ,equipping  and piping","Increase access to safe and affordable water","Borehole drilled and equipped",null,{"$f":"Table4[[#This Row],[Project Name/Title]]","v":"Kibiko Water Borehole"},null,"Ewuaso",null,"Water, Irrigation, Environment and Natural Resources ","Water & Irrigation","Water & Irrigation","2019-06-30","2019-07-01","2020-06-01",null,{"v":7000000,"d":"7,000,000"},{"$f":"R348","v":{"v":7000000,"d":"7,000,000"}},{"v":7000000,"d":"7,000,000"},"CGK","N/A",{"v":7000000,"d":"7,000,000"},0,0,{"v":0,"d":"0%"},null,{"v":7000000,"d":"7,000,000"},{"v":7000000,"d":"7,000,000"},"Completed",{"$nulls":6},"No",null,"Environmental","No","Propose budget for screening","No","Propose budget for screening","Yes","Fesibility studies and design"]
[347,"Enkoireroi Water Project","Drilling ,equipping  and piping","Increase access to safe and affordable water","Borehole drilled and equipped",null,{"$f":"Table4[[#This Row],[Project Name/Title]]","v":"Enkoireroi Water Project"},null,"Ewuaso",null,"Water, Irrigation, Environment and Natural Resources ","Water & Irrigation","Water & Irrigation","2019-06-30","2019-07-01","2020-06-01",null,{"v":7000000,"d":"7,000,000"},{"$f":"R349","v":{"v":7000000,"d":"7,000,000"}},{"v":7000000,"d":"7,000,000"},"CGK","N/A",{"v":7000000,"d":"7,000,000"},0,0,{"v":0,"d":"0%"},null,{"v":7000000,"d":"7,000,000"},{"v":7000000,"d":"7,000,000"},"Completed",{"$nulls":6},"No",null,"Environmental","No","Propose budget for screening","No","Propose budget for screening","Yes","Fesibility studies and design"]
[348,"Olokirdingai Water Project","Piping about 3km","Increase access to safe and affordable water","Pipeline constructed",null,{"$f":"Table4[[#This Row],[Project Name/Title]]","v":"Olokirdingai Water Project"},null,"Ewuaso",null,"Water, Irrigation, Environment and Natural Resources ","Water & Irrigation","Water & Irrigation","2019-06-30","2019-07-01","2020-06-01",null,{"v":5000000,"d":"5,000,000"},{"$f":"R350","v":{"v":5000000,"d":"5,000,000"}},{"v":5000000,"d":"5,000,000"},"CGK","N/A",{"v":5000000,"d":"5,000,000"},0,0,{"v":0,"d":"0%"},null,{"v":5000000,"d":"5,000,000"},{"v":5000000,"d":"5,000,000"},"Completed",{"$nulls":6},"No",null,"Environmental","No","Propose budget for screening","No","Propose budget for screening","Yes","Fesibility studies and design"]
[349,"Nkaimurunya modern tree nurseries ","Construction and fencing of a modern tree nurseries  ","Improve management and conservation of the environment","Tree nursery established",null,{"$f":"Table4[[#This Row],[Project Name/Title]]","v":"Nkaimurunya modern tree nurseries "},null,"Nkaimurunya",null,"Water, Irrigation, Environment and Natural Resources ","Environment, Natural Resources and Climate Change","Environment, Natural Resources and Climate Change","2019-06-30","2019-07-01","2020-06-01",null,{"v":2800000,"d":"2,800,000"},{"$f":"R351","v":{"v":2800000,"d":"2,800,000"}},{"v":2800000,"d":"2,800,000"},"CGK","N/A",{"v":2800000,"d":"2,800,000"},0,0,{"v":0,"d":"0%"},null,{"v":2800000,"d":"2,800,000"},{"v":2800000,"d":"2,800,000"},"Completed",{"$nulls":6},"No",null,"Environmental","No","Propose budget for screening","No","Propose budget for screening","Yes","Fesibility studies and design"]
[350,"Recreational park/green zone ","Fencing , landscaping, construction of public toilets,office block","Improve management and conservation of the environment","Recreational park constructed",null,{"$f":"Table4[[#This Row],[Project Name/Title]]","v":"Recreational park/green zone "},null,"Nkaimurunya",null,"Water, Irrigation, Environment and Natural Resources ","Environment, Natural Resources and Climate Change","Environment, Natural Resources and Climate Change","2019-06-30","2019-07-01","2020-06-01",null,{"v":5000000,"d":"5,000,000"},{"$f":"R352","v":{"v":5000000,"d":"5,000,000"}},{"v":5000000,"d":"5,000,000"},"CGK","N/A",{"v":5000000,"d":"5,000,000"},0,0,{"v":0,"d":"0%"},null,{"v":5000000,"d":"5,000,000"},{"v":5000000,"d":"5,000,000"},"Completed",{"$nulls":6},"No",null,"Environmental","Yes ","Climate proofing","Yes ","Propose budget for screening","Yes","Fesibility studies and design"]
[351,"Oldonyorok/ Kerema-Ilbisil water pipeline","Water reticulation; rehabilitation of pipelines and infrastructure development ","Increase access to safe and affordable water","Pipeline constructed",null,{"$f":"Table4[[#This Row],[Project Name/Title]]","v":"Oldonyorok/ Kerema-Ilbisil water pipeline"},"Kajiado Central and East","Ildamat; Matapato North and Kitengela",null,"Water, Irrigation, Environment and Natural Resources ","Water & Irrigation","Water & Irrigation","2019-06-30","2019-07-01","2020-06-01",null,{"$f":"30000000-10000000","v":{"v":20000000,"d":"20,000,000"}},{"$f":"R353","v":{"v":20000000,"d":"20,000,000"}},{"v":20000000,"d":"20,000,000"},"CGK","N/A",{"v":20000000,"d":"20,000,000"},0,0,{"v":0,"d":"0%"},null,{"v":20000000,"d":"20,000,000"},{"v":20000000,"d":"20,000,000"},"Stalled",{"v":0,"d":"0%"},{"$f":"AE353","v":{"v":0,"d":"0%"}},"Inadequate finances",2020,6,{"$f":"AC353","v":{"v":20000000,"d":"20,000,000"}},"No","Defer","Environmental","Yes ","Climate proofing","Yes ","Propose budget for screening","Yes","Fesibility studies and design"]
[352,"Kitengela town water supply","Water reticulation","Increase access to safe and affordable water","Water reticulation done",null,{"$f":"Table4[[#This Row],[Project Name/Title]]","v":"Kitengela town water supply"},"Kajiado East ","Kitengela",null,"Water, Irrigation, Environment and Natural Resources ","Water & Irrigation","Water & Irrigation","2019-06-30","2019-07-01","2020-06-01",null,{"$f":"30000000-10000000+17000000","v":{"v":37000000,"d":"37,000,000"}},{"$f":"R354","v":{"v":37000000,"d":"37,000,000"}},{"v":37000000,"d":"37,000,000"},"CGK","N/A",{"v":37000000,"d":"37,000,000"},0,0,{"v":0,"d":"0%"},null,{"v":37000000,"d":"37,000,000"},{"v":37000000,"d":"37,000,000"},"Completed",{"$nulls":6},"No",null,"Environmental","No","Propose budget for screening","No","Propose budget for screening","Yes","Fesibility studies and design"]
[353,"Water Supply services","Acquisition of 1 No.Water bowsers ","Increase access to safe and affordable water","Water bowser purchased",null,{"$f":"Table4[[#This Row],[Project Name/Title]]","v":"Water Supply services"},"County HQ","County HQ",null,"Water, Irrigation, Environment and Natural Resources ","Water & Irrigation","Water & Irrigation","2019-06-30","2019-07-01","2020-06-01",null,{"v":9000000,"d":"9,000,000"},{"$f":"R355","v":{"v":9000000,"d":"9,000,000"}},{"v":9000000,"d":"9,000,000"},"CGK","N/A",{"v":9000000,"d":"9,000,000"},0,0,{"v":0,"d":"0%"},null,{"v":9000000,"d":"9,000,000"},{"v":9000000,"d":"9,000,000"},"Stalled",{"v":0,"d":"0%"},{"$f":"AE355","v":{"v":0,"d":"0%"}},"Inadequate finances",2020,6,{"$f":"AC355","v":{"v":9000000,"d":"9,000,000"}},"No","Defer","Financial","No","Propose budget for screening","No","Propose budget for screening","Yes","Fesibility studies and design"]
[354,"Ngong Dumpsite","Relocation and land reclamation of Ngong Dumpsite; Kitengela and Kajiado","Improve management and conservation of the environment","Dumpsite decommissioned",null,{"$f":"Table4[[#This Row],[Project Name/Title]]","v":"Ngong Dumpsite"},"Kajiado North","Ngong",null,"Water, Irrigation, Environment and Natural Resources ","Environment, Natural Resources and Climate Change","Environment, Natural Resources and Climate Change","2019-06-30","2019-07-01","2020-06-01",null,{"v":50000000,"d":"50,000,000"},{"$f":"R356","v":{"v":50000000,"d":"50,000,000"}},{"v":50000000,"d":"50,000,000"},"CGK","N/A",{"v":50000000,"d":"50,000,000"},0,0,{"v":0,"d":"0%"},null,{"v":50000000,"d":"50,000,000"},{"v":50000000,"d":"50,000,000"},"Completed",{"$nulls":6},"No",null,"Environmental","No","Propose budget for screening","No","Propose budget for screening","Yes","Fesibility studies and design"]
[355,"Isisira Dam","Drilling and Equipping","Increase access to safe and affordable water","Borehole drilled and equipped",null,{"$f":"Table4[[#This Row],[Project Name/Title]]","v":"Isisira Dam"},"Imaroro","Ilmungush",null,"Water, Irrigation, Environment and Natural Resources ","Water & Irrigation","Water & Irrigation","2020-06-30","2020-07-01","2021-06-01",null,{"v":6000000,"d":"6,000,000"},{"$f":"R357","v":{"v":6000000,"d":"6,000,000"}},{"v":6000000,"d":"6,000,000"},"CGK","N/A",{"v":6000000,"d":"6,000,000"},0,0,{"v":0,"d":"0%"},null,{"v":6000000,"d":"6,000,000"},{"v":6000000,"d":"6,000,000"},"Completed",{"$nulls":6},"No",null,"Environmental","No","Propose budget for screening","No","Propose budget for screening","Yes","Fesibility studies and design"]
[356,"Kibaoni Borehole","Piping from Kibaoni toward Illasit town","Increase access to safe and affordable water","Pipeline constructed",null,{"$f":"Table4[[#This Row],[Project Name/Title]]","v":"Kibaoni Borehole"},"Rombo","Entarara",null,"Water, Irrigation, Environment and Natural Resources ","Water & Irrigation","Water & Irrigation","2020-06-30","2020-07-01","2021-06-01",null,{"v":2000000,"d":"2,000,000"},{"$f":"R358","v":{"v":2000000,"d":"2,000,000"}},{"v":2000000,"d":"2,000,000"},"CGK","N/A",{"v":2000000,"d":"2,000,000"},0,0,{"v":0,"d":"0%"},null,{"v":2000000,"d":"2,000,000"},{"v":2000000,"d":"2,000,000"},"Completed",{"$nulls":6},"No",null,"Environmental","No","Propose budget for screening","No","Propose budget for screening","Yes","Fesibility studies and design"]
[357,"Olmapinu Water Borehole","Drilling and equipping","Increase access to safe and affordable water","Borehole drilled and equipped",null,{"$f":"Table4[[#This Row],[Project Name/Title]]","v":"Olmapinu Water Borehole"},"Rombo","Njukini",null,"Water, Irrigation, Environment and Natural Resources ","Water & Irrigation","Water & Irrigation","2020-06-30","2020-07-01","2021-06-01",null,{"v":7000000,"d":"7,000,000"},{"$f":"R359","v":{"v":7000000,"d":"7,000,000"}},{"v":7000000,"d":"7,000,000"},"CGK","N/A",{"v":7000000,"d":"7,000,000"},0,0,{"v":0,"d":"0%"},null,{"v":7000000,"d":"7,000,000"},{"v":7000000,"d":"7,000,000"},"Completed",{"$nulls":6},"No",null,"Environmental","No","Propose budget for screening","No","Propose budget for screening","Yes","Fesibility studies and design"]
[358,"Ensukuta mashambani water pipeline","Pipeline maintenance","Increase access to safe and affordable water","Pipeline rehabilitated",null,{"$f":"Table4[[#This Row],[Project Name/Title]]","v":"Ensukuta mashambani water pipeline"},"Rombo","Rombo",null,"Water, Irrigation, Environment and Natural Resources ","Water & Irrigation","Water & Irrigation","2020-06-30","2020-07-01","2021-06-01",null,{"v":1500000,"d":"1,500,000"},{"$f":"R360","v":{"v":1500000,"d":"1,500,000"}},{"v":1500000,"d":"1,500,000"},"CGK","N/A",{"v":1500000,"d":"1,500,000"},0,0,{"v":0,"d":"0%"},null,{"v":1500000,"d":"1,500,000"},{"v":1500000,"d":"1,500,000"},"Completed",{"$nulls":6},"No",null,"Environmental","No","Propose budget for screening","No","Propose budget for screening","Yes","Fesibility studies and design"]
[359,"Mariani borehole","Equipping","Increase access to safe and affordable water","Borehole equipped",null,{"$f":"Table4[[#This Row],[Project Name/Title]]","v":"Mariani borehole"},"Mosiro","Embarbal",null,"Water, Irrigation, Environment and Natural Resources ","Water & Irrigation","Water & Irrigation","2020-06-30","2020-07-01","2021-06-01",null,{"v":3000000,"d":"3,000,000"},{"$f":"R361","v":{"v":3000000,"d":"3,000,000"}},{"v":3000000,"d":"3,000,000"},"CGK","N/A",{"v":3000000,"d":"3,000,000"},0,0,{"v":0,"d":"0%"},null,{"v":3000000,"d":"3,000,000"},{"v":3000000,"d":"3,000,000"},"Completed",{"$nulls":6},"No",null,"Environmental","No","Propose budget for screening","No","Propose budget for screening","Yes","Fesibility studies and design"]
[360,"Oldorko Centre Water tank","Piping from Olkunono borehole through Mosiro Market, Mosiro Dispensary to the masonry tank at Odorko centre","Increase access to safe and affordable water","Pipeline constructed",null,{"$f":"Table4[[#This Row],[Project Name/Title]]","v":"Oldorko Centre Water tank"},"Mosiro","Oldorko",null,"Water, Irrigation, Environment and Natural Resources ","Water & Irrigation","Water & Irrigation","2020-06-30","2020-07-01","2021-06-01",null,{"v":3000000,"d":"3,000,000"},{"$f":"R362","v":{"v":3000000,"d":"3,000,000"}},{"v":3000000,"d":"3,000,000"},"CGK","N/A",{"v":3000000,"d":"3,000,000"},0,0,{"v":0,"d":"0%"},null,{"v":3000000,"d":"3,000,000"},{"v":3000000,"d":"3,000,000"},"Completed",{"$nulls":6},"No",null,"Environmental","No","Propose budget for screening","No","Propose budget for screening","Yes","Fesibility studies and design"]
[361,"Oldorko Centre Water tank","Piping and renovation of masonry water tank at Oldorko Centre","Increase access to safe and affordable water","Pipeline constructed",null,{"$f":"Table4[[#This Row],[Project Name/Title]]","v":"Oldorko Centre Water tank"},"Mosiro","Oldepe",null,"Water, Irrigation, Environment and Natural Resources ","Water & Irrigation","Water & Irrigation","2020-06-30","2020-07-01","2021-06-01",null,{"v":3000000,"d":"3,000,000"},{"$f":"R363","v":{"v":3000000,"d":"3,000,000"}},{"v":3000000,"d":"3,000,000"},"CGK","N/A",{"v":3000000,"d":"3,000,000"},0,0,{"v":0,"d":"0%"},null,{"v":3000000,"d":"3,000,000"},{"v":3000000,"d":"3,000,000"},"Completed",{"$nulls":6},"No",null,"Environmental","No","Propose budget for screening","No","Propose budget for screening","Yes","Fesibility studies and design"]
[362,"Imarriani & Embarbal water pan","Completion of Imarriani and Embarbal water pan project","Increase access to safe and affordable water","Water pan constructed",null,{"$f":"Table4[[#This Row],[Project Name/Title]]","v":"Imarriani & Embarbal water pan"},"Mosiro","Embarbal",null,"Water, Irrigation, Environment and Natural Resources ","Water & Irrigation","Water & Irrigation","2020-06-30","2020-07-01","2021-06-01",null,{"v":6500000,"d":"6,500,000"},{"$f":"R364","v":{"v":6500000,"d":"6,500,000"}},{"v":6500000,"d":"6,500,000"},"CGK","N/A",{"v":6500000,"d":"6,500,000"},0,0,{"v":0,"d":"0%"},null,{"v":6500000,"d":"6,500,000"},{"v":6500000,"d":"6,500,000"},"Completed",{"$nulls":6},"No",null,"Environmental","No","Propose budget for screening","No","Propose budget for screening","Yes","Fesibility studies and design"]
[363,"Oloosilale Borehole","Drilling and Equipping","Increase access to safe and affordable water","Borehole drilled and equipped",null,{"$f":"Table4[[#This Row],[Project Name/Title]]","v":"Oloosilale Borehole"},"Matapato South","Kumpa",null,"Water, Irrigation, Environment and Natural Resources ","Water & Irrigation","Water & Irrigation","2020-06-30","2020-07-01","2021-06-01",null,{"v":7000000,"d":"7,000,000"},{"$f":"R365","v":{"v":7000000,"d":"7,000,000"}},{"v":7000000,"d":"7,000,000"},"CGK","N/A",{"v":7000000,"d":"7,000,000"},0,0,{"v":0,"d":"0%"},null,{"v":7000000,"d":"7,000,000"},{"v":7000000,"d":"7,000,000"},"Completed",{"$nulls":6},"No",null,"Environmental","No","Propose budget for screening","No","Propose budget for screening","Yes","Fesibility studies and design"]
[364,"Oloitil Isoitok Borehole","Drilling","Increase access to safe and affordable water","Borehole drilled and equipped",null,{"$f":"Table4[[#This Row],[Project Name/Title]]","v":"Oloitil Isoitok Borehole"},"Matapato South","Meto",null,"Water, Irrigation, Environment and Natural Resources ","Water & Irrigation","Water & Irrigation","2020-06-30","2020-07-01","2021-06-01",null,{"v":2000000,"d":"2,000,000"},{"$f":"R366","v":{"v":2000000,"d":"2,000,000"}},{"v":2000000,"d":"2,000,000"},"CGK","N/A",{"v":2000000,"d":"2,000,000"},0,0,{"v":0,"d":"0%"},null,{"v":2000000,"d":"2,000,000"},{"v":2000000,"d":"2,000,000"},"Completed",{"$nulls":6},"No",null,"Environmental","No","Propose budget for screening","No","Propose budget for screening","Yes","Fesibility studies and design"]
[365,"Lenchani Borehole","Rehabilitation","Increase access to safe and affordable water","Borehole rehabilitated",null,{"$f":"Table4[[#This Row],[Project Name/Title]]","v":"Lenchani Borehole"},"Matapato South","Oldonyio-Orok",null,"Water, Irrigation, Environment and Natural Resources ","Water & Irrigation","Water & Irrigation","2020-06-30","2020-07-01","2021-06-01",null,{"v":3000000,"d":"3,000,000"},{"$f":"R367","v":{"v":3000000,"d":"3,000,000"}},{"v":3000000,"d":"3,000,000"},"CGK","N/A",{"v":3000000,"d":"3,000,000"},0,0,{"v":0,"d":"0%"},null,{"v":3000000,"d":"3,000,000"},{"v":3000000,"d":"3,000,000"},"Completed",{"$nulls":6},"No",null,"Environmental","No","Propose budget for screening","No","Propose budget for screening","Yes","Fesibility studies and design"]
[366,"Eluanata Borehole","Building of Water tank, trough and piping","Increase access to safe and affordable water","Storage tank constructed",null,{"$f":"Table4[[#This Row],[Project Name/Title]]","v":"Eluanata Borehole"},"Matapato South","Eluanata",null,"Water, Irrigation, Environment and Natural Resources ","Water & Irrigation","Water & Irrigation","2020-06-30","2020-07-01","2021-06-01",null,{"v":2000000,"d":"2,000,000"},{"$f":"R368","v":{"v":2000000,"d":"2,000,000"}},{"v":2000000,"d":"2,000,000"},"CGK","N/A",{"v":2000000,"d":"2,000,000"},0,0,{"v":0,"d":"0%"},null,{"v":2000000,"d":"2,000,000"},{"v":2000000,"d":"2,000,000"},"Completed",{"$nulls":6},"No",null,"Environmental","No","Propose budget for screening","No","Propose budget for screening","Yes","Fesibility studies and design"]
[367,"Olasiti Borehole","Completion","Increase access to safe and affordable water","Borehole drilled and equipped",null,{"$f":"Table4[[#This Row],[Project Name/Title]]","v":"Olasiti Borehole"},"Matapato South","Oldonyio-Orok",null,"Water, Irrigation, Environment and Natural Resources ","Water & Irrigation","Water & Irrigation","2020-06-30","2020-07-01","2021-06-01",null,{"v":4000000,"d":"4,000,000"},{"$f":"R369","v":{"v":4000000,"d":"4,000,000"}},{"v":4000000,"d":"4,000,000"},"CGK","N/A",{"v":4000000,"d":"4,000,000"},0,0,{"v":0,"d":"0%"},null,{"v":4000000,"d":"4,000,000"},{"v":4000000,"d":"4,000,000"},"Completed",{"$nulls":6},"No",null,"Environmental","No","Propose budget for screening","No","Propose budget for screening","Yes","Fesibility studies and design"]
[368,"Maisikiria Borehole","Drilling and Equipping","Increase access to safe and affordable water","Borehole drilled and equipped",null,{"$f":"Table4[[#This Row],[Project Name/Title]]","v":"Maisikiria Borehole"},"Matapato North","Ruanche",null,"Water, Irrigation, Environment and Natural Resources ","Water & Irrigation","Water & Irrigation","2020-06-30","2020-07-01","2021-06-01",null,{"v":6000000,"d":"6,000,000"},{"$f":"R370","v":{"v":6000000,"d":"6,000,000"}},{"v":6000000,"d":"6,000,000"},"CGK","N/A",{"v":6000000,"d":"6,000,000"},0,0,{"v":0,"d":"0%"},null,{"v":6000000,"d":"6,000,000"},{"v":6000000,"d":"6,000,000"},"Completed",{"$nulls":6},"No",null,"Environmental","No","Propose budget for screening","No","Propose budget for screening","Yes","Fesibility studies and design"]
[369,"Indonyio Borehole","Construction of storage tanks and cattle troughs","Increase access to safe and affordable water","Storage tank constructed",null,{"$f":"Table4[[#This Row],[Project Name/Title]]","v":"Indonyio Borehole"},"Matapato North","Ruanche",null,"Water, Irrigation, Environment and Natural Resources ","Water & Irrigation","Water & Irrigation","2020-06-30","2020-07-01","2021-06-01",null,{"v":2000000,"d":"2,000,000"},{"$f":"R371","v":{"v":2000000,"d":"2,000,000"}},{"v":2000000,"d":"2,000,000"},"CGK","N/A",{"v":2000000,"d":"2,000,000"},0,0,{"v":0,"d":"0%"},null,{"v":2000000,"d":"2,000,000"},{"v":2000000,"d":"2,000,000"},"Completed",{"$nulls":6},"No",null,"Environmental","No","Propose budget for screening","No","Propose budget for screening","Yes","Fesibility studies and design"]
[370,"Rongai Tank","Construction of 100 Metre Cubit Water Tank","Increase access to safe and affordable water","Storage tank constructed",null,{"$f":"Table4[[#This Row],[Project Name/Title]]","v":"Rongai Tank"},"Entonet Lenkism","Olchorro",null,"Water, Irrigation, Environment and Natural Resources ","Water & Irrigation","Water & Irrigation","2020-06-30","2020-07-01","2021-06-01",null,{"v":5000000,"d":"5,000,000"},{"$f":"R372","v":{"v":5000000,"d":"5,000,000"}},{"v":5000000,"d":"5,000,000"},"CGK","N/A",{"v":5000000,"d":"5,000,000"},0,0,{"v":0,"d":"0%"},null,{"v":5000000,"d":"5,000,000"},{"v":5000000,"d":"5,000,000"},"Completed",{"$nulls":6},"No",null,"Environmental","No","Propose budget for screening","No","Propose budget for screening","Yes","Fesibility studies and design"]
[371,"Esokota Water  Towers","Piping and Construction of Tanks","Increase access to safe and affordable water","Pipeline constructed",null,{"$f":"Table4[[#This Row],[Project Name/Title]]","v":"Esokota Water  Towers"},"Ildamat","Esokota",null,"Water, Irrigation, Environment and Natural Resources ","Water & Irrigation","Water & Irrigation","2020-06-30","2020-07-01","2021-06-01",null,{"v":4000000,"d":"4,000,000"},{"$f":"R373","v":{"v":4000000,"d":"4,000,000"}},{"v":4000000,"d":"4,000,000"},"CGK","N/A",{"v":4000000,"d":"4,000,000"},0,0,{"v":0,"d":"0%"},null,{"v":4000000,"d":"4,000,000"},{"v":4000000,"d":"4,000,000"},"Completed",{"$nulls":6},"No",null,"Environmental","No","Propose budget for screening","No","Propose budget for screening","Yes","Fesibility studies and design"]
[372,"Orkaria Community Borehole","Drilling and Equipping","Increase access to safe and affordable water","Borehole drilled and equipped",null,{"$f":"Table4[[#This Row],[Project Name/Title]]","v":"Orkaria Community Borehole"},"Kuku","Kuku",null,"Water, Irrigation, Environment and Natural Resources ","Water & Irrigation","Water & Irrigation","2020-06-30","2020-07-01","2021-06-01",null,{"v":6000000,"d":"6,000,000"},{"$f":"R374","v":{"v":6000000,"d":"6,000,000"}},{"v":6000000,"d":"6,000,000"},"CGK","N/A",{"v":6000000,"d":"6,000,000"},0,0,{"v":0,"d":"0%"},null,{"v":6000000,"d":"6,000,000"},{"v":6000000,"d":"6,000,000"},"Completed",{"$nulls":6},"No",null,"Environmental","No","Propose budget for screening","No","Propose budget for screening","Yes","Fesibility studies and design"]
[373,"Oltemwai Communtiy Borehole","Drilling and Equipping","Increase access to safe and affordable water","Borehole drilled and equipped",null,{"$f":"Table4[[#This Row],[Project Name/Title]]","v":"Oltemwai Communtiy Borehole"},"Kuku","Elangata enkima",null,"Water, Irrigation, Environment and Natural Resources ","Water & Irrigation","Water & Irrigation","2020-06-30","2020-07-01","2021-06-01",null,{"v":6000000,"d":"6,000,000"},{"$f":"R375","v":{"v":6000000,"d":"6,000,000"}},{"v":6000000,"d":"6,000,000"},"CGK","N/A",{"v":6000000,"d":"6,000,000"},0,0,{"v":0,"d":"0%"},null,{"v":6000000,"d":"6,000,000"},{"v":6000000,"d":"6,000,000"},"Completed",{"$nulls":6},"No",null,"Environmental","No","Propose budget for screening","No","Propose budget for screening","Yes","Fesibility studies and design"]
[374,"Iltilal Water Tank","Purchase and installation","Increase access to safe and affordable water","Storage tank constructed",null,{"$f":"Table4[[#This Row],[Project Name/Title]]","v":"Iltilal Water Tank"},"Kuku","Olorika",null,"Water, Irrigation, Environment and Natural Resources ","Water & Irrigation","Water & Irrigation","2020-06-30","2020-07-01","2021-06-01",null,{"v":2500000,"d":"2,500,000"},{"$f":"R376","v":{"v":2500000,"d":"2,500,000"}},{"v":2500000,"d":"2,500,000"},"CGK","N/A",{"v":2500000,"d":"2,500,000"},0,0,{"v":0,"d":"0%"},null,{"v":2500000,"d":"2,500,000"},{"v":2500000,"d":"2,500,000"},"Completed",{"$nulls":6},"No",null,"Environmental","No","Propose budget for screening","No","Propose budget for screening","Yes","Fesibility studies and design"]
[375,"Orpura Community Borehole","Drilling and Equipping","Increase access to safe and affordable water","Borehole drilled and equipped",null,{"$f":"Table4[[#This Row],[Project Name/Title]]","v":"Orpura Community Borehole"},"Kuku","Iltilal",null,"Water, Irrigation, Environment and Natural Resources ","Water & Irrigation","Water & Irrigation","2020-06-30","2020-07-01","2021-06-01",null,{"v":6000000,"d":"6,000,000"},{"$f":"R377","v":{"v":6000000,"d":"6,000,000"}},{"v":6000000,"d":"6,000,000"},"CGK","N/A",{"v":6000000,"d":"6,000,000"},0,0,{"v":0,"d":"0%"},null,{"v":6000000,"d":"6,000,000"},{"v":6000000,"d":"6,000,000"},"Completed",{"$nulls":6},"No",null,"Environmental","No","Propose budget for screening","No","Propose budget for screening","Yes","Fesibility studies and design"]
[376,"Kuku Pipeline Extension","Extension of Pipeline","Increase access to safe and affordable water","Pipeline constructed",null,{"$f":"Table4[[#This Row],[Project Name/Title]]","v":"Kuku Pipeline Extension"},"Kuku","Iltilal",null,"Water, Irrigation, Environment and Natural Resources ","Water & Irrigation","Water & Irrigation","2020-06-30","2020-07-01","2021-06-01",null,{"v":1500000,"d":"1,500,000"},{"$f":"R378","v":{"v":1500000,"d":"1,500,000"}},{"v":1500000,"d":"1,500,000"},"CGK","N/A",{"v":1500000,"d":"1,500,000"},0,0,{"v":0,"d":"0%"},null,{"v":1500000,"d":"1,500,000"},{"v":1500000,"d":"1,500,000"},"Completed",{"$nulls":6},"No",null,"Environmental","No","Propose budget for screening","No","Propose budget for screening","Yes","Fesibility studies and design"]
[377,"Emesasu Pipeline","Extension of Pipeline","Increase access to safe and affordable water","Pipeline constructed",null,{"$f":"Table4[[#This Row],[Project Name/Title]]","v":"Emesasu Pipeline"},"Kuku","Elangata enkima",null,"Water, Irrigation, Environment and Natural Resources ","Water & Irrigation","Water & Irrigation","2020-06-30","2020-07-01","2021-06-01",null,{"v":1000000,"d":"1,000,000"},{"$f":"R379","v":{"v":1000000,"d":"1,000,000"}},{"v":1000000,"d":"1,000,000"},"CGK","N/A",{"v":1000000,"d":"1,000,000"},0,0,{"v":0,"d":"0%"},null,{"v":1000000,"d":"1,000,000"},{"v":1000000,"d":"1,000,000"},"Completed",{"$nulls":6},"No",null,"Environmental","No","Propose budget for screening","No","Propose budget for screening","Yes","Fesibility studies and design"]
[378,"BulBul Borehole","Equipping Borehole","Increase access to safe and affordable water","Borehole equipped",null,{"$f":"Table4[[#This Row],[Project Name/Title]]","v":"BulBul Borehole"},"Oloolua","BulBul",null,"Water, Irrigation, Environment and Natural Resources ","Water & Irrigation","Water & Irrigation","2020-06-30","2020-07-01","2021-06-01",null,{"v":4000000,"d":"4,000,000"},{"$f":"R380","v":{"v":4000000,"d":"4,000,000"}},{"v":4000000,"d":"4,000,000"},"CGK","N/A",{"v":4000000,"d":"4,000,000"},0,0,{"v":0,"d":"0%"},null,{"v":4000000,"d":"4,000,000"},{"v":4000000,"d":"4,000,000"},"Completed",{"$nulls":6},"No",null,"Environmental","No","Propose budget for screening","No","Propose budget for screening","Yes","Fesibility studies and design"]
[379,"Lekurruki Borehole","Sinking, Istallationof pump and Solar Panel","Increase access to safe and affordable water","Borehole drilled and equipped",null,{"$f":"Table4[[#This Row],[Project Name/Title]]","v":"Lekurruki Borehole"},"Olkeri","Lekuruki",null,"Water, Irrigation, Environment and Natural Resources ","Water & Irrigation","Water & Irrigation","2020-06-30","2020-07-01","2021-06-01",null,{"v":7000000,"d":"7,000,000"},{"$f":"R381","v":{"v":7000000,"d":"7,000,000"}},{"v":7000000,"d":"7,000,000"},"CGK","N/A",{"$f":"S381","v":{"v":7000000,"d":"7,000,000"}},0,0,{"v":0,"d":"0%"},null,{"v":7000000,"d":"7,000,000"},{"v":7000000,"d":"7,000,000"},"Completed",{"$nulls":6},"No",null,"Environmental","No","Propose budget for screening","No","Propose budget for screening","Yes","Fesibility studies and design"]
[380,"Olkeri Water Project","Installation of Pipes","Increase access to safe and affordable water","Pipeline constructed",null,{"$f":"Table4[[#This Row],[Project Name/Title]]","v":"Olkeri Water Project"},"Olkeri","Olkeri",null,"Water, Irrigation, Environment and Natural Resources ","Water & Irrigation","Water & Irrigation","2020-06-30","2020-07-01","2021-06-01",null,{"v":1000000,"d":"1,000,000"},{"$f":"R382","v":{"v":1000000,"d":"1,000,000"}},{"v":1000000,"d":"1,000,000"},"CGK","N/A",{"v":1000000,"d":"1,000,000"},0,0,{"$f":"Y382/S382","v":{"v":0,"d":"0%"}},null,{"$f":"T382-Y382","v":{"v":1000000,"d":"1,000,000"}},{"$f":"S382-Y382","v":{"v":1000000,"d":"1,000,000"}},"Completed",{"$nulls":6},"No",null,"Environmental","No","Propose budget for screening","No","Propose budget for screening","Yes","Fesibility studies and design"]
[381,"Merisho Water Project","Installation of Pipes","Increase access to safe and affordable water","Pipeline constructed",null,{"$f":"Table4[[#This Row],[Project Name/Title]]","v":"Merisho Water Project"},"Olkeri","Merisho",null,"Water, Irrigation, Environment and Natural Resources ","Water & Irrigation","Water & Irrigation","2020-06-30","2020-07-01","2021-06-01",null,{"v":1000000,"d":"1,000,000"},{"$f":"R383","v":{"v":1000000,"d":"1,000,000"}},{"v":1000000,"d":"1,000,000"},"CGK","N/A",{"v":1000000,"d":"1,000,000"},0,0,{"v":0,"d":"0%"},null,{"v":1000000,"d":"1,000,000"},{"v":1000000,"d":"1,000,000"},"Completed",{"$nulls":6},"No",null,"Environmental","No","Propose budget for screening","No","Propose budget for screening","Yes","Fesibility studies and design"]
[382,"Kware Drainage","Installation of culverts and digging of drainage trenches","Restore\ndegraded land and soil","Storm water drainage constructed",null,{"$f":"Table4[[#This Row],[Project Name/Title]]","v":"Kware Drainage"},"Nkaimurunya",null,null,"Water, Irrigation, Environment and Natural Resources ","Water & Irrigation","Water & Irrigation","2020-06-30","2020-07-01","2021-06-01",null,{"v":3500000,"d":"3,500,000"},{"$f":"R384","v":{"v":3500000,"d":"3,500,000"}},{"v":3500000,"d":"3,500,000"},"CGK","N/A",{"v":3500000,"d":"3,500,000"},0,0,{"v":0,"d":"0%"},null,{"v":3500000,"d":"3,500,000"},{"v":3500000,"d":"3,500,000"},"Stalled",{"v":0,"d":"0%"},{"$f":"AE384","v":{"v":0,"d":"0%"}},"Transferred to Public Works Department",2021,6,{"$f":"AC384","v":{"v":3500000,"d":"3,500,000"}},"No","Defer","Financial","No","Propose budget for screening","No","Propose budget for screening","Yes","Fesibility studies and design"]
[383,"Sololo road and Kiboko Lane","Installation of culverts and digging of drainage trenches","Increase access to safe and affordable water","Storm water drainage constructed",null,{"$f":"Table4[[#This Row],[Project Name/Title]]","v":"Sololo road and Kiboko Lane"},"Nkaimurunya",null,null,"Water, Irrigation, Environment and Natural Resources ","Water & Irrigation","Water & Irrigation","2020-06-30","2020-07-01","2021-06-01",null,{"v":3000000,"d":"3,000,000"},{"$f":"R385","v":{"v":3000000,"d":"3,000,000"}},{"v":3000000,"d":"3,000,000"},"CGK","N/A",{"v":3000000,"d":"3,000,000"},0,0,{"v":0,"d":"0%"},null,{"v":3000000,"d":"3,000,000"},{"v":3000000,"d":"3,000,000"},"Stalled",{"v":0,"d":"0%"},{"$f":"AE385","v":{"v":0,"d":"0%"}},"Transferred to Public Works Department",2021,6,{"$f":"AC385","v":{"v":3000000,"d":"3,000,000"}},"No","Defer","Financial","No","Propose budget for screening","No","Propose budget for screening","Yes","Fesibility studies and design"]
[384,"Tree Nurseries","Completion of Tree Nurseries","Improve management and conservation of the environment","Tree nursery established",null,{"$f":"Table4[[#This Row],[Project Name/Title]]","v":"Tree Nurseries"},"Nkaimurunya",null,null,"Water, Irrigation, Environment and Natural Resources ","Environment, Natural Resources and Climate Change","Environment, Natural Resources and Climate Change","2020-06-30","2020-07-01","2021-06-01",null,{"v":1500000,"d":"1,500,000"},{"$f":"R386","v":{"v":1500000,"d":"1,500,000"}},{"v":1500000,"d":"1,500,000"},"CGK","N/A",{"v":1500000,"d":"1,500,000"},0,0,{"v":0,"d":"0%"},null,{"v":1500000,"d":"1,500,000"},{"v":1500000,"d":"1,500,000"},"Completed",{"$nulls":6},"No",null,"Environmental","No","Propose budget for screening","No","Propose budget for screening","Yes","Fesibility studies and design"]
[385,"Gitugutah Borehole","Drilling and Equipping & Fencing","Increase access to safe and affordable water","Borehole drilled and equipped",null,{"$f":"Table4[[#This Row],[Project Name/Title]]","v":"Gitugutah Borehole"},"Nkaimurunya",null,null,"Water, Irrigation, Environment and Natural Resources ","Water & Irrigation","Water & Irrigation","2020-06-30","2020-07-01","2021-06-01",null,{"v":7000000,"d":"7,000,000"},{"$f":"R387","v":{"v":7000000,"d":"7,000,000"}},{"v":7000000,"d":"7,000,000"},"CGK","N/A",{"v":7000000,"d":"7,000,000"},0,0,{"v":0,"d":"0%"},null,{"v":7000000,"d":"7,000,000"},{"v":7000000,"d":"7,000,000"},"Completed",{"$nulls":6},"No",null,"Environmental","No","Propose budget for screening",{"$f":"AN387","v":"No"},"Propose budget for screening","Yes","Fesibility studies and design"]
[386,"Enkii Water","Piping to Lower Tikondo 3km","Increase access to safe and affordable water","Pipeline constructed",null,{"$f":"Table4[[#This Row],[Project Name/Title]]","v":"Enkii Water"},"Kimana","Kimana",null,"Water, Irrigation, Environment and Natural Resources ","Water & Irrigation","Water & Irrigation","2020-06-30","2020-07-01","2021-06-01",null,{"v":2000000,"d":"2,000,000"},{"$f":"R388","v":{"v":2000000,"d":"2,000,000"}},{"v":2000000,"d":"2,000,000"},"CGK","N/A",{"v":2000000,"d":"2,000,000"},0,0,{"v":0,"d":"0%"},null,{"v":2000000,"d":"2,000,000"},{"v":2000000,"d":"2,000,000"},"Completed",{"$nulls":6},"No",null,"Environmental","No","Propose budget for screening","No","Propose budget for screening","Yes","Fesibility studies and design"]
[387,"Ingusuani Water Project","Piping and Construction of a tank to Esilanke Oltepesi Dam","Increase access to safe and affordable water","Pipeline constructed",null,{"$f":"Table4[[#This Row],[Project Name/Title]]","v":"Ingusuani Water Project"},"Purko",null,null,"Water, Irrigation, Environment and Natural Resources ","Water & Irrigation","Water & Irrigation","2020-06-30","2020-07-01","2021-06-01",null,{"v":4000000,"d":"4,000,000"},{"$f":"R389","v":{"v":4000000,"d":"4,000,000"}},{"v":4000000,"d":"4,000,000"},"CGK","N/A",{"v":4000000,"d":"4,000,000"},0,0,{"v":0,"d":"0%"},null,{"v":4000000,"d":"4,000,000"},{"v":4000000,"d":"4,000,000"},"Completed",{"$nulls":6},"No",null,"Environmental","No","Propose budget for screening","No","Propose budget for screening","Yes","Fesibility studies and design"]
[388,"Olmanie Borehole Water Project","Drilling and Equipping","Increase access to safe and affordable water","Borehole drilled and equipped",null,{"$f":"Table4[[#This Row],[Project Name/Title]]","v":"Olmanie Borehole Water Project"},"Purko",null,null,"Water, Irrigation, Environment and Natural Resources ","Water & Irrigation","Water & Irrigation","2020-06-30","2020-07-01","2021-06-01",null,{"v":5000000,"d":"5,000,000"},{"$f":"R390","v":{"v":5000000,"d":"5,000,000"}},{"v":5000000,"d":"5,000,000"},"CGK","N/A",{"v":5000000,"d":"5,000,000"},0,0,{"v":0,"d":"0%"},null,{"v":5000000,"d":"5,000,000"},{"v":5000000,"d":"5,000,000"},"Completed",{"$nulls":6},"No",null,"Environmental","No","Propose budget for screening","No","Propose budget for screening","Yes","Fesibility studies and design"]
[389,"Waste Bins","Purchase of waste bins","Improve management and conservation of the environment","Waste bins purchased",null,{"$f":"Table4[[#This Row],[Project Name/Title]]","v":"Waste Bins"},"Kitengela","Ilkeek Lemedungi",null,"Water, Irrigation, Environment and Natural Resources ","Environment, Natural Resources and Climate Change","Environment, Natural Resources and Climate Change","2020-06-30","2020-07-01","2021-06-01",null,{"v":1000000,"d":"1,000,000"},{"$f":"R391","v":{"v":1000000,"d":"1,000,000"}},{"v":1000000,"d":"1,000,000"},"CGK","N/A",{"v":1000000,"d":"1,000,000"},0,0,{"v":0,"d":"0%"},null,{"v":1000000,"d":"1,000,000"},{"v":1000000,"d":"1,000,000"},"Completed",{"$nulls":6},"No",null,"Environmental","No","Propose budget for screening","No","Propose budget for screening","Yes","Fesibility studies and design"]
[390,"Morifat,Naironde, Iyaarat and Intashat water Pipelines","Installation of pipelines","Increase access to safe and affordable water","Pipeline constructed",null,{"$f":"Table4[[#This Row],[Project Name/Title]]","v":"Morifat,Naironde, Iyaarat and Intashat water Pipelines"},"Ewuaso Kedong","Kimuka ",null,"Water, Irrigation, Environment and Natural Resources ","Water & Irrigation","Water & Irrigation","2020-06-30","2020-07-01","2021-06-01",null,{"v":15500000,"d":"15,500,000"},{"$f":"R392","v":{"v":15500000,"d":"15,500,000"}},{"v":15500000,"d":"15,500,000"},"CGK","N/A",{"v":15500000,"d":"15,500,000"},0,0,{"v":0,"d":"0%"},null,{"v":15500000,"d":"15,500,000"},{"v":15500000,"d":"15,500,000"},"Completed",{"$nulls":6},"No",null,"Environmental","No","Propose budget for screening","No","Propose budget for screening","Yes","Fesibility studies and design"]
[391,"Loodoariak Water Source","Water Source Expansion","Improve water quality by\nreducing pollution","Spring protected",null,{"$f":"Table4[[#This Row],[Project Name/Title]]","v":"Loodoariak Water Source"},"Keekonyokie","Keekonyokie Central",null,"Water, Irrigation, Environment and Natural Resources ","Water & Irrigation","Water & Irrigation","2020-06-30","2020-07-01","2021-06-01",null,{"v":2000000,"d":"2,000,000"},{"$f":"R393","v":{"v":2000000,"d":"2,000,000"}},{"v":2000000,"d":"2,000,000"},"CGK","N/A",{"v":2000000,"d":"2,000,000"},0,0,{"v":0,"d":"0%"},null,{"v":2000000,"d":"2,000,000"},{"v":2000000,"d":"2,000,000"},"Completed",{"$nulls":6},"No",null,"Environmental","No","Propose budget for screening","No","Propose budget for screening","Yes","Fesibility studies and design"]
[392,"Ilchalai Water Project","Piping, Construction of water kiosks and water Tank","Increase access to safe and affordable water","Pipeline constructed",null,{"$f":"Table4[[#This Row],[Project Name/Title]]","v":"Ilchalai Water Project"},"Mbirikani/Eselenkei","Oltiasika ",null,"Water, Irrigation, Environment and Natural Resources ","Water & Irrigation","Water & Irrigation","2020-06-30","2020-07-01","2021-06-01",null,{"v":7000000,"d":"7,000,000"},{"$f":"R394","v":{"v":7000000,"d":"7,000,000"}},{"v":7000000,"d":"7,000,000"},"CGK","N/A",{"v":7000000,"d":"7,000,000"},0,0,{"v":0,"d":"0%"},null,{"v":7000000,"d":"7,000,000"},{"v":7000000,"d":"7,000,000"},"Completed",{"$nulls":6},"No",null,"Environmental","No","Propose budget for screening","No","Propose budget for screening","Yes","Fesibility studies and design"]
[393,"Lemasusu Water Tank","Installation of Water tank","Increase access to safe and affordable water","Storage tank constructed",null,{"$f":"Table4[[#This Row],[Project Name/Title]]","v":"Lemasusu Water Tank"},"Mbirikani/Eselenkei","Oltiasika ",null,"Water, Irrigation, Environment and Natural Resources ","Water & Irrigation","Water & Irrigation","2020-06-30","2020-07-01","2021-06-01",null,{"v":3000000,"d":"3,000,000"},{"$f":"R395","v":{"v":3000000,"d":"3,000,000"}},{"v":3000000,"d":"3,000,000"},"CGK","N/A",{"v":3000000,"d":"3,000,000"},0,0,{"v":0,"d":"0%"},null,{"v":3000000,"d":"3,000,000"},{"v":3000000,"d":"3,000,000"},"Completed",{"$nulls":6},"No",null,"Environmental","No","Propose budget for screening","No","Propose budget for screening","Yes","Fesibility studies and design"]
[394,"Kiserian Water Project","Water tank and water troughs","Increase access to safe and affordable water","Storage tank constructed",null,{"$f":"Table4[[#This Row],[Project Name/Title]]","v":"Kiserian Water Project"},"Mbirikani/Eselenkei","Eselenkei",null,"Water, Irrigation, Environment and Natural Resources ","Water & Irrigation","Water & Irrigation","2020-06-30","2020-07-01","2021-06-01",null,{"v":4000000,"d":"4,000,000"},{"$f":"R396","v":{"v":4000000,"d":"4,000,000"}},{"v":4000000,"d":"4,000,000"},"CGK","N/A",{"v":4000000,"d":"4,000,000"},0,0,{"v":0,"d":"0%"},null,{"v":4000000,"d":"4,000,000"},{"v":4000000,"d":"4,000,000"},"Completed",{"$nulls":6},"No",null,"Environmental","No","Propose budget for screening","No","Propose budget for screening","Yes","Fesibility studies and design"]
[395,"Oltotoi Water Project","Piping, Construction of a tank and water trough","Increase access to safe and affordable water","Pipeline constructed",null,{"$f":"Table4[[#This Row],[Project Name/Title]]","v":"Oltotoi Water Project"},"Mbirikani/Eselenkei","Eselenkei",null,"Water, Irrigation, Environment and Natural Resources ","Water & Irrigation","Water & Irrigation","2020-06-30","2020-07-01","2021-06-01",null,{"v":5000000,"d":"5,000,000"},{"$f":"R397","v":{"v":5000000,"d":"5,000,000"}},{"v":5000000,"d":"5,000,000"},"CGK","N/A",{"v":5000000,"d":"5,000,000"},0,0,{"v":0,"d":"0%"},null,{"v":5000000,"d":"5,000,000"},{"v":5000000,"d":"5,000,000"},"Completed",{"$nulls":6},"No",null,"Environmental","No","Propose budget for screening","No","Propose budget for screening","Yes","Fesibility studies and design"]
[396,"Elerai Sajiloni Borehole","Drilling and Equipping","Increase access to safe and affordable water","Borehole drilled and equipped",null,{"$f":"Table4[[#This Row],[Project Name/Title]]","v":"Elerai Sajiloni Borehole"},"Dalalekutuk","Sajiloni",null,"Water, Irrigation, Environment and Natural Resources ","Water & Irrigation","Water & Irrigation","2020-06-30","2020-07-01","2021-06-01",null,{"v":7000000,"d":"7,000,000"},{"$f":"R398","v":{"v":7000000,"d":"7,000,000"}},{"v":7000000,"d":"7,000,000"},"CGK","N/A",{"v":7000000,"d":"7,000,000"},0,0,{"v":0,"d":"0%"},null,{"v":7000000,"d":"7,000,000"},{"v":7000000,"d":"7,000,000"},"Completed",{"$nulls":6},"No",null,"Environmental","No","Propose budget for screening","No","Propose budget for screening","Yes","Fesibility studies and design"]
[397,"Kenya Bureau of Statistics Borehole","Equipping and building of a raised tank","Increase access to safe and affordable water","Borehole equipped",null,{"$f":"Table4[[#This Row],[Project Name/Title]]","v":"Kenya Bureau of Statistics Borehole"},"Oloosirkon/Sholinke",null,null,"Water, Irrigation, Environment and Natural Resources ","Water & Irrigation","Water & Irrigation","2020-06-30","2020-07-01","2021-06-01",null,{"v":4000000,"d":"4,000,000"},{"$f":"R399","v":{"v":4000000,"d":"4,000,000"}},{"v":4000000,"d":"4,000,000"},"CGK","N/A",{"v":4000000,"d":"4,000,000"},0,0,{"v":0,"d":"0%"},null,{"v":4000000,"d":"4,000,000"},{"v":4000000,"d":"4,000,000"},"Completed",{"$nulls":6},"No",null,"Environmental","No","Propose budget for screening","No","Propose budget for screening","Yes","Fesibility studies and design"]
[398,"NPC Borehole","Water piping to residence","Increase access to safe and affordable water","Pipeline constructed",null,{"$f":"Table4[[#This Row],[Project Name/Title]]","v":"NPC Borehole"},"Oloosirkon/Sholinke",null,null,"Water, Irrigation, Environment and Natural Resources ","Water & Irrigation","Water & Irrigation","2020-06-30","2020-07-01","2021-06-01",null,{"v":3000000,"d":"3,000,000"},{"$f":"R400","v":{"v":3000000,"d":"3,000,000"}},{"v":3000000,"d":"3,000,000"},"CGK","N/A",{"v":3000000,"d":"3,000,000"},0,0,{"v":0,"d":"0%"},null,{"v":3000000,"d":"3,000,000"},{"v":3000000,"d":"3,000,000"},"Completed",{"$nulls":6},"No",null,"Environmental","No","Propose budget for screening","No","Propose budget for screening","Yes","Fesibility studies and design"]
[399,"Gichagi Water Tanks","Repair of Gichagi Water Towers, purchase and Installation of Caphill Water tank tower, Repair and replacement of water pipes Scheme 305","Increase access to safe and affordable water","Storage tanks rehabilitated",null,{"$f":"Table4[[#This Row],[Project Name/Title]]","v":"Gichagi Water Tanks"},"Ngong","Gichagi",null,"Water, Irrigation, Environment and Natural Resources ","Water & Irrigation","Water & Irrigation","2020-06-30","2020-07-01","2021-06-01",null,{"v":3500000,"d":"3,500,000"},{"$f":"R401","v":{"v":3500000,"d":"3,500,000"}},{"v":3500000,"d":"3,500,000"},"CGK","N/A",{"v":3500000,"d":"3,500,000"},0,0,{"v":0,"d":"0%"},null,{"v":3500000,"d":"3,500,000"},{"v":3500000,"d":"3,500,000"},"Completed",{"$nulls":6},"No",null,"Environmental","No","Propose budget for screening","No","Propose budget for screening","Yes","Fesibility studies and design"]
[400,"Mathare Water Tower","Construction of Water Tower","Increase access to safe and affordable water","Water tower constructed",null,{"$f":"Table4[[#This Row],[Project Name/Title]]","v":"Mathare Water Tower"},"Ngong","Mathare",null,"Water, Irrigation, Environment and Natural Resources ","Water & Irrigation","Water & Irrigation","2020-06-30","2020-07-01","2021-06-01",null,{"v":1500000,"d":"1,500,000"},{"$f":"R402","v":{"v":1500000,"d":"1,500,000"}},{"v":1500000,"d":"1,500,000"},"CGK","N/A",{"v":1500000,"d":"1,500,000"},0,0,{"v":0,"d":"0%"},null,{"v":1500000,"d":"1,500,000"},{"v":1500000,"d":"1,500,000"},"Completed",{"$nulls":6},"No",null,"Environmental","No","Propose budget for screening","No","Propose budget for screening","Yes","Fesibility studies and design"]
[401,"14Km Borehole","Equipping","Increase access to safe and affordable water","Borehole equipped",null,{"$f":"Table4[[#This Row],[Project Name/Title]]","v":"14Km Borehole"},"Kenyawa Poka",null,null,"Water, Irrigation, Environment and Natural Resources ","Water & Irrigation","Water & Irrigation","2020-06-30","2020-07-01","2021-06-01",null,{"v":4000000,"d":"4,000,000"},{"$f":"R403","v":{"v":4000000,"d":"4,000,000"}},{"v":4000000,"d":"4,000,000"},"CGK","N/A",{"v":4000000,"d":"4,000,000"},0,0,{"v":0,"d":"0%"},null,{"v":4000000,"d":"4,000,000"},{"v":4000000,"d":"4,000,000"},"Completed",{"$nulls":6},"No",null,"Environmental","No","Propose budget for screening","No","Propose budget for screening","Yes","Fesibility studies and design"]
[402,"Ilmao water Pipeline","Drilling and equipping","Increase access to safe and affordable water","Borehole drilled and equipped",null,{"$f":"Table4[[#This Row],[Project Name/Title]]","v":"Ilmao water Pipeline"},"Kenyawa Poka",null,null,"Water, Irrigation, Environment and Natural Resources ","Water & Irrigation","Water & Irrigation","2020-06-30","2020-07-01","2021-06-01",null,{"v":7000000,"d":"7,000,000"},{"$f":"R404","v":{"v":7000000,"d":"7,000,000"}},{"v":7000000,"d":"7,000,000"},"CGK","N/A",{"v":7000000,"d":"7,000,000"},0,0,{"v":0,"d":"0%"},null,{"v":7000000,"d":"7,000,000"},{"v":7000000,"d":"7,000,000"},"Completed",{"$nulls":6},"No",null,"Environmental","No","Propose budget for screening","No","Propose budget for screening","Yes","Fesibility studies and design"]
[403,"KJD County/ Water Trust Fund ","County contribution for Mashuuru-Imaroro-Noulturesh water pipeline","Increase access to safe and affordable water","Pipeline constructed",null,{"$f":"Table4[[#This Row],[Project Name/Title]]","v":"KJD County/ Water Trust Fund "},"Imaroro","Mashuru-Imaroro",null,"Water, Irrigation, Environment and Natural Resources ","Water & Irrigation","Water & Irrigation","2020-06-30","2020-07-01","2021-06-01",null,{"v":12100000,"d":"12,100,000"},{"$f":"R405","v":{"v":12100000,"d":"12,100,000"}},{"v":12100000,"d":"12,100,000"},"CGK","N/A",{"v":12100000,"d":"12,100,000"},0,0,{"v":0,"d":"0%"},null,{"v":12100000,"d":"12,100,000"},{"v":12100000,"d":"12,100,000"},"Completed",{"$nulls":6},"No",null,"Environmental","Yes","Climate proofing","Yes","Implementation Environmental Management Plan","Yes","Fesibility studies and design"]
[404,"Decommissioning of Ngong Dumpsite","Removal and rehabilitaion of site into a park","Improve management and conservation of the environment","Dumpsite decommissioned",null,{"$f":"Table4[[#This Row],[Project Name/Title]]","v":"Decommissioning of Ngong Dumpsite"},"Ngong","Ngong",null,"Water, Irrigation, Environment and Natural Resources ","Environment, Natural Resources and Climate Change","Environment, Natural Resources and Climate Change","2020-06-30","2020-07-01","2021-06-01",null,{"v":50000000,"d":"50,000,000"},{"$f":"R406","v":{"v":50000000,"d":"50,000,000"}},{"v":50000000,"d":"50,000,000"},"CGK","N/A",{"v":50000000,"d":"50,000,000"},0,0,{"v":0,"d":"0%"},null,{"v":50000000,"d":"50,000,000"},{"v":50000000,"d":"50,000,000"},"Completed",{"$nulls":6},"No",null,"Environmental","Yes","Climate proofing","Yes","Implementation Environmental Management Plan","Yes","Fesibility studies and design"]
[405,"Oloolaiser Solarization Project (Phase 1)","Installation of solar pumping systems","Increase access to safe and affordable water","Borehole solarized",null,{"$f":"Table4[[#This Row],[Project Name/Title]]","v":"Oloolaiser Solarization Project (Phase 1)"},"Ongata Rongai","Oloolaiser",null,"Water, Irrigation, Environment and Natural Resources ","Water & Irrigation","Water & Irrigation","2020-06-30","2020-07-01","2021-06-01",null,{"v":30000000,"d":"30,000,000"},{"$f":"R407","v":{"v":30000000,"d":"30,000,000"}},{"v":30000000,"d":"30,000,000"},"CGK","N/A",{"v":30000000,"d":"30,000,000"},0,0,{"v":0,"d":"0%"},null,{"v":30000000,"d":"30,000,000"},{"v":30000000,"d":"30,000,000"},"Stalled",{"v":0,"d":"0%"},{"$f":"AE407","v":{"v":0,"d":"0%"}},"Inadequate finances",2021,6,{"$f":"AC407","v":{"v":30000000,"d":"30,000,000"}},"No","Defer","Financial","No","Propose budget for screening","No","Propose budget for screening","Yes","Fesibility studies and design"]
[406,"Rehabilitation/ equipping of boreholes -solar powered","Installation of solar pumping systems","Increase access to safe and affordable water","Boreholes rehabilitated",null,{"$f":"Table4[[#This Row],[Project Name/Title]]","v":"Rehabilitation/ equipping of boreholes -solar powered"},"Countywide","Countywide",null,"Water, Irrigation, Environment and Natural Resources ","Water & Irrigation","Water & Irrigation","2020-06-30","2020-07-01","2021-06-01",null,{"v":20000000,"d":"20,000,000"},{"$f":"R408","v":{"v":20000000,"d":"20,000,000"}},{"v":20000000,"d":"20,000,000"},"CGK","N/A",{"v":20000000,"d":"20,000,000"},0,0,{"v":0,"d":"0%"},null,{"v":20000000,"d":"20,000,000"},{"v":20000000,"d":"20,000,000"},"Completed",{"$nulls":6},"No",null,"Environmental","No","Propose budget for screening","No","Propose budget for screening","Yes","Fesibility studies and design"]
[407,"Emarti water pan ","Rehabilitation of the water pan ","Increase access to safe and affordable water","Water pan rehabilitated",null,{"$f":"Table4[[#This Row],[Project Name/Title]]","v":"Emarti water pan "},"Kajiado Central","Matapato North",null,"Water, Irrigation, Environment and Natural Resources ","Water Services","Water Services","2021-06-30","2021-07-01","2022-06-01",null,{"v":5000000,"d":"5,000,000"},{"$f":"R409","v":{"v":5000000,"d":"5,000,000"}},{"v":5000000,"d":"5,000,000"},"CGK","N/A",{"v":5000000,"d":"5,000,000"},0,0,{"v":0,"d":"0%"},0,{"v":5000000,"d":"5,000,000"},{"v":5000000,"d":"5,000,000"},"Completed",{"$nulls":6},"No",null,"Environmental","No","Propose budget for screening","No","Propose budget for screening","Yes","Fesibility studies and design"]
[408,"Emashini borehole ","Driling and Equipping ","Increase access to safe and affordable water","Borehole drilled and equipped",null,{"$f":"Table4[[#This Row],[Project Name/Title]]","v":"Emashini borehole "},"Kajiado Central","Matapato North",null,"Water, Irrigation, Environment and Natural Resources ","Water Services","Water Services","2021-06-30","2021-07-01","2022-06-01",null,{"v":7000000,"d":"7,000,000"},{"$f":"R410","v":{"v":7000000,"d":"7,000,000"}},{"v":7000000,"d":"7,000,000"},"CGK","N/A",{"v":7000000,"d":"7,000,000"},0,0,{"v":0,"d":"0%"},0,{"v":7000000,"d":"7,000,000"},{"v":7000000,"d":"7,000,000"},"Completed",{"$nulls":6},"No",null,"Environmental","No","Propose budget for screening","No","Propose budget for screening","Yes","Fesibility studies and design"]
[409,"Oloontana- Oloirien borehole ","Drilling and equipping ","Increase access to safe and affordable water","Borehole drilled and equipped",null,{"$f":"Table4[[#This Row],[Project Name/Title]]","v":"Oloontana- Oloirien borehole "},"Kajiado West","Keekonyokie",null,"Water, Irrigation, Environment and Natural Resources ","Water Services","Water Services","2021-06-30","2021-07-01","2022-06-01",null,{"v":7000000,"d":"7,000,000"},{"$f":"R411","v":{"v":7000000,"d":"7,000,000"}},{"v":7000000,"d":"7,000,000"},"CGK","N/A",{"v":7000000,"d":"7,000,000"},0,0,{"v":0,"d":"0%"},0,{"v":7000000,"d":"7,000,000"},{"v":7000000,"d":"7,000,000"},"Stalled",{"v":0,"d":"0%"},{"$f":"AE411","v":{"v":0,"d":"0%"}},"Inadequate finances",2022,6,{"$f":"AC411","v":{"v":7000000,"d":"7,000,000"}},"No","Defer","Financial","No","Propose budget for screening","No","Propose budget for screening","Yes","Fesibility studies and design"]
[410,"Oldepe Borehole ","Drilling & equipping  ","Increase access to safe and affordable water","Borehole drilled & equipped",null,{"$f":"Table4[[#This Row],[Project Name/Title]]","v":"Oldepe Borehole "},"Kajiado West","Mosiro",null,"Water, Irrigation, Environment and Natural Resources ","Water Services","Water Services","2021-06-30","2021-07-01","2022-06-01",null,{"v":7000000,"d":"7,000,000"},{"$f":"R412","v":{"v":7000000,"d":"7,000,000"}},{"v":7000000,"d":"7,000,000"},"CGK","N/A",{"v":7000000,"d":"7,000,000"},0,0,{"v":0,"d":"0%"},0,{"v":7000000,"d":"7,000,000"},{"v":7000000,"d":"7,000,000"},"Completed",{"$nulls":6},"No",null,"Environmental","No","Propose budget for screening","No","Propose budget for screening","Yes","Fesibility studies and design"]
[411,"Kalesirwa Furrow","Construction of furrows","Increase area under irrigation","Furrow constructed",null,{"$f":"Table4[[#This Row],[Project Name/Title]]","v":"Kalesirwa Furrow"},"Kajiado South","Mbirikani/ Eselenkei",null,"Water, Irrigation, Environment and Natural Resources ","Water Services","Water Services","2021-06-30","2021-07-01","2022-06-01",null,{"v":5000000,"d":"5,000,000"},{"$f":"R413","v":{"v":5000000,"d":"5,000,000"}},{"v":5000000,"d":"5,000,000"},"CGK","N/A",{"v":5000000,"d":"5,000,000"},0,0,{"v":0,"d":"0%"},0,{"v":5000000,"d":"5,000,000"},{"v":5000000,"d":"5,000,000"},"Stalled",{"v":0,"d":"0%"},{"$f":"AE413","v":{"v":0,"d":"0%"}},"Inadequate finances",2022,6,{"$f":"AC413","v":{"v":5000000,"d":"5,000,000"}},"No","Defer","Financial","No","Propose budget for screening","No","Propose budget for screening","Yes","Fesibility studies and design"]
[412,"Nalepo borehole ","Drilling and equipping ","Increase access to safe and affordable water","Borehole drilled and equipped",null,{"$f":"Table4[[#This Row],[Project Name/Title]]","v":"Nalepo borehole "},"Kajiado Central","Dalalekutuk",null,"Water, Irrigation, Environment and Natural Resources ","Water Services","Water Services","2021-06-30","2021-07-01","2022-06-01",null,{"v":7000000,"d":"7,000,000"},{"$f":"R414","v":{"v":7000000,"d":"7,000,000"}},{"v":7000000,"d":"7,000,000"},"CGK","N/A",{"v":7000000,"d":"7,000,000"},0,0,{"v":0,"d":"0%"},0,{"v":7000000,"d":"7,000,000"},{"v":7000000,"d":"7,000,000"},"Completed",{"$nulls":6},"No",null,"Environmental","No","Propose budget for screening","No","Propose budget for screening","Yes","Fesibility studies and design"]
[413,"Olenarau borehole","Drilling and equipping ","Increase access to safe and affordable water","Borehole drilled and equipped",null,{"$f":"Table4[[#This Row],[Project Name/Title]]","v":"Olenarau borehole"},"Kajiado Central","Dalalekutuk",null,"Water, Irrigation, Environment and Natural Resources ","Water Services","Water Services","2021-06-30","2021-07-01","2022-06-01",null,{"v":7000000,"d":"7,000,000"},{"$f":"R415","v":{"v":7000000,"d":"7,000,000"}},{"v":7000000,"d":"7,000,000"},"CGK","N/A",{"v":7000000,"d":"7,000,000"},0,0,{"v":0,"d":"0%"},0,{"v":7000000,"d":"7,000,000"},{"v":7000000,"d":"7,000,000"},"Completed",{"$nulls":6},"No",null,"Environmental","No","Propose budget for screening","No","Propose budget for screening","Yes","Fesibility studies and design"]
[414,"Olderkesi borehole  ","Drilling & equipping ","Increase access to safe and affordable water","Borehole drillled and equipped",null,{"$f":"Table4[[#This Row],[Project Name/Title]]","v":"Olderkesi borehole  "},"Kajiado Central","Ildamat ",null,"Water, Irrigation, Environment and Natural Resources ","Water Services","Water Services","2021-06-30","2021-07-01","2022-06-01",null,{"v":7000000,"d":"7,000,000"},{"$f":"R416","v":{"v":7000000,"d":"7,000,000"}},{"v":7000000,"d":"7,000,000"},"CGK","N/A",{"v":7000000,"d":"7,000,000"},0,{"v":5068994.000000006,"d":"5,068,994"},{"v":0.7241420000000008,"d":"72%"},{"v":5068994.000000006,"d":"5,068,994"},{"v":1931005.9999999944,"d":"1,931,006"},{"v":1931005.9999999944,"d":"1,931,006"},"Completed",{"$nulls":6},"No",null,"Environmental","No","Propose budget for screening","No","Propose budget for screening","Yes","Fesibility studies and design"]
[415,"Samai water project","Extension of pipeline ","Increase access to safe and affordable water","Pipeline constructed",null,{"$f":"Table4[[#This Row],[Project Name/Title]]","v":"Samai water project"},"Kajiado South","Kuku",null,"Water, Irrigation, Environment and Natural Resources ","Water Services","Water Services","2021-06-30","2021-07-01","2022-06-01",null,{"v":5000000,"d":"5,000,000"},{"$f":"R417","v":{"v":5000000,"d":"5,000,000"}},{"v":5000000,"d":"5,000,000"},"CGK","N/A",{"v":5000000,"d":"5,000,000"},0,0,{"v":0,"d":"0%"},0,{"v":5000000,"d":"5,000,000"},{"v":5000000,"d":"5,000,000"},"Completed",{"$nulls":6},"No",null,"Environmental","No","Propose budget for screening","No","Propose budget for screening","Yes","Fesibility studies and design"]
[416,"Olootuka water project ","Piping ","Increase access to safe and affordable water","Pipeline constructed",null,{"$f":"Table4[[#This Row],[Project Name/Title]]","v":"Olootuka water project "},"Kajiado Central","Matapato South",null,"Water, Irrigation, Environment and Natural Resources ","Water Services","Water Services","2021-06-30","2021-07-01","2022-06-01",null,{"v":5000000,"d":"5,000,000"},{"$f":"R418","v":{"v":5000000,"d":"5,000,000"}},{"v":5000000,"d":"5,000,000"},"CGK","N/A",{"v":5000000,"d":"5,000,000"},0,{"v":4998266,"d":"4,998,266"},{"v":0.9996532,"d":"100%"},{"v":4998266,"d":"4,998,266"},{"v":1734,"d":"1,734"},{"v":1734,"d":"1,734"},"Completed",{"$nulls":6},"No",null,"Environmental","No","Propose budget for screening","No","Propose budget for screening","Yes","Fesibility studies and design"]
[417,"Olololua borehole ","Equipping ","Increase access to safe and affordable water","Borehole equipped",null,{"$f":"Table4[[#This Row],[Project Name/Title]]","v":"Olololua borehole "},"Kajiado East ","Kenyawa/ Poka",null,"Water, Irrigation, Environment and Natural Resources ","Water Services","Water Services","2021-06-30","2021-07-01","2022-06-01",null,{"v":5000000,"d":"5,000,000"},{"$f":"R419","v":{"v":5000000,"d":"5,000,000"}},{"v":5000000,"d":"5,000,000"},"CGK","N/A",{"v":5000000,"d":"5,000,000"},0,0,{"v":0,"d":"0%"},0,{"v":5000000,"d":"5,000,000"},{"v":5000000,"d":"5,000,000"},"Completed",{"$nulls":6},"No",null,"Environmental","No","Propose budget for screening","No","Propose budget for screening","Yes","Fesibility studies and design"]
[418,"Olmanie borehole ","Piping and construction of water trough ","Increase access to safe and affordable water","Pipeline constructed",null,{"$f":"Table4[[#This Row],[Project Name/Title]]","v":"Olmanie borehole "},"Kajiado Central","Purko",null,"Water, Irrigation, Environment and Natural Resources ","Water Services","Water Services","2021-06-30","2021-07-01","2022-06-01",null,{"v":5000000,"d":"5,000,000"},{"$f":"R420","v":{"v":5000000,"d":"5,000,000"}},{"v":5000000,"d":"5,000,000"},"CGK","N/A",{"v":5000000,"d":"5,000,000"},0,0,{"v":0,"d":"0%"},0,{"v":5000000,"d":"5,000,000"},{"v":5000000,"d":"5,000,000"},"Completed",{"$nulls":6},"No",null,"Environmental","No","Propose budget for screening","No","Propose budget for screening","Yes","Fesibility studies and design"]
[419,"Osuji-Kerema-Bissil Water Project (Counter-funding for WSTF)","Pipeline and watering facilities - Counterfunding with WSTF","Increase access to safe and affordable water","Pipeline constructed",null,{"$f":"Table4[[#This Row],[Project Name/Title]]","v":"Osuji-Kerema-Bissil Water Project (Counter-funding for WSTF)"},"Kajiado Central","Matapato North",null,"Water, Irrigation, Environment and Natural Resources ","Water Services","Water Services","2021-06-30","2021-07-01","2022-06-01",null,{"v":15000000,"d":"15,000,000"},{"$f":"R421","v":{"v":15000000,"d":"15,000,000"}},{"v":15000000,"d":"15,000,000"},"CGK","N/A",{"v":15000000,"d":"15,000,000"},0,0,{"v":0,"d":"0%"},0,{"v":15000000,"d":"15,000,000"},{"v":15000000,"d":"15,000,000"},"Stalled",{"v":0,"d":"0%"},{"$f":"AE421","v":{"v":0,"d":"0%"}},"Inadequate finances",2022,6,{"$f":"AC421","v":{"v":15000000,"d":"15,000,000"}},"No","Defer","Financial","Yes","Climate proofing","Yes","Implementation Environmental Management Plan","Yes","Fesibility studies and design"]
[420,"Ilkesumeti - Enkoireroi - Oltinka Water Supply Project ","Pipeline extension, Rehabilitations & other infrastructure","Increase access to safe and affordable water","Pipeline constructed",null,{"$f":"Table4[[#This Row],[Project Name/Title]]","v":"Ilkesumeti - Enkoireroi - Oltinka Water Supply Project "},"Kajiado West ","Ewuaso Kedong",null,"Water, Irrigation, Environment and Natural Resources ","Water Services","Water Services","2021-06-30","2021-07-01","2022-06-01",null,{"v":10000000,"d":"10,000,000"},{"$f":"R422","v":{"v":10000000,"d":"10,000,000"}},{"v":10000000,"d":"10,000,000"},"CGK","N/A",{"v":10000000,"d":"10,000,000"},0,0,{"v":0,"d":"0%"},0,{"v":10000000,"d":"10,000,000"},{"v":10000000,"d":"10,000,000"},"Stalled",{"v":0,"d":"0%"},{"$f":"AE422","v":{"v":0,"d":"0%"}},"Inadequate finances",2022,6,{"$f":"AC422","v":{"v":10000000,"d":"10,000,000"}},"No","Defer","Financial","No","Propose budget for screening","No","Propose budget for screening","Yes","Fesibility studies and design"]
[421,"Decomissioning of Ngong Dumpsite","Environmental protection works; landscaping; control of storm water and leachate control","Improve management and conservation of the environment","Dumpsite decommissioned",null,{"$f":"Table4[[#This Row],[Project Name/Title]]","v":"Decomissioning of Ngong Dumpsite"},"Kajiado North","Ngong",null,"Water, Irrigation, Environment and Natural Resources ","Environment, Natural Resources and Climate Change","Environment, Natural Resources and Climate Change","2021-06-30","2021-07-01","2022-06-01",null,{"v":80000000,"d":"80,000,000"},{"$f":"R423","v":{"v":80000000,"d":"80,000,000"}},{"v":80000000,"d":"80,000,000"},"CGK","N/A",{"v":80000000,"d":"80,000,000"},0,{"v":70999745,"d":"70,999,745"},{"v":0.8874968125,"d":"89%"},{"v":70999745,"d":"70,999,745"},{"v":9000255,"d":"9,000,255"},{"v":9000255,"d":"9,000,255"},"Completed",{"$nulls":6},"No",null,"Environmental","No","Propose budget for screening","No","Propose budget for screening","Yes","Fesibility studies and design"]
[422,"Embarbal borehole ","Water piping; installation of generator","Increase access to safe and affordable water","Pipeline constructed",null,{"$f":"Table4[[#This Row],[Project Name/Title]]","v":"Embarbal borehole "},"Kajiado West","Mosiro",null,"Water, Irrigation, Environment and Natural Resources ","Water Services","Water Services","2022-06-30","2022-07-01","2023-06-01",null,{"v":3500000,"d":"3,500,000"},{"$f":"R424","v":{"v":3500000,"d":"3,500,000"}},{"v":3500000,"d":"3,500,000"},"CGK","N/A",{"v":3500000,"d":"3,500,000"},0,0,{"v":0,"d":"0%"},0,{"v":3500000,"d":"3,500,000"},{"v":3500000,"d":"3,500,000"},"Completed",{"$nulls":6},"No",null,"Environmental","No","Propose budget for screening","No","Propose budget for screening","Yes","Fesibility studies and design"]
[423,"Mosiro Health Centre Borehole","Drilling and equipping of a borehole ","Increase access to safe and affordable water","Borehole drilled and equipped",null,{"$f":"Table4[[#This Row],[Project Name/Title]]","v":"Mosiro Health Centre Borehole"},"Kajiado West","Mosiro",null,"Water, Irrigation, Environment and Natural Resources ","Water Services","Water Services","2022-06-30","2022-07-01","2023-06-01",null,{"v":7000000,"d":"7,000,000"},{"$f":"R425","v":{"v":7000000,"d":"7,000,000"}},{"v":7000000,"d":"7,000,000"},"CGK","N/A",{"v":7000000,"d":"7,000,000"},0,0,{"v":0,"d":"0%"},0,{"v":7000000,"d":"7,000,000"},{"v":7000000,"d":"7,000,000"},"Completed",{"$nulls":6},"No",null,"Environmental","No","Propose budget for screening","No","Propose budget for screening","Yes","Fesibility studies and design"]
[424,"Imurutot Health Borehole","Drilling and equiping of Borehole","Increase access to safe and affordable water","Borehole drilled and equipped",null,{"$f":"Table4[[#This Row],[Project Name/Title]]","v":"Imurutot Health Borehole"},"Kajiado South","Entonet/Lenkism",null,"Water, Irrigation, Environment and Natural Resources ","Water Services","Water Services","2022-06-30","2022-07-01","2023-06-01",null,{"v":6000000,"d":"6,000,000"},{"$f":"R426","v":{"v":6000000,"d":"6,000,000"}},{"v":6000000,"d":"6,000,000"},"CGK","N/A",{"v":6000000,"d":"6,000,000"},0,0,{"v":0,"d":"0%"},0,{"v":6000000,"d":"6,000,000"},{"v":6000000,"d":"6,000,000"},"Completed",{"$nulls":6},"No",null,"Environmental","No","Propose budget for screening","No","Propose budget for screening","Yes","Fesibility studies and design"]
[425,"Jerusalem Water Tank","Construction of a water Tank","Increase access to safe and affordable water","Storage tank constructed",null,{"$f":"Table4[[#This Row],[Project Name/Title]]","v":"Jerusalem Water Tank"},"Kajiado West","Ewuaso Oonkidongi",null,"Water, Irrigation, Environment and Natural Resources ","Water Services","Water Services","2022-06-30","2022-07-01","2023-06-01",null,{"v":3000000,"d":"3,000,000"},{"$f":"R427","v":{"v":3000000,"d":"3,000,000"}},{"v":3000000,"d":"3,000,000"},"CGK","N/A",{"v":3000000,"d":"3,000,000"},0,0,{"v":0,"d":"0%"},0,{"v":3000000,"d":"3,000,000"},{"v":3000000,"d":"3,000,000"},"Completed",{"$nulls":6},"No",null,"Environmental","No","Propose budget for screening","No","Propose budget for screening","Yes","Fesibility studies and design"]
[426,"Oloosuyian borehole ","Rehabilitation of borehole ","Increase access to safe and affordable water","Borehole rehabilitated",null,{"$f":"Table4[[#This Row],[Project Name/Title]]","v":"Oloosuyian borehole "},"Kajiado Central","Ildamat",null,"Water, Irrigation, Environment and Natural Resources ","Water Services","Water Services","2022-06-30","2022-07-01","2023-06-01",null,{"v":5000000,"d":"5,000,000"},{"$f":"R428","v":{"v":5000000,"d":"5,000,000"}},{"v":5000000,"d":"5,000,000"},"CGK","N/A",{"v":5000000,"d":"5,000,000"},0,0,{"v":0,"d":"0%"},0,{"v":5000000,"d":"5,000,000"},{"v":5000000,"d":"5,000,000"},"Completed",{"$nulls":6},"No",null,"Environmental","No","Propose budget for screening","No","Propose budget for screening","Yes","Fesibility studies and design"]
[427,"Ole kilil borehole","Instalation of Solar Panels","Increase access to safe and affordable water","Borehole solarized",null,{"$f":"Table4[[#This Row],[Project Name/Title]]","v":"Ole kilil borehole"},"Kajiado West","Mosiro",null,"Water, Irrigation, Environment and Natural Resources ","Water Services","Water Services","2022-06-30","2022-07-01","2023-06-01",null,{"v":2000000,"d":"2,000,000"},{"$f":"R429","v":{"v":2000000,"d":"2,000,000"}},{"v":2000000,"d":"2,000,000"},"CGK","N/A",{"v":2000000,"d":"2,000,000"},0,0,{"v":0,"d":"0%"},0,{"v":2000000,"d":"2,000,000"},{"v":2000000,"d":"2,000,000"},"Completed",{"$nulls":6},"No",null,"Environmental","No","Propose budget for screening","No","Propose budget for screening","Yes","Fesibility studies and design"]
[428,"Olomayiana dam","Scooping of Soil ","Increase access to safe and affordable water","Dam desilted",null,{"$f":"Table4[[#This Row],[Project Name/Title]]","v":"Olomayiana dam"},"Kajiado East","Kaputie North",null,"Water, Irrigation, Environment and Natural Resources ","Water Services","Water Services","2022-06-30","2022-07-01","2023-06-01",null,{"v":1000000,"d":"1,000,000"},{"$f":"R430","v":{"v":1000000,"d":"1,000,000"}},{"v":1000000,"d":"1,000,000"},"CGK","N/A",{"v":1000000,"d":"1,000,000"},0,0,{"v":0,"d":"0%"},0,{"v":1000000,"d":"1,000,000"},{"v":1000000,"d":"1,000,000"},"Completed",{"$nulls":6},"No",null,"Environmental","No","Propose budget for screening","No","Propose budget for screening","Yes","Fesibility studies and design"]
[429,"Olomayiana dam","Fencing of Olomayina Dam","Improve water quality by\nreducing pollution","Dam fenced",null,{"$f":"Table4[[#This Row],[Project Name/Title]]","v":"Olomayiana dam"},"Kajiado East","Kaputie North",null,"Water, Irrigation, Environment and Natural Resources ","Water Services","Water Services","2022-06-30","2022-07-01","2023-06-01",null,{"v":1500000,"d":"1,500,000"},{"$f":"R431","v":{"v":1500000,"d":"1,500,000"}},{"v":1500000,"d":"1,500,000"},"CGK","N/A",{"v":1500000,"d":"1,500,000"},0,0,{"v":0,"d":"0%"},0,{"v":1500000,"d":"1,500,000"},{"v":1500000,"d":"1,500,000"},"Completed",{"$nulls":6},"No",null,"Environmental","No","Propose budget for screening","No","Propose budget for screening","Yes","Fesibility studies and design"]
[430,"Kimana town water reticulation ","Piping of water 4kms (Chemichemi to town)","Increase access to safe and affordable water","Water reticulation done",null,{"$f":"Table4[[#This Row],[Project Name/Title]]","v":"Kimana town water reticulation "},"Kajiado South","Kimana",null,"Water, Irrigation, Environment and Natural Resources ","Water Services","Water Services","2022-06-30","2022-07-01","2023-06-01",null,{"v":3000000,"d":"3,000,000"},{"$f":"R432","v":{"v":3000000,"d":"3,000,000"}},{"v":3000000,"d":"3,000,000"},"CGK","N/A",{"v":3000000,"d":"3,000,000"},0,0,{"v":0,"d":"0%"},0,{"v":3000000,"d":"3,000,000"},{"v":3000000,"d":"3,000,000"},"Completed",{"$nulls":6},"No",null,"Environmental","No","Propose budget for screening","No","Propose budget for screening","Yes","Fesibility studies and design"]
[431,"Kwa Kuku","Furrawing and cementing from Chemichemi to Gathua ","Increase area under irrigation","Furrow constructed",null,{"$f":"Table4[[#This Row],[Project Name/Title]]","v":"Kwa Kuku"},"Kajiado South","Kimana",null,"Water, Irrigation, Environment and Natural Resources ","Water Services","Water Services","2022-06-30","2022-07-01","2023-06-01",null,{"v":3000000,"d":"3,000,000"},{"$f":"R433","v":{"v":3000000,"d":"3,000,000"}},{"v":3000000,"d":"3,000,000"},"CGK","N/A",{"v":3000000,"d":"3,000,000"},0,0,{"v":0,"d":"0%"},0,{"v":3000000,"d":"3,000,000"},{"v":3000000,"d":"3,000,000"},"Completed",{"$nulls":6},"No",null,"Environmental","No","Propose budget for screening","No","Propose budget for screening","Yes","Fesibility studies and design"]
[432,"Eluwai-Kiwanjani C Borehole","Drilling and equipping of a borehole ","Increase access to safe and affordable water","Borehole drilled and equipped",null,{"$f":"Table4[[#This Row],[Project Name/Title]]","v":"Eluwai-Kiwanjani C Borehole"},"Kajiado South","Kuku",null,"Water, Irrigation, Environment and Natural Resources ","Water Services","Water Services","2022-06-30","2022-07-01","2023-06-01",null,{"v":7000000,"d":"7,000,000"},{"$f":"R434","v":{"v":7000000,"d":"7,000,000"}},{"v":7000000,"d":"7,000,000"},"CGK","N/A",{"v":7000000,"d":"7,000,000"},0,0,{"v":0,"d":"0%"},0,{"v":7000000,"d":"7,000,000"},{"v":7000000,"d":"7,000,000"},"Completed",{"$nulls":6},"No",null,"Environmental","No","Propose budget for screening","No","Propose budget for screening","Yes","Fesibility studies and design"]
[433,"Marlal Nyanjani Pipeline","Renovation of pipeline","Increase access to safe and affordable water","Pipeline rehabilitated",null,{"$f":"Table4[[#This Row],[Project Name/Title]]","v":"Marlal Nyanjani Pipeline"},"Kajiado South","Kuku",null,"Water, Irrigation, Environment and Natural Resources ","Water Services","Water Services","2022-06-30","2022-07-01","2023-06-01",null,{"v":2000000,"d":"2,000,000"},{"$f":"R435","v":{"v":2000000,"d":"2,000,000"}},{"v":2000000,"d":"2,000,000"},"CGK","N/A",{"v":2000000,"d":"2,000,000"},0,0,{"v":0,"d":"0%"},0,{"v":2000000,"d":"2,000,000"},{"v":2000000,"d":"2,000,000"},"Completed",{"$nulls":6},"No",null,"Environmental","No","Propose budget for screening","No","Propose budget for screening","Yes","Fesibility studies and design"]
[434,"Emurua dikir Borehole","Drilling and equiping of Bore hole","Increase access to safe and affordable water","Borehole drilled and equipped",null,{"$f":"Table4[[#This Row],[Project Name/Title]]","v":"Emurua dikir Borehole"},"Kajiado Central","Matapato North",null,"Water, Irrigation, Environment and Natural Resources ","Water Services","Water Services","2022-06-30","2022-07-01","2023-06-01",null,{"v":7000000,"d":"7,000,000"},{"$f":"R436","v":{"v":7000000,"d":"7,000,000"}},{"v":7000000,"d":"7,000,000"},"CGK","N/A",{"v":7000000,"d":"7,000,000"},0,0,{"v":0,"d":"0%"},0,{"v":7000000,"d":"7,000,000"},{"v":7000000,"d":"7,000,000"},"Completed",{"$nulls":6},"No",null,"Environmental","No","Propose budget for screening","No","Propose budget for screening","Yes","Fesibility studies and design"]
[435,"Oloomporo -Inkiwanjani borehole","Drilling and equiping","Increase access to safe and affordable water","Borehole drilled and equipped",null,{"$f":"Table4[[#This Row],[Project Name/Title]]","v":"Oloomporo -Inkiwanjani borehole"},"Kajiado Central","Matapato South",null,"Water, Irrigation, Environment and Natural Resources ","Water Services","Water Services","2022-06-30","2022-07-01","2023-06-01",null,{"v":7000000,"d":"7,000,000"},{"$f":"R437","v":{"v":7000000,"d":"7,000,000"}},{"v":7000000,"d":"7,000,000"},"CGK","N/A",{"v":7000000,"d":"7,000,000"},0,0,{"v":0,"d":"0%"},0,{"v":7000000,"d":"7,000,000"},{"v":7000000,"d":"7,000,000"},"Completed",{"$nulls":6},"No",null,"Environmental","No","Propose budget for screening","No","Propose budget for screening","Yes","Fesibility studies and design"]
[436,"Olekimaki Borehole","Purchase of Generator","Increase access to safe and affordable water","Generator installed",null,{"$f":"Table4[[#This Row],[Project Name/Title]]","v":"Olekimaki Borehole"},"Kajiado Central","Matapato South",null,"Water, Irrigation, Environment and Natural Resources ","Water Services","Water Services","2022-06-30","2022-07-01","2023-06-01",null,{"v":2000000,"d":"2,000,000"},{"$f":"R438","v":{"v":2000000,"d":"2,000,000"}},{"v":2000000,"d":"2,000,000"},"CGK","N/A",{"v":2000000,"d":"2,000,000"},0,0,{"v":0,"d":"0%"},0,{"v":2000000,"d":"2,000,000"},{"v":2000000,"d":"2,000,000"},"Completed",{"$nulls":6},"No",null,"Environmental","No","Propose budget for screening","No","Propose budget for screening","Yes","Fesibility studies and design"]
[437,"Enkaroni borehole","Repair and replacement of pumping equipment","Increase access to safe and affordable water","Borehole rehabilitated",null,{"$f":"Table4[[#This Row],[Project Name/Title]]","v":"Enkaroni borehole"},"Kajiado Central","Purko",null,"Water, Irrigation, Environment and Natural Resources ","Water Services","Water Services","2022-06-30","2022-07-01","2023-06-01",null,{"v":2000000,"d":"2,000,000"},{"$f":"R439","v":{"v":2000000,"d":"2,000,000"}},{"v":2000000,"d":"2,000,000"},"CGK","N/A",{"v":2000000,"d":"2,000,000"},0,0,{"v":0,"d":"0%"},0,{"v":2000000,"d":"2,000,000"},{"v":2000000,"d":"2,000,000"},"Completed",{"$nulls":6},"No",null,"Environmental","No","Propose budget for screening","No","Propose budget for screening","Yes","Fesibility studies and design"]
[438,"Oloorisheta borehole","Piping from Oloorisheta to Kumpa center (3Km) and a tank","Increase access to safe and affordable water","Pipeline constructed",null,{"$f":"Table4[[#This Row],[Project Name/Title]]","v":"Oloorisheta borehole"},"Kajiado Central","Purko",null,"Water, Irrigation, Environment and Natural Resources ","Water Services","Water Services","2022-06-30","2022-07-01","2023-06-01",null,{"v":4000000,"d":"4,000,000"},{"$f":"R440","v":{"v":4000000,"d":"4,000,000"}},{"v":4000000,"d":"4,000,000"},"CGK","N/A",{"v":4000000,"d":"4,000,000"},0,0,{"v":0,"d":"0%"},0,{"v":4000000,"d":"4,000,000"},{"v":4000000,"d":"4,000,000"},"Completed",{"$nulls":6},"No",null,"Environmental","No","Propose budget for screening","No","Propose budget for screening","Yes","Fesibility studies and design"]
[439,"Kibaoni borehole","Drilling and equipping","Increase access to safe and affordable water","Borehole drilled and equipped",null,{"$f":"Table4[[#This Row],[Project Name/Title]]","v":"Kibaoni borehole"},"Kajiado South","Rombo",null,"Water, Irrigation, Environment and Natural Resources ","Water Services","Water Services","2022-06-30","2022-07-01","2023-06-01",null,{"v":2000000,"d":"2,000,000"},{"$f":"R441","v":{"v":2000000,"d":"2,000,000"}},{"v":2000000,"d":"2,000,000"},"CGK","N/A",{"$f":"S441","v":{"v":2000000,"d":"2,000,000"}},0,0,{"v":0,"d":"0%"},0,{"v":2000000,"d":"2,000,000"},{"v":2000000,"d":"2,000,000"},"Completed",{"$nulls":6},"No",null,"Environmental","No","Propose budget for screening","No","Propose budget for screening","Yes","Fesibility studies and design"]
[440,"Enkamuriaki water project","Drilling and equipping","Increase access to safe and affordable water","Borehole drilled and equipped",null,{"$f":"Table4[[#This Row],[Project Name/Title]]","v":"Enkamuriaki water project"},"Kajiado East","Oloosirkon/Sholinke",null,"Water, Irrigation, Environment and Natural Resources ","Water Services","Water Services","2022-06-30","2022-07-01","2023-06-01",null,{"v":4800000,"d":"4,800,000"},{"$f":"R442","v":{"v":4800000,"d":"4,800,000"}},{"v":4800000,"d":"4,800,000"},"CGK","N/A",{"v":4800000,"d":"4,800,000"},0,0,{"$f":"Y442/S442","v":{"v":0,"d":"0%"}},0,{"$f":"T442-Y442","v":{"v":4800000,"d":"4,800,000"}},{"$f":"S442-Y442","v":{"v":4800000,"d":"4,800,000"}},"Completed",{"$nulls":6},"No",null,"Environmental","No","Propose budget for screening","No","Propose budget for screening","Yes","Fesibility studies and design"]
[441,"NPC Piping","Piping and maintenance 4KM pipeline","Increase access to safe and affordable water","Pipeline rehabilitated",null,{"$f":"Table4[[#This Row],[Project Name/Title]]","v":"NPC Piping"},"Kajiado East","Oloosirkon/Sholinke",null,"Water, Irrigation, Environment and Natural Resources ","Water Services","Water Services","2022-06-30","2022-07-01","2023-06-01",null,{"v":4000000,"d":"4,000,000"},{"$f":"R443","v":{"v":4000000,"d":"4,000,000"}},{"v":4000000,"d":"4,000,000"},"CGK","N/A",{"v":4000000,"d":"4,000,000"},0,0,{"v":0,"d":"0%"},0,{"v":4000000,"d":"4,000,000"},{"v":4000000,"d":"4,000,000"},"Completed",{"$nulls":6},"No",null,"Environmental","No","Propose budget for screening","No","Propose budget for screening","Yes","Fesibility studies and design"]
[442,"Imbirikani Water Project","Piping and equiping ","Increase access to safe and affordable water","Pipeline constructed",null,{"$f":"Table4[[#This Row],[Project Name/Title]]","v":"Imbirikani Water Project"},"Kajiado South","Imbirikani",null,"Water, Irrigation, Environment and Natural Resources ","Water Services","Water Services","2022-06-30","2022-07-01","2023-06-01",null,{"v":5000000,"d":"5,000,000"},{"$f":"R444","v":{"v":5000000,"d":"5,000,000"}},{"v":5000000,"d":"5,000,000"},"CGK","N/A",{"v":5000000,"d":"5,000,000"},0,0,{"v":0,"d":"0%"},0,{"v":5000000,"d":"5,000,000"},{"v":5000000,"d":"5,000,000"},"Completed",{"$nulls":6},"No",null,"Environmental","No","Propose budget for screening","No","Propose budget for screening","Yes","Fesibility studies and design"]
[443,"Ilchalai Water Tank","Construction of WaterTank","Increase access to safe and affordable water","Water tank constructed",null,{"$f":"Table4[[#This Row],[Project Name/Title]]","v":"Ilchalai Water Tank"},"Kajiado South","Imbirikani",null,"Water, Irrigation, Environment and Natural Resources ","Water Services","Water Services","2022-06-30","2022-07-01","2023-06-01",null,{"v":4000000,"d":"4,000,000"},{"$f":"R445","v":{"v":4000000,"d":"4,000,000"}},{"v":4000000,"d":"4,000,000"},"CGK","N/A",{"v":4000000,"d":"4,000,000"},0,0,{"v":0,"d":"0%"},0,{"v":4000000,"d":"4,000,000"},{"v":4000000,"d":"4,000,000"},"Completed",{"$nulls":6},"No",null,"Environmental","No","Propose budget for screening","No","Propose budget for screening","Yes","Fesibility studies and design"]
[444,"Olkina water project","Piping and equiping ","Increase access to safe and affordable water","Pipeline constructed",null,{"$f":"Table4[[#This Row],[Project Name/Title]]","v":"Olkina water project"},"Kajiado South","Imbirikani",null,"Water, Irrigation, Environment and Natural Resources ","Water Services","Water Services","2022-06-30","2022-07-01","2023-06-01",null,{"v":5000000,"d":"5,000,000"},{"$f":"R446","v":{"v":5000000,"d":"5,000,000"}},{"v":5000000,"d":"5,000,000"},"CGK","N/A",{"v":5000000,"d":"5,000,000"},0,0,{"v":0,"d":"0%"},0,{"v":5000000,"d":"5,000,000"},{"v":5000000,"d":"5,000,000"},"Completed",{"$nulls":6},"No",null,"Environmental","No","Propose budget for screening","No","Propose budget for screening","Yes","Fesibility studies and design"]
[445,"Mokinyo water Piping","Piping and equiping ","Increase access to safe and affordable water","Pipeline constructed",null,{"$f":"Table4[[#This Row],[Project Name/Title]]","v":"Mokinyo water Piping"},"Kajiado West","Magadi",null,"Water, Irrigation, Environment and Natural Resources ","Water Services","Water Services","2022-06-30","2022-07-01","2023-06-01",null,{"v":1200000,"d":"1,200,000"},{"$f":"R447","v":{"v":1200000,"d":"1,200,000"}},{"v":1200000,"d":"1,200,000"},"CGK","N/A",{"v":1200000,"d":"1,200,000"},0,0,{"v":0,"d":"0%"},0,{"v":1200000,"d":"1,200,000"},{"v":1200000,"d":"1,200,000"},"Completed",{"$nulls":6},"No",null,"Environmental","No","Propose budget for screening","No","Propose budget for screening","Yes","Fesibility studies and design"]
[446,"Adra Dam marantawua","Dam Maintainace","Increase access to safe and affordable water","Dam rehabilitated",null,{"$f":"Table4[[#This Row],[Project Name/Title]]","v":"Adra Dam marantawua"},"Kajiado West","Magadi",null,"Water, Irrigation, Environment and Natural Resources ","Water Services","Water Services","2022-06-30","2022-07-01","2023-06-01",null,{"v":2500000,"d":"2,500,000"},{"$f":"R448","v":{"v":2500000,"d":"2,500,000"}},{"v":2500000,"d":"2,500,000"},"CGK","N/A",{"v":2500000,"d":"2,500,000"},0,0,{"v":0,"d":"0%"},0,{"v":2500000,"d":"2,500,000"},{"v":2500000,"d":"2,500,000"},"Completed",{"$nulls":6},"No",null,"Environmental","No","Propose budget for screening","No","Propose budget for screening","Yes","Fesibility studies and design"]
[447,"Kaaranja Rock Catchment","Construction of water catchment ","Increase access to safe and affordable water","Rock catchment constructed",null,{"$f":"Table4[[#This Row],[Project Name/Title]]","v":"Kaaranja Rock Catchment"},"Kajiado West","Magadi",null,"Water, Irrigation, Environment and Natural Resources ","Water Services","Water Services","2022-06-30","2022-07-01","2023-06-01",null,{"v":1800000,"d":"1,800,000"},{"$f":"R449","v":{"v":1800000,"d":"1,800,000"}},{"v":1800000,"d":"1,800,000"},"CGK","N/A",{"v":1800000,"d":"1,800,000"},0,0,{"v":0,"d":"0%"},0,{"v":1800000,"d":"1,800,000"},{"v":1800000,"d":"1,800,000"},"Completed",{"$nulls":6},"No",null,"Environmental","No","Propose budget for screening","No","Propose budget for screening","Yes","Fesibility studies and design"]
[448,"Kayior Borehole","Repair and Maintainance","Increase access to safe and affordable water","Borehole rehabilitated",null,{"$f":"Table4[[#This Row],[Project Name/Title]]","v":"Kayior Borehole"},"Kajiado West","Magadi",null,"Water, Irrigation, Environment and Natural Resources ","Water Services","Water Services","2022-06-30","2022-07-01","2023-06-01",null,{"v":4000000,"d":"4,000,000"},{"$f":"R450","v":{"v":4000000,"d":"4,000,000"}},{"v":4000000,"d":"4,000,000"},"CGK","N/A",{"v":4000000,"d":"4,000,000"},0,0,{"v":0,"d":"0%"},0,{"v":4000000,"d":"4,000,000"},{"v":4000000,"d":"4,000,000"},"Completed",{"$nulls":6},"No",null,"Environmental","No","Propose budget for screening","No","Propose budget for screening","Yes","Fesibility studies and design"]
[449,"Isinet Public Toilet","Construction of public toilets","Increase access to adequate and\nequitable sanitation and hygiene","Public toilets constructed",null,{"$f":"Table4[[#This Row],[Project Name/Title]]","v":"Isinet Public Toilet"},"Kajiado South","Imbirikani",null,"Water, Irrigation, Environment and Natural Resources ","Water Services","Water Services","2022-06-30","2022-07-01","2023-06-01",null,{"v":4000000,"d":"4,000,000"},{"$f":"R451","v":{"v":4000000,"d":"4,000,000"}},{"v":4000000,"d":"4,000,000"},"CGK","N/A",{"v":4000000,"d":"4,000,000"},0,0,{"v":0,"d":"0%"},0,{"v":4000000,"d":"4,000,000"},{"v":4000000,"d":"4,000,000"},"Completed",{"$nulls":6},"No",null,"Environmental","No","Propose budget for screening",{"$f":"AN451","v":"No"},"Propose budget for screening","Yes","Fesibility studies and design"]
[450,"Loodariak water source","Rehabilitation and maintainance of water source ","Increase access to safe and affordable water","Spring rehabilitated",null,{"$f":"Table4[[#This Row],[Project Name/Title]]","v":"Loodariak water source"},"Kajiado West","Keekonyokie",null,"Water, Irrigation, Environment and Natural Resources ","Water Services","Water Services","2022-06-30","2022-07-01","2023-06-01",null,{"v":5000000,"d":"5,000,000"},{"$f":"R452","v":{"v":5000000,"d":"5,000,000"}},{"v":5000000,"d":"5,000,000"},"CGK","N/A",{"v":5000000,"d":"5,000,000"},0,0,{"v":0,"d":"0%"},0,{"v":5000000,"d":"5,000,000"},{"v":5000000,"d":"5,000,000"},"Completed",{"$nulls":6},"No",null,"Environmental","No","Propose budget for screening","No","Propose budget for screening","Yes","Fesibility studies and design"]
[451,"Ilmasin water project","Installation and equipping of solar system","Increase access to safe and affordable water","Borehole solarized",null,{"$f":"Table4[[#This Row],[Project Name/Title]]","v":"Ilmasin water project"},"Kajiado West","Keekonyokie",null,"Water, Irrigation, Environment and Natural Resources ","Water Services","Water Services","2022-06-30","2022-07-01","2023-06-01",null,{"v":5000000,"d":"5,000,000"},{"$f":"R453","v":{"v":5000000,"d":"5,000,000"}},{"v":5000000,"d":"5,000,000"},"CGK","N/A",{"v":5000000,"d":"5,000,000"},0,0,{"v":0,"d":"0%"},0,{"v":5000000,"d":"5,000,000"},{"v":5000000,"d":"5,000,000"},"Completed",{"$nulls":6},"No",null,"Environmental","No","Propose budget for screening","No","Propose budget for screening","Yes","Fesibility studies and design"]
[452,"Mathare water project","Installation and equipping of solar system, piping and kiosk","Increase access to safe and affordable water","Borehole equipped",null,{"$f":"Table4[[#This Row],[Project Name/Title]]","v":"Mathare water project"},"Kajiado North","Ngong",null,"Water, Irrigation, Environment and Natural Resources ","Water Services","Water Services","2022-06-30","2022-07-01","2023-06-01",null,{"v":3000000,"d":"3,000,000"},{"$f":"R454","v":{"v":3000000,"d":"3,000,000"}},{"v":3000000,"d":"3,000,000"},"CGK","N/A",{"$f":"S454","v":{"v":3000000,"d":"3,000,000"}},0,0,{"v":0,"d":"0%"},0,{"v":3000000,"d":"3,000,000"},{"v":3000000,"d":"3,000,000"},"Completed",{"$nulls":6},"No",null,"Environmental","No","Propose budget for screening","No","Propose budget for screening","Yes","Fesibility studies and design"]
[453,"Water Services Trust Fund","Pipeline and watering facilities - Counterfund for WSTF proposed projects","Increase access to safe and affordable water","Pipeline constructed",null,{"$f":"Table4[[#This Row],[Project Name/Title]]","v":"Water Services Trust Fund"},"Countywide","Countywide",null,"Water, Irrigation, Environment and Natural Resources ","Water Services","Water Services","2022-06-30","2022-07-01","2023-06-01",null,{"v":19200000,"d":"19,200,000"},{"$f":"R455","v":{"v":19200000,"d":"19,200,000"}},{"v":19200000,"d":"19,200,000"},"CGK & WSTF","Water Sector Trust Fund (WSTF)",null,null,0,{"v":0,"d":"0%"},0,{"v":19200000,"d":"19,200,000"},{"v":19200000,"d":"19,200,000"},"Completed",{"$nulls":6},"No",null,"Environmental","Yes","Climate proofing","Yes","Implementation Environmental Management Plan","Yes","Fesibility studies and design"]
[454,"Oldonyorok Water and Sewerage Company Boreholes","Water reticulation","Increase access to safe and affordable water","Water reticulation done",null,{"$f":"Table4[[#This Row],[Project Name/Title]]","v":"Oldonyorok Water and Sewerage Company Boreholes"},"Kajiado Central","Matapato South",null,"Water, Irrigation, Environment and Natural Resources ","Water Services","Water Services","2022-06-30","2022-07-01","2023-06-01",null,{"v":6000000,"d":"6,000,000"},{"$f":"R456","v":{"v":6000000,"d":"6,000,000"}},{"v":6000000,"d":"6,000,000"},"CGK","N/A",{"$f":"S456","v":{"v":6000000,"d":"6,000,000"}},0,0,{"v":0,"d":"0%"},0,{"v":6000000,"d":"6,000,000"},{"v":6000000,"d":"6,000,000"},"Completed",{"$nulls":6},"No",null,"Environmental","No","Propose budget for screening","No","Propose budget for screening","Yes","Fesibility studies and design"]
[455,"Water Services Providers funding (Oloolaiser, Oldonyorok, Olkejuado and Norturesh water services and sewerage companies)","Transfers to support operations WSPs for pending bills ","Increase access to safe and affordable water","Water service provision improved",null,{"$f":"Table4[[#This Row],[Project Name/Title]]","v":"Water Services Providers funding (Oloolaiser, Oldonyorok, Olkejuado and Norturesh water services and sewerage companies)"},"Countywide","Countywide",null,"Water, Irrigation, Environment and Natural Resources ","Water Services","Water Services","2022-06-30","2022-07-01","2023-06-01",null,{"v":30000000,"d":"30,000,000"},{"$f":"R457","v":{"v":30000000,"d":"30,000,000"}},{"v":30000000,"d":"30,000,000"},"CGK","N/A",{"$f":"S457","v":{"v":30000000,"d":"30,000,000"}},0,0,{"v":0,"d":"0%"},0,{"v":30000000,"d":"30,000,000"},{"v":30000000,"d":"30,000,000"},"Completed",{"$nulls":6},"No",null,"Environmental","No","Propose budget for screening","No","Propose budget for screening","Yes","Fesibility studies and design"]
[456,"Construction of Oloosuyian elevated tank","Construction of an elevated steel tank and pipeline","Increase access to safe and affordable water","Water tank constructed",null,{"$f":"Table4[[#This Row],[Project Name/Title]]","v":"Construction of Oloosuyian elevated tank"},"Kajiado Central","Ildamat",null,"Water, Irrigation, Environment and Natural Resources ","Water Services","Water Services","2022-06-30","2022-07-01","2023-06-01",null,{"v":10000000,"d":"10,000,000"},{"$f":"R458","v":{"v":10000000,"d":"10,000,000"}},{"v":10000000,"d":"10,000,000"},"CGK","N/A",{"v":10000000,"d":"10,000,000"},0,0,{"v":0,"d":"0%"},0,{"v":10000000,"d":"10,000,000"},{"v":10000000,"d":"10,000,000"},"Completed",{"$nulls":6},"No",null,"Environmental","No","Propose budget for screening","No","Propose budget for screening","Yes","Fesibility studies and design"]
[457,"Solarization of Tikoishi borehole","Borehole solarization","Increase access to safe and affordable water","Borehole solarized",null,{"$f":"Table4[[#This Row],[Project Name/Title]]","v":"Solarization of Tikoishi borehole"},"Kajiado Central","Ildamat",null,"Water, Irrigation, Environment and Natural Resources ","Water Services","Water Services","2022-06-30","2022-07-01","2023-06-01",null,{"v":1600000,"d":"1,600,000"},{"$f":"R459","v":{"v":1600000,"d":"1,600,000"}},{"v":1600000,"d":"1,600,000"},"CGK","N/A",{"v":1600000,"d":"1,600,000"},0,0,{"v":0,"d":"0%"},0,{"v":1600000,"d":"1,600,000"},{"v":1600000,"d":"1,600,000"},"Completed",{"$nulls":6},"No",null,"Environmental","No","Propose budget for screening","No","Propose budget for screening","Yes","Fesibility studies and design"]
[458,"Solarization of Oloosurutia- Nkoroi Borehole","Borehole solarization","Increase access to safe and affordable water","Borehole solarized",null,{"$f":"Table4[[#This Row],[Project Name/Title]]","v":"Solarization of Oloosurutia- Nkoroi Borehole"},"Kajiado North","Olkeri",null,"Water, Irrigation, Environment and Natural Resources ","Water Services","Water Services","2022-06-30","2022-07-01","2023-06-01",null,{"v":3500000,"d":"3,500,000"},{"$f":"R460","v":{"v":3500000,"d":"3,500,000"}},{"v":3500000,"d":"3,500,000"},"CGK","N/A",{"v":3500000,"d":"3,500,000"},0,0,{"v":0,"d":"0%"},0,{"v":3500000,"d":"3,500,000"},{"v":3500000,"d":"3,500,000"},"Completed",{"$nulls":6},"No",null,"Environmental","No","Propose budget for screening","No","Propose budget for screening","Yes","Fesibility studies and design"]
[459,"Solarization of Iltilal Borehole","Borehole solarization","Increase access to safe and affordable water","Borehole solarized",null,{"$f":"Table4[[#This Row],[Project Name/Title]]","v":"Solarization of Iltilal Borehole"},"Kajiado South","Kuku",null,"Water, Irrigation, Environment and Natural Resources ","Water Services","Water Services","2022-06-30","2022-07-01","2023-06-01",null,{"v":2000000,"d":"2,000,000"},{"$f":"R461","v":{"v":2000000,"d":"2,000,000"}},{"v":2000000,"d":"2,000,000"},"CGK","N/A",{"v":2000000,"d":"2,000,000"},0,0,{"v":0,"d":"0%"},0,{"v":2000000,"d":"2,000,000"},{"v":2000000,"d":"2,000,000"},"Completed",{"$nulls":6},"No",null,"Environmental","No","Propose budget for screening","No","Propose budget for screening","Yes","Fesibility studies and design"]
[460,"Solarization of Water Office Borehole","Borehole solarization","Increase access to safe and affordable water","Borehole solarized",null,{"$f":"Table4[[#This Row],[Project Name/Title]]","v":"Solarization of Water Office Borehole"},"Kajiado Central","Dalalekutuk",null,"Water, Irrigation, Environment and Natural Resources ","Water Services","Water Services","2022-06-30","2022-07-01","2023-06-01",null,{"v":2900000,"d":"2,900,000"},{"$f":"R462","v":{"v":2900000,"d":"2,900,000"}},{"v":2900000,"d":"2,900,000"},"CGK","N/A",{"v":2900000,"d":"2,900,000"},0,0,{"v":0,"d":"0%"},0,{"v":2900000,"d":"2,900,000"},{"v":2900000,"d":"2,900,000"},"Completed",{"$nulls":6},"No",null,"Environmental","No","Propose budget for screening","No","Propose budget for screening","Yes","Fesibility studies and design"]
[461,"Rehabilitation of Lemelepo Borehole","Borehole rehabilitation","Increase access to safe and affordable water","Borehole rehabilitated",null,{"$f":"Table4[[#This Row],[Project Name/Title]]","v":"Rehabilitation of Lemelepo Borehole"},"Kajiado South","Olkeri",null,"Water, Irrigation, Environment and Natural Resources ","Water Services","Water Services","2022-06-30","2022-07-01","2023-06-01",null,{"v":800000,"d":"800,000"},{"$f":"R463","v":{"v":800000,"d":"800,000"}},{"v":800000,"d":"800,000"},"CGK","N/A",{"v":800000,"d":"800,000"},0,0,{"v":0,"d":"0%"},0,{"v":800000,"d":"800,000"},{"v":800000,"d":"800,000"},"Completed",{"$nulls":6},"No",null,"Environmental","No","Propose budget for screening","No","Propose budget for screening","Yes","Fesibility studies and design"]
[462,"Rehabilitation of Kilonito Borehole","Borehole rehabilitation","Increase access to safe and affordable water","Borehole rehabilitated",null,{"$f":"Table4[[#This Row],[Project Name/Title]]","v":"Rehabilitation of Kilonito Borehole"},"Kajiado West","Iloodokilani",null,"Water, Irrigation, Environment and Natural Resources ","Water Services","Water Services","2022-06-30","2022-07-01","2023-06-01",null,{"v":2500000,"d":"2,500,000"},{"$f":"R464","v":{"v":2500000,"d":"2,500,000"}},{"v":2500000,"d":"2,500,000"},"CGK","N/A",{"v":2500000,"d":"2,500,000"},0,0,{"v":0,"d":"0%"},0,{"v":2500000,"d":"2,500,000"},{"v":2500000,"d":"2,500,000"},"Completed",{"$nulls":6},"No",null,"Environmental","No","Propose budget for screening","No","Propose budget for screening","Yes","Fesibility studies and design"]
[463,"Rehabilitation of Namunyak borehole","Borehole rehabilitation & completion","Increase access to safe and affordable water","Borehole rehabilitated",null,{"$f":"Table4[[#This Row],[Project Name/Title]]","v":"Rehabilitation of Namunyak borehole"},"Kajiado East","Kaputiei North",null,"Water, Irrigation, Environment and Natural Resources ","Water Services","Water Services","2022-06-30","2022-07-01","2023-06-01",null,{"v":2500000,"d":"2,500,000"},{"$f":"R465","v":{"v":2500000,"d":"2,500,000"}},{"v":2500000,"d":"2,500,000"},"CGK","N/A",{"v":2500000,"d":"2,500,000"},0,0,{"v":0,"d":"0%"},0,{"v":2500000,"d":"2,500,000"},{"v":2500000,"d":"2,500,000"},"Completed",{"$nulls":6},"No",null,"Environmental","No","Propose budget for screening","No","Propose budget for screening","Yes","Fesibility studies and design"]
[464,"Rehabilitation of Olmakau Community Borehole","Borehole rehabilitation","Increase access to safe and affordable water","Borehole rehabilitated",null,{"$f":"Table4[[#This Row],[Project Name/Title]]","v":"Rehabilitation of Olmakau Community Borehole"},"Kajiado Central","Matapato South",null,"Water, Irrigation, Environment and Natural Resources ","Water Services","Water Services","2022-06-30","2022-07-01","2023-06-01",null,{"v":1900000,"d":"1,900,000"},{"$f":"R466","v":{"v":1900000,"d":"1,900,000"}},{"v":1900000,"d":"1,900,000"},"CGK","N/A",{"v":1900000,"d":"1,900,000"},0,0,{"v":0,"d":"0%"},0,{"v":1900000,"d":"1,900,000"},{"v":1900000,"d":"1,900,000"},"Completed",{"$nulls":6},"No",null,"Environmental","No","Propose budget for screening","No","Propose budget for screening","Yes","Fesibility studies and design"]
[465,"Rehabilitation of Olosurutia Kaurai Community Borehole","Borehole rehabilitation","Increase access to safe and affordable water","Borehole rehabilitated",null,{"$f":"Table4[[#This Row],[Project Name/Title]]","v":"Rehabilitation of Olosurutia Kaurai Community Borehole"},"Kajiado West","Keekonyokie",null,"Water, Irrigation, Environment and Natural Resources ","Water Services","Water Services","2022-06-30","2022-07-01","2023-06-01",null,{"v":1500000,"d":"1,500,000"},{"$f":"R467","v":{"v":1500000,"d":"1,500,000"}},{"v":1500000,"d":"1,500,000"},"CGK","N/A",{"v":1500000,"d":"1,500,000"},0,0,{"v":0,"d":"0%"},0,{"v":1500000,"d":"1,500,000"},{"v":1500000,"d":"1,500,000"},"Completed",{"$nulls":6},"No",null,"Environmental","No","Propose budget for screening","No","Propose budget for screening","Yes","Fesibility studies and design"]
[466,"Rehabilitation of Lerujat Borehole","Borehole rehabilitation","Increase access to safe and affordable water","Borehole rehabilitated",null,{"$f":"Table4[[#This Row],[Project Name/Title]]","v":"Rehabilitation of Lerujat Borehole"},"Kajiado West","Ewuaso Kedong",null,"Water, Irrigation, Environment and Natural Resources ","Water Services","Water Services","2022-06-30","2022-07-01","2023-06-01",null,{"v":1500000,"d":"1,500,000"},{"$f":"R468","v":{"v":1500000,"d":"1,500,000"}},{"v":1500000,"d":"1,500,000"},"CGK","N/A",{"v":1500000,"d":"1,500,000"},0,0,{"v":0,"d":"0%"},0,{"v":1500000,"d":"1,500,000"},{"v":1500000,"d":"1,500,000"},"Stalled",{"v":0,"d":"0%"},{"$f":"AE468","v":{"v":0,"d":"0%"}},"Inadequate finances",2023,6,{"$f":"AC468","v":{"v":1500000,"d":"1,500,000"}},"No","Defer","Financial","No","Propose budget for screening","No","Propose budget for screening","Yes","Fesibility studies and design"]
[467,"Equipping of Ilmisigiyio Borehole","Borehole Equipping","Increase access to safe and affordable water","Borehole equipped",null,{"$f":"Table4[[#This Row],[Project Name/Title]]","v":"Equipping of Ilmisigiyio Borehole"},"Kajiado Central","Matapato North",null,"Water, Irrigation, Environment and Natural Resources ","Water Services","Water Services","2022-06-30","2022-07-01","2023-06-01",null,{"v":5000000,"d":"5,000,000"},{"$f":"R469","v":{"v":5000000,"d":"5,000,000"}},{"v":5000000,"d":"5,000,000"},"CGK","N/A",{"v":5000000,"d":"5,000,000"},0,0,{"v":0,"d":"0%"},0,{"v":5000000,"d":"5,000,000"},{"v":5000000,"d":"5,000,000"},"Completed",{"$nulls":6},"No",null,"Environmental","No","Propose budget for screening","No","Propose budget for screening","Yes","Fesibility studies and design"]
[468,"Rehabilitation of Enkutoto ","Borehole rehabilitation","Increase access to safe and affordable water","Borehole rehabilitated",null,{"$f":"Table4[[#This Row],[Project Name/Title]]","v":"Rehabilitation of Enkutoto "},"Kajiado Central","Matapato North",null,"Water, Irrigation, Environment and Natural Resources ","Water Services","Water Services","2022-06-30","2022-07-01","2023-06-01",null,{"v":4500000,"d":"4,500,000"},{"$f":"R470","v":{"v":4500000,"d":"4,500,000"}},{"v":4500000,"d":"4,500,000"},"CGK","N/A",{"v":4500000,"d":"4,500,000"},0,0,{"v":0,"d":"0%"},0,{"v":4500000,"d":"4,500,000"},{"v":4500000,"d":"4,500,000"},"Completed",{"$nulls":6},"No",null,"Environmental","No","Propose budget for screening","No","Propose budget for screening","Yes","Fesibility studies and design"]
[469,"Equipping of Referral Hospital Borehole","Borehole Equipping","Increase access to safe and affordable water","Borehole equipped",null,{"$f":"Table4[[#This Row],[Project Name/Title]]","v":"Equipping of Referral Hospital Borehole"},"Kajiado Central","Ildamat",null,"Water, Irrigation, Environment and Natural Resources ","Water Services","Water Services","2022-06-30","2022-07-01","2023-06-01",null,{"v":4800000,"d":"4,800,000"},{"$f":"R471","v":{"v":4800000,"d":"4,800,000"}},{"v":4800000,"d":"4,800,000"},"CGK","N/A",{"v":4800000,"d":"4,800,000"},0,0,{"v":0,"d":"0%"},0,{"v":4800000,"d":"4,800,000"},{"v":4800000,"d":"4,800,000"},"Completed",{"$nulls":6},"No",null,"Environmental","No","Propose budget for screening","No","Propose budget for screening","Yes","Fesibility studies and design"]
[470,"Climate Change Fund ","Funding of climate change resilience and assessment as per the workplan","Improve management and conservation of the environment",null,null,{"$f":"Table4[[#This Row],[Project Name/Title]]","v":"Climate Change Fund "},"Countywide","Countywide",null,"Water, Irrigation, Environment and Natural Resources ","Environment, Natural Resources and Climate Change","Environment, Natural Resources and Climate Change","2022-06-30","2022-07-01","2023-06-01",null,{"v":10000000,"d":"10,000,000"},{"$f":"R472","v":{"v":10000000,"d":"10,000,000"}},{"v":10000000,"d":"10,000,000"},"CGK & FLLoCA","FLLoCA",{"v":10000000,"d":"10,000,000"},0,0,{"v":0,"d":"0%"},0,{"v":10000000,"d":"10,000,000"},{"v":10000000,"d":"10,000,000"},"Completed",{"$nulls":6},"No",null,"Environmental","Yes","Climate proofing","Yes","Implementation Environmental Management Plan","Yes","Fesibility studies and design"]
[471,"Climate Change Fund ","World Bank credit to finance Locally-Led Climate Action Program, (FLLoCA)","Improve management and conservation of the environment",null,null,{"$f":"Table4[[#This Row],[Project Name/Title]]","v":"Climate Change Fund "},"Countywide","Countywide",null,"Water, Irrigation, Environment and Natural Resources ","Environment, Natural Resources and Climate Change","Environment, Natural Resources and Climate Change","2022-06-30","2022-07-01","2023-06-01",null,{"v":125000000,"d":"125,000,000"},{"$f":"R473","v":{"v":125000000,"d":"125,000,000"}},{"v":125000000,"d":"125,000,000"},"CGK & FLLoCA","FLLoCA",{"v":125000000,"d":"125,000,000"},0,0,{"v":0,"d":"0%"},0,{"v":125000000,"d":"125,000,000"},{"v":125000000,"d":"125,000,000"},"Completed",{"$nulls":6},"No",null,"Environmental","Yes","Climate proofing","Yes","Implementation Environmental Management Plan","Yes","Fesibility studies and design"]
[472,"Loolopon west community borehole","Drillling and equipping","Increase access to safe and affordable water","Borehole drilled and equipped",null,{"$f":"Table4[[#This Row],[Project Name/Title]]","v":"Loolopon west community borehole"},"Kajiado South","Kuku",null,"Water, Irrigation, Environment and Natural Resources ","Water Services","Water Services","2023-06-30","2023-07-01","2024-06-01",null,{"v":7000000,"d":"7,000,000"},{"$f":"R474","v":{"v":7000000,"d":"7,000,000"}},{"v":6743176,"d":"6,743,176"},"CGK","N/A",{"v":7000000,"d":"7,000,000"},0,{"v":1987428,"d":"1,987,428"},{"v":0.28391828571428573,"d":"28%"},{"v":1987428,"d":"1,987,428"},{"v":4755748,"d":"4,755,748"},{"v":5012572,"d":"5,012,572"},"Stalled",{"v":0.3,"d":"30%"},{"$f":"AE474","v":{"v":0.3,"d":"30%"}},"Borehole caved in",2024,6,{"$f":"AC474","v":{"v":5012572,"d":"5,012,572"}},"No","Defer","Financial","No","Propose budget for screening","No","Propose budget for screening","Yes","Fesibility studies and design"]
[473,"Sompet Borehole","Borehole solar equipping and piping","Increase access to safe and affordable water","Borehole equipped",null,{"$f":"Table4[[#This Row],[Project Name/Title]]","v":"Sompet Borehole"},"Kajiado South","Kimana",null,"Water, Irrigation, Environment and Natural Resources ","Water Services","Water Services","2023-06-30","2023-07-01","2024-06-01",null,{"v":4000000,"d":"4,000,000"},{"v":4000000,"d":"4,000,000"},{"v":3991861,"d":"3,991,861"},"CGK","N/A",{"v":4000000,"d":"4,000,000"},0,{"v":3991861,"d":"3,991,861"},{"v":0.99796525,"d":"100%"},{"v":3991861,"d":"3,991,861"},0,{"v":8139,"d":"8,139"},"Completed",{"$nulls":6},"No",null,"Environmental","No","Propose budget for screening","No","Propose budget for screening","Yes","Fesibility studies and design"]
[474,"Namelock  borehole","Pipeline extension","Increase access to safe and affordable water","Pipeline constructed",null,{"$f":"Table4[[#This Row],[Project Name/Title]]","v":"Namelock  borehole"},"Kajiado South","Kimana",null,"Water, Irrigation, Environment and Natural Resources ","Water Services","Water Services","2023-06-30","2023-07-01","2024-06-01",null,{"v":3000000,"d":"3,000,000"},{"v":3000000,"d":"3,000,000"},{"v":2972500,"d":"2,972,500"},"CGK","N/A",{"v":3000000,"d":"3,000,000"},0,{"v":2972500,"d":"2,972,500"},{"v":0.9908333333333333,"d":"99%"},{"v":2972500,"d":"2,972,500"},0,{"v":27500,"d":"27,500"},"Completed",{"$nulls":6},"No",null,"Environmental","No","Propose budget for screening","No","Propose budget for screening","Yes","Fesibility studies and design"]
[475,"Enkariak  Ronkena Borehole","Construction of tank","Increase access to safe and affordable water","Storage tank constructed",null,{"$f":"Table4[[#This Row],[Project Name/Title]]","v":"Enkariak  Ronkena Borehole"},"Kajiado South","Kimana",null,"Water, Irrigation, Environment and Natural Resources ","Water Services","Water Services","2023-06-30","2023-07-01","2024-06-01",null,{"v":2500000,"d":"2,500,000"},{"v":2500000,"d":"2,500,000"},{"v":2500000,"d":"2,500,000"},"CGK","N/A",{"v":2500000,"d":"2,500,000"},0,0,{"v":0,"d":"0%"},0,{"v":2500000,"d":"2,500,000"},{"v":2500000,"d":"2,500,000"},"Completed",{"$nulls":6},"No",null,"Environmental","No","Propose budget for screening","No","Propose budget for screening","Yes","Fesibility studies and design"]
[476,"Oldonyo Oibor borehole","Pipeline extension","Increase access to safe and affordable water","Pipeline constructed",null,{"$f":"Table4[[#This Row],[Project Name/Title]]","v":"Oldonyo Oibor borehole"},"Kajiado South","Kimana",null,"Water, Irrigation, Environment and Natural Resources ","Water Services","Water Services","2023-06-30","2023-07-01","2024-06-01",null,{"v":3000000,"d":"3,000,000"},{"v":3000000,"d":"3,000,000"},{"v":3000000,"d":"3,000,000"},"CGK","N/A",{"v":3000000,"d":"3,000,000"},0,{"v":2999799,"d":"2,999,799"},{"v":0.999933,"d":"100%"},{"v":2999799,"d":"2,999,799"},201,201,"Completed",{"$nulls":6},"No",null,"Environmental","No","Propose budget for screening","No","Propose budget for screening","Yes","Fesibility studies and design"]
[477,"Isinet Borehole ","Piping of Inkoropil water 1KM","Increase access to safe and affordable water","Pipeline constructed",null,{"$f":"Table4[[#This Row],[Project Name/Title]]","v":"Isinet Borehole "},"Kajiado South","Imbirikani/Eselenkei",null,"Water, Irrigation, Environment and Natural Resources ","Water Services","Water Services","2023-06-30","2023-07-01","2024-06-01",null,{"v":1000000,"d":"1,000,000"},{"v":1000000,"d":"1,000,000"},{"v":999630,"d":"999,630"},"CGK","N/A",{"v":1000000,"d":"1,000,000"},0,{"v":999630,"d":"999,630"},{"v":0.99963,"d":"100%"},{"v":999630,"d":"999,630"},0,370,"Completed",{"$nulls":6},"No",null,"Environmental","No","Propose budget for screening","No","Propose budget for screening","Yes","Fesibility studies and design"]
[478,"Orkina Water Project","Completion of water project ","Increase access to safe and affordable water",null,null,{"$f":"Table4[[#This Row],[Project Name/Title]]","v":"Orkina Water Project"},"Kajiado South","Imbirikani/Eselenkei",null,"Water, Irrigation, Environment and Natural Resources ","Water Services","Water Services","2023-06-30","2023-07-01","2024-06-01",null,{"v":3000000,"d":"3,000,000"},{"v":3000000,"d":"3,000,000"},{"v":3000000,"d":"3,000,000"},"CGK","N/A",{"v":3000000,"d":"3,000,000"},0,{"v":2996466,"d":"2,996,466"},{"v":0.998822,"d":"100%"},{"v":2996466,"d":"2,996,466"},{"v":3534,"d":"3,534"},{"v":3534,"d":"3,534"},"Completed",{"$nulls":6},"No",null,"Environmental","No","Propose budget for screening","No","Propose budget for screening","Yes","Fesibility studies and design"]
[479,"Ibarueti Water Project","Construction of water tank","Increase access to safe and affordable water","Storage tank constructed",null,{"$f":"Table4[[#This Row],[Project Name/Title]]","v":"Ibarueti Water Project"},"Kajiado South","Imbirikani/Eselenkei",null,"Water, Irrigation, Environment and Natural Resources ","Water Services","Water Services","2023-06-30","2023-07-01","2024-06-01",null,{"v":3000000,"d":"3,000,000"},{"v":3000000,"d":"3,000,000"},{"v":2998143,"d":"2,998,143"},"CGK","N/A",{"v":3000000,"d":"3,000,000"},0,{"v":1948792,"d":"1,948,792"},{"v":0.6495973333333334,"d":"65%"},{"v":1948792,"d":"1,948,792"},{"v":1049351,"d":"1,049,351"},{"v":1051208,"d":"1,051,208"},"Completed",{"$nulls":6},"No",null,"Environmental","No","Propose budget for screening","No","Propose budget for screening","Yes","Fesibility studies and design"]
[480,"Enchilishili borehole","Construction of water tank","Increase access to safe and affordable water","Storage tank constructed",null,{"$f":"Table4[[#This Row],[Project Name/Title]]","v":"Enchilishili borehole"},"Kajiado South","Imbirikani/Eselenkei",null,"Water, Irrigation, Environment and Natural Resources ","Water Services","Water Services","2023-06-30","2023-07-01","2024-06-01",null,{"v":3000000,"d":"3,000,000"},{"v":3000000,"d":"3,000,000"},{"v":3000000,"d":"3,000,000"},"CGK","N/A",{"v":3000000,"d":"3,000,000"},0,0,{"v":0,"d":"0%"},0,{"v":3000000,"d":"3,000,000"},{"v":3000000,"d":"3,000,000"},"Completed",{"$nulls":6},"No",null,"Environmental","No","Propose budget for screening","No","Propose budget for screening","Yes","Fesibility studies and design"]
[481,"Nabulaa borehole ","Piping of Nabulaa borehole","Increase access to safe and affordable water","Pipeline constructed",null,{"$f":"Table4[[#This Row],[Project Name/Title]]","v":"Nabulaa borehole "},"Kajiado South","Imbirikani/Eselenkei",null,"Water, Irrigation, Environment and Natural Resources ","Water Services","Water Services","2023-06-30","2023-07-01","2024-06-01",null,{"v":1000000,"d":"1,000,000"},{"v":1000000,"d":"1,000,000"},{"v":999920,"d":"999,920"},"CGK","N/A",{"v":1000000,"d":"1,000,000"},0,{"v":999920,"d":"999,920"},{"v":0.99992,"d":"100%"},{"v":999920,"d":"999,920"},0,80,"Completed",{"$nulls":6},"No",null,"Environmental","No","Propose budget for screening","No","Propose budget for screening","Yes","Fesibility studies and design"]
[482,"Oltinka borehole","Borehole rehabilitation and 3km pipeline solarization","Increase access to safe and affordable water","Borehole rehabilitated",null,{"$f":"Table4[[#This Row],[Project Name/Title]]","v":"Oltinka borehole"},"Kajiado South","Entonet/Lenkism",null,"Water, Irrigation, Environment and Natural Resources ","Water Services","Water Services","2023-06-30","2023-07-01","2024-06-01",null,{"v":2000000,"d":"2,000,000"},{"v":2000000,"d":"2,000,000"},{"v":1999956,"d":"1,999,956"},"CGK","N/A",{"v":2000000,"d":"2,000,000"},0,{"v":1999956,"d":"1,999,956"},{"v":0.999978,"d":"100%"},{"v":1999956,"d":"1,999,956"},0,44,"Completed",{"$nulls":6},"No",null,"Environmental","No","Propose budget for screening","No","Propose budget for screening","Yes","Fesibility studies and design"]
[483,"Olepolos borehole","Solarization","Increase access to safe and affordable water","Borehole solarized",null,{"$f":"Table4[[#This Row],[Project Name/Title]]","v":"Olepolos borehole"},"Kajiado South","Entonet/Lenkism",null,"Water, Irrigation, Environment and Natural Resources ","Water Services","Water Services","2023-06-30","2023-07-01","2024-06-01",null,{"v":3000000,"d":"3,000,000"},{"v":3000000,"d":"3,000,000"},{"v":2981316,"d":"2,981,316"},"CGK","N/A",{"v":3000000,"d":"3,000,000"},0,{"v":2981316,"d":"2,981,316"},{"v":0.993772,"d":"99%"},{"v":2981316,"d":"2,981,316"},0,{"v":18684,"d":"18,684"},"Completed",{"$nulls":6},"No",null,"Environmental","No","Propose budget for screening","No","Propose budget for screening","Yes","Fesibility studies and design"]
[484,"Enchurrai pipeline","Borehole solarization and 2km pipeline","Increase access to safe and affordable water","Borehole solarized",null,{"$f":"Table4[[#This Row],[Project Name/Title]]","v":"Enchurrai pipeline"},"Kajiado South","Rombo",null,"Water, Irrigation, Environment and Natural Resources ","Water Services","Water Services","2023-06-30","2023-07-01","2024-06-01",null,{"v":3000000,"d":"3,000,000"},{"v":3000000,"d":"3,000,000"},{"v":3000000,"d":"3,000,000"},"CGK","N/A",{"v":3000000,"d":"3,000,000"},0,0,{"v":0,"d":"0%"},0,{"v":3000000,"d":"3,000,000"},{"v":3000000,"d":"3,000,000"},"Completed",{"$nulls":6},"No",null,"Environmental","No","Propose budget for screening","No","Propose budget for screening","Yes","Fesibility studies and design"]
[485,"Kikelelwa water tower","Tower and tanks","Increase access to safe and affordable water","Water tank constructed",null,{"$f":"Table4[[#This Row],[Project Name/Title]]","v":"Kikelelwa water tower"},"Kajiado South","Rombo",null,"Water, Irrigation, Environment and Natural Resources ","Water Services","Water Services","2023-06-30","2023-07-01","2024-06-01",null,{"v":3000000,"d":"3,000,000"},{"v":3000000,"d":"3,000,000"},{"v":2979576,"d":"2,979,576"},"CGK","N/A",{"v":3000000,"d":"3,000,000"},0,0,{"v":0,"d":"0%"},0,{"v":2979576,"d":"2,979,576"},{"v":3000000,"d":"3,000,000"},"Completed",{"$nulls":6},"No",null,"Environmental","No","Propose budget for screening","No","Propose budget for screening","Yes","Fesibility studies and design"]
[486,"Parsinti borehole ","Drilling and Equipping ","Increase access to safe and affordable water","Borehole drilled and equipped",null,{"$f":"Table4[[#This Row],[Project Name/Title]]","v":"Parsinti borehole "},"Kajiado East","Imaroro",null,"Water, Irrigation, Environment and Natural Resources ","Water Services","Water Services","2023-06-30","2023-07-01","2024-06-01",null,{"v":6000000,"d":"6,000,000"},{"v":6000000,"d":"6,000,000"},{"v":5719189,"d":"5,719,189"},"CGK","N/A",{"v":6000000,"d":"6,000,000"},0,{"$f":"Q488","v":0},{"v":0,"d":"0%"},{"$f":"S488","v":{"v":6000000,"d":"6,000,000"}},{"v":5719189,"d":"5,719,189"},{"v":6000000,"d":"6,000,000"},"Completed",{"$nulls":6},"No",null,"Environmental","No","Propose budget for screening","No","Propose budget for screening","Yes","Fesibility studies and design"]
[487,"Olosukuroi borehole","Borehole solar equipping","Increase access to safe and affordable water","Borehole equipped",null,{"$f":"Table4[[#This Row],[Project Name/Title]]","v":"Olosukuroi borehole"},"Kajiado East","Kenyewa/Poka",null,"Water, Irrigation, Environment and Natural Resources ","Water Services","Water Services","2023-06-30","2023-07-01","2024-06-01",null,{"v":3000000,"d":"3,000,000"},{"$f":"R489","v":{"v":3000000,"d":"3,000,000"}},{"v":3000000,"d":"3,000,000"},"CGK","N/A",{"v":3000000,"d":"3,000,000"},0,0,{"v":0,"d":"0%"},0,{"v":3000000,"d":"3,000,000"},{"v":3000000,"d":"3,000,000"},"Stalled",{"v":0,"d":"0%"},{"$f":"AE489","v":{"v":0,"d":"0%"}},"Inadequate finances",2024,6,{"$f":"AB489","v":{"v":3000000,"d":"3,000,000"}},"No","Defer","Financial","No","Propose budget for screening","No","Propose budget for screening","Yes","Fesibility studies and design"]
[488,"Birika borehole ","Solarization ","Increase access to safe and affordable water","Borehole solarized",null,{"$f":"Table4[[#This Row],[Project Name/Title]]","v":"Birika borehole "},"Kajiado East","Kitengela",null,"Water, Irrigation, Environment and Natural Resources ","Water Services","Water Services","2023-06-30","2023-07-01","2024-06-01",null,{"v":3000000,"d":"3,000,000"},{"v":3000000,"d":"3,000,000"},{"v":3000000,"d":"3,000,000"},"CGK","N/A",{"v":3000000,"d":"3,000,000"},0,{"v":2993206,"d":"2,993,206"},{"v":0.9977353333333333,"d":"100%"},{"v":2993206,"d":"2,993,206"},{"v":6794,"d":"6,794"},{"v":6794,"d":"6,794"},"Completed",{"$nulls":6},"No",null,"Environmental","No","Propose budget for screening","No","Propose budget for screening","Yes","Fesibility studies and design"]
[489,"Imariani Borehole","Drilling and Solar Equipping/ Pipeline from Enakishomi to Imariani","Increase access to safe and affordable water","Borehole drilled and equipped",null,{"$f":"Table4[[#This Row],[Project Name/Title]]","v":"Imariani Borehole"},"Kajiado West","Mosiro",null,"Water, Irrigation, Environment and Natural Resources ","Water Services","Water Services","2023-06-30","2023-07-01","2024-06-01",null,{"v":7000000,"d":"7,000,000"},{"v":7000000,"d":"7,000,000"},{"v":6697350,"d":"6,697,350"},"CGK","N/A",{"v":7000000,"d":"7,000,000"},0,{"v":1838484,"d":"1,838,484"},{"v":0.26264057142857145,"d":"26%"},{"v":1838484,"d":"1,838,484"},{"v":4858866,"d":"4,858,866"},{"v":5161516,"d":"5,161,516"},"Completed",{"$nulls":6},"No",null,"Environmental","No","Propose budget for screening","No","Propose budget for screening","Yes","Fesibility studies and design"]
[490,"Ward boreholes","Solarization of boreholes - Enaibor - Kiushin,Enaibor - sugumen, Nkukuon, Olokeri and Eiti","Increase access to safe and affordable water","Boreholes solarized",null,{"$f":"Table4[[#This Row],[Project Name/Title]]","v":"Ward boreholes"},"Kajiado West","Mosiro",null,"Water, Irrigation, Environment and Natural Resources ","Water Services","Water Services","2023-06-30","2023-07-01","2024-06-01",null,{"v":8000000,"d":"8,000,000"},{"v":8000000,"d":"8,000,000"},{"v":8000000,"d":"8,000,000"},"CGK","N/A",{"v":8000000,"d":"8,000,000"},0,{"v":7100012,"d":"7,100,012"},{"v":0.8875015,"d":"89%"},{"v":7100012,"d":"7,100,012"},{"v":899988,"d":"899,988"},{"v":899988,"d":"899,988"},"Completed",{"$nulls":6},"No",null,"Environmental","No","Propose budget for screening","No","Propose budget for screening","Yes","Fesibility studies and design"]
[491,"Pakase Water Pipeline","Rehabilitation","Increase access to safe and affordable water","Pipeline rehabilitated",null,{"$f":"Table4[[#This Row],[Project Name/Title]]","v":"Pakase Water Pipeline"},"Kajiado West","Magadi",null,"Water, Irrigation, Environment and Natural Resources ","Water Services","Water Services","2023-06-30","2023-07-01","2024-06-01",null,{"v":2000000,"d":"2,000,000"},{"v":2000000,"d":"2,000,000"},{"v":2000000,"d":"2,000,000"},"CGK","N/A",{"v":2000000,"d":"2,000,000"},0,0,{"v":0,"d":"0%"},0,{"v":2000000,"d":"2,000,000"},{"v":2000000,"d":"2,000,000"},"Completed",{"$nulls":6},"No",null,"Environmental","No","Propose budget for screening","No","Propose budget for screening","Yes","Fesibility studies and design"]
[492,"Oldonyo - Nyokie Emugur rock carchment ","Excavation construction of a storage tank","Increase access to safe and affordable water","Storage tank constructed",null,{"$f":"Table4[[#This Row],[Project Name/Title]]","v":"Oldonyo - Nyokie Emugur rock carchment "},"Kajiado West","Magadi",null,"Water, Irrigation, Environment and Natural Resources ","Water Services","Water Services","2023-06-30","2023-07-01","2024-06-01",null,{"v":2500000,"d":"2,500,000"},{"v":2500000,"d":"2,500,000"},{"v":2493188,"d":"2,493,188"},"CGK","N/A",{"v":2500000,"d":"2,500,000"},0,{"v":2493188,"d":"2,493,188"},{"v":0.9972752,"d":"100%"},{"v":2493188,"d":"2,493,188"},0,{"v":6812,"d":"6,812"},"Completed",{"$nulls":6},"No",null,"Environmental","No","Propose budget for screening","No","Propose budget for screening","Yes","Fesibility studies and design"]
[493,"Suswa- Intinyika water piping ","Piping of water from Suswa to Orgumi","Increase access to safe and affordable water","Pipeline constructed",null,{"$f":"Table4[[#This Row],[Project Name/Title]]","v":"Suswa- Intinyika water piping "},"Kajiado West","Ewuaso",null,"Water, Irrigation, Environment and Natural Resources ","Water Services","Water Services","2023-06-30","2023-07-01","2024-06-01",null,{"v":4000000,"d":"4,000,000"},{"v":4000000,"d":"4,000,000"},{"v":3999680,"d":"3,999,680"},"CGK","N/A",{"v":4000000,"d":"4,000,000"},0,{"v":3279942,"d":"3,279,942"},{"v":0.8199855,"d":"82%"},{"v":3279942,"d":"3,279,942"},{"v":719738,"d":"719,738"},{"v":720058,"d":"720,058"},"Completed",{"$nulls":6},"No",null,"Environmental","No","Propose budget for screening","No","Propose budget for screening","Yes","Fesibility studies and design"]
[494,"Tikoishi borehole ","Borehole solar equipping","Increase access to safe and affordable water","Borehole equipped",null,{"$f":"Table4[[#This Row],[Project Name/Title]]","v":"Tikoishi borehole "},"Kajiado West","Iloodokilani",null,"Water, Irrigation, Environment and Natural Resources ","Water Services","Water Services","2023-06-30","2023-07-01","2024-06-01",null,{"v":2500000,"d":"2,500,000"},{"v":2500000,"d":"2,500,000"},{"v":2500000,"d":"2,500,000"},"CGK","N/A",{"v":2500000,"d":"2,500,000"},0,0,{"v":0,"d":"0%"},0,{"v":2500000,"d":"2,500,000"},{"v":2500000,"d":"2,500,000"},"Completed",{"$nulls":6},"No",null,"Environmental","No","Propose budget for screening","No","Propose budget for screening","Yes","Fesibility studies and design"]
[495,"Oltepesi pipeline ","Extension of water pipeline and construction of water tank ","Increase access to safe and affordable water","Pipeline constructed",null,{"$f":"Table4[[#This Row],[Project Name/Title]]","v":"Oltepesi pipeline "},"Kajiado West","Keekonyokie",null,"Water, Irrigation, Environment and Natural Resources ","Water Services","Water Services","2023-06-30","2023-07-01","2024-06-01",null,{"v":1000000,"d":"1,000,000"},{"v":1000000,"d":"1,000,000"},{"v":1000000,"d":"1,000,000"},"CGK","N/A",{"v":1000000,"d":"1,000,000"},0,{"v":475600,"d":"475,600"},{"v":0.4756,"d":"48%"},{"v":475600,"d":"475,600"},{"v":524400,"d":"524,400"},{"v":524400,"d":"524,400"},"Completed",{"$nulls":6},"No",null,"Environmental","No","Propose budget for screening","No","Propose budget for screening","Yes","Fesibility studies and design"]
[496,"Olekimaki borehole ","Storage house and purchase of generator ","Increase access to safe and affordable water","Borehole rehabilitated",null,{"$f":"Table4[[#This Row],[Project Name/Title]]","v":"Olekimaki borehole "},"Kajiado Central","Matapato South",null,"Water, Irrigation, Environment and Natural Resources ","Water Services","Water Services","2023-06-30","2023-07-01","2024-06-01",null,{"v":4000000,"d":"4,000,000"},{"v":4000000,"d":"4,000,000"},{"v":3998358,"d":"3,998,358"},"CGK","N/A",{"v":4000000,"d":"4,000,000"},0,{"v":3998357.6,"d":"3,998,358"},{"v":0.9995894000000001,"d":"100%"},{"v":3998357.6,"d":"3,998,358"},{"v":0.39999999990686774,"d":"0"},{"v":1642.3999999999069,"d":"1,642"},"Completed",{"$nulls":6},"No",null,"Environmental","No","Propose budget for screening","No","Propose budget for screening","Yes","Fesibility studies and design"]
[497,"Maisikiria BH","Drilling and sollar equipping","Increase access to safe and affordable water","Borehole drilled and equipped",null,{"$f":"Table4[[#This Row],[Project Name/Title]]","v":"Maisikiria BH"},"Kajiado Central","Matapato North",null,"Water, Irrigation, Environment and Natural Resources ","Water Services","Water Services","2023-06-30","2023-07-01","2024-06-01",null,{"v":8000000,"d":"8,000,000"},{"v":8000000,"d":"8,000,000"},{"v":8000000,"d":"8,000,000"},"CGK","N/A",{"v":8000000,"d":"8,000,000"},0,{"v":7659564.68,"d":"7,659,565"},{"v":0.957445585,"d":"96%"},{"v":7659564.68,"d":"7,659,565"},{"v":340435.3200000003,"d":"340,435"},{"v":340435.3200000003,"d":"340,435"},"Completed",{"$nulls":6},"No",null,"Environmental","No","Propose budget for screening","No","Propose budget for screening","Yes","Fesibility studies and design"]
[498,"Ilngosuani Borehole","Laying of 3 Km Pipeline, solar equipping and Booster pump, installation of 2 no. 10,000ltrs water tank and watering facilities","Increase access to safe and affordable water","Pipeline constructed",null,{"$f":"Table4[[#This Row],[Project Name/Title]]","v":"Ilngosuani Borehole"},"Kajiado Central","Purko",null,"Water, Irrigation, Environment and Natural Resources ","Water Services","Water Services","2023-06-30","2023-07-01","2024-06-01",null,{"v":6500000,"d":"6,500,000"},{"v":6500000,"d":"6,500,000"},{"v":6297350,"d":"6,297,350"},"CGK","N/A",{"v":6500000,"d":"6,500,000"},0,{"v":2071753,"d":"2,071,753"},{"v":0.31873123076923077,"d":"32%"},{"v":2071753,"d":"2,071,753"},{"v":4225597,"d":"4,225,597"},{"v":4428247,"d":"4,428,247"},"Completed",{"$nulls":6},"No",null,"Environmental","No","Propose budget for screening","No","Propose budget for screening","Yes","Fesibility studies and design"]
[499,"Eluai-Olkejuloseki Pipeline Installation","Drilling and equipping","Increase access to safe and affordable water","Borehole drilled and equipped",null,{"$f":"Table4[[#This Row],[Project Name/Title]]","v":"Eluai-Olkejuloseki Pipeline Installation"},"Kajiado Central","Purko",null,"Water, Irrigation, Environment and Natural Resources ","Water Services","Water Services","2023-06-30","2023-07-01","2024-06-01",null,{"v":9000000,"d":"9,000,000"},{"v":9000000,"d":"9,000,000"},{"v":8727794,"d":"8,727,794"},"CGK","N/A",{"v":9000000,"d":"9,000,000"},0,{"v":1251060,"d":"1,251,060"},{"v":0.13900666666666667,"d":"14%"},{"v":1251060,"d":"1,251,060"},{"v":7476734,"d":"7,476,734"},{"v":7748940,"d":"7,748,940"},"Completed",{"$nulls":6},"No",null,"Environmental","No","Propose budget for screening","No","Propose budget for screening","Yes","Fesibility studies and design"]
[500,"Olgos borehole","Rehabilitation of Olgos borehole and piping ","Increase access to safe and affordable water","Borehole rehabilitated",null,{"$f":"Table4[[#This Row],[Project Name/Title]]","v":"Olgos borehole"},"Kajiado Central","Purko",null,"Water, Irrigation, Environment and Natural Resources ","Water Services","Water Services","2023-06-30","2023-07-01","2024-06-01",null,{"v":5000000,"d":"5,000,000"},{"v":5000000,"d":"5,000,000"},{"v":5000000,"d":"5,000,000"},"CGK","N/A",{"v":5000000,"d":"5,000,000"},0,0,{"v":0,"d":"0%"},0,{"v":5000000,"d":"5,000,000"},{"v":5000000,"d":"5,000,000"},"Completed",{"$nulls":6},"No",null,"Environmental","No","Propose budget for screening","No","Propose budget for screening","Yes","Fesibility studies and design"]
[501,"Esukuta Water Tower","Piping (2km), Booster Pump, Solarization and watering facilities","Increase access to safe and affordable water","Pipeline constructed",null,{"$f":"Table4[[#This Row],[Project Name/Title]]","v":"Esukuta Water Tower"},"Kajiado Central","Ildamat",null,"Water, Irrigation, Environment and Natural Resources ","Water Services","Water Services","2023-06-30","2023-07-01","2024-06-01",null,{"v":4000000,"d":"4,000,000"},{"v":4000000,"d":"4,000,000"},{"v":3998172,"d":"3,998,172"},"CGK","N/A",{"v":4000000,"d":"4,000,000"},0,{"v":1894628,"d":"1,894,628"},{"v":0.473657,"d":"47%"},{"v":1894628,"d":"1,894,628"},{"v":2103544,"d":"2,103,544"},{"v":2105372,"d":"2,105,372"},"Stalled",{"v":0.4,"d":"40%"},{"$f":"AE503","v":{"v":0.4,"d":"40%"}},"Inadequate finances",2024,6,{"$f":"AC503","v":{"v":2105372,"d":"2,105,372"}},"No","Defer","Financial","No","Propose budget for screening","No","Propose budget for screening","Yes","Fesibility studies and design"]
[502,"KCB Grounds Toilet","Septik tank; Installation of water tanks","Increase access to adequate and\nequitable sanitation and hygiene","Septic tank constructed",null,{"$f":"Table4[[#This Row],[Project Name/Title]]","v":"KCB Grounds Toilet"},"Kajiado Central","Ildamat",null,"Water, Irrigation, Environment and Natural Resources ","Water Services","Water Services","2023-06-30","2023-07-01","2024-06-01",null,{"v":2000000,"d":"2,000,000"},{"v":2000000,"d":"2,000,000"},{"v":2000000,"d":"2,000,000"},"CGK","N/A",{"v":2000000,"d":"2,000,000"},0,{"v":1965620,"d":"1,965,620"},{"v":0.98281,"d":"98%"},{"v":1965620,"d":"1,965,620"},{"v":34380,"d":"34,380"},{"v":34380,"d":"34,380"},"Completed",{"$nulls":6},"No",null,"Environmental","No","Propose budget for screening","No","Propose budget for screening","Yes","Fesibility studies and design"]
[503,"Repair of Water Tanks at Gishagi","Repairs for 4 water tanks (concrete), elaveted steel tank , soloraization and battery ","Increase access to safe and affordable water","Water tanks rehabilitated",null,{"$f":"Table4[[#This Row],[Project Name/Title]]","v":"Repair of Water Tanks at Gishagi"},"Kajiado North","Ngong",null,"Water, Irrigation, Environment and Natural Resources ","Water Services","Water Services","2023-06-30","2023-07-01","2024-06-01",null,{"v":5000000,"d":"5,000,000"},{"v":5000000,"d":"5,000,000"},{"v":5000000,"d":"5,000,000"},"CGK","N/A",{"v":5000000,"d":"5,000,000"},0,{"v":4996468,"d":"4,996,468"},{"v":0.9992936,"d":"100%"},{"v":4996468,"d":"4,996,468"},{"v":3532,"d":"3,532"},{"v":3532,"d":"3,532"},"Completed",{"$nulls":6},"No",null,"Environmental","No","Propose budget for screening","No","Propose budget for screening","Yes","Fesibility studies and design"]
[504,"Florida borehole at Mathare","Erection of elevated steel tank , installation of water pump , piping to nearest water kiosk ","Increase access to safe and affordable water","Water tank constructed",null,{"$f":"Table4[[#This Row],[Project Name/Title]]","v":"Florida borehole at Mathare"},"Kajiado North","Ngong",null,"Water, Irrigation, Environment and Natural Resources ","Water Services","Water Services","2023-06-30","2023-07-01","2024-06-01",null,{"v":4000000,"d":"4,000,000"},{"v":4000000,"d":"4,000,000"},{"v":4000000,"d":"4,000,000"},"CGK","N/A",{"v":4000000,"d":"4,000,000"},0,0,{"$f":"Y506/S506","v":{"v":0,"d":"0%"}},0,{"$f":"T506-Y506","v":{"v":4000000,"d":"4,000,000"}},{"$f":"S506-Y506","v":{"v":4000000,"d":"4,000,000"}},"Completed",{"$nulls":6},"No",null,"Environmental","No","Propose budget for screening","No","Propose budget for screening","Yes","Fesibility studies and design"]
[505,"Ngong holding  Market next to stadium","Drilling of borehole ","Increase access to safe and affordable water","Borehole drilled and equipped",null,{"$f":"Table4[[#This Row],[Project Name/Title]]","v":"Ngong holding  Market next to stadium"},"Kajiado North","Ngong",null,"Water, Irrigation, Environment and Natural Resources ","Water Services","Water Services","2023-06-30","2023-07-01","2024-06-01",null,{"v":3000000,"d":"3,000,000"},{"v":3000000,"d":"3,000,000"},{"v":3000000,"d":"3,000,000"},"CGK","N/A",{"v":3000000,"d":"3,000,000"},0,0,{"v":0,"d":"0%"},0,{"v":3000000,"d":"3,000,000"},{"v":3000000,"d":"3,000,000"},"Completed",{"$nulls":6},"No",null,"Environmental","No","Propose budget for screening","No","Propose budget for screening","Yes","Fesibility studies and design"]
[506,"Mutungu Borehole","Borehole solarization","Increase access to safe and affordable water","Borehole solarized",null,{"$f":"Table4[[#This Row],[Project Name/Title]]","v":"Mutungu Borehole"},"Kajiado North","Oloolua",null,"Water, Irrigation, Environment and Natural Resources ","Water Services","Water Services","2023-06-30","2023-07-01","2024-06-01",null,{"v":4500000,"d":"4,500,000"},{"v":4500000,"d":"4,500,000"},{"v":4499640,"d":"4,499,640"},"CGK","N/A",{"v":4500000,"d":"4,500,000"},0,{"$f":"Q508","v":0},{"v":0,"d":"0%"},{"$f":"S508","v":{"v":4500000,"d":"4,500,000"}},{"v":4499640,"d":"4,499,640"},{"v":4500000,"d":"4,500,000"},"Completed",{"$nulls":6},"No",null,"Environmental","No","Propose budget for screening","No","Propose budget for screening","Yes","Fesibility studies and design"]
[507,"Embul-bul Borehole/Oloolua B","Borehole solarization","Increase access to safe and affordable water","Borehole solarized",null,{"$f":"Table4[[#This Row],[Project Name/Title]]","v":"Embul-bul Borehole/Oloolua B"},"Kajiado North","Oloolua",null,"Water, Irrigation, Environment and Natural Resources ","Water Services","Water Services","2023-06-30","2023-07-01","2024-06-01",null,{"v":4000000,"d":"4,000,000"},{"v":4000000,"d":"4,000,000"},{"v":4000000,"d":"4,000,000"},"CGK","N/A",{"v":4000000,"d":"4,000,000"},0,{"v":3999355.2,"d":"3,999,355"},{"v":0.9998388,"d":"100%"},{"v":3999355.2,"d":"3,999,355"},{"v":644.7999999998137,"d":"645"},{"v":644.7999999998137,"d":"645"},"Completed",{"$nulls":6},"No",null,"Environmental","No","Propose budget for screening","No","Propose budget for screening","Yes","Fesibility studies and design"]
[508,"Matasia Oloika Water Project","2km pipeline and watering facilities","Increase access to safe and affordable water","Pipeline constructed",null,{"$f":"Table4[[#This Row],[Project Name/Title]]","v":"Matasia Oloika Water Project"},"Kajiado North","Olkeri",null,"Water, Irrigation, Environment and Natural Resources ","Water Services","Water Services","2023-06-30","2023-07-01","2024-06-01",null,{"v":3000000,"d":"3,000,000"},{"v":3000000,"d":"3,000,000"},{"v":2999760,"d":"2,999,760"},"CGK","N/A",{"v":3000000,"d":"3,000,000"},0,0,{"v":0,"d":"0%"},0,{"v":2999760,"d":"2,999,760"},{"v":3000000,"d":"3,000,000"},"Completed",{"$nulls":6},"No",null,"Environmental","No","Propose budget for screening","No","Propose budget for screening","Yes","Fesibility studies and design"]
[509,"Namelock secondary school pipeline","Pipeline","Increase access to safe and affordable water","Pipeline constructed",null,{"$f":"Table4[[#This Row],[Project Name/Title]]","v":"Namelock secondary school pipeline"},"Kajiado West","Keekonyokie",null,"Water, Irrigation, Environment and Natural Resources ","Water Services","Water Services","2023-06-30","2023-07-01","2024-06-01",null,{"v":2500000,"d":"2,500,000"},{"v":2500000,"d":"2,500,000"},{"v":2500000,"d":"2,500,000.00"},"CGK","N/A",{"v":2500000,"d":"2,500,000"},0,{"v":2499800,"d":"2,499,800.00"},{"v":0.99992,"d":"100%"},{"v":2499800,"d":"2,499,800.00"},200,200,"Completed",{"$nulls":6},"No",null,"Environmental","No","Propose budget for screening","No","Propose budget for screening","Yes","Fesibility studies and design"]
[510,"Rehabilitation and solarization of Isinya borehole","Borehole rehabilitation and solarization","Increase access to safe and affordable water","Borehole rehabilitated",null,{"$f":"Table4[[#This Row],[Project Name/Title]]","v":"Rehabilitation and solarization of Isinya borehole"},"Kajiado East","Kaputiei North ",null,"Water, Irrigation, Environment and Natural Resources ","Water Services","Water Services","2023-06-30","2023-07-01","2024-06-01",null,{"v":4500000,"d":"4,500,000"},{"v":4500000,"d":"4,500,000"},{"v":4498335,"d":"4,498,335.00"},"CGK","N/A",{"v":4500000,"d":"4,500,000"},0,{"v":4498335,"d":"4,498,335.00"},{"v":0.99963,"d":"100%"},{"v":4498335,"d":"4,498,335.00"},0,{"v":1665,"d":"1,665"},"Completed",{"$nulls":6},"No",null,"Environmental","No","Propose budget for screening","No","Propose budget for screening","Yes","Fesibility studies and design"]
[511,"Rehabilitation of Noltresh pipeline","Pipeline rehabilitation","Increase access to safe and affordable water","Pipeline rehabilitated",null,{"$f":"Table4[[#This Row],[Project Name/Title]]","v":"Rehabilitation of Noltresh pipeline"},"Kajiado South and East",null,null,"Water, Irrigation, Environment and Natural Resources ","Water Services","Water Services","2023-06-30","2023-07-01","2024-06-01",null,{"v":7000000,"d":"7,000,000"},{"v":7000000,"d":"7,000,000"},{"v":7000000,"d":"7,000,000.00"},"CGK","N/A",{"v":7000000,"d":"7,000,000"},0,{"v":6996540,"d":"6,996,540.00"},{"v":0.9995057142857143,"d":"100%"},{"v":6996540,"d":"6,996,540.00"},{"v":3460,"d":"3,460"},{"v":3460,"d":"3,460"},"Completed",{"$nulls":6},"No",null,"Environmental","No","Propose budget for screening","No","Propose budget for screening","Yes","Fesibility studies and design"]
[512,"Rehabilitation of Enkorika borehole","Borehole rehabilitation ","Increase access to safe and affordable water","Borehole rehabilitated",null,{"$f":"Table4[[#This Row],[Project Name/Title]]","v":"Rehabilitation of Enkorika borehole"},"Kajiado central","Dalalekutuk",null,"Water, Irrigation, Environment and Natural Resources ","Water Services","Water Services","2023-06-30","2023-07-01","2024-06-01",null,{"v":1200000,"d":"1,200,000"},{"v":1200000,"d":"1,200,000"},{"v":1200000,"d":"1,200,000.00"},"CGK","N/A",{"v":1200000,"d":"1,200,000"},0,0,{"v":0,"d":"0%"},0,{"v":1200000,"d":"1,200,000"},{"v":1200000,"d":"1,200,000"},"Completed",{"$nulls":6},"No",null,"Environmental","No","Propose budget for screening","No","Propose budget for screening","Yes","Fesibility studies and design"]
[513,"Rehabilitation of Noonkoben borehole","Borehole rehabilitation","Increase access to safe and affordable water","Borehole rehabilitated",null,{"$f":"Table4[[#This Row],[Project Name/Title]]","v":"Rehabilitation of Noonkoben borehole"},"Kajiado East","Kenyewa/Poka",null,"Water, Irrigation, Environment and Natural Resources ","Water Services","Water Services","2023-06-30","2023-07-01","2024-06-01",null,{"v":1200000,"d":"1,200,000"},{"v":1200000,"d":"1,200,000"},{"v":1200000,"d":"1,200,000.00"},"CGK","N/A",{"v":1200000,"d":"1,200,000"},0,0,{"v":0,"d":"0%"},0,{"v":1200000,"d":"1,200,000"},{"v":1200000,"d":"1,200,000"},"Completed",{"$nulls":6},"No",null,"Environmental","No","Propose budget for screening",{"$f":"AN515","v":"No"},"Propose budget for screening","Yes","Fesibility studies and design"]
[514,"Rehabilitation of Ilmariba borehole","Borehole rehabilitation","Increase access to safe and affordable water","Borehole rehabilitated",null,{"$f":"Table4[[#This Row],[Project Name/Title]]","v":"Rehabilitation of Ilmariba borehole"},"Kajiado Central","Matapato North",null,"Water, Irrigation, Environment and Natural Resources ","Water Services","Water Services","2023-06-30","2023-07-01","2024-06-01",null,{"v":1200000,"d":"1,200,000"},{"v":1200000,"d":"1,200,000"},{"v":1200000,"d":"1,200,000.00"},"CGK","N/A",{"v":1200000,"d":"1,200,000"},0,0,{"v":0,"d":"0%"},0,{"v":1200000,"d":"1,200,000"},{"v":1200000,"d":"1,200,000"},"Completed",{"$nulls":6},"No",null,"Environmental","No","Propose budget for screening","No","Propose budget for screening","Yes","Fesibility studies and design"]
[515,"Inchoroi borehole","Drilling and equipping of borehole ","Increase access to safe and affordable water","Borehole drilled and equipped",null,{"$f":"Table4[[#This Row],[Project Name/Title]]","v":"Inchoroi borehole"},"Kajiado West","Keekonyokie ",null,"Water, Irrigation, Environment and Natural Resources ","Water Services","Water Services","2023-06-30","2023-07-01","2024-06-01",null,{"v":7000000,"d":"7,000,000"},{"v":7000000,"d":"7,000,000"},{"v":6699838,"d":"6,699,838.00"},"CGK","N/A",{"v":7000000,"d":"7,000,000"},0,{"v":6699838,"d":"6,699,838.00"},{"v":0.9571197142857143,"d":"96%"},{"v":6699838,"d":"6,699,838.00"},0,{"v":300162,"d":"300,162"},"Completed",{"$nulls":6},"No",null,"Environmental","No","Propose budget for screening","No","Propose budget for screening","Yes","Fesibility studies and design"]
[516,"Osewan storm management project","Construction of dykes ","Restore\ndegraded land and soil","Storm water drainage constructed",null,{"$f":"Table4[[#This Row],[Project Name/Title]]","v":"Osewan storm management project"},"Kajiado south","Entonet/Lenkism",null,"Water, Irrigation, Environment and Natural Resources ","Water Services","Water Services","2023-06-30","2023-07-01","2024-06-01",null,{"v":20000000,"d":"20,000,000"},{"v":20000000,"d":"20,000,000"},{"v":19848180,"d":"19,848,180.00"},"CGK","N/A",{"v":20000000,"d":"20,000,000"},0,{"v":19848006,"d":"19,848,006.00"},{"v":0.9924003,"d":"99%"},{"v":19848006,"d":"19,848,006.00"},174,{"v":151994,"d":"151,994"},"Completed",{"$nulls":6},"No",null,"Environmental","No","Propose budget for screening","No","Propose budget for screening","Yes","Fesibility studies and design"]
[517,"Water Services Trust Fund/ Kajiado water supply project","Pipeline and watering facilities - Counterfund for WSTF proposed projects","Increase access to safe and affordable water","Pipeline constructed",null,{"$f":"Table4[[#This Row],[Project Name/Title]]","v":"Water Services Trust Fund/ Kajiado water supply project"},"Countywide","Countywide",null,"Water, Irrigation, Environment and Natural Resources ","Water Services","Water Services","2023-06-30","2023-07-01","2024-06-01",null,{"v":28000000,"d":"28,000,000"},{"v":28000000,"d":"28,000,000"},{"v":28000000,"d":"28,000,000.00"},"CGK & WSTF","Water Sector Trust Fund (WSTF)",null,null,{"v":28000000,"d":"28,000,000.00"},{"v":1,"d":"100%"},{"v":28000000,"d":"28,000,000.00"},0,0,"Completed",{"$nulls":6},"No",null,"Environmental","Yes","Climate proofing","Yes","Implementation Environmental Management Plan","Yes","Fesibility studies and design"]
[518,"Kajiado town and county offices water supply","Drilling and equipping of boreholes;  installation of solar panels; construction of a raised storage tank (phase 1), piping and roof catchment (office premise)","Increase access to safe and affordable water","Water reticulation done",null,{"$f":"Table4[[#This Row],[Project Name/Title]]","v":"Kajiado town and county offices water supply"},"Kajiado central","Ildamat/ Dalalekutuk",null,"Water, Irrigation, Environment and Natural Resources ","Water Services","Water Services","2023-06-30","2023-07-01","2024-06-01",null,{"v":20000000,"d":"20,000,000"},{"v":18000000,"d":"18,000,000"},{"v":17849732,"d":"17,849,732.00"},"CGK","N/A",{"$f":"S520","v":{"v":18000000,"d":"18,000,000"}},0,{"v":17849732,"d":"17,849,732.00"},{"v":0.9916517777777778,"d":"99%"},{"v":17849732,"d":"17,849,732.00"},0,{"v":150268,"d":"150,268"},"Completed",{"$nulls":6},"No",null,"Environmental","No","Propose budget for screening","No","Propose budget for screening","Yes","Fesibility studies and design"]

{"sheet":"Formula Sheet","index":2,"n_rows":18,"n_cols":2,"rows_kept":18}
[]
[]
[null,"GOK"]
[null,"Development Partner"]
[null,"GOK & Development Partner"]
[]
[]
[null,"Yes "]
[null,"No"]
[]
[]
[null,"Compete "]
[null,"Cancel "]
[null,"Defer"]
[]
[null,"Completed"]
[null,"Ongoing"]
[null,"Stalled"]